{"text_format":"3","workbook":"xlsx","n_sheets":5,"sheets":["ORÇ","CPU","CR","BDI","ES"],"not_rendered":{"images":5,"external_links":51,"defined_names":3217},"read":"whole","date_system":"1900"}

{"sheet":"ORÇ","index":0,"n_rows":131,"n_cols":17,"rows_kept":131,"merged":[[1,0,1,2],[1,4,1,6],[1,7,1,8],[2,0,2,2],[2,4,2,6],[2,7,2,8],[3,0,3,8],[5,0,5,7]]}
[]
["OBRA:",null,null,"BDI:","BANCOS E DATAS:",null,null,"ENCARGOS SOCIAIS:"]
["CONSTRUÇÃO DE ESCOLA 8 SALAS",null,null,{"v":0.1985,"d":"19.85%"},"SINAPI - 05/2024; SBC - 06/2024; ORSE - 04/2024; IOPES - 03/2024; AGESUL - 01/2024; AGETOP CIVIL - 02/2024; CAEMA - 12/2023",null,null,"Não Desonerado: embutido nos preços unitário dos insumos de mão de obra, de acordo com as bases.",null,null,{"v":1089239.62,"d":"R$ 1,089,239.62"}]
["PLANILHA ORÇAMENTÁRIA SINTÉTICA",{"$nulls":9},{"v":1089239.62,"d":"1,089,239.62"}]
["ITEM","CÓDIGO","DESCRIÇÃO","BANCO","UNID","QUANT.","VALOR UNIT. (R$)","VALOR UNIT. C/ BDI (R$)","TOTAL"]
["TOTAL:",{"$nulls":7},{"v":1089239.62,"d":"R$ 1,089,239.62"}]
["1",null,"SERVIÇOS PRELIMINARES",{"$nulls":5},{"v":31770.63,"d":"R$ 31,770.63"},{"$nulls":3},{"v":40240.65,"d":"40,240.65"},{"$nulls":3},{"$f":"I7/M7","v":{"v":0.7895158254153449,"d":"78.95158%"}}]
["1.1",103689,"FORNECIMENTO E INSTALAÇÃO DE PLACA DE OBRA COM CHAPA\nGALVANIZADA E ESTRUTURA DE MADEIRA. AF_03/2022_PS","SINAPI","m²",{"v":8,"d":"8.00"},{"v":249.65,"d":"R$ 249.65"},{"v":299.2,"d":"R$ 299.20"},{"v":2393.6,"d":"R$ 2,393.60"},null,316.03,378.76,{"v":3030.08,"d":"3,030.08"},null,{"$f":"G8/K8","v":{"v":0.7899566496851566,"d":"78.99566%"}},{"$f":"H8/L8","v":{"v":0.7899461400359067,"d":"78.99461%"}},{"$f":"I8/M8","v":{"v":0.7899461400359067,"d":"78.99461%"}}]
["1.2",93584,"EXECUÇÃO DE DEPÓSITO EM CANTEIRO DE OBRA EM CHAPA DE MADEIRA\nCOMPENSADA, NÃO INCLUSO MOBILIÁRIO. AF_04/2016","SINAPI","m²",{"v":15,"d":"15.00"},{"v":583.95,"d":"R$ 583.95"},{"v":699.86,"d":"R$ 699.86"},{"v":10497.9,"d":"R$ 10,497.90"},null,740.48,887.46,{"v":13311.9,"d":"13,311.90"},null,{"$f":"G9/K9","v":{"v":0.7886100907519448,"d":"78.86101%"}},{"v":0.7886101908818426,"d":"78.86102%"},{"v":0.7886101908818426,"d":"78.86102%"}]
["1.3",99059,"LOCAÇÃO CONVENCIONAL DE OBRA, UTILIZANDO GABARITO DE TÁBUAS CORRIDAS PONTALETADAS A CADA 2,00M -  2 UTILIZAÇÕES. AF_03/2024","SINAPI","M",{"v":338.7,"d":"338.70"},{"v":46.51,"d":"R$ 46.51"},{"v":55.74,"d":"R$ 55.74"},{"v":18879.13,"d":"R$ 18,879.13"},null,58.88,70.56,{"v":23898.67,"d":"23,898.67"},null,{"v":0.7899116847826086,"d":"78.99117%"},{"v":0.7899659863945578,"d":"78.99660%"},{"v":0.7899657177575155,"d":"78.99657%"}]
["2",null,"MOVIMENTO DE TERRA",{"$nulls":5},{"v":25435.38,"d":"R$ 25,435.38"},{"$nulls":3},{"v":32239,"d":"32,239.00"},{"$nulls":3},{"v":0.7889630571667856,"d":"78.89631%"}]
["2.1",93358,"ESCAVAÇÃO MANUAL DE VALA COM PROFUNDIDADE MENOR OU IGUAL A\n1,30 M. AF_02/2021","SINAPI","m³",{"v":56.9,"d":"56.90"},{"v":60.21,"d":"R$ 60.21"},{"v":72.16,"d":"R$ 72.16"},{"v":4105.9,"d":"R$ 4,105.90"},null,76.23,91.36,{"v":5198.38,"d":"5,198.38"},null,{"v":0.7898465171192444,"d":"78.98465%"},{"v":0.7898423817863397,"d":"78.98424%"},{"v":0.7898422200762545,"d":"78.98422%"}]
["2.2",96995,"REATERRO MANUAL APILOADO COM SOQUETE. AF_10/2017","SINAPI","m³",8.43,{"v":36.5,"d":"R$ 36.50"},{"v":43.74,"d":"R$ 43.74"},{"v":368.72,"d":"R$ 368.72"},null,46.22,55.39,466.94,null,{"v":0.789701427953267,"d":"78.97014%"},{"v":0.7896732262141181,"d":"78.96732%"},{"v":0.789651775388701,"d":"78.96518%"}]
["2.3","PRÓPRIO - EMB. RACHAO","[Adaptação SINAPI 101166] ALVENARIA DE EMBASAMENTO COM PEDRA RACHÃO E ARGAMASSA DE ASSENTAMENTO COM PREPARO EM BETONEIRA. AF_05/2020","Próprio","M³",51.18,{"v":341.72,"d":"R$ 341.72"},{"v":409.55,"d":"R$ 409.55"},{"v":20960.76,"d":"R$ 20,960.76"},null,433.23,519.22,{"v":26573.68,"d":"26,573.68"},null,{"v":0.7887727073379037,"d":"78.87727%"},{"v":0.7887793228303994,"d":"78.87793%"},{"v":0.7887789722763275,"d":"78.87790%"}]
["3",null,"ESTRUTURA - FUNDAÇÕES E EMBASAMENTO",{"$nulls":5},{"v":125676.4,"d":"R$ 125,676.40"},{"$nulls":3},{"v":159133.28,"d":"159,133.28"},{"$nulls":3},{"v":0.7897556061183431,"d":"78.97556%"}]
["3.1",null,"CONCRETO ARMADO PARA FUNDAÇÕES - SAPATAS",{"$nulls":5},{"v":53542.47,"d":"R$ 53,542.47"},{"$nulls":3},{"v":67790.6,"d":"67,790.60"},{"$nulls":3},{"v":0.7898214501715577,"d":"78.98215%"}]
["3.1.1",96616,"LASTRO DE CONCRETO MAGRO, APLICADO EM BLOCOS DE COROAMENTO OU\nSAPATAS. AF_01/2024","SINAPI","m³",1.15,{"v":572.33,"d":"R$ 572.33"},{"v":685.93,"d":"R$ 685.93"},{"v":788.81,"d":"R$ 788.81"},null,725.62,869.65,{"v":1000.1,"d":"1,000.10"},null,{"v":0.7887461756842425,"d":"78.87462%"},{"v":0.7887425975967343,"d":"78.87426%"},{"v":0.7887311268873112,"d":"78.87311%"}]
["3.1.2",95957,"(COMPOSIÇÃO REPRESENTATIVA) EXECUÇÃO DE ESTRUTURAS DE CONCRETO ARMADO, PARA EDIFICAÇÃO INSTITUCIONAL TÉRREA, FCK = 25 MPA. AF_01/2017","SINAPI","m³",18.43,{"v":2388.31,"d":"R$ 2,388.31"},{"v":2862.38,"d":"R$ 2,862.38"},{"v":52753.66,"d":"R$ 52,753.66"},null,{"v":3023.79,"d":"3,023.79"},{"v":3624.01,"d":"3,624.01"},{"v":66790.5,"d":"66,790.50"},null,{"v":0.7898399029033101,"d":"78.98399%"},{"v":0.7898377763858268,"d":"78.98378%"},{"v":0.7898377763304663,"d":"78.98378%"}]
["3.2",null,"CONCRETO ARMADO PARA FUNDAÇÕES - VIGAS BALDRAMES",{"$nulls":5},{"v":59394.38,"d":"R$ 59,394.38"},{"$nulls":3},{"v":75198.21,"d":"75,198.21"},{"$nulls":3},{"v":0.7898376836363524,"d":"78.98377%"}]
["3.2.1",95957,"(COMPOSIÇÃO REPRESENTATIVA) EXECUÇÃO DE ESTRUTURAS DE CONCRETO ARMADO, PARA EDIFICAÇÃO INSTITUCIONAL TÉRREA, FCK = 25 MPA. AF_01/2017","SINAPI","m³",20.75,{"v":2388.31,"d":"R$ 2,388.31"},{"v":2862.38,"d":"R$ 2,862.38"},{"v":59394.38,"d":"R$ 59,394.38"},null,{"v":3023.79,"d":"3,023.79"},{"v":3624.01,"d":"3,624.01"},{"v":75198.21,"d":"75,198.21"},null,{"v":0.7898399029033101,"d":"78.98399%"},{"v":0.7898377763858268,"d":"78.98378%"},{"v":0.7898376836363524,"d":"78.98377%"}]
["3.3",null,"ALVENARIA DE ADEQUAÇÃO ESTRUTURAL",{"$nulls":5},{"v":12739.55,"d":"R$ 12,739.55"},{"$nulls":3},{"v":16144.47,"d":"16,144.47"},{"$nulls":3},{"v":0.7890968238660049,"d":"78.90968%"}]
["3.3.1",{"v":801000104,"d":"0801000104"},"ALVENARIA DE ELEVACAO COM TIJOLO CERAMICO FURADO (9X19X19)CM, 1 VEZ (ESPESSURA DE 19CM), ASSENTADA COM ARGAMASSA MISTA DE CIMENTO, CAL HIDRATADA E AREIA SEM PENEIRAR, NO TRACO 1:2:8","AGESUL","m²",125.55,{"v":84.67,"d":"R$ 84.67"},{"v":101.47,"d":"R$ 101.47"},{"v":12739.55,"d":"R$ 12,739.55"},null,{"v":107.3,"d":"107.30"},128.59,{"v":16144.47,"d":"16,144.47"},null,{"v":0.7890959925442684,"d":"78.90960%"},{"v":0.7890971304144957,"d":"78.90971%"},{"v":0.7890968238660049,"d":"78.90968%"}]
["4",null,"SUPERESTRUTURA",{"$nulls":5},{"v":156628.15,"d":"R$ 156,628.15"},{"$nulls":3},{"v":197681.24,"d":"197,681.24"},{"$nulls":3},{"v":0.7923268287875976,"d":"79.23268%"}]
["4.1",null,"CONCRETO ARMADO PARA SUPERESTRUTURAS - PILARES",{"$nulls":5},{"v":26620.13,"d":"R$ 26,620.13"},{"$nulls":3},{"v":33703.29,"d":"33,703.29"},{"$nulls":3},{"v":0.7898377280081559,"d":"78.98377%"}]
["4.1.1",95957,"(COMPOSIÇÃO REPRESENTATIVA) EXECUÇÃO DE ESTRUTURAS DE CONCRETO ARMADO, PARA EDIFICAÇÃO INSTITUCIONAL TÉRREA, FCK = 25 MPA. AF_01/2017","SINAPI","m³",{"v":9.3,"d":"9.30"},{"v":2388.31,"d":"R$ 2,388.31"},{"v":2862.38,"d":"R$ 2,862.38"},{"v":26620.13,"d":"R$ 26,620.13"},null,{"v":3023.79,"d":"3,023.79"},{"v":3624.01,"d":"3,624.01"},{"v":33703.29,"d":"33,703.29"},null,{"v":0.7898399029033101,"d":"78.98399%"},{"v":0.7898377763858268,"d":"78.98378%"},{"v":0.7898377280081559,"d":"78.98377%"}]
["4.2",null,"CONCRETO ARMADO PARA SUPERESTRUTURAS - VIGAS DE RESPALDO",{"$nulls":5},{"v":59394.38,"d":"R$ 59,394.38"},{"$nulls":3},{"v":75198.21,"d":"75,198.21"},{"$nulls":3},{"v":0.7898376836363524,"d":"78.98377%"}]
["4.2.1",95957,"(COMPOSIÇÃO REPRESENTATIVA) EXECUÇÃO DE ESTRUTURAS DE CONCRETO ARMADO, PARA EDIFICAÇÃO INSTITUCIONAL TÉRREA, FCK = 25 MPA. AF_01/2017","SINAPI","m³",20.75,{"v":2388.31,"d":"R$ 2,388.31"},{"v":2862.38,"d":"R$ 2,862.38"},{"v":59394.38,"d":"R$ 59,394.38"},null,{"v":3023.79,"d":"3,023.79"},{"v":3624.01,"d":"3,624.01"},{"v":75198.21,"d":"75,198.21"},null,{"v":0.7898399029033101,"d":"78.98399%"},{"v":0.7898377763858268,"d":"78.98378%"},{"v":0.7898376836363524,"d":"78.98377%"}]
["4.3",null,"CONCRETO ARMADO PARA SUPERESTRUTURAS - VERGAS",{"$nulls":5},{"v":5864.3,"d":"R$ 5,864.30"},{"$nulls":3},{"v":7441.24,"d":"7,441.24"},{"$nulls":3},{"v":0.7880810187549387,"d":"78.80810%"}]
["4.3.1",93182,"VERGA PRÉ-MOLDADA PARA JANELAS COM ATÉ 1,5 M DE VÃO. AF_03/2016","SINAPI","M",{"v":43.9,"d":"43.90"},{"v":34.81,"d":"R$ 34.81"},{"v":41.71,"d":"R$ 41.71"},{"v":1831.06,"d":"R$ 1,831.06"},null,44.13,52.88,{"v":2321.43,"d":"2,321.43"},null,{"v":0.7888058010423749,"d":"78.88058%"},{"v":0.7887670196671709,"d":"78.87670%"},{"v":0.7887638222991863,"d":"78.87638%"}]
["4.3.2",93184,"VERGA PRÉ-MOLDADA COM ATÉ 1,5 M DE VÃO, ESPESSURA DE *20* CM.\nAF_03/2024","SINAPI","M",84.36,{"v":20.2,"d":"R$ 20.20"},{"v":24.2,"d":"R$ 24.20"},{"v":2041.51,"d":"R$ 2,041.51"},null,25.64,30.72,{"v":2591.54,"d":"2,591.54"},null,{"v":0.7878315132605304,"d":"78.78315%"},{"v":0.7877604166666666,"d":"78.77604%"},{"v":0.7877594017456802,"d":"78.77594%"}]
["4.3.3",93194,"CONTRAVERGA PRÉ-MOLDADA, ESPESSURA DE *20* CM. AF_03/2024","SINAPI","M",84.36,{"v":19.7,"d":"R$ 19.70"},{"v":23.61,"d":"R$ 23.61"},{"v":1991.73,"d":"R$ 1,991.73"},null,25.01,29.97,{"v":2528.27,"d":"2,528.27"},null,{"v":0.7876849260295881,"d":"78.76849%"},{"v":0.7877877877877878,"d":"78.77878%"},{"v":0.7877837414516646,"d":"78.77837%"}]
["4.4",null,"LAJE PRÉ-MOLDADA",{"$nulls":5},{"v":64749.34,"d":"R$ 64,749.34"},{"$nulls":3},{"v":81338.5,"d":"81,338.50"},{"$nulls":3},{"v":0.7960478740080036,"d":"79.60479%"}]
["4.4.1",101964,"LAJE PRÉ-MOLDADA UNIDIRECIONAL, BIAPOIADA, PARA FORRO, ENCHIMENTO EM CERÂMICA, VIGOTA CONVENCIONAL, ALTURA TOTAL DA LAJE (ENCHIMENTO+CAPA) = (8+3). AF_11/2020_PA","SINAPI","m²",419.66,{"v":128.74,"d":"R$ 128.74"},{"v":154.29,"d":"R$ 154.29"},{"v":64749.34,"d":"R$ 64,749.34"},null,161.72,193.82,{"v":81338.5,"d":"81,338.50"},null,{"v":0.7960672767746724,"d":"79.60673%"},{"v":0.7960478794758022,"d":"79.60479%"},{"v":0.7960478740080036,"d":"79.60479%"}]
["5",null,"PAREDES E PAINEIS",{"$nulls":5},{"v":91359.01,"d":"R$ 91,359.01"},{"$nulls":3},{"v":115657.98,"d":"115,657.98"},{"$nulls":3},{"v":0.7899066713771069,"d":"78.99067%"}]
["5.1",null,"ELEMENTOS VAZADOS",{"$nulls":5},{"v":7029.48,"d":"R$ 7,029.48"},{"$nulls":3},{"v":8897.77,"d":"8,897.77"},{"$nulls":3},{"v":0.7900271641096589,"d":"79.00272%"}]
["5.1.1",{"v":50112,"d":"050112"},"Cobogó de concreto 40 x 40 x 10 cm, tipo reto, assentados com argamassa de\ncimento e areia no traço 1","IOPES","m²",43.97,{"v":133.4,"d":"R$ 133.40"},{"v":159.87,"d":"R$ 159.87"},{"v":7029.48,"d":"R$ 7,029.48"},null,168.85,202.36,{"v":8897.77,"d":"8,897.77"},null,{"v":0.79005034053894,"d":"79.00503%"},{"v":0.7900276734532516,"d":"79.00277%"},{"v":0.7900271641096589,"d":"79.00272%"}]
["5.2",null,"ALVENARIA  DE VEDAÇÃO",{"$nulls":5},{"v":84329.53,"d":"R$ 84,329.53"},{"$nulls":3},{"v":106760.21,"d":"106,760.21"},{"$nulls":3},{"v":0.7898966290905571,"d":"78.98966%"}]
["5.2.1",87504,"ALVENARIA DE VEDAÇÃO DE BLOCOS CERÂMICOS FURADOS NA HORIZONTAL DE 9X19X19CM (ESPESSURA 9CM) DE PAREDES COM ÁREA LÍQUIDA MAIOR OU IGUAL A 6M² SEM VÃOS E ARGAMASSA DE ASSENTAMENTO COM PREPARO MANUAL. AF_06/2014","SINAPI","m²",1225.72,{"v":57.41,"d":"R$ 57.41"},{"v":68.8,"d":"R$ 68.80"},{"v":84329.53,"d":"R$ 84,329.53"},null,72.68,{"v":87.1,"d":"87.10"},{"v":106760.21,"d":"106,760.21"},null,{"v":0.7899009356081452,"d":"78.99009%"},{"v":0.7898966704936854,"d":"78.98967%"},{"v":0.7898966290905571,"d":"78.98966%"}]
["6",null,"ESQUADRIAS",{"$nulls":5},{"v":75133.7,"d":"R$ 75,133.70"},{"$nulls":3},{"v":95109.96,"d":"95,109.96"},{"$nulls":3},{"v":0.7899666869799965,"d":"78.99667%"}]
["6.1",null,"PORTAS DE MADEIRA",{"$nulls":5},{"v":27659.62,"d":"R$ 27,659.62"},{"$nulls":3},{"v":35017.14,"d":"35,017.14"},{"$nulls":3},{"v":0.7898880376866871,"d":"78.98880%"}]
["6.1.1",90844,"KIT DE PORTA DE MADEIRA PARA PINTURA, SEMI-OCA (LEVE OU MÉDIA), PADRÃO MÉDIO, 90X210CM, ESPESSURA DE 3,5CM, ITENS INCLUSOS: DOBRADIÇAS, MONTAGEM E INSTALAÇÃO DO BATENTE, FECHADURA COM\nEXECUÇÃO DO FURO - FORNECIMENTO E INSTALAÇÃO. AF_12/2019","SINAPI","UN",{"v":14,"d":"14.00"},{"v":850.55,"d":"R$ 850.55"},{"v":1019.38,"d":"R$ 1,019.38"},{"v":14271.32,"d":"R$ 14,271.32"},null,{"v":1076.8,"d":"1,076.80"},{"v":1290.54,"d":"1,290.54"},{"v":18067.56,"d":"18,067.56"},null,{"v":0.7898867013372957,"d":"78.98867%"},{"v":0.7898864041409023,"d":"78.98864%"},{"v":0.7898864041409022,"d":"78.98864%"}]
["6.1.2",100689,"KIT DE PORTA DE MADEIRA FRISADA, SEMI-OCA (LEVE OU MÉDIA), PADRÃO MÉDIO, 80X210CM, ESPESSURA DE 3,5CM, ITENS INCLUSOS: DOBRADIÇAS, MONTAGEM E INSTALAÇÃO DE BATENTE, FECHADURA COM EXECUÇÃO DO FURO - FORNECIMENTO E INSTALAÇÃO. AF_12/2019","SINAPI","UN",{"v":8,"d":"8.00"},{"v":826.95,"d":"R$ 826.95"},{"v":991.09,"d":"R$ 991.09"},{"v":7928.72,"d":"R$ 7,928.72"},null,{"v":1046.91,"d":"1,046.91"},{"v":1254.72,"d":"1,254.72"},{"v":10037.76,"d":"10,037.76"},null,{"v":0.7898959795971,"d":"78.98960%"},{"v":0.789889377709768,"d":"78.98894%"},{"v":0.789889377709768,"d":"78.98894%"}]
["6.1.3",100680,"KIT DE PORTA DE MADEIRA PARA VERNIZ, SEMI-OCA (LEVE OU MÉDIA), PADRÃO MÉDIO, 70X210CM, ESPESSURA DE 3,5CM, ITENS INCLUSOS: DOBRADIÇAS, MONTAGEM E INSTALAÇÃO DE BATENTE, FECHADURA COM EXECUÇÃO DO FURO - FORNECIMENTO E INSTALAÇÃO. AF_12/2019","SINAPI","UN",{"v":6,"d":"6.00"},{"v":759.23,"d":"R$ 759.23"},{"v":909.93,"d":"R$ 909.93"},{"v":5459.58,"d":"R$ 5,459.58"},null,961.18,{"v":1151.97,"d":"1,151.97"},{"v":6911.82,"d":"6,911.82"},null,{"v":0.7898936723610562,"d":"78.98937%"},{"v":0.78989036172817,"d":"78.98904%"},{"v":0.7898903617281701,"d":"78.98904%"}]
["6.2",null,"PORTAS E GRADIS DE METAL E/OU VIDRO",{"$nulls":5},{"v":17419.63,"d":"R$ 17,419.63"},{"$nulls":3},{"v":22049.72,"d":"22,049.72"},{"$nulls":3},{"v":0.7900159276398975,"d":"79.00159%"}]
["6.2.1",112410,"PORTA DE BOX EM ALUMINIO ANODIZADO","SBC","m²",9.72,{"v":879.89,"d":"R$ 879.89"},{"v":1054.54,"d":"R$ 1,054.54"},{"v":10250.12,"d":"R$ 10,250.12"},null,{"v":1113.76,"d":"1,113.76"},{"v":1334.84,"d":"1,334.84"},{"v":12974.64,"d":"12,974.64"},null,{"v":0.7900175980462577,"d":"79.00176%"},{"v":0.7900122861166882,"d":"79.00123%"},{"v":0.7900119001374991,"d":"79.00119%"}]
["6.2.2",150326,"PORTÃO DE ENTRADA EM ALUMINIO, DE CORRER, INCLUINDO FERRAGENS,\nGUARNIÇÕES","CAEMA","m²",17.85,{"v":179.81,"d":"R$ 179.81"},{"v":215.5,"d":"R$ 215.50"},{"v":3846.67,"d":"R$ 3,846.67"},null,{"v":227.6,"d":"227.60"},272.77,{"v":4868.94,"d":"4,868.94"},null,{"v":0.7900263620386644,"d":"79.00264%"},{"v":0.7900428932800528,"d":"79.00429%"},{"v":0.7900425965405202,"d":"79.00426%"}]
["6.2.3",150210,"PORTA DUPLA EM VIDRO LAMINADO INCOLOR 8mm COM FERRAGENS","SBC","m²",2.94,{"v":943.03,"d":"R$ 943.03"},{"v":1130.22,"d":"R$ 1,130.22"},{"v":3322.84,"d":"R$ 3,322.84"},null,{"v":1193.71,"d":"1,193.71"},{"v":1430.66,"d":"1,430.66"},{"v":4206.14,"d":"4,206.14"},null,{"v":0.7899992460480351,"d":"78.99992%"},{"v":0.7899990214306684,"d":"78.99990%"},{"v":0.7899974798746594,"d":"78.99975%"}]
["6.3",null,"JANELAS",{"$nulls":5},{"v":30054.45,"d":"R$ 30,054.45"},{"$nulls":3},{"v":38043.1,"d":"38,043.10"},{"$nulls":3},{"v":0.7900105406762331,"d":"79.00105%"}]
["6.3.1",110519,"JANELA DE CORRER EM MADEIRA E VENEZIANA","SBC","m²",8.66,{"v":604.63,"d":"R$ 604.63"},{"v":724.64,"d":"R$ 724.64"},{"v":6275.38,"d":"R$ 6,275.38"},null,765.35,917.27,{"v":7943.56,"d":"7,943.56"},null,{"v":0.7900045730711439,"d":"79.00046%"},{"v":0.789996402367896,"d":"78.99964%"},{"v":0.789995921224237,"d":"78.99959%"}]
["6.3.2",110646,"JANELA MADEIRA CORRER 1 FOLHA E VIDRO 3MM C/FERRAGENS","SBC","m²",0.54,{"v":1372.72,"d":"R$ 1,372.72"},{"v":1645.2,"d":"R$ 1,645.20"},{"v":888.4,"d":"R$ 888.40"},null,{"v":1737.64,"d":"1,737.64"},{"v":2082.56,"d":"2,082.56"},{"v":1124.58,"d":"1,124.58"},null,{"v":0.7899910223061163,"d":"78.99910%"},{"v":0.7899892440073756,"d":"78.99892%"},{"v":0.7899838161802629,"d":"78.99838%"}]
["6.3.3",100668,"JANELA DE MADEIRA (CEDRINHO/ANGELIM OU EQUIV.) TIPO MAXIM-AR, PARA VIDRO, COM BATENTE, ALIZAR E FERRAGENS. EXCLUSIVE VIDRO, ACABAMENTO E CONTRAMARCO. FORNECIMENTO E INSTALAÇÃO. AF_12/2019","SINAPI","m²",17.82,{"v":778.63,"d":"R$ 778.63"},{"v":933.18,"d":"R$ 933.18"},{"v":16629.26,"d":"R$ 16,629.26"},null,985.57,{"v":1181.2,"d":"1,181.20"},{"v":21048.98,"d":"21,048.98"},null,{"v":0.7900301348458252,"d":"79.00301%"},{"v":0.7900270910938029,"d":"79.00271%"},{"v":0.7900268801623641,"d":"79.00269%"}]
["6.3.4",102158,"INSTALAÇÃO DE VIDRO LISO INCOLOR, E = 8 MM, EM ESQUADRIA DE\nMADEIRA, FIXADO COM BAGUETE. AF_01/2021","SINAPI","m²",17.82,{"v":293.18,"d":"R$ 293.18"},{"v":351.37,"d":"R$ 351.37"},{"v":6261.41,"d":"R$ 6,261.41"},null,371.12,444.78,{"v":7925.98,"d":"7,925.98"},null,{"v":0.7899870661780556,"d":"78.99871%"},{"v":0.7899860605243042,"d":"78.99861%"},{"v":0.7899855916870848,"d":"78.99856%"}]
["7",null,"COBERTURA",{"$nulls":5},{"v":73170.81,"d":"R$ 73,170.81"},{"$nulls":3},{"v":92628.81,"d":"92,628.81"},{"$nulls":3},{"v":0.7899357662049205,"d":"78.99358%"}]
["7.1",92543,"TRAMA DE MADEIRA COMPOSTA POR TERÇAS PARA TELHADOS DE ATÉ 2 ÁGUAS PARA TELHA ONDULADA DE FIBROCIMENTO, METÁLICA, PLÁSTICA OU TERMOACÚSTICA, INCLUSO TRANSPORTE VERTICAL. AF_07/2019","SINAPI","m²",867.88,{"v":15.03,"d":"R$ 15.03"},{"v":18.01,"d":"R$ 18.01"},{"v":15630.51,"d":"R$ 15,630.51"},null,19.03,{"v":22.8,"d":"22.80"},{"v":19787.66,"d":"19,787.66"},null,{"v":0.7898055701523908,"d":"78.98056%"},{"v":0.7899122807017545,"d":"78.99123%"},{"v":0.7899119956578999,"d":"78.99120%"}]
["7.2",94207,"TELHAMENTO COM TELHA ONDULADA DE FIBROCIMENTO E = 6 MM, COM RECOBRIMENTO LATERAL DE 1/4 DE ONDA PARA TELHADO COM INCLINAÇÃO MAIOR QUE 10°, COM ATÉ 2 ÁGUAS, INCLUSO IÇAMENTO. AF_07/2019","SINAPI","m²",867.88,{"v":43.16,"d":"R$ 43.16"},{"v":51.72,"d":"R$ 51.72"},{"v":44886.75,"d":"R$ 44,886.75"},null,54.63,65.47,{"v":56820.1,"d":"56,820.10"},null,{"v":0.7900421014094818,"d":"79.00421%"},{"v":0.7899801435772109,"d":"78.99801%"},{"v":0.789980130270802,"d":"78.99801%"}]
["7.3",94219,"CUMEEIRA E ESPIGÃO PARA TELHA CERÂMICA EMBOÇADA COM ARGAMASSA TRAÇO 1:2:9 (CIMENTO, CAL E AREIA), PARA TELHADOS COM MAIS DE 2 ÁGUAS, INCLUSO TRANSPORTE VERTICAL. AF_07/2019","SINAPI","M",19.15,{"v":21.56,"d":"R$ 21.56"},{"v":25.83,"d":"R$ 25.83"},{"v":494.64,"d":"R$ 494.64"},null,27.33,32.75,627.16,null,{"v":0.7888766922795463,"d":"78.88767%"},{"v":0.7887022900763359,"d":"78.87023%"},{"v":0.7886982588175266,"d":"78.86983%"}]
["7.4",94228,"CALHA EM CHAPA DE AÇO GALVANIZADO NÚMERO 24, DESENVOLVIMENTO DE 50 CM, INCLUSO TRANSPORTE VERTICAL. AF_07/2019","SINAPI","M",173.55,{"v":58.46,"d":"R$ 58.46"},{"v":70.06,"d":"R$ 70.06"},{"v":12158.91,"d":"R$ 12,158.91"},null,74.01,{"v":88.7,"d":"88.70"},{"v":15393.89,"d":"15,393.89"},null,{"v":0.7898932576678827,"d":"78.98933%"},{"v":0.7898534385569335,"d":"78.98534%"},{"v":0.7898529871267107,"d":"78.98530%"}]
["8",null,"IMPERMEABILIZAÇÃO",{"$nulls":5},{"v":25081.15,"d":"R$ 25,081.15"},{"$nulls":3},{"v":31747.73,"d":"31,747.73"},{"$nulls":3},{"v":0.7900139632030385,"d":"79.00140%"}]
["8.1",98546,"IMPERMEABILIZAÇÃO DE SUPERFÍCIE COM MANTA ASFÁLTICA, UMA CAMADA, INCLUSIVE APLICAÇÃO DE PRIMER ASFÁLTICO, E=4MM. AF_09/2023","SINAPI","m²",103.98,{"v":110.17,"d":"R$ 110.17"},{"v":132.03,"d":"R$ 132.03"},{"v":13728.47,"d":"R$ 13,728.47"},null,139.46,167.14,{"v":17379.22,"d":"17,379.22"},null,{"v":0.7899756202495339,"d":"78.99756%"},{"v":0.7899365801124806,"d":"78.99366%"},{"v":0.7899359119684312,"d":"78.99359%"}]
["8.2",98557,"IMPERMEABILIZAÇÃO DE SUPERFÍCIE COM EMULSÃO ASFÁLTICA, 2 DEMÃOS.\nAF_09/2023","SINAPI","m²",251.11,{"v":37.73,"d":"R$ 37.73"},{"v":45.21,"d":"R$ 45.21"},{"v":11352.68,"d":"R$ 11,352.68"},null,47.75,57.22,{"v":14368.51,"d":"14,368.51"},null,{"v":0.7901570680628272,"d":"79.01571%"},{"v":0.7901083537224747,"d":"79.01084%"},{"v":0.7901083689262144,"d":"79.01084%"}]
["9",null,"REVESTIMENTO DE PAREDES",{"$nulls":5},{"v":149596.69,"d":"R$ 149,596.69"},{"$nulls":3},{"v":189563.12,"d":"189,563.12"},{"$nulls":3},{"v":0.7891655824191963,"d":"78.91656%"}]
["9.1",87879,"CHAPISCO APLICADO EM ALVENARIAS E ESTRUTURAS DE CONCRETO INTERNAS, COM COLHER DE PEDREIRO.  ARGAMASSA TRAÇO 1:3 COM PREPARO EM BETONEIRA 400L. AF_10/2022","SINAPI","m²",1063.17,{"v":3.11,"d":"R$ 3.11"},{"v":3.72,"d":"R$ 3.72"},{"v":3954.99,"d":"R$ 3,954.99"},null,3.95,4.73,{"v":5028.79,"d":"5,028.79"},null,{"v":0.7873417721518987,"d":"78.73418%"},{"v":0.7864693446088795,"d":"78.64693%"},{"v":0.7864695085696559,"d":"78.64695%"}]
["9.2",87894,"CHAPISCO APLICADO EM ALVENARIA (SEM PRESENÇA DE VÃOS) E ESTRUTURAS DE CONCRETO DE FACHADA, COM COLHER DE PEDREIRO. ARGAMASSA TRAÇO 1:3 COM PREPARO EM BETONEIRA 400L. AF_10/2022","SINAPI","m²",1225.72,{"v":4.82,"d":"R$ 4.82"},{"v":5.77,"d":"R$ 5.77"},{"v":7072.4,"d":"R$ 7,072.40"},null,6.11,7.32,{"v":8972.27,"d":"8,972.27"},null,{"v":0.7888707037643208,"d":"78.88707%"},{"v":0.7882513661202185,"d":"78.82514%"},{"v":0.7882509108620226,"d":"78.82509%"}]
["9.3",87535,"EMBOÇO, EM ARGAMASSA TRAÇO 1:2:8, PREPARO MECÂNICO, APLICADO MANUALMENTE EM PAREDES INTERNAS DE AMBIENTES COM ÁREA MAIOR QUE 10M², E = 17,5MM, COM TALISCAS. AF_03/2024","SINAPI","m²",450.06,{"v":23.03,"d":"R$ 23.03"},{"v":27.6,"d":"R$ 27.60"},{"v":12421.65,"d":"R$ 12,421.65"},null,{"v":29.2,"d":"29.20"},34.99,{"v":15747.6,"d":"15,747.60"},null,{"v":0.7886986301369864,"d":"78.86986%"},{"v":0.788796799085453,"d":"78.87968%"},{"v":0.7887963880210317,"d":"78.87964%"}]
["9.4",87529,"MASSA ÚNICA, EM ARGAMASSA TRAÇO 1:2:8, PREPARO MECÂNICO, APLICADA MANUALMENTE EM PAREDES INTERNAS DE AMBIENTES COM ÁREA ENTRE 5M² E 10M², E = 17,5MM, COM TALISCAS. AF_03/2024","SINAPI","m²",448.17,{"v":25.69,"d":"R$ 25.69"},{"v":30.78,"d":"R$ 30.78"},{"v":13794.67,"d":"R$ 13,794.67"},null,32.58,39.04,{"v":17496.56,"d":"17,496.56"},null,{"v":0.7885205647636587,"d":"78.85206%"},{"v":0.788422131147541,"d":"78.84221%"},{"v":0.7884218383499384,"d":"78.84218%"}]
["9.5",87775,"EMBOÇO OU MASSA ÚNICA EM ARGAMASSA TRAÇO 1:2:8, PREPARO MECÂNICO COM BETONEIRA 400 L, APLICADA MANUALMENTE EM PANOS DE FACHADA COM PRESENÇA DE VÃOS, ESPESSURA DE 25 MM. AF_08/2022","SINAPI","m²",1225.72,{"v":38.51,"d":"R$ 38.51"},{"v":46.15,"d":"R$ 46.15"},{"v":56566.97,"d":"R$ 56,566.97"},null,48.79,58.47,{"v":71667.85,"d":"71,667.85"},null,{"v":0.7893010862881737,"d":"78.93011%"},{"v":0.7892936548657431,"d":"78.92937%"},{"v":0.7892935256185304,"d":"78.92935%"}]
["9.6",87275,"REVESTIMENTO CERÂMICO PARA PAREDES INTERNAS COM PLACAS TIPO ESMALTADA EXTRA DE DIMENSÕES 33X45 CM APLICADAS A MEIA ALTURA DAS PAREDES. AF_02/2023_PE","SINAPI","m²",233.22,{"v":61.74,"d":"R$ 61.74"},{"v":73.99,"d":"R$ 73.99"},{"v":17255.94,"d":"R$ 17,255.94"},null,{"v":78.2,"d":"78.20"},93.72,{"v":21857.38,"d":"21,857.38"},null,{"v":0.7895140664961636,"d":"78.95141%"},{"v":0.7894793000426803,"d":"78.94793%"},{"v":0.7894788853924852,"d":"78.94789%"}]
["9.7",96113,"FORRO EM PLACAS DE GESSO, PARA AMBIENTES COMERCIAIS. AF_08/2023_PS","SINAPI","m²",954.66,{"v":33.68,"d":"R$ 33.68"},{"v":40.36,"d":"R$ 40.36"},{"v":38530.07,"d":"R$ 38,530.07"},null,42.65,51.11,{"v":48792.67,"d":"48,792.67"},null,{"v":0.78968347010551,"d":"78.96835%"},{"v":0.78966934063784,"d":"78.96693%"},{"v":0.7896692269556063,"d":"78.96692%"}]
["10",null,"PAVIMENTAÇÃO E VEGETAÇÃO",{"$nulls":5},{"v":138402.06,"d":"R$ 138,402.06"},{"$nulls":3},{"v":175201.32,"d":"175,201.32"},{"$nulls":3},{"v":0.7899601441359003,"d":"78.99601%"}]
["10.1",98560,"IMPERMEABILIZAÇÃO DE PISO COM ARGAMASSA DE CIMENTO E AREIA, COM\nADITIVO IMPERMEABILIZANTE, E = 2CM. AF_06/2018","SINAPI","m²",27.63,{"v":36.4,"d":"R$ 36.40"},{"v":43.62,"d":"R$ 43.62"},{"v":1205.22,"d":"R$ 1,205.22"},null,46.14,55.29,{"v":1527.66,"d":"1,527.66"},null,{"v":0.788903337667967,"d":"78.89033%"},{"v":0.7889310906131307,"d":"78.89311%"},{"v":0.7889320922194729,"d":"78.89321%"}]
["10.2",104162,"PISO EM GRANILITE, MARMORITE OU GRANITINA EM AMBIENTES INTERNOS, COM ESPESSURA DE 8 MM, INCLUSO MISTURA EM BETONEIRA, COLOCAÇÃO DAS JUNTAS, APLICAÇÃO DO PISO, 4 POLIMENTOS COM POLITRIZ, ESTUCAMENTO, SELADOR E CERA. AF_06/2022","SINAPI","m²",897.51,{"v":70.95,"d":"R$ 70.95"},{"v":85.03,"d":"R$ 85.03"},{"v":76315.27,"d":"R$ 76,315.27"},null,89.74,107.55,{"v":96527.2,"d":"96,527.20"},null,{"v":0.7906173389792736,"d":"79.06173%"},{"v":0.790609019060902,"d":"79.06090%"},{"v":0.790608968249364,"d":"79.06090%"}]
["10.3",95241,"LASTRO DE CONCRETO MAGRO, APLICADO EM PISOS, LAJES SOBRE SOLO OU\nRADIERS, ESPESSURA DE 5 CM. AF_01/2024","SINAPI","m²",897.51,{"v":26.48,"d":"R$ 26.48"},{"v":31.73,"d":"R$ 31.73"},{"v":28477.99,"d":"R$ 28,477.99"},null,33.59,40.25,{"v":36124.78,"d":"36,124.78"},null,{"v":0.7883298600774039,"d":"78.83299%"},{"v":0.7883229813664596,"d":"78.83230%"},{"v":0.7883228631426961,"d":"78.83229%"}]
["10.4",92396,"EXECUÇÃO DE PASSEIO EM PISO INTERTRAVADO, COM BLOCO RETANGULAR COR NATURAL DE 20 X 10 CM, ESPESSURA 6 CM. AF_10/2022","SINAPI","m²",{"v":183.7,"d":"183.70"},{"v":54.58,"d":"R$ 54.58"},{"v":65.41,"d":"R$ 65.41"},{"v":12015.81,"d":"R$ 12,015.81"},null,69.08,82.79,{"v":15208.52,"d":"15,208.52"},null,{"$f":"G73/K73","v":{"v":0.7900984365952519,"d":"79.00984%"}},{"v":0.7900712646454885,"d":"79.00713%"},{"v":0.7900709602249265,"d":"79.00710%"}]
["10.5",87257,"REVESTIMENTO CERÂMICO PARA PISO COM PLACAS TIPO ESMALTADA EXTRA DE DIMENSÕES 60X60 CM APLICADA EM AMBIENTES DE ÁREA MAIOR QUE 10 M2. AF_02/2023_PE","SINAPI","m²",74.73,{"v":79.54,"d":"R$ 79.54"},{"v":95.32,"d":"R$ 95.32"},{"v":7123.26,"d":"R$ 7,123.26"},null,100.73,120.72,{"v":9021.41,"d":"9,021.41"},null,{"v":0.7896356596843046,"d":"78.96357%"},{"v":0.7895957587806494,"d":"78.95958%"},{"v":0.7895949746214839,"d":"78.95950%"}]
["10.6",98504,"PLANTIO DE GRAMA BATATAIS EM PLACAS. AF_05/2018","SINAPI","m²",879.61,{"v":12.59,"d":"R$ 12.59"},{"v":15.08,"d":"R$ 15.08"},{"v":13264.51,"d":"R$ 13,264.51"},null,15.93,19.09,{"v":16791.75,"d":"16,791.75"},null,{"v":0.7903327055869429,"d":"79.03327%"},{"v":0.7899423782084861,"d":"78.99424%"},{"v":0.7899420846546668,"d":"78.99421%"}]
["11",null,"PINTURA",{"$nulls":5},{"v":73378.22,"d":"R$ 73,378.22"},{"$nulls":3},{"v":92947.98,"d":"92,947.98"},{"$nulls":3},{"v":0.789454703587964,"d":"78.94547%"}]
["11.1",96135,"APLICAÇÃO MANUAL DE MASSA ACRÍLICA EM PAREDES EXTERNAS DE CASAS,\nDUAS DEMÃOS. AF_03/2024","SINAPI","m²",1673.89,{"v":20.78,"d":"R$ 20.78"},{"v":24.9,"d":"R$ 24.90"},{"v":41679.86,"d":"R$ 41,679.86"},null,26.31,31.53,{"v":52777.75,"d":"52,777.75"},null,{"v":0.789813759026986,"d":"78.98138%"},{"v":0.7897240723120836,"d":"78.97241%"},{"v":0.7897240788021468,"d":"78.97241%"}]
["11.2",88488,"PINTURA LÁTEX ACRÍLICA PREMIUM, APLICAÇÃO MANUAL EM TETO, DUAS\nDEMÃOS. AF_04/2023","SINAPI","m²",954.66,{"v":10.68,"d":"R$ 10.68"},{"v":12.79,"d":"R$ 12.79"},{"v":12210.1,"d":"R$ 12,210.10"},null,13.52,{"v":16.2,"d":"16.20"},{"v":15465.49,"d":"15,465.49"},null,{"v":0.7899408284023669,"d":"78.99408%"},{"v":0.7895061728395062,"d":"78.95062%"},{"v":0.7895061844144609,"d":"78.95062%"}]
["11.3",88489,"PINTURA LÁTEX ACRÍLICA PREMIUM, APLICAÇÃO MANUAL EM PAREDES, DUAS\nDEMÃOS. AF_04/2023","SINAPI","m²",1673.86,{"v":9.01,"d":"R$ 9.01"},{"v":10.79,"d":"R$ 10.79"},{"v":18060.94,"d":"R$ 18,060.94"},null,11.42,13.68,{"v":22898.4,"d":"22,898.40"},null,{"v":0.7889667250437828,"d":"78.89667%"},{"v":0.7887426900584795,"d":"78.87427%"},{"v":0.7887424448869789,"d":"78.87424%"}]
["11.4",102217,"PINTURA TINTA DE ACABAMENTO (PIGMENTADA) A ÓLEO EM MADEIRA, 2\nDEMÃOS. AF_01/2021","SINAPI","m²",{"v":100.8,"d":"100.80"},{"v":11.82,"d":"R$ 11.82"},{"v":14.16,"d":"R$ 14.16"},{"v":1427.32,"d":"R$ 1,427.32"},null,14.96,17.92,{"v":1806.34,"d":"1,806.34"},null,{"v":0.7901069518716577,"d":"79.01070%"},{"v":0.7901785714285714,"d":"79.01786%"},{"v":0.7901723927942691,"d":"79.01724%"}]
["12",null,"INSTALAÇÕES ELÉTRICAS",{"$nulls":5},{"v":33083.58,"d":"R$ 33,083.58"},{"$nulls":3},{"v":41900.45,"d":"41,900.45"},{"$nulls":3},{"v":0.7895757682793384,"d":"78.95758%"}]
["12.1",101509,"ENTRADA DE ENERGIA ELÉTRICA, AÉREA, TRIFÁSICA, COM CAIXA DE EMBUTIR, CABO DE 10 MM2 E DISJUNTOR DIN 50A (NÃO INCLUSO O POSTE DE CONCRETO). AF_07/2020_PS","SINAPI","UN",{"v":1,"d":"1.00"},{"v":1400.11,"d":"R$ 1,400.11"},{"v":1678.03,"d":"R$ 1,678.03"},{"v":1678.03,"d":"R$ 1,678.03"},null,{"v":1772.77,"d":"1,772.77"},{"v":2124.66,"d":"2,124.66"},{"v":2124.66,"d":"2,124.66"},null,{"v":0.7897866051433632,"d":"78.97866%"},{"v":0.7897875424773847,"d":"78.97875%"},{"v":0.7897875424773847,"d":"78.97875%"}]
["12.2",101883,"QUADRO DE DISTRIBUIÇÃO DE ENERGIA EM CHAPA DE AÇO GALVANIZADO, DE EMBUTIR, COM BARRAMENTO TRIFÁSICO, PARA 18 DISJUNTORES DIN 100A - FORNECIMENTO E INSTALAÇÃO. AF_10/2020","SINAPI","UN",{"v":1,"d":"1.00"},{"v":357.1,"d":"R$ 357.10"},{"v":427.98,"d":"R$ 427.98"},{"v":427.98,"d":"R$ 427.98"},null,452.05,541.78,541.78,null,{"v":0.7899568631788519,"d":"78.99569%"},{"v":0.7899516408874452,"d":"78.99516%"},{"v":0.7899516408874452,"d":"78.99516%"}]
["12.3",93656,"DISJUNTOR MONOPOLAR TIPO DIN, CORRENTE NOMINAL DE 25A -\nFORNECIMENTO E INSTALAÇÃO. AF_10/2020","SINAPI","UN",{"v":12,"d":"12.00"},{"v":9.83,"d":"R$ 9.83"},{"v":11.78,"d":"R$ 11.78"},{"v":141.36,"d":"R$ 141.36"},null,12.44,{"v":14.9,"d":"14.90"},{"v":178.8,"d":"178.80"},null,{"v":0.7901929260450161,"d":"79.01929%"},{"v":0.7906040268456376,"d":"79.06040%"},{"v":0.7906040268456376,"d":"79.06040%"}]
["12.4",104475,"COMPOSIÇÃO PARAMÉTRICA DE PONTO ELÉTRICO DE TOMADA DE USO GERAL 2P+T (10A/250V) EM EDIFÍCIO RESIDENCIAL COM ELETRODUTO EMBUTIDO EM RASGOS NAS PAREDES, INCLUSO TOMADA, ELETRODUTO, CABO, RASGO, QUEBRA E CHUMBAMENTO. AF_11/2022","SINAPI","UN",{"v":40,"d":"40.00"},{"v":103.07,"d":"R$ 103.07"},{"v":123.52,"d":"R$ 123.52"},{"v":4940.8,"d":"R$ 4,940.80"},null,130.64,156.57,{"v":6262.8,"d":"6,262.80"},null,{"v":0.7889620330679731,"d":"78.89620%"},{"v":0.7889123075940474,"d":"78.89123%"},{"v":0.7889123075940474,"d":"78.89123%"}]
["12.5",104476,"COMPOSIÇÃO PARAMÉTRICA DE PONTO ELÉTRICO DE TOMADA DE USO ESPECÍFICO 2P+T (20A/250V) EM EDIFÍCIO RESIDENCIAL COM ELETRODUTO EMBUTIDO EM RASGOS NAS PAREDES, INCLUSO TOMADA, ELETRODUTO, CABO, RASGO, QUEBRA E CHUMBAMENTO (EXCETO CHUVEIRO). AF_11/2022","SINAPI","UN",{"v":20,"d":"20.00"},{"v":131.79,"d":"R$ 131.79"},{"v":157.95,"d":"R$ 157.95"},{"v":3159,"d":"R$ 3,159.00"},null,{"v":167,"d":"167.00"},200.14,{"v":4002.8,"d":"4,002.80"},null,{"v":0.7891616766467066,"d":"78.91617%"},{"v":0.7891975617068052,"d":"78.91976%"},{"v":0.7891975617068052,"d":"78.91976%"}]
["12.6",104473,"COMPOSIÇÃO PARAMÉTRICA DE PONTO ELÉTRICO DE ILUMINAÇÃO, COM INTERRUPTOR SIMPLES, EM EDIFÍCIO RESIDENCIAL COM ELETRODUTO EMBUTIDO EM RASGOS NAS PAREDES, INCLUSO TOMADA, ELETRODUTO, CABO, RASGO E CHUMBAMENTO (SEM LUMINÁRIA E LÂMPADA). AF_11/2022","SINAPI","UN",{"v":36,"d":"36.00"},{"v":118.53,"d":"R$ 118.53"},{"v":142.05,"d":"R$ 142.05"},{"v":5113.8,"d":"R$ 5,113.80"},null,150.17,179.97,{"v":6478.92,"d":"6,478.92"},null,{"v":0.7893054538190052,"d":"78.93055%"},{"v":0.789298216369395,"d":"78.92982%"},{"v":0.7892982163693949,"d":"78.92982%"}]
["12.7",92023,"INTERRUPTOR SIMPLES (1 MÓDULO) COM 1 TOMADA DE EMBUTIR 2P+T 10 A, INCLUINDO SUPORTE E PLACA - FORNECIMENTO E INSTALAÇÃO. AF_03/2023","SINAPI","UN",{"v":30,"d":"30.00"},{"v":35.13,"d":"R$ 35.13"},{"v":42.1,"d":"R$ 42.10"},{"v":1263,"d":"R$ 1,263.00"},null,44.49,53.32,{"v":1599.6,"d":"1,599.60"},null,{"v":0.789615643964936,"d":"78.96156%"},{"v":0.7895723930982745,"d":"78.95724%"},{"v":0.7895723930982746,"d":"78.95724%"}]
["12.8",92865,"CAIXA OCTOGONAL 4\" X 4\", METÁLICA, INSTALADA EM LAJE - FORNECIMENTO\nE INSTALAÇÃO. AF_03/2023","SINAPI","UN",{"v":107,"d":"107.00"},{"v":10.15,"d":"R$ 10.15"},{"v":12.16,"d":"R$ 12.16"},{"v":1301.12,"d":"R$ 1,301.12"},null,12.86,15.41,{"v":1648.87,"d":"1,648.87"},null,{"v":0.7892690513219285,"d":"78.92691%"},{"v":0.7890979883192732,"d":"78.90980%"},{"v":0.7890979883192731,"d":"78.90980%"}]
["12.9",100903,"LÂMPADA TUBULAR LED DE 18/20 W, BASE G13 - FORNECIMENTO E\nINSTALAÇÃO. AF_02/2020_PS","SINAPI","UN",{"v":19,"d":"19.00"},{"v":18.14,"d":"R$ 18.14"},{"v":21.74,"d":"R$ 21.74"},{"v":413.06,"d":"R$ 413.06"},null,22.98,27.54,523.26,null,{"v":0.7893820713664056,"d":"78.93821%"},{"v":0.7893972403776325,"d":"78.93972%"},{"v":0.7893972403776326,"d":"78.93972%"}]
["12.10",{"v":71649,"d":"071649"},"LUMINÁRIA PLAFON LED QUADRADA DE EMBUTIR, 30W, 40X40 CM (MEDIDAS\nAPROXIMADAS) - INCLUSO CORTE NO FORRO","AGETOP\nCIVIL","un",{"v":7,"d":"7.00"},{"v":108.66,"d":"R$ 108.66"},{"v":130.22,"d":"R$ 130.22"},{"v":911.54,"d":"R$ 911.54"},null,137.55,164.85,{"v":1153.95,"d":"1,153.95"},null,{"v":0.7899672846237731,"d":"78.99673%"},{"v":0.7899302396117683,"d":"78.99302%"},{"v":0.7899302396117682,"d":"78.99302%"}]
["12.11",{"v":71645,"d":"071645"},"LUMINÁRIA TIPO PLAFON DE SOBREPOR REDONDA PARA 02 LÂMPADAS","AGETOP\nCIVIL","un",{"v":51,"d":"51.00"},{"v":126.2,"d":"R$ 126.20"},{"v":151.25,"d":"R$ 151.25"},{"v":7713.75,"d":"R$ 7,713.75"},null,159.75,191.46,{"v":9764.46,"d":"9,764.46"},null,{"v":0.7899843505477309,"d":"78.99844%"},{"v":0.7899822417215083,"d":"78.99822%"},{"v":0.7899822417215084,"d":"78.99822%"}]
["12.12",{"v":71647,"d":"071647"},"LUMINÁRIA PLAFON LED QUADRADA DE EMBUTIR, 18W, 20X20 CM (MEDIDAS\nAPROXIMADAS) - INCLUSO CORTE NO FORRO","AGETOP\nCIVIL","un",{"v":30,"d":"30.00"},{"v":34.92,"d":"R$ 34.92"},{"v":41.85,"d":"R$ 41.85"},{"v":1255.5,"d":"R$ 1,255.50"},null,44.21,52.98,{"v":1589.4,"d":"1,589.40"},null,{"v":0.7898665460303099,"d":"78.98665%"},{"v":0.7899207248018121,"d":"78.99207%"},{"v":0.789920724801812,"d":"78.99207%"}]
["12.13",12808,"Refletor Slim LED 200W de potência, branco Frio, 6500k, Autovolt, marca G-\nlight ou similar","ORSE","un",{"v":11,"d":"11.00"},{"v":210.4,"d":"R$ 210.40"},{"v":252.16,"d":"R$ 252.16"},{"v":2773.76,"d":"R$ 2,773.76"},null,266.33,319.19,{"v":3511.09,"d":"3,511.09"},null,{"v":0.7899973716817483,"d":"78.99974%"},{"v":0.7899996867069771,"d":"78.99997%"},{"v":0.7899996867069771,"d":"78.99997%"}]
["12.14",{"v":60633,"d":"060633"},"ARANDELA EFEITO 10 FACHOS ALUMINIO INTERNA / EXTERNA MARROM","SBC","UN",{"v":16,"d":"16.00"},{"v":61.62,"d":"R$ 61.62"},{"v":73.85,"d":"R$ 73.85"},{"v":1181.6,"d":"R$ 1,181.60"},null,{"v":78,"d":"78.00"},93.48,{"v":1495.68,"d":"1,495.68"},null,{"v":0.7899999999999999,"d":"79.00000%"},{"v":0.7900085579803166,"d":"79.00086%"},{"v":0.7900085579803166,"d":"79.00086%"}]
["12.15",{"v":60641,"d":"060641"},"BALIZADOR SPOT LED 3W BRANCO MORNO PARA PISO","SBC","UN",{"v":9,"d":"9.00"},{"v":75.03,"d":"R$ 75.03"},{"v":89.92,"d":"R$ 89.92"},{"v":809.28,"d":"R$ 809.28"},null,94.97,113.82,{"v":1024.38,"d":"1,024.38"},null,{"v":0.7900389596714752,"d":"79.00390%"},{"v":0.7900193287647163,"d":"79.00193%"},{"v":0.7900193287647161,"d":"79.00193%"}]
["13",null,"INSTALAÇÕES HIDRÁULICAS",{"$nulls":5},{"v":16164.29,"d":"R$ 16,164.29"},{"$nulls":3},{"v":20541.56,"d":"20,541.56"},{"$nulls":3},{"v":0.7869066419492969,"d":"78.69066%"}]
["13.1",null,"CASTELO D'ÁGUA INSTALAÇÃO",{"$nulls":5},{"v":6199.13,"d":"R$ 6,199.13"},{"$nulls":3},{"v":7918.9,"d":"7,918.90"},{"$nulls":3},{"v":0.7828271603379258,"d":"78.28272%"}]
["13.1.1",94793,"REGISTRO DE GAVETA BRUTO, LATÃO, ROSCÁVEL, 1 1/4\", COM ACABAMENTO E CANOPLA CROMADOS - FORNECIMENTO E INSTALAÇÃO. AF_08/2021","SINAPI","UN",{"v":4,"d":"4.00"},{"v":138.41,"d":"R$ 138.41"},{"v":165.88,"d":"R$ 165.88"},{"v":663.52,"d":"R$ 663.52"},null,175.22,{"v":210,"d":"210.00"},{"v":840,"d":"840.00"},null,{"v":0.7899212418673667,"d":"78.99212%"},{"v":0.7899047619047619,"d":"78.99048%"},{"v":0.7899047619047619,"d":"78.99048%"}]
["13.1.2",94495,"REGISTRO DE GAVETA BRUTO, LATÃO, ROSCÁVEL, 1\" - FORNECIMENTO E\nINSTALAÇÃO. AF_08/2021","SINAPI","UN",{"v":2,"d":"2.00"},{"v":53.64,"d":"R$ 53.64"},{"v":64.28,"d":"R$ 64.28"},{"v":128.56,"d":"R$ 128.56"},null,67.91,81.39,162.78,null,{"v":0.7898689441908409,"d":"78.98689%"},{"v":0.7897776139574887,"d":"78.97776%"},{"v":0.7897776139574887,"d":"78.97776%"}]
["13.1.3",94785,"ADAPTADOR COM FLANGES LIVRES, PVC, SOLDÁVEL LONGO, DN 32 MM X 1 , INSTALADO EM RESERVAÇÃO DE ÁGUA DE EDIFICAÇÃO QUE POSSUA RESERVATÓRIO DE FIBRA/FIBROCIMENTO   FORNECIMENTO E INSTALAÇÃO. AF_06/2016","SINAPI","UN",{"v":2,"d":"2.00"},{"v":17.74,"d":"R$ 17.74"},{"v":21.26,"d":"R$ 21.26"},{"v":42.52,"d":"R$ 42.52"},null,22.46,26.91,53.82,null,{"v":0.7898486197684772,"d":"78.98486%"},{"v":0.7900408769973988,"d":"79.00409%"},{"v":0.7900408769973988,"d":"79.00409%"}]
["13.1.4",102617,"CAIXA D´ÁGUA EM POLIÉSTER REFORÇADO COM FIBRA DE VIDRO, 5000 LITROS\n- FORNECIMENTO E INSTALAÇÃO. AF_06/2021","SINAPI","UN",{"v":1,"d":"1.00"},{"v":2852.96,"d":"R$ 2,852.96"},{"v":3419.27,"d":"R$ 3,419.27"},{"v":3419.27,"d":"R$ 3,419.27"},null,{"v":3672.98,"d":"3,672.98"},{"v":4402.06,"d":"4,402.06"},{"v":4402.06,"d":"4,402.06"},null,{"v":0.7767425904851102,"d":"77.67426%"},{"v":0.7767431611563677,"d":"77.67432%"},{"v":0.7767431611563677,"d":"77.67432%"}]
["13.1.5","RES.AG.3000L","[ADAPTAÇÃO SINAPI 102615] CAIXA D´ÁGUA EM POLIÉSTER REFORÇADO COM FIBRA DE VIDRO, 3000 LITROS - FORNECIMENTO E INSTALAÇÃO. AF_06/2021","Próprio","UND",{"v":1,"d":"1.00"},{"v":1623.08,"d":"R$ 1,623.08"},{"v":1945.26,"d":"R$ 1,945.26"},{"v":1945.26,"d":"R$ 1,945.26"},null,{"v":2052.77,"d":"2,052.77"},{"v":2460.24,"d":"2,460.24"},{"v":2460.24,"d":"2,460.24"},null,{"v":0.7906779619733335,"d":"79.06780%"},{"v":0.7906789581504244,"d":"79.06790%"},{"v":0.7906789581504244,"d":"79.06790%"}]
["13.2",null,"REDE DE DISTRIBUIÇÃO",{"$nulls":5},{"v":9965.16,"d":"R$ 9,965.16"},{"$nulls":3},{"v":12622.66,"d":"12,622.66"},{"$nulls":3},{"v":0.7894659287345139,"d":"78.94659%"}]
["13.2.1",94497,"REGISTRO DE GAVETA BRUTO, LATÃO, ROSCÁVEL, 1 1/2\" - FORNECIMENTO E\nINSTALAÇÃO. AF_08/2021","SINAPI","UN",{"v":4,"d":"4.00"},{"v":92.57,"d":"R$ 92.57"},{"v":110.94,"d":"R$ 110.94"},{"v":443.76,"d":"R$ 443.76"},null,117.19,140.45,{"v":561.8,"d":"561.80"},null,{"v":0.7899138151719429,"d":"78.99138%"},{"v":0.7898896404414383,"d":"78.98896%"},{"v":0.7898896404414383,"d":"78.98896%"}]
["13.2.2",104660,"CONJUNTO DE PONTOS HIDRÁULICOS DE ÁGUA FRIA PARA BANHEIRO (RAMAL/SUB-RAMAL E DISTRIBUIÇÃO) EM PVC, COM TUBOS, CONEXÕES, REGISTROS, CORTES E FIXAÇÕES EM PRÉDIO COM TUBULAÇÕES EMBUTIDAS COM RASGO. AF_05/2023","SINAPI","UN",{"v":6,"d":"6.00"},{"v":979.19,"d":"R$ 979.19"},{"v":1173.55,"d":"R$ 1,173.55"},{"v":7041.3,"d":"R$ 7,041.30"},null,{"v":1240.33,"d":"1,240.33"},{"v":1486.53,"d":"1,486.53"},{"v":8919.18,"d":"8,919.18"},null,{"v":0.7894592568106875,"d":"78.94593%"},{"v":0.7894559813794542,"d":"78.94560%"},{"v":0.7894559813794542,"d":"78.94560%"}]
["13.2.3",104661,"CONJUNTO DE PONTOS HIDRÁULICOS DE ÁGUA FRIA PARA COZINHA (RAMAL/SUB-RAMAL E DISTRIBUIÇÃO) EM PVC, COM TUBOS, CONEXÕES, REGISTROS, CORTES E FIXAÇÕES EM PRÉDIO COM TUBULAÇÕES EMBUTIDAS COM RASGO. AF_05/2023","SINAPI","UN",{"v":2,"d":"2.00"},{"v":428.98,"d":"R$ 428.98"},{"v":514.13,"d":"R$ 514.13"},{"v":1028.26,"d":"R$ 1,028.26"},null,{"v":543.4,"d":"543.40"},651.26,{"v":1302.52,"d":"1,302.52"},null,{"v":0.7894368789105631,"d":"78.94369%"},{"v":0.7894389337591745,"d":"78.94389%"},{"v":0.7894389337591745,"d":"78.94389%"}]
["13.2.4",104662,"CONJUNTO DE PONTOS HIDRÁULICOS DE ÁGUA FRIA PARA ÁREA DE SERVIÇO (RAMAL/SUB-RAMAL E DISTRIBUIÇÃO) EM PVC, COM TUBOS, CONEXÕES, REGISTROS, CORTES E FIXAÇÕES EM PRÉDIO COM TUBULAÇÕES EMBUTIDAS COM RASGO. AF_05/2023","SINAPI","UN",{"v":4,"d":"4.00"},{"v":302.85,"d":"R$ 302.85"},{"v":362.96,"d":"R$ 362.96"},{"v":1451.84,"d":"R$ 1,451.84"},null,383.64,459.79,{"v":1839.16,"d":"1,839.16"},null,{"v":0.7894119487019081,"d":"78.94119%"},{"v":0.7894038582831292,"d":"78.94039%"},{"v":0.7894038582831292,"d":"78.94039%"}]
["14",null,"INSTALAÇÕES SANITÁRIAS",{"$nulls":5},{"v":22479.66,"d":"R$ 22,479.66"},{"$nulls":3},{"v":28516.21,"d":"28,516.21"},{"$nulls":3},{"v":0.788311630472633,"d":"78.83116%"}]
["14.1",null,"TUBOS E CONEXÔES",{"$nulls":5},{"v":22479.66,"d":"R$ 22,479.66"},{"$nulls":3},{"v":28516.21,"d":"28,516.21"},{"$nulls":3},{"v":0.788311630472633,"d":"78.83116%"}]
["14.1.1",104676,"CONJUNTO DE PONTOS DE COLETA DE ESGOTO PARA BANHEIRO (RAMAL DE ESGOTO SANITÁRIO), EM PVC SÉRIE NORMAL, COM  TUBOS, CONEXÕES, RALOS, CAIXAS SIFONADAS, CORTES E FIXAÇÕES EM PRÉDIO COM PRUMADA DE DESCIDA DE ESGOTO DENTRO DO BANHEIRO. AF_05/2023_PA","SINAPI","UN",{"v":6,"d":"6.00"},{"v":287.57,"d":"R$ 287.57"},{"v":344.65,"d":"R$ 344.65"},{"v":2067.9,"d":"R$ 2,067.90"},null,364.22,436.51,{"v":2619.06,"d":"2,619.06"},null,{"v":0.7895502718137388,"d":"78.95503%"},{"v":0.7895580857254129,"d":"78.95581%"},{"v":0.789558085725413,"d":"78.95581%"}]
["14.1.2",104678,"CONJUNTO DE PONTOS DE COLETA DE ESGOTO PARA COZINHA (RAMAL DE ESGOTO SANITÁRIO), EM PVC SÉRIE NORMAL, COM  TUBOS, CONEXÕES, CORTES E FIXAÇÕES EM PRÉDIO. AF_05/2023_PA","SINAPI","UN",{"v":2,"d":"2.00"},{"v":108.33,"d":"R$ 108.33"},{"v":129.83,"d":"R$ 129.83"},{"v":259.66,"d":"R$ 259.66"},null,137.27,164.51,329.02,null,{"v":0.7891746193632986,"d":"78.91746%"},{"v":0.7891921463740807,"d":"78.91921%"},{"v":0.7891921463740807,"d":"78.91921%"}]
["14.1.3",104679,"CONJUNTO DE PONTOS DE COLETA DE ESGOTO PARA ÁREA DE SERVIÇO (RAMAL DE ESGOTO SANITÁRIO), EM PVC SÉRIE NORMAL, COM  TUBOS, CONEXÕES, RALOS, CAIXAS SIFONADAS, CORTES E FIXAÇÕES EM PRÉDIO. AF_05/2023_PA","SINAPI","UN",{"v":4,"d":"4.00"},{"v":116.67,"d":"R$ 116.67"},{"v":139.82,"d":"R$ 139.82"},{"v":559.28,"d":"R$ 559.28"},null,147.83,177.17,708.68,null,{"v":0.7892173442467699,"d":"78.92173%"},{"v":0.7891855280239318,"d":"78.91855%"},{"v":0.7891855280239318,"d":"78.91855%"}]
["14.1.4",98102,"CAIXA DE GORDURA SIMPLES, CIRCULAR, EM CONCRETO PRÉ-MOLDADO, DIÂMETRO INTERNO = 0,4 M, ALTURA INTERNA = 0,4 M. AF_12/2020","SINAPI","UN",{"v":8,"d":"8.00"},{"v":146.05,"d":"R$ 146.05"},{"v":175.04,"d":"R$ 175.04"},{"v":1400.32,"d":"R$ 1,400.32"},null,184.89,221.59,{"v":1772.72,"d":"1,772.72"},null,{"v":0.7899291470604144,"d":"78.99291%"},{"v":0.7899273432916647,"d":"78.99273%"},{"v":0.7899273432916647,"d":"78.99273%"}]
["14.1.5",98084,"TANQUE SÉPTICO RETANGULAR, EM ALVENARIA COM BLOCOS DE CONCRETO, DIMENSÕES INTERNAS: 1,4 X 3,2 X H=1,8 M, VOLUME ÚTIL: 6272 L (PARA 32 CONTRIBUINTES). AF_12/2020","SINAPI","UN",{"v":1,"d":"1.00"},{"v":4835.49,"d":"R$ 4,835.49"},{"v":5795.33,"d":"R$ 5,795.33"},{"v":5795.33,"d":"R$ 5,795.33"},null,{"v":6127.4,"d":"6,127.40"},{"v":7343.68,"d":"7,343.68"},{"v":7343.68,"d":"7,343.68"},null,{"v":0.7891585337990012,"d":"78.91585%"},{"v":0.7891588413438494,"d":"78.91588%"},{"v":0.7891588413438494,"d":"78.91588%"}]
["14.1.6",98081,"SUMIDOURO RETANGULAR, EM ALVENARIA COM TIJOLOS CERÂMICOS MACIÇOS, DIMENSÕES INTERNAS: 1,6 X 5,8 X H=3,0 M, ÁREA DE INFILTRAÇÃO: 50 M² (PARA 20 CONTRIBUINTES). AF_12/2020","SINAPI","UN",{"v":1,"d":"1.00"},{"v":10343.91,"d":"R$ 10,343.91"},{"v":12397.17,"d":"R$ 12,397.17"},{"v":12397.17,"d":"R$ 12,397.17"},null,{"v":13135.63,"d":"13,135.63"},{"v":15743.05,"d":"15,743.05"},{"v":15743.05,"d":"15,743.05"},null,{"v":0.7874696531494874,"d":"78.74697%"},{"v":0.7874693912551889,"d":"78.74694%"},{"v":0.7874693912551889,"d":"78.74694%"}]
["15",null,"LOUÇAS E METAIS",{"$nulls":5},{"v":21719.87,"d":"R$ 21,719.87"},{"$nulls":3},{"v":27496.75,"d":"27,496.75"},{"$nulls":3},{"v":0.7899068071681198,"d":"78.99068%"}]
["15.1",95472,"VASO SANITARIO SIFONADO CONVENCIONAL PARA PCD SEM FURO FRONTAL COM LOUÇA BRANCA SEM ASSENTO, INCLUSO CONJUNTO DE LIGAÇÃO PARA BACIA SANITÁRIA AJUSTÁVEL - FORNECIMENTO E INSTALAÇÃO. AF_01/2020","SINAPI","UN",{"v":2,"d":"2.00"},{"v":609.78,"d":"R$ 609.78"},{"v":730.82,"d":"R$ 730.82"},{"v":1461.64,"d":"R$ 1,461.64"},null,772.02,925.26,{"v":1850.52,"d":"1,850.52"},null,{"v":0.7898500038859096,"d":"78.98500%"},{"v":0.789853662754253,"d":"78.98537%"},{"v":0.789853662754253,"d":"78.98537%"}]
["15.2",95470,"VASO SANITARIO SIFONADO CONVENCIONAL COM LOUÇA BRANCA, INCLUSO CONJUNTO DE LIGAÇÃO PARA BACIA SANITÁRIA AJUSTÁVEL - FORNECIMENTO E INSTALAÇÃO. AF_01/2020","SINAPI","UN",{"v":8,"d":"8.00"},{"v":242.58,"d":"R$ 242.58"},{"v":290.73,"d":"R$ 290.73"},{"v":2325.84,"d":"R$ 2,325.84"},null,{"v":307.2,"d":"307.20"},368.17,{"v":2945.36,"d":"2,945.36"},null,{"v":0.7896484375,"d":"78.96484%"},{"v":0.7896623842246788,"d":"78.96624%"},{"v":0.7896623842246788,"d":"78.96624%"}]
["15.3",100858,"MICTÓRIO SIFONADO LOUÇA BRANCA - PADRÃO MÉDIO - FORNECIMENTO E\nINSTALAÇÃO. AF_01/2020","SINAPI","UN",{"v":2,"d":"2.00"},{"v":587.02,"d":"R$ 587.02"},{"v":703.54,"d":"R$ 703.54"},{"v":1407.08,"d":"R$ 1,407.08"},null,743.24,890.77,{"v":1781.54,"d":"1,781.54"},null,{"v":0.789812173725849,"d":"78.98122%"},{"v":0.7898110623393244,"d":"78.98111%"},{"v":0.7898110623393244,"d":"78.98111%"}]
["15.4",103018,"VÁLVULA DE DESCARGA METÁLICA, BASE 1 1/4\", ACABAMENTO METALICO CROMADO - FORNECIMENTO E INSTALAÇÃO. AF_08/2021","SINAPI","UN",{"v":8,"d":"8.00"},{"v":253.94,"d":"R$ 253.94"},{"v":304.34,"d":"R$ 304.34"},{"v":2434.72,"d":"R$ 2,434.72"},null,321.46,385.26,{"v":3082.08,"d":"3,082.08"},null,{"v":0.7899583151869596,"d":"78.99583%"},{"v":0.7899600269947568,"d":"78.99600%"},{"v":0.7899600269947568,"d":"78.99600%"}]
["15.5",86941,"LAVATÓRIO LOUÇA BRANCA COM COLUNA, 45 X 55CM OU EQUIVALENTE, PADRÃO MÉDIO, INCLUSO SIFÃO TIPO GARRAFA, VÁLVULA E ENGATE FLEXÍVEL DE 40CM EM METAL CROMADO, COM TORNEIRA CROMADA DE MESA, PADRÃO MÉDIO - FORNECIMENTO E INSTALAÇÃO. AF_01/2020","SINAPI","UN",{"v":10,"d":"10.00"},{"v":627.01,"d":"R$ 627.01"},{"v":751.47,"d":"R$ 751.47"},{"v":7514.7,"d":"R$ 7,514.70"},null,793.73,951.28,{"v":9512.8,"d":"9,512.80"},null,{"v":0.789953762614491,"d":"78.99538%"},{"v":0.7899566899335633,"d":"78.99567%"},{"v":0.7899566899335633,"d":"78.99567%"}]
["15.6",86936,"CUBA DE EMBUTIR DE AÇO INOXIDÁVEL MÉDIA, INCLUSO VÁLVULA TIPO AMERICANA E SIFÃO TIPO GARRAFA EM METAL CROMADO - FORNECIMENTO E INSTALAÇÃO. AF_01/2020","SINAPI","UN",{"v":7,"d":"7.00"},{"v":383.89,"d":"R$ 383.89"},{"v":460.09,"d":"R$ 460.09"},{"v":3220.63,"d":"R$ 3,220.63"},null,485.94,582.39,{"v":4076.73,"d":"4,076.73"},null,{"v":0.7899946495452114,"d":"78.99946%"},{"v":0.7900032624186542,"d":"79.00033%"},{"v":0.7900032624186542,"d":"79.00033%"}]
["15.7",3696,"Torneira cromada para pia de cozinha, de mesa, com articulador, 1/2\", ref.\n1167, da Deca ou similar","ORSE","un",{"v":10,"d":"10.00"},{"v":109.57,"d":"R$ 109.57"},{"v":131.31,"d":"R$ 131.31"},{"v":1313.1,"d":"R$ 1,313.10"},null,138.71,166.24,{"v":1662.4,"d":"1,662.40"},null,{"v":0.7899214187873981,"d":"78.99214%"},{"v":0.7898820981713185,"d":"78.98821%"},{"v":0.7898820981713185,"d":"78.98821%"}]
["15.8",3695,"Torneira cromada para pia de cozinha, ESTEVES, de parede, com articulador,\nlinha Mônaco VTP038 (1168), 1/2\" ou similar","ORSE","un",{"v":7,"d":"7.00"},{"v":109.28,"d":"R$ 109.28"},{"v":130.97,"d":"R$ 130.97"},{"v":916.79,"d":"R$ 916.79"},null,138.34,{"v":165.8,"d":"165.80"},{"v":1160.6,"d":"1,160.60"},null,{"v":0.7899378343212375,"d":"78.99378%"},{"v":0.7899276236429432,"d":"78.99276%"},{"v":0.7899276236429433,"d":"78.99276%"}]
["15.9",95544,"PAPELEIRA DE PAREDE EM METAL CROMADO SEM TAMPA, INCLUSO FIXAÇÃO.\nAF_01/2020","SINAPI","UN",{"v":10,"d":"10.00"},{"v":27.68,"d":"R$ 27.68"},{"v":33.17,"d":"R$ 33.17"},{"v":331.7,"d":"R$ 331.70"},null,35.04,41.99,{"v":419.9,"d":"419.90"},null,{"v":0.7899543378995434,"d":"78.99543%"},{"v":0.7899499880924029,"d":"78.99500%"},{"v":0.789949988092403,"d":"78.99500%"}]
["15.10",100873,"BARRA DE APOIO RETA, EM ALUMINIO, COMPRIMENTO 90 CM,  FIXADA NA\nPAREDE - FORNECIMENTO E INSTALAÇÃO. AF_01/2020","SINAPI","UN",{"v":2,"d":"2.00"},{"v":269.18,"d":"R$ 269.18"},{"v":322.61,"d":"R$ 322.61"},{"v":645.22,"d":"R$ 645.22"},null,340.77,408.41,816.82,null,{"v":0.7899169527834023,"d":"78.99170%"},{"v":0.7899169951764159,"d":"78.99170%"},{"v":0.7899169951764159,"d":"78.99170%"}]
["15.11",2050,"Chuveiro plástico sem registro","ORSE","un",{"v":5,"d":"5.00"},{"v":24.78,"d":"R$ 24.78"},{"v":29.69,"d":"R$ 29.69"},{"v":148.45,"d":"R$ 148.45"},null,31.38,{"v":37.6,"d":"37.60"},{"v":188,"d":"188.00"},null,{"v":0.7896749521988529,"d":"78.96750%"},{"v":0.7896276595744681,"d":"78.96277%"},{"v":0.789627659574468,"d":"78.96277%"}]
["16",null,"DIVISÓRIAS E BANCADAS",{"$nulls":5},{"v":30160.02,"d":"R$ 30,160.02"},{"$nulls":3},{"v":38178.29,"d":"38,178.29"},{"$nulls":3},{"v":0.7899782834694796,"d":"78.99783%"}]
["16.1",11150,"Bancada em granito verde ubatuba, e = 2cm","ORSE","m²",11.38,{"v":647.02,"d":"R$ 647.02"},{"v":775.45,"d":"R$ 775.45"},{"v":8824.62,"d":"R$ 8,824.62"},null,819.02,981.59,{"v":11170.49,"d":"11,170.49"},null,{"v":0.7899929183658518,"d":"78.99929%"},{"v":0.7899937855927628,"d":"78.99938%"},{"v":0.7899939931014666,"d":"78.99940%"}]
["16.2",11365,"Divisória em granito verde ubatuba, polido dos dois lados, acabamento boleado, e= 2cm, assentado com argamassa traco 1:4, arremate em cimento branco, exclusive ferragens","ORSE","m²",{"v":30,"d":"30.00"},{"v":593.4,"d":"R$ 593.40"},{"v":711.18,"d":"R$ 711.18"},{"v":21335.4,"d":"R$ 21,335.40"},null,751.16,900.26,{"v":27007.8,"d":"27,007.80"},null,{"v":0.7899781671015496,"d":"78.99782%"},{"v":0.7899717859285095,"d":"78.99718%"},{"v":0.7899717859285096,"d":"78.99718%"}]

{"sheet":"CPU","index":1,"n_rows":1258,"n_cols":10,"rows_kept":1258,"merged":[[0,2,0,3],[0,4,0,5],[0,6,0,7],[0,8,0,9],[1,2,1,3],[1,4,1,5],[1,6,1,7],[1,8,1,9],[2,0,2,9],[3,5,3,6],[4,4,4,5],[5,4,5,5],[6,4,6,5],[7,4,7,5],[8,4,8,5],[9,4,9,5],[10,4,10,5],[11,4,11,5],[12,4,12,5],[14,7,14,8],[17,4,17,5],[18,4,18,5],[19,4,19,5],[20,4,20,5],[21,4,21,5],[22,4,22,5],[23,4,23,5],[24,4,24,5],[25,4,25,5],[26,4,26,5],[27,4,27,5],[28,4,28,5],[29,4,29,5],[30,4,30,5],[31,4,31,5],[32,4,32,5],[33,4,33,5],[34,4,34,5],[35,4,35,5],[36,4,36,5],[37,4,37,5],[38,4,38,5],[39,4,39,5],[40,4,40,5],[41,4,41,5],[42,4,42,5],[44,7,44,8],[47,4,47,5],[48,4,48,5],[49,4,49,5],[50,4,50,5],[51,4,51,5],[52,4,52,5],[53,4,53,5],[54,4,54,5],[55,4,55,5],[56,4,56,5],[57,4,57,5],[58,4,58,5],[60,7,60,8],[63,5,63,6],[64,4,64,5],[65,4,65,5],[66,4,66,5],[68,7,68,8],[71,4,71,5],[72,4,72,5],[73,4,73,5],[75,7,75,8],[78,4,78,5],[79,4,79,5],[80,4,80,5],[81,4,81,5],[82,4,82,5],[83,4,83,5],[85,7,85,8],[88,5,88,6],[89,5,89,6],[90,4,90,5],[91,4,91,5],[92,4,92,5],[93,4,93,5],[94,4,94,5],[96,7,96,8],[99,4,99,5],[100,4,100,5],[101,4,101,5],[102,4,102,5],[103,4,103,5],[104,4,104,5],[105,4,105,5],[106,4,106,5],[107,4,107,5],[108,4,108,5],[109,4,109,5],[110,4,110,5],[111,4,111,5],[112,4,112,5],[113,4,113,5],[114,4,114,5],[115,4,115,5],[116,4,116,5],[117,4,117,5],[118,4,118,5],[119,4,119,5],[120,4,120,5],[121,4,121,5],[122,4,122,5],[123,4,123,5],[124,4,124,5],[126,7,126,8],[129,5,129,6],[130,4,130,5],[131,4,131,5],[132,4,132,5],[133,4,133,5],[134,4,134,5],[135,4,135,5],[136,4,136,5],[137,4,137,5],[138,4,138,5],[139,4,139,5],[140,4,140,5],[141,4,141,5],[142,4,142,5],[143,4,143,5],[144,4,144,5],[145,4,145,5],[146,4,146,5],[147,4,147,5],[148,4,148,5],[149,4,149,5],[150,4,150,5],[151,4,151,5],[152,4,152,5],[153,4,153,5],[154,4,154,5],[155,4,155,5],[157,7,157,8],[160,5,160,6],[161,4,161,5],[162,4,162,5],[163,4,163,5],[164,4,164,5],[165,4,165,5],[166,4,166,5],[168,7,168,8],[171,5,171,6],[172,5,172,6],[173,4,173,5],[174,4,174,5],[175,4,175,5],[176,4,176,5],[177,4,177,5],[178,4,178,5],[179,4,179,5],[180,4,180,5],[181,4,181,5],[182,4,182,5],[183,4,183,5],[184,4,184,5],[185,4,185,5],[186,4,186,5],[187,4,187,5],[188,4,188,5],[189,4,189,5],[190,4,190,5],[191,4,191,5],[192,4,192,5],[193,4,193,5],[194,4,194,5],[195,4,195,5],[196,4,196,5],[197,4,197,5],[198,4,198,5],[200,7,200,8],[203,5,203,6],[204,4,204,5],[205,4,205,5],[206,4,206,5],[207,4,207,5],[208,4,208,5],[209,4,209,5],[210,4,210,5],[211,4,211,5],[212,4,212,5],[213,4,213,5],[214,4,214,5],[215,4,215,5],[216,4,216,5],[217,4,217,5],[218,4,218,5],[219,4,219,5],[220,4,220,5],[221,4,221,5],[222,4,222,5],[223,4,223,5],[224,4,224,5],[225,4,225,5],[226,4,226,5],[227,4,227,5],[228,4,228,5],[229,4,229,5],[231,7,231,8],[234,5,234,6],[235,4,235,5],[236,4,236,5],[237,4,237,5],[238,4,238,5],[239,4,239,5],[240,4,240,5],[241,4,241,5],[242,4,242,5],[243,4,243,5],[244,4,244,5],[246,7,246,8],[249,4,249,5],[250,4,250,5],[251,4,251,5],[252,4,252,5],[253,4,253,5],[254,4,254,5],[255,4,255,5],[256,4,256,5],[257,4,257,5],[258,4,258,5],[260,7,260,8],[263,4,263,5],[264,4,264,5],[265,4,265,5],[266,4,266,5],[267,4,267,5],[268,4,268,5],[269,4,269,5],[270,4,270,5],[271,4,271,5],[272,4,272,5],[274,7,274,8],[277,5,277,6],[278,4,278,5],[279,4,279,5],[280,4,280,5],[281,4,281,5],[282,4,282,5],[283,4,283,5],[284,4,284,5],[285,4,285,5],[286,4,286,5],[287,4,287,5],[289,7,289,8],[292,5,292,6],[293,5,293,6],[294,4,294,5],[295,4,295,5],[296,4,296,5],[297,4,297,5],[298,4,298,5],[299,4,299,5],[300,4,300,5],[302,7,302,8],[305,5,305,6],[306,4,306,5],[307,4,307,5],[308,4,308,5],[309,4,309,5],[310,4,310,5],[311,4,311,5],[312,4,312,5],[313,4,313,5],[315,7,315,8],[318,5,318,6],[319,5,319,6],[320,4,320,5],[321,4,321,5],[322,4,322,5],[323,4,323,5],[324,4,324,5],[325,4,325,5],[327,7,327,8],[330,4,330,5],[331,4,331,5],[332,4,332,5],[333,4,333,5],[334,4,334,5],[335,4,335,5],[337,7,337,8],[340,4,340,5],[341,4,341,5],[342,4,342,5],[343,4,343,5],[344,4,344,5],[345,4,345,5],[347,7,347,8],[350,5,350,6],[351,4,351,5],[352,4,352,5],[353,4,353,5],[354,4,354,5],[355,4,355,5],[357,7,357,8],[360,4,360,5],[361,4,361,5],[362,4,362,5],[363,4,363,5],[364,4,364,5],[366,7,366,8],[369,4,369,5],[370,4,370,5],[371,4,371,5],[372,4,372,5],[373,4,373,5],[374,4,374,5],[376,7,376,8],[379,5,379,6],[380,4,380,5],[381,4,381,5],[382,4,382,5],[383,4,383,5],[384,4,384,5],[385,4,385,5],[386,4,386,5],[387,4,387,5],[388,4,388,5],[390,7,390,8],[393,4,393,5],[394,4,394,5],[395,4,395,5],[396,4,396,5],[397,4,397,5],[398,4,398,5],[399,4,399,5],[400,4,400,5],[401,4,401,5],[402,4,402,5],[403,4,403,5],[404,4,404,5],[405,4,405,5],[406,4,406,5],[407,4,407,5],[408,4,408,5],[409,4,409,5],[410,4,410,5],[411,4,411,5],[413,7,413,8],[416,4,416,5],[417,4,417,5],[418,4,418,5],[419,4,419,5],[420,4,420,5],[421,4,421,5],[422,4,422,5],[423,4,423,5],[425,7,425,8],[428,4,428,5],[429,4,429,5],[430,4,430,5],[431,4,431,5],[432,4,432,5],[433,4,433,5],[434,4,434,5],[436,7,436,8],[439,5,439,6],[440,4,440,5],[441,4,441,5],[442,4,442,5],[443,4,443,5],[444,4,444,5],[445,4,445,5],[446,4,446,5],[447,4,447,5],[449,7,449,8],[452,4,452,5],[453,4,453,5],[454,4,454,5],[455,4,455,5],[456,4,456,5],[457,4,457,5],[458,4,458,5],[459,4,459,5],[460,4,460,5],[462,7,462,8],[465,4,465,5],[466,4,466,5],[467,4,467,5],[468,4,468,5],[469,4,469,5],[470,4,470,5],[471,4,471,5],[472,4,472,5],[474,7,474,8],[477,4,477,5],[478,4,478,5],[479,4,479,5],[480,4,480,5],[481,4,481,5],[482,4,482,5],[483,4,483,5],[484,4,484,5],[485,4,485,5],[486,4,486,5],[487,4,487,5],[489,7,489,8],[492,5,492,6],[493,4,493,5],[494,4,494,5],[495,4,495,5],[496,4,496,5],[497,4,497,5],[498,4,498,5],[499,4,499,5],[501,7,501,8],[504,4,504,5],[505,4,505,5],[506,4,506,5],[507,4,507,5],[508,4,508,5],[510,7,510,8],[513,5,513,6],[514,4,514,5],[515,4,515,5],[516,4,516,5],[517,4,517,5],[518,4,518,5],[520,7,520,8],[523,4,523,5],[524,4,524,5],[525,4,525,5],[526,4,526,5],[527,4,527,5],[529,7,529,8],[532,4,532,5],[533,4,533,5],[534,4,534,5],[535,4,535,5],[536,4,536,5],[538,7,538,8],[541,4,541,5],[542,4,542,5],[543,4,543,5],[544,4,544,5],[545,4,545,5],[547,7,547,8],[550,4,550,5],[551,4,551,5],[552,4,552,5],[553,4,553,5],[554,4,554,5],[555,4,555,5],[557,7,557,8],[560,4,560,5],[561,4,561,5],[562,4,562,5],[563,4,563,5],[564,4,564,5],[565,4,565,5],[566,4,566,5],[568,7,568,8],[571,4,571,5],[572,4,572,5],[573,4,573,5],[574,4,574,5],[575,4,575,5],[576,4,576,5],[577,4,577,5],[578,4,578,5],[579,4,579,5],[581,7,581,8],[584,5,584,6],[585,4,585,5],[586,4,586,5],[587,4,587,5],[588,4,588,5],[589,4,589,5],[590,4,590,5],[592,7,592,8],[595,4,595,5],[596,4,596,5],[597,4,597,5],[598,4,598,5],[599,4,599,5],[600,4,600,5],[601,4,601,5],[602,4,602,5],[603,4,603,5],[604,4,604,5],[605,4,605,5],[606,4,606,5],[607,4,607,5],[609,7,609,8],[612,4,612,5],[613,4,613,5],[614,4,614,5],[615,4,615,5],[616,4,616,5],[618,7,618,8],[621,4,621,5],[622,4,622,5],[623,4,623,5],[624,4,624,5],[625,4,625,5],[626,4,626,5],[627,4,627,5],[628,4,628,5],[629,4,629,5],[630,4,630,5],[631,4,631,5],[633,7,633,8],[636,4,636,5],[637,4,637,5],[638,4,638,5],[639,4,639,5],[640,4,640,5],[641,4,641,5],[642,4,642,5],[644,7,644,8],[647,4,647,5],[648,4,648,5],[649,4,649,5],[650,4,650,5],[651,4,651,5],[653,7,653,8],[656,5,656,6],[657,4,657,5],[658,4,658,5],[659,4,659,5],[660,4,660,5],[661,4,661,5],[662,4,662,5],[664,7,664,8],[667,4,667,5],[668,4,668,5],[669,4,669,5],[670,4,670,5],[671,4,671,5],[673,7,673,8],[676,4,676,5],[677,4,677,5],[678,4,678,5],[679,4,679,5],[680,4,680,5],[682,7,682,8],[685,4,685,5],[686,4,686,5],[687,4,687,5],[688,4,688,5],[689,4,689,5],[691,7,691,8],[694,5,694,6],[695,4,695,5],[696,4,696,5],[697,4,697,5],[698,4,698,5],[699,4,699,5],[700,4,700,5],[701,4,701,5],[702,4,702,5],[703,4,703,5],[704,4,704,5],[705,4,705,5],[706,4,706,5],[707,4,707,5],[708,4,708,5],[709,4,709,5],[710,4,710,5],[711,4,711,5],[712,4,712,5],[713,4,713,5],[714,4,714,5],[715,4,715,5],[716,4,716,5],[717,4,717,5],[718,4,718,5],[720,7,720,8],[723,4,723,5],[724,4,724,5],[725,4,725,5],[726,4,726,5],[727,4,727,5],[728,4,728,5],[730,7,730,8],[733,4,733,5],[734,4,734,5],[735,4,735,5],[736,4,736,5],[737,4,737,5],[738,4,738,5],[740,7,740,8],[743,4,743,5],[744,4,744,5],[745,4,745,5],[746,4,746,5],[747,4,747,5],[748,4,748,5],[749,4,749,5],[750,4,750,5],[751,4,751,5],[752,4,752,5],[754,7,754,8],[757,4,757,5],[758,4,758,5],[759,4,759,5],[760,4,760,5],[761,4,761,5],[762,4,762,5],[763,4,763,5],[764,4,764,5],[765,4,765,5],[766,4,766,5],[768,7,768,8],[771,4,771,5],[772,4,772,5],[773,4,773,5],[774,4,774,5],[775,4,775,5],[776,4,776,5],[777,4,777,5],[778,4,778,5],[779,4,779,5],[780,4,780,5],[781,4,781,5],[782,4,782,5],[784,7,784,8],[787,4,787,5],[788,4,788,5],[789,4,789,5],[790,4,790,5],[792,7,792,8],[795,4,795,5],[796,4,796,5],[797,4,797,5],[798,4,798,5],[799,4,799,5],[801,7,801,8],[804,4,804,5],[805,4,805,5],[806,4,806,5],[807,4,807,5],[808,4,808,5],[809,4,809,5],[811,7,811,8],[814,4,814,5],[815,4,815,5],[816,4,816,5],[817,4,817,5],[818,4,818,5],[820,7,820,8],[823,4,823,5],[824,4,824,5],[825,4,825,5],[826,4,826,5],[827,4,827,5],[829,7,829,8],[832,4,832,5],[833,4,833,5],[834,4,834,5],[835,4,835,5],[836,4,836,5],[838,7,838,8],[841,4,841,5],[842,4,842,5],[843,4,843,5],[844,4,844,5],[845,4,845,5],[846,4,846,5],[847,4,847,5],[848,4,848,5],[850,7,850,8],[853,4,853,5],[854,4,854,5],[855,4,855,5],[856,4,856,5],[857,4,857,5],[858,4,858,5],[860,7,860,8],[863,4,863,5],[864,4,864,5],[865,4,865,5],[866,4,866,5],[867,4,867,5],[869,7,869,8],[872,5,872,6],[873,5,873,6],[874,4,874,5],[875,4,875,5],[876,4,876,5],[877,4,877,5],[878,4,878,5],[879,4,879,5],[881,7,881,8],[884,4,884,5],[885,4,885,5],[886,4,886,5],[887,4,887,5],[888,4,888,5],[889,4,889,5],[891,7,891,8],[894,4,894,5],[895,4,895,5],[896,4,896,5],[897,4,897,5],[898,4,898,5],[899,4,899,5],[900,4,900,5],[901,4,901,5],[903,7,903,8],[906,4,906,5],[907,4,907,5],[908,4,908,5],[909,4,909,5],[910,4,910,5],[911,4,911,5],[912,4,912,5],[914,7,914,8],[917,4,917,5],[918,4,918,5],[919,4,919,5],[920,4,920,5],[921,4,921,5],[923,7,923,8],[926,5,926,6],[927,4,927,5],[928,4,928,5],[929,4,929,5],[930,4,930,5],[931,4,931,5],[932,4,932,5],[934,7,934,8],[937,4,937,5],[938,4,938,5],[939,4,939,5],[940,4,940,5],[941,4,941,5],[942,4,942,5],[943,4,943,5],[944,4,944,5],[945,4,945,5],[946,4,946,5],[947,4,947,5],[948,4,948,5],[949,4,949,5],[950,4,950,5],[951,4,951,5],[952,4,952,5],[953,4,953,5],[954,4,954,5],[955,4,955,5],[956,4,956,5],[957,4,957,5],[958,4,958,5],[959,4,959,5],[960,4,960,5],[961,4,961,5],[963,7,963,8],[966,4,966,5],[967,4,967,5],[968,4,968,5],[969,4,969,5],[970,4,970,5],[971,4,971,5],[972,4,972,5],[973,4,973,5],[974,4,974,5],[975,4,975,5],[976,4,976,5],[977,4,977,5],[978,4,978,5],[979,4,979,5],[980,4,980,5],[981,4,981,5],[982,4,982,5],[983,4,983,5],[984,4,984,5],[986,7,986,8],[989,4,989,5],[990,4,990,5],[991,4,991,5],[992,4,992,5],[993,4,993,5],[994,4,994,5],[995,4,995,5],[996,4,996,5],[997,4,997,5],[998,4,998,5],[999,4,999,5],[1000,4,1000,5],[1001,4,1001,5],[1002,4,1002,5],[1003,4,1003,5],[1004,4,1004,5],[1006,7,1006,8],[1009,5,1009,6],[1010,5,1010,6],[1011,4,1011,5],[1012,4,1012,5],[1013,4,1013,5],[1014,4,1014,5],[1015,4,1015,5],[1016,4,1016,5],[1017,4,1017,5],[1018,4,1018,5],[1019,4,1019,5],[1020,4,1020,5],[1021,4,1021,5],[1022,4,1022,5],[1023,4,1023,5],[1024,4,1024,5],[1025,4,1025,5],[1026,4,1026,5],[1027,4,1027,5],[1028,4,1028,5],[1030,7,1030,8],[1033,4,1033,5],[1034,4,1034,5],[1035,4,1035,5],[1036,4,1036,5],[1037,4,1037,5],[1038,4,1038,5],[1039,4,1039,5],[1041,7,1041,8],[1044,4,1044,5],[1045,4,1045,5],[1046,4,1046,5],[1047,4,1047,5],[1048,4,1048,5],[1049,4,1049,5],[1050,4,1050,5],[1051,4,1051,5],[1052,4,1052,5],[1053,4,1053,5],[1055,7,1055,8],[1058,4,1058,5],[1059,4,1059,5],[1060,4,1060,5],[1061,4,1061,5],[1062,4,1062,5],[1063,4,1063,5],[1064,4,1064,5],[1065,4,1065,5],[1067,7,1067,8],[1070,4,1070,5],[1071,4,1071,5],[1072,4,1072,5],[1073,4,1073,5],[1074,4,1074,5],[1075,4,1075,5],[1076,4,1076,5],[1077,4,1077,5],[1078,4,1078,5],[1079,4,1079,5],[1080,4,1080,5],[1081,4,1081,5],[1082,4,1082,5],[1083,4,1083,5],[1084,4,1084,5],[1085,4,1085,5],[1086,4,1086,5],[1087,4,1087,5],[1088,4,1088,5],[1089,4,1089,5],[1090,4,1090,5],[1091,4,1091,5],[1092,4,1092,5],[1094,7,1094,8],[1097,4,1097,5],[1098,4,1098,5],[1099,4,1099,5],[1100,4,1100,5],[1101,4,1101,5],[1102,4,1102,5],[1103,4,1103,5],[1104,4,1104,5],[1105,4,1105,5],[1106,4,1106,5],[1107,4,1107,5],[1108,4,1108,5],[1109,4,1109,5],[1110,4,1110,5],[1112,7,1112,8],[1115,5,1115,6],[1116,4,1116,5],[1117,4,1117,5],[1118,4,1118,5],[1119,4,1119,5],[1121,7,1121,8],[1124,4,1124,5],[1125,4,1125,5],[1126,4,1126,5],[1127,4,1127,5],[1129,7,1129,8],[1132,4,1132,5],[1133,4,1133,5],[1134,4,1134,5],[1135,4,1135,5],[1136,4,1136,5],[1137,4,1137,5],[1138,4,1138,5],[1139,4,1139,5],[1140,4,1140,5],[1142,7,1142,8],[1145,4,1145,5],[1146,4,1146,5],[1147,4,1147,5],[1148,4,1148,5],[1149,4,1149,5],[1150,4,1150,5],[1152,7,1152,8],[1155,4,1155,5],[1156,4,1156,5],[1157,4,1157,5],[1158,4,1158,5],[1159,4,1159,5],[1160,4,1160,5],[1161,4,1161,5],[1163,7,1163,8],[1166,4,1166,5],[1167,4,1167,5],[1168,4,1168,5],[1169,4,1169,5],[1170,4,1170,5],[1172,7,1172,8],[1175,4,1175,5],[1176,4,1176,5],[1177,4,1177,5],[1178,4,1178,5],[1179,4,1179,5],[1180,4,1180,5],[1181,4,1181,5],[1182,4,1182,5],[1184,7,1184,8],[1187,4,1187,5],[1188,4,1188,5],[1189,4,1189,5],[1190,4,1190,5],[1191,4,1191,5],[1192,4,1192,5],[1193,4,1193,5],[1194,4,1194,5],[1196,7,1196,8],[1199,4,1199,5],[1200,4,1200,5],[1201,4,1201,5],[1202,4,1202,5],[1203,4,1203,5],[1205,7,1205,8],[1208,4,1208,5],[1209,4,1209,5],[1210,4,1210,5],[1211,4,1211,5],[1212,4,1212,5],[1213,4,1213,5],[1215,7,1215,8],[1218,4,1218,5],[1219,4,1219,5],[1220,4,1220,5],[1221,4,1221,5],[1222,4,1222,5],[1223,4,1223,5],[1225,7,1225,8],[1228,5,1228,6],[1229,4,1229,5],[1230,4,1230,5],[1231,4,1231,5],[1232,4,1232,5],[1233,4,1233,5],[1234,4,1234,5],[1235,4,1235,5],[1236,4,1236,5],[1238,7,1238,8],[1241,4,1241,5],[1242,4,1242,5],[1243,4,1243,5],[1244,4,1244,5],[1245,4,1245,5],[1246,4,1246,5],[1247,4,1247,5],[1248,4,1248,5],[1249,4,1249,5],[1251,7,1251,8],[1255,0,1255,2],[1255,5,1255,6],[1255,7,1255,9],[1256,0,1256,2],[1256,5,1256,6],[1256,7,1256,9],[1257,0,1257,2],[1257,5,1257,6],[1257,7,1257,9]]}
[null,null,"Obra",null,"Bancos",null,"B.D.I.",null,"Encargos Sociais"]
[null,null,"CONSTRUÇÃO DE ESCOLA 8 SALAS",null,{"$f":"[51]ORÇ!E14","v":"SINAPI - 05/2024; SBC - 06/2024; ORSE - 04/2024; IOPES - 03/2024; AGESUL - 01/2024; AGETOP CIVIL - 02/2024; CAEMA - 12/2023"},null,"19,85%",null,"Não Desonerado: embutido nos preços unitário dos insumos de mão de obra, de acordo com as bases."]
["Planilha Orçamentária Analítica"]
[" 1 ",null,null,"SERVIÇOS PRELIMINARES",{"$nulls":5},{"v":31770.63,"d":"31,770.63"}]
[" 1.1 ","Código","Banco","Descrição","Tipo",null,"Und","Quant.","Valor Unit","Total"]
["Composição"," 103689 ","SINAPI","FORNECIMENTO E INSTALAÇÃO DE PLACA DE OBRA COM CHAPA GALVANIZADA E ESTRUTURA DE MADEIRA. AF_03/2022_PS","PAVI - PAVIMENTAÇÃO",null,"m²",{"v":1,"d":"1.0000000"},249.65,249.65]
["Composição Auxiliar"," 102234 ","SINAPI","PINTURA IMUNIZANTE PARA MADEIRA, 2 DEMÃOS. AF_01/2021","PINT - PINTURAS",null,"m²",{"v":0.5,"d":"0.5000000"},18.59,9.29]
["Composição Auxiliar"," 88262 ","SINAPI","CARPINTEIRO DE FORMAS COM ENCARGOS COMPLEMENTARES","SEDI - SERVIÇOS DIVERSOS",null,"H",{"v":0.3729,"d":"0.3729000"},19.05,{"v":7.1,"d":"7.10"}]
["Composição Auxiliar"," 88316 ","SINAPI","SERVENTE COM ENCARGOS COMPLEMENTARES","SEDI - SERVIÇOS DIVERSOS",null,"H",{"v":1.1186,"d":"1.1186000"},15.22,17.02]
["Insumo"," 00004509 ","SINAPI","SARRAFO *2,5 X 10* CM EM PINUS, MISTA OU EQUIVALENTE DA REGIAO - BRUTA","Material",null,"M",{"v":3.2083,"d":"3.2083000"},5.67,18.19]
["Insumo"," 00004813 ","SINAPI","PLACA DE OBRA (PARA CONSTRUCAO CIVIL) EM CHAPA GALVANIZADA *N. 22*, ADESIVADA, DE *2,4 X 1,2* M (SEM POSTES PARA FIXACAO)","Material",null,"m²",{"v":1,"d":"1.0000000"},{"v":197.5,"d":"197.50"},{"v":197.5,"d":"197.50"}]
["Insumo"," 00005065 ","SINAPI","PREGO DE ACO POLIDO COM CABECA 10 X 10 (7/8 X 17)","Material",null,"KG",{"v":0.0113,"d":"0.0113000"},30.57,0.34]
["Insumo"," 00005069 ","SINAPI","PREGO DE ACO POLIDO COM CABECA 17 X 27 (2 1/2 X 11)","Material",null,"KG",{"v":0.0132,"d":"0.0132000"},16.38,0.21]
[{"$nulls":4},"MO sem LS =>",21.61,"LS =>",{"v":0,"d":"0.00"},"MO com LS =>",21.61]
[{"$nulls":4},"Valor do BDI =>",49.55,null,"Valor com BDI =>",null,{"v":299.2,"d":"299.20"}]
[{"$nulls":6},"Quant. =>",{"v":8,"d":"8.0000000"},"Preço Total =>",{"v":2393.6,"d":"2,393.60"}]
[]
[" 1.2 ","Código","Banco","Descrição","Tipo",null,"Und","Quant.","Valor Unit","Total"]
["Composição"," 93584 ","SINAPI","EXECUÇÃO DE DEPÓSITO EM CANTEIRO DE OBRA EM CHAPA DE MADEIRA COMPENSADA, NÃO INCLUSO MOBILIÁRIO. AF_04/2016","CANT - CANTEIRO DE OBRAS",null,"m²",{"v":1,"d":"1.0000000"},583.95,583.95]
["Composição Auxiliar"," 101165 ","SINAPI","ALVENARIA DE EMBASAMENTO COM BLOCO ESTRUTURAL DE CONCRETO, DE 14X19X29CM E ARGAMASSA DE ASSENTAMENTO COM PREPARO EM BETONEIRA. AF_05/2020","FUES - FUNDAÇÕES E ESTRUTURAS",null,"m³",{"v":0.0417,"d":"0.0417000"},{"v":705.9,"d":"705.90"},29.43]
["Composição Auxiliar"," 88489 ","SINAPI","PINTURA LÁTEX ACRÍLICA PREMIUM, APLICAÇÃO MANUAL EM PAREDES, DUAS DEMÃOS. AF_04/2023","PINT - PINTURAS",null,"m²",{"v":5.0649,"d":"5.0649000"},9.01,45.63]
["Composição Auxiliar"," 91170 ","SINAPI","FIXAÇÃO DE TUBOS HORIZONTAIS DE PVC ÁGUA, PVC ESGOTO, PVC ÁGUA PLUVIAL, CPVC, PPR, COBRE OU AÇO, DIÂMETROS MENORES OU IGUAIS A 40 MM, COM ABRAÇADEIRA METÁLICA RÍGIDA TIPO U PERFIL 1 1/4\", FIXADA EM PERFILADO EM LAJE. AF_09/2023_PS","INHI - INSTALAÇÕES HIDROS SANITÁRIAS",null,"M",{"v":0.1325,"d":"0.1325000"},7.51,0.99]
["Composição Auxiliar"," 91173 ","SINAPI","FIXAÇÃO DE TUBOS VERTICAIS DE PVC ÁGUA, PVC ESGOTO, PVC ÁGUA PLUVIAL, CPVC, PPR, COBRE OU AÇO, DIÂMETROS MENORES OU IGUAIS A 40 MM, COM ABRAÇADEIRA METÁLICA RÍGIDA TIPO U PERFIL 1 1/4\", FIXADA EM PERFILADO EM PAREDE. AF_09/2023_PS","INHI - INSTALAÇÕES HIDROS SANITÁRIAS",null,"M",{"v":0.1722,"d":"0.1722000"},{"v":2.8,"d":"2.80"},0.48]
["Composição Auxiliar"," 91341 ","SINAPI","PORTA EM ALUMÍNIO DE ABRIR TIPO VENEZIANA COM GUARNIÇÃO, FIXAÇÃO COM PARAFUSOS - FORNECIMENTO E INSTALAÇÃO. AF_12/2019","ESQV - ESQUADRIAS/FERRAGENS/VIDROS",null,"m²",{"v":0.153,"d":"0.1530000"},536.55,82.09]
["Composição Auxiliar"," 91852 ","SINAPI","ELETRODUTO FLEXÍVEL CORRUGADO, PVC, DN 20 MM (1/2\"), PARA CIRCUITOS TERMINAIS, INSTALADO EM PAREDE - FORNECIMENTO E INSTALAÇÃO. AF_03/2023","INEL - INSTALAÇÃO ELÉTRICA/ELETRIFICAÇÃO E ILUMINAÇÃO EXTERNA",null,"M",{"v":0.0662,"d":"0.0662000"},6.41,0.42]
["Composição Auxiliar"," 91862 ","SINAPI","ELETRODUTO RÍGIDO ROSCÁVEL, PVC, DN 20 MM (1/2\"), PARA CIRCUITOS TERMINAIS, INSTALADO EM FORRO - FORNECIMENTO E INSTALAÇÃO. AF_03/2023","INEL - INSTALAÇÃO ELÉTRICA/ELETRIFICAÇÃO E ILUMINAÇÃO EXTERNA",null,"M",{"v":0.1325,"d":"0.1325000"},7.03,0.93]
["Composição Auxiliar"," 91870 ","SINAPI","ELETRODUTO RÍGIDO ROSCÁVEL, PVC, DN 20 MM (1/2\"), PARA CIRCUITOS TERMINAIS, INSTALADO EM PAREDE - FORNECIMENTO E INSTALAÇÃO. AF_03/2023","INEL - INSTALAÇÃO ELÉTRICA/ELETRIFICAÇÃO E ILUMINAÇÃO EXTERNA",null,"M",{"v":0.1722,"d":"0.1722000"},9.11,1.56]
["Composição Auxiliar"," 91924 ","SINAPI","CABO DE COBRE FLEXÍVEL ISOLADO, 1,5 MM², ANTI-CHAMA 450/750 V, PARA CIRCUITOS TERMINAIS - FORNECIMENTO E INSTALAÇÃO. AF_03/2023","INEL - INSTALAÇÃO ELÉTRICA/ELETRIFICAÇÃO E ILUMINAÇÃO EXTERNA",null,"M",{"v":0.6755,"d":"0.6755000"},2.24,1.51]
["Composição Auxiliar"," 92023 ","SINAPI","INTERRUPTOR SIMPLES (1 MÓDULO) COM 1 TOMADA DE EMBUTIR 2P+T 10 A, INCLUINDO SUPORTE E PLACA - FORNECIMENTO E INSTALAÇÃO. AF_03/2023","INEL - INSTALAÇÃO ELÉTRICA/ELETRIFICAÇÃO E ILUMINAÇÃO EXTERNA",null,"UN",{"v":0.0662,"d":"0.0662000"},35.13,2.32]
["Composição Auxiliar"," 92543 ","SINAPI","TRAMA DE MADEIRA COMPOSTA POR TERÇAS PARA TELHADOS DE ATÉ 2 ÁGUAS PARA TELHA ONDULADA DE FIBROCIMENTO, METÁLICA, PLÁSTICA OU TERMOACÚSTICA, INCLUSO TRANSPORTE VERTICAL. AF_07/2019","COBE - COBERTURA",null,"m²",{"v":1.7192,"d":"1.7192000"},15.03,25.83]
["Composição Auxiliar"," 93358 ","SINAPI","ESCAVAÇÃO MANUAL DE VALA COM PROFUNDIDADE MENOR OU IGUAL A 1,30 M. AF_02/2021","MOVT - MOVIMENTO DE TERRA",null,"m³",{"v":0.0404,"d":"0.0404000"},60.21,2.43]
["Composição Auxiliar"," 93382 ","SINAPI","REATERRO MANUAL DE VALAS, COM COMPACTADOR DE SOLOS DE PERCUSSÃO. AF_08/2023","MOVT - MOVIMENTO DE TERRA",null,"m³",{"v":0.0106,"d":"0.0106000"},18.09,0.19]
["Composição Auxiliar"," 94210 ","SINAPI","TELHAMENTO COM TELHA ONDULADA DE FIBROCIMENTO E = 6 MM, COM RECOBRIMENTO LATERAL DE 1 1/4 DE ONDA PARA TELHADO COM INCLINAÇÃO MÁXIMA DE 10°, COM ATÉ 2 ÁGUAS, INCLUSO IÇAMENTO. AF_07/2019","COBE - COBERTURA",null,"m²",{"v":1.7192,"d":"1.7192000"},45.77,78.68]
["Composição Auxiliar"," 94559 ","SINAPI","JANELA DE AÇO TIPO BASCULANTE PARA VIDROS, COM BATENTE, FERRAGENS E PINTURA ANTICORROSIVA. EXCLUSIVE VIDROS, ACABAMENTO, ALIZAR E CONTRAMARCO. FORNECIMENTO E INSTALAÇÃO. AF_12/2019","ESQV - ESQUADRIAS/FERRAGENS/VIDROS",null,"m²",{"v":0.0662,"d":"0.0662000"},540.29,35.76]
["Composição Auxiliar"," 95240 ","SINAPI","LASTRO DE CONCRETO MAGRO, APLICADO EM PISOS, LAJES SOBRE SOLO OU RADIERS, ESPESSURA DE 3 CM. AF_01/2024","FUES - FUNDAÇÕES E ESTRUTURAS",null,"m²",{"v":0.0093,"d":"0.0093000"},13.74,0.12]
["Composição Auxiliar"," 95241 ","SINAPI","LASTRO DE CONCRETO MAGRO, APLICADO EM PISOS, LAJES SOBRE SOLO OU RADIERS, ESPESSURA DE 5 CM. AF_01/2024","FUES - FUNDAÇÕES E ESTRUTURAS",null,"m²",{"v":1.511,"d":"1.5110000"},26.48,40.01]
["Composição Auxiliar"," 95805 ","SINAPI","CONDULETE DE PVC, TIPO B, PARA ELETRODUTO DE PVC SOLDÁVEL DN 25 MM (3/4''), APARENTE - FORNECIMENTO E INSTALAÇÃO. AF_10/2022","INEL - INSTALAÇÃO ELÉTRICA/ELETRIFICAÇÃO E ILUMINAÇÃO EXTERNA",null,"UN",{"v":0.1325,"d":"0.1325000"},12.97,1.71]
["Composição Auxiliar"," 98441 ","SINAPI","PAREDE DE MADEIRA COMPENSADA PARA CONSTRUÇÃO TEMPORÁRIA EM CHAPA SIMPLES, EXTERNA, SEM VÃO. AF_03/2024","CANT - CANTEIRO DE OBRAS",null,"m²",{"v":0.5136,"d":"0.5136000"},69.48,35.68]
["Composição Auxiliar"," 98445 ","SINAPI","PAREDE DE MADEIRA COMPENSADA PARA CONSTRUÇÃO TEMPORÁRIA EM CHAPA SIMPLES, EXTERNA, COM ÁREA LÍQUIDA MAIOR OU IGUAL A 6 M², COM VÃO. AF_03/2024","CANT - CANTEIRO DE OBRAS",null,"m²",{"v":0.8023,"d":"0.8023000"},84.14,{"v":67.5,"d":"67.50"}]
["Composição Auxiliar"," 98446 ","SINAPI","PAREDE DE MADEIRA COMPENSADA PARA CONSTRUÇÃO TEMPORÁRIA EM CHAPA SIMPLES, EXTERNA, COM ÁREA LÍQUIDA MENOR QUE 6 M², COM VÃO. AF_03/2024","CANT - CANTEIRO DE OBRAS",null,"m²",{"v":0.6255,"d":"0.6255000"},109.69,68.61]
["Composição Auxiliar"," 97586 ","SINAPI","LUMINÁRIA TIPO CALHA, DE SOBREPOR, COM 2 LÂMPADAS TUBULARES FLUORESCENTES DE 36 W, COM REATOR DE PARTIDA RÁPIDA - FORNECIMENTO E INSTALAÇÃO. AF_02/2020","INEL - INSTALAÇÃO ELÉTRICA/ELETRIFICAÇÃO E ILUMINAÇÃO EXTERNA",null,"UN",{"v":0.0662,"d":"0.0662000"},123.31,8.16]
["Composição Auxiliar"," 98442 ","SINAPI","PAREDE DE MADEIRA COMPENSADA PARA CONSTRUÇÃO TEMPORÁRIA EM CHAPA SIMPLES, EXTERNA, COM ÁREA LÍQUIDA MENOR QUE 6 M², SEM VÃO. AF_05/2018","CANT - CANTEIRO DE OBRAS",null,"m²",{"v":0.5911,"d":"0.5911000"},89.68,{"v":53,"d":"53.00"}]
["Insumo"," 00011455 ","SINAPI","FERROLHO COM FECHO / TRINCO REDONDO, EM ACO GALVANIZADO / ZINCADO, DE SOBREPOR, COM COMPRIMENTO DE 8\" E ESPESSURA MINIMA DA CHAPA DE 1,50 MM","Material",null,"UN",{"v":0.0662,"d":"0.0662000"},13.86,0.91]
[{"$nulls":4},"MO sem LS =>",126.04,"LS =>",{"v":0,"d":"0.00"},"MO com LS =>",126.04]
[{"$nulls":4},"Valor do BDI =>",115.91,null,"Valor com BDI =>",null,699.86]
[{"$nulls":6},"Quant. =>",{"v":15,"d":"15.0000000"},"Preço Total =>",{"v":10497.9,"d":"10,497.90"}]
[]
[" 1.3 ","Código","Banco","Descrição","Tipo",null,"Und","Quant.","Valor Unit","Total"]
["Composição"," 99059 ","SINAPI","LOCAÇÃO CONVENCIONAL DE OBRA, UTILIZANDO GABARITO DE TÁBUAS CORRIDAS PONTALETADAS A CADA 2,00M -  2 UTILIZAÇÕES. AF_03/2024","SERT - SERVIÇOS TÉCNICOS",null,"M",{"v":1,"d":"1.0000000"},46.51,46.51]
["Composição Auxiliar"," 88239 ","SINAPI","AJUDANTE DE CARPINTEIRO COM ENCARGOS COMPLEMENTARES","SEDI - SERVIÇOS DIVERSOS",null,"H",{"v":0.7247,"d":"0.7247000"},15.75,11.41]
["Composição Auxiliar"," 88262 ","SINAPI","CARPINTEIRO DE FORMAS COM ENCARGOS COMPLEMENTARES","SEDI - SERVIÇOS DIVERSOS",null,"H",{"v":0.7247,"d":"0.7247000"},19.05,{"v":13.8,"d":"13.80"}]
["Composição Auxiliar"," 91692 ","SINAPI","SERRA CIRCULAR DE BANCADA COM MOTOR ELÉTRICO POTÊNCIA DE 5HP, COM COIFA PARA DISCO 10\" - CHP DIURNO. AF_08/2015","CHOR - CUSTOS HORÁRIOS DE MÁQUINAS E EQUIPAMENTOS",null,"CHP",{"v":0.007,"d":"0.0070000"},19.06,0.13]
["Composição Auxiliar"," 91693 ","SINAPI","SERRA CIRCULAR DE BANCADA COM MOTOR ELÉTRICO POTÊNCIA DE 5HP, COM COIFA PARA DISCO 10\" - CHI DIURNO. AF_08/2015","CHOR - CUSTOS HORÁRIOS DE MÁQUINAS E EQUIPAMENTOS",null,"CHI",{"v":0.028,"d":"0.0280000"},18.23,0.51]
["Composição Auxiliar"," 94974 ","SINAPI","CONCRETO MAGRO PARA LASTRO, TRAÇO 1:4,5:4,5 (EM MASSA SECA DE CIMENTO/ AREIA MÉDIA/ BRITA 1) - PREPARO MANUAL. AF_05/2021","FUES - FUNDAÇÕES E ESTRUTURAS",null,"m³",{"v":0.004,"d":"0.0040000"},341.58,1.36]
["Insumo"," 00004417 ","SINAPI","SARRAFO NAO APARELHADO *2,5 X 7* CM, EM MACARANDUBA/MASSARANDUBA, ANGELIM, PEROBA-ROSA OU EQUIVALENTE DA REGIAO - BRUTA","Material",null,"M",{"v":0.7445,"d":"0.7445000"},4.51,3.35]
["Insumo"," 00004433 ","SINAPI","CAIBRO NAO APARELHADO *6 X 6* CM, EM MACARANDUBA/MASSARANDUBA, ANGELIM OU EQUIVALENTE DA REGIAO - BRUTA","Material",null,"M",{"v":0.4125,"d":"0.4125000"},16.22,6.69]
["Insumo"," 00005068 ","SINAPI","PREGO DE ACO POLIDO COM CABECA 17 X 21 (2 X 11)","Material",null,"KG",{"v":0.111,"d":"0.1110000"},16.07,1.78]
["Insumo"," 00007356 ","SINAPI","TINTA LATEX ACRILICA PREMIUM, COR BRANCO FOSCO","Material",null,"L",{"v":0.0256,"d":"0.0256000"},20.99,0.53]
["Insumo"," 00010567 ","SINAPI","TABUA *2,5 X 23* CM EM PINUS, MISTA OU EQUIVALENTE DA REGIAO - BRUTA","Material",null,"M",{"v":0.55,"d":"0.5500000"},12.64,6.95]
[{"$nulls":4},"MO sem LS =>",20.18,"LS =>",{"v":0,"d":"0.00"},"MO com LS =>",20.18]
[{"$nulls":4},"Valor do BDI =>",9.23,null,"Valor com BDI =>",null,55.74]
[{"$nulls":6},"Quant. =>",{"v":338.7,"d":"338.7000000"},"Preço Total =>",{"v":18879.13,"d":"18,879.13"}]
[]
[" 2 ",null,null,"MOVIMENTO DE TERRA",{"$nulls":5},{"v":25435.38,"d":"25,435.38"}]
[" 2.1 ","Código","Banco","Descrição","Tipo",null,"Und","Quant.","Valor Unit","Total"]
["Composição"," 93358 ","SINAPI","ESCAVAÇÃO MANUAL DE VALA COM PROFUNDIDADE MENOR OU IGUAL A 1,30 M. AF_02/2021","MOVT - MOVIMENTO DE TERRA",null,"m³",{"v":1,"d":"1.0000000"},60.21,60.21]
["Composição Auxiliar"," 88316 ","SINAPI","SERVENTE COM ENCARGOS COMPLEMENTARES","SEDI - SERVIÇOS DIVERSOS",null,"H",{"v":3.956,"d":"3.9560000"},15.22,60.21]
[{"$nulls":4},"MO sem LS =>",44.26,"LS =>",{"v":0,"d":"0.00"},"MO com LS =>",44.26]
[{"$nulls":4},"Valor do BDI =>",11.95,null,"Valor com BDI =>",null,72.16]
[{"$nulls":6},"Quant. =>",{"v":56.9,"d":"56.9000000"},"Preço Total =>",{"v":4105.9,"d":"4,105.90"}]
[]
[" 2.2 ","Código","Banco","Descrição","Tipo",null,"Und","Quant.","Valor Unit","Total"]
["Composição"," 96995 ","SINAPI","REATERRO MANUAL APILOADO COM SOQUETE. AF_10/2017","MOVT - MOVIMENTO DE TERRA",null,"m³",{"v":1,"d":"1.0000000"},{"v":36.5,"d":"36.50"},{"v":36.5,"d":"36.50"}]
["Composição Auxiliar"," 88316 ","SINAPI","SERVENTE COM ENCARGOS COMPLEMENTARES","SEDI - SERVIÇOS DIVERSOS",null,"H",{"v":2.3986,"d":"2.3986000"},15.22,{"v":36.5,"d":"36.50"}]
[{"$nulls":4},"MO sem LS =>",26.84,"LS =>",{"v":0,"d":"0.00"},"MO com LS =>",26.84]
[{"$nulls":4},"Valor do BDI =>",7.24,null,"Valor com BDI =>",null,43.74]
[{"$nulls":6},"Quant. =>",{"v":8.43,"d":"8.4300000"},"Preço Total =>",368.72]
[]
[" 2.3 ","Código","Banco","Descrição","Tipo",null,"Und","Quant.","Valor Unit","Total"]
["Composição"," PRÓPRIO - EMB. RACHAO ","Próprio","[Adaptação SINAPI 101166] ALVENARIA DE EMBASAMENTO COM PEDRA RACHÃO E ARGAMASSA DE ASSENTAMENTO COM PREPARO EM BETONEIRA. AF_05/2020","Alvenarias Diversas",null,"m³",{"v":1,"d":"1.0000000"},341.72,341.72]
["Composição Auxiliar"," 88316 ","SINAPI","SERVENTE COM ENCARGOS COMPLEMENTARES","SEDI - SERVIÇOS DIVERSOS",null,"H",{"v":3.172,"d":"3.1720000"},15.22,48.27]
["Composição Auxiliar"," 88309 ","SINAPI","PEDREIRO COM ENCARGOS COMPLEMENTARES","SEDI - SERVIÇOS DIVERSOS",null,"H",{"v":6.344,"d":"6.3440000"},19.45,123.39]
["Composição Auxiliar"," 87292 ","SINAPI","ARGAMASSA TRAÇO 1:2:8 (EM VOLUME DE CIMENTO, CAL E AREIA MÉDIA ÚMIDA) PARA EMBOÇO/MASSA ÚNICA/ASSENTAMENTO DE ALVENARIA DE VEDAÇÃO, PREPARO MECÂNICO COM BETONEIRA 400 L. AF_08/2019","SEDI - SERVIÇOS DIVERSOS",null,"m³",{"v":0.13,"d":"0.1300000"},425.16,55.27]
["Insumo"," 00004730 ","SINAPI","PEDRA DE MAO OU PEDRA RACHAO PARA ARRIMO/FUNDACAO (POSTO PEDREIRA/FORNECEDOR, SEM FRETE)","Material",null,"m³",{"v":114.79,"d":"114.7900000"},{"v":1,"d":"1.00"},114.79]
[{"$nulls":4},"MO sem LS =>",138.24,"LS =>",{"v":0,"d":"0.00"},"MO com LS =>",138.24]
[{"$nulls":4},"Valor do BDI =>",67.83,null,"Valor com BDI =>",null,409.55]
[{"$nulls":6},"Quant. =>",{"v":51.18,"d":"51.1800000"},"Preço Total =>",{"v":20960.76,"d":"20,960.76"}]
[]
[" 3 ",null,null,"ESTRUTURA - FUNDAÇÕES E EMBASAMENTO",{"$nulls":5},{"v":125676.4,"d":"125,676.40"}]
[" 3.1 ",null,null,"CONCRETO ARMADO PARA FUNDAÇÕES - SAPATAS",{"$nulls":5},{"v":53542.47,"d":"53,542.47"}]
[" 3.1.1 ","Código","Banco","Descrição","Tipo",null,"Und","Quant.","Valor Unit","Total"]
["Composição"," 96616 ","SINAPI","LASTRO DE CONCRETO MAGRO, APLICADO EM BLOCOS DE COROAMENTO OU SAPATAS. AF_01/2024","FUES - FUNDAÇÕES E ESTRUTURAS",null,"m³",{"v":1,"d":"1.0000000"},572.33,572.33]
["Composição Auxiliar"," 88309 ","SINAPI","PEDREIRO COM ENCARGOS COMPLEMENTARES","SEDI - SERVIÇOS DIVERSOS",null,"H",{"v":6.781,"d":"6.7810000"},19.45,131.89]
["Composição Auxiliar"," 88316 ","SINAPI","SERVENTE COM ENCARGOS COMPLEMENTARES","SEDI - SERVIÇOS DIVERSOS",null,"H",{"v":2.453,"d":"2.4530000"},15.22,37.33]
["Composição Auxiliar"," 94968 ","SINAPI","CONCRETO MAGRO PARA LASTRO, TRAÇO 1:4,5:4,5 (EM MASSA SECA DE CIMENTO/ AREIA MÉDIA/ BRITA 1) - PREPARO MECÂNICO COM BETONEIRA 600 L. AF_05/2021","FUES - FUNDAÇÕES E ESTRUTURAS",null,"m³",{"v":1.38,"d":"1.3800000"},292.11,403.11]
[{"$nulls":4},"MO sem LS =>",{"v":181.3,"d":"181.30"},"LS =>",{"v":0,"d":"0.00"},"MO com LS =>",{"v":181.3,"d":"181.30"}]
[{"$nulls":4},"Valor do BDI =>",{"v":113.6,"d":"113.60"},null,"Valor com BDI =>",null,685.93]
[{"$nulls":6},"Quant. =>",{"v":1.15,"d":"1.1500000"},"Preço Total =>",788.81]
[]
[" 3.1.2 ","Código","Banco","Descrição","Tipo",null,"Und","Quant.","Valor Unit","Total"]
["Composição"," 95957 ","SINAPI","(COMPOSIÇÃO REPRESENTATIVA) EXECUÇÃO DE ESTRUTURAS DE CONCRETO ARMADO, PARA EDIFICAÇÃO INSTITUCIONAL TÉRREA, FCK = 25 MPA. AF_01/2017","FUES - FUNDAÇÕES E ESTRUTURAS",null,"m³",{"v":1,"d":"1.0000000"},{"v":2388.31,"d":"2,388.31"},{"v":2388.31,"d":"2,388.31"}]
["Composição Auxiliar"," 103673 ","SINAPI","LANÇAMENTO COM USO DE BOMBA, ADENSAMENTO E ACABAMENTO DE CONCRETO EM ESTRUTURAS. AF_02/2022","FUES - FUNDAÇÕES E ESTRUTURAS",null,"m³",{"v":1,"d":"1.0000000"},29.22,29.22]
["Composição Auxiliar"," 92415 ","SINAPI","MONTAGEM E DESMONTAGEM DE FÔRMA DE PILARES RETANGULARES E ESTRUTURAS SIMILARES, PÉ-DIREITO SIMPLES, EM CHAPA DE MADEIRA COMPENSADA RESINADA, 2 UTILIZAÇÕES. AF_09/2020","FUES - FUNDAÇÕES E ESTRUTURAS",null,"m²",{"v":1.93,"d":"1.9300000"},102.41,197.65]
["Composição Auxiliar"," 92451 ","SINAPI","MONTAGEM E DESMONTAGEM DE FÔRMA DE VIGA, ESCORAMENTO COM GARFO DE MADEIRA, PÉ-DIREITO SIMPLES, EM CHAPA DE MADEIRA RESINADA, 2 UTILIZAÇÕES. AF_09/2020","FUES - FUNDAÇÕES E ESTRUTURAS",null,"m²",{"v":2.24,"d":"2.2400000"},147.09,329.48]
["Composição Auxiliar"," 92510 ","SINAPI","MONTAGEM E DESMONTAGEM DE FÔRMA DE LAJE MACIÇA, PÉ-DIREITO SIMPLES, EM CHAPA DE MADEIRA COMPENSADA RESINADA, 2 UTILIZAÇÕES. AF_09/2020","FUES - FUNDAÇÕES E ESTRUTURAS",null,"m²",{"v":4.97,"d":"4.9700000"},37.67,187.21]
["Composição Auxiliar"," 92759 ","SINAPI","ARMAÇÃO DE PILAR OU VIGA DE ESTRUTURA CONVENCIONAL DE CONCRETO ARMADO UTILIZANDO AÇO CA-60 DE 5,0 MM - MONTAGEM. AF_06/2022","FUES - FUNDAÇÕES E ESTRUTURAS",null,"KG",{"v":4.05,"d":"4.0500000"},10.28,41.63]
["Composição Auxiliar"," 92760 ","SINAPI","ARMAÇÃO DE PILAR OU VIGA DE ESTRUTURA CONVENCIONAL DE CONCRETO ARMADO UTILIZANDO AÇO CA-50 DE 6,3 MM - MONTAGEM. AF_06/2022","FUES - FUNDAÇÕES E ESTRUTURAS",null,"KG",{"v":2.3,"d":"2.3000000"},9.71,22.33]
["Composição Auxiliar"," 92761 ","SINAPI","ARMAÇÃO DE PILAR OU VIGA DE ESTRUTURA CONVENCIONAL DE CONCRETO ARMADO UTILIZANDO AÇO CA-50 DE 8,0 MM - MONTAGEM. AF_06/2022","FUES - FUNDAÇÕES E ESTRUTURAS",null,"KG",{"v":1.6,"d":"1.6000000"},9.15,14.64]
["Composição Auxiliar"," 92762 ","SINAPI","ARMAÇÃO DE PILAR OU VIGA DE ESTRUTURA CONVENCIONAL DE CONCRETO ARMADO UTILIZANDO AÇO CA-50 DE 10,0 MM - MONTAGEM. AF_06/2022","FUES - FUNDAÇÕES E ESTRUTURAS",null,"KG",{"v":12.73,"d":"12.7300000"},8.18,104.13]
["Composição Auxiliar"," 92763 ","SINAPI","ARMAÇÃO DE PILAR OU VIGA DE ESTRUTURA CONVENCIONAL DE CONCRETO ARMADO UTILIZANDO AÇO CA-50 DE 12,5 MM - MONTAGEM. AF_06/2022","FUES - FUNDAÇÕES E ESTRUTURAS",null,"KG",{"v":5.86,"d":"5.8600000"},6.89,40.37]
["Composição Auxiliar"," 92764 ","SINAPI","ARMAÇÃO DE PILAR OU VIGA DE ESTRUTURA CONVENCIONAL DE CONCRETO ARMADO UTILIZANDO AÇO CA-50 DE 16,0 MM - MONTAGEM. AF_06/2022","FUES - FUNDAÇÕES E ESTRUTURAS",null,"KG",{"v":8.38,"d":"8.3800000"},6.67,55.89]
["Composição Auxiliar"," 92765 ","SINAPI","ARMAÇÃO DE PILAR OU VIGA DE ESTRUTURA CONVENCIONAL DE CONCRETO ARMADO UTILIZANDO AÇO CA-50 DE 20,0 MM - MONTAGEM. AF_06/2022","FUES - FUNDAÇÕES E ESTRUTURAS",null,"KG",{"v":8.46,"d":"8.4600000"},7.57,64.04]
["Composição Auxiliar"," 92766 ","SINAPI","ARMAÇÃO DE PILAR OU VIGA DE ESTRUTURA CONVENCIONAL DE CONCRETO ARMADO UTILIZANDO AÇO CA-50 DE 25,0 MM - MONTAGEM. AF_06/2022","FUES - FUNDAÇÕES E ESTRUTURAS",null,"KG",{"v":1.75,"d":"1.7500000"},{"v":7.5,"d":"7.50"},13.12]
["Composição Auxiliar"," 92768 ","SINAPI","ARMAÇÃO DE LAJE DE ESTRUTURA CONVENCIONAL DE CONCRETO ARMADO UTILIZANDO AÇO CA-60 DE 5,0 MM - MONTAGEM. AF_06/2022","FUES - FUNDAÇÕES E ESTRUTURAS",null,"KG",{"v":3.28,"d":"3.2800000"},9.93,32.57]
["Composição Auxiliar"," 92769 ","SINAPI","ARMAÇÃO DE LAJE DE ESTRUTURA CONVENCIONAL DE CONCRETO ARMADO UTILIZANDO AÇO CA-50 DE 6,3 MM - MONTAGEM. AF_06/2022","FUES - FUNDAÇÕES E ESTRUTURAS",null,"KG",{"v":14.57,"d":"14.5700000"},9.35,136.22]
["Composição Auxiliar"," 92770 ","SINAPI","ARMAÇÃO DE LAJE DE ESTRUTURA CONVENCIONAL DE CONCRETO ARMADO UTILIZANDO AÇO CA-50 DE 8,0 MM - MONTAGEM. AF_06/2022","FUES - FUNDAÇÕES E ESTRUTURAS",null,"KG",{"v":11.44,"d":"11.4400000"},{"v":8.8,"d":"8.80"},100.67]
["Composição Auxiliar"," 92771 ","SINAPI","ARMAÇÃO DE LAJE DE ESTRUTURA CONVENCIONAL DE CONCRETO ARMADO UTILIZANDO AÇO CA-50 DE 10,0 MM - MONTAGEM. AF_06/2022","FUES - FUNDAÇÕES E ESTRUTURAS",null,"KG",{"v":9.97,"d":"9.9700000"},7.85,78.26]
["Composição Auxiliar"," 92772 ","SINAPI","ARMAÇÃO DE LAJE DE ESTRUTURA CONVENCIONAL DE CONCRETO ARMADO UTILIZANDO AÇO CA-50 DE 12,5 MM - MONTAGEM. AF_06/2022","FUES - FUNDAÇÕES E ESTRUTURAS",null,"KG",{"v":5.09,"d":"5.0900000"},{"v":6.6,"d":"6.60"},33.59]
["Composição Auxiliar"," 96533 ","SINAPI","FABRICAÇÃO, MONTAGEM E DESMONTAGEM DE FÔRMA PARA VIGA BALDRAME, EM MADEIRA SERRADA, E=25 MM, 2 UTILIZAÇÕES. AF_01/2024","FUES - FUNDAÇÕES E ESTRUTURAS",null,"m²",{"v":2.85,"d":"2.8500000"},{"v":92.4,"d":"92.40"},263.34]
["Composição Auxiliar"," 96543 ","SINAPI","ARMAÇÃO DE BLOCO UTILIZANDO AÇO CA-60 DE 5 MM - MONTAGEM. AF_01/2024","FUES - FUNDAÇÕES E ESTRUTURAS",null,"KG",{"v":1.07,"d":"1.0700000"},14.32,15.32]
["Composição Auxiliar"," 96544 ","SINAPI","ARMAÇÃO DE BLOCO UTILIZANDO AÇO CA-50 DE 6,3 MM - MONTAGEM. AF_01/2024","FUES - FUNDAÇÕES E ESTRUTURAS",null,"KG",{"v":0.09,"d":"0.0900000"},12.92,1.16]
["Composição Auxiliar"," 96545 ","SINAPI","ARMAÇÃO DE BLOCO UTILIZANDO AÇO CA-50 DE 8 MM - MONTAGEM. AF_01/2024","FUES - FUNDAÇÕES E ESTRUTURAS",null,"KG",{"v":2.85,"d":"2.8500000"},{"v":11.7,"d":"11.70"},33.34]
["Composição Auxiliar"," 96546 ","SINAPI","ARMAÇÃO DE BLOCO UTILIZANDO AÇO CA-50 DE 10 MM - MONTAGEM. AF_01/2024","FUES - FUNDAÇÕES E ESTRUTURAS",null,"KG",{"v":6.6,"d":"6.6000000"},10.24,67.58]
["Composição Auxiliar"," 96547 ","SINAPI","ARMAÇÃO DE BLOCO, VIGA BALDRAME OU SAPATA UTILIZANDO AÇO CA-50 DE 12,5 MM - MONTAGEM. AF_06/2017","FUES - FUNDAÇÕES E ESTRUTURAS",null,"KG",{"v":1.32,"d":"1.3200000"},7.98,10.53]
["Insumo"," 00001527 ","SINAPI","CONCRETO USINADO BOMBEAVEL, CLASSE DE RESISTENCIA C25, BRITA 0 E 1, SLUMP = 100 +/- 20 MM, COM BOMBEAMENTO (DISPONIBILIZACAO DE BOMBA), SEM O LANCAMENTO (NBR 8953)","Material",null,"m³",{"v":1.103,"d":"1.1030000"},467.84,516.02]
[{"$nulls":4},"MO sem LS =>",419.98,"LS =>",{"v":0,"d":"0.00"},"MO com LS =>",419.98]
[{"$nulls":4},"Valor do BDI =>",474.07,null,"Valor com BDI =>",null,{"v":2862.38,"d":"2,862.38"}]
[{"$nulls":6},"Quant. =>",{"v":18.43,"d":"18.4300000"},"Preço Total =>",{"v":52753.66,"d":"52,753.66"}]
[]
[" 3.2 ",null,null,"CONCRETO ARMADO PARA FUNDAÇÕES - VIGAS BALDRAMES",{"$nulls":5},{"v":59394.38,"d":"59,394.38"}]
[" 3.2.1 ","Código","Banco","Descrição","Tipo",null,"Und","Quant.","Valor Unit","Total"]
["Composição"," 95957 ","SINAPI","(COMPOSIÇÃO REPRESENTATIVA) EXECUÇÃO DE ESTRUTURAS DE CONCRETO ARMADO, PARA EDIFICAÇÃO INSTITUCIONAL TÉRREA, FCK = 25 MPA. AF_01/2017","FUES - FUNDAÇÕES E ESTRUTURAS",null,"m³",{"v":1,"d":"1.0000000"},{"v":2388.31,"d":"2,388.31"},{"v":2388.31,"d":"2,388.31"}]
["Composição Auxiliar"," 103673 ","SINAPI","LANÇAMENTO COM USO DE BOMBA, ADENSAMENTO E ACABAMENTO DE CONCRETO EM ESTRUTURAS. AF_02/2022","FUES - FUNDAÇÕES E ESTRUTURAS",null,"m³",{"v":1,"d":"1.0000000"},29.22,29.22]
["Composição Auxiliar"," 92415 ","SINAPI","MONTAGEM E DESMONTAGEM DE FÔRMA DE PILARES RETANGULARES E ESTRUTURAS SIMILARES, PÉ-DIREITO SIMPLES, EM CHAPA DE MADEIRA COMPENSADA RESINADA, 2 UTILIZAÇÕES. AF_09/2020","FUES - FUNDAÇÕES E ESTRUTURAS",null,"m²",{"v":1.93,"d":"1.9300000"},102.41,197.65]
["Composição Auxiliar"," 92451 ","SINAPI","MONTAGEM E DESMONTAGEM DE FÔRMA DE VIGA, ESCORAMENTO COM GARFO DE MADEIRA, PÉ-DIREITO SIMPLES, EM CHAPA DE MADEIRA RESINADA, 2 UTILIZAÇÕES. AF_09/2020","FUES - FUNDAÇÕES E ESTRUTURAS",null,"m²",{"v":2.24,"d":"2.2400000"},147.09,329.48]
["Composição Auxiliar"," 92510 ","SINAPI","MONTAGEM E DESMONTAGEM DE FÔRMA DE LAJE MACIÇA, PÉ-DIREITO SIMPLES, EM CHAPA DE MADEIRA COMPENSADA RESINADA, 2 UTILIZAÇÕES. AF_09/2020","FUES - FUNDAÇÕES E ESTRUTURAS",null,"m²",{"v":4.97,"d":"4.9700000"},37.67,187.21]
["Composição Auxiliar"," 92759 ","SINAPI","ARMAÇÃO DE PILAR OU VIGA DE ESTRUTURA CONVENCIONAL DE CONCRETO ARMADO UTILIZANDO AÇO CA-60 DE 5,0 MM - MONTAGEM. AF_06/2022","FUES - FUNDAÇÕES E ESTRUTURAS",null,"KG",{"v":4.05,"d":"4.0500000"},10.28,41.63]
["Composição Auxiliar"," 92760 ","SINAPI","ARMAÇÃO DE PILAR OU VIGA DE ESTRUTURA CONVENCIONAL DE CONCRETO ARMADO UTILIZANDO AÇO CA-50 DE 6,3 MM - MONTAGEM. AF_06/2022","FUES - FUNDAÇÕES E ESTRUTURAS",null,"KG",{"v":2.3,"d":"2.3000000"},9.71,22.33]
["Composição Auxiliar"," 92761 ","SINAPI","ARMAÇÃO DE PILAR OU VIGA DE ESTRUTURA CONVENCIONAL DE CONCRETO ARMADO UTILIZANDO AÇO CA-50 DE 8,0 MM - MONTAGEM. AF_06/2022","FUES - FUNDAÇÕES E ESTRUTURAS",null,"KG",{"v":1.6,"d":"1.6000000"},9.15,14.64]
["Composição Auxiliar"," 92762 ","SINAPI","ARMAÇÃO DE PILAR OU VIGA DE ESTRUTURA CONVENCIONAL DE CONCRETO ARMADO UTILIZANDO AÇO CA-50 DE 10,0 MM - MONTAGEM. AF_06/2022","FUES - FUNDAÇÕES E ESTRUTURAS",null,"KG",{"v":12.73,"d":"12.7300000"},8.18,104.13]
["Composição Auxiliar"," 92763 ","SINAPI","ARMAÇÃO DE PILAR OU VIGA DE ESTRUTURA CONVENCIONAL DE CONCRETO ARMADO UTILIZANDO AÇO CA-50 DE 12,5 MM - MONTAGEM. AF_06/2022","FUES - FUNDAÇÕES E ESTRUTURAS",null,"KG",{"v":5.86,"d":"5.8600000"},6.89,40.37]
["Composição Auxiliar"," 92764 ","SINAPI","ARMAÇÃO DE PILAR OU VIGA DE ESTRUTURA CONVENCIONAL DE CONCRETO ARMADO UTILIZANDO AÇO CA-50 DE 16,0 MM - MONTAGEM. AF_06/2022","FUES - FUNDAÇÕES E ESTRUTURAS",null,"KG",{"v":8.38,"d":"8.3800000"},6.67,55.89]
["Composição Auxiliar"," 92765 ","SINAPI","ARMAÇÃO DE PILAR OU VIGA DE ESTRUTURA CONVENCIONAL DE CONCRETO ARMADO UTILIZANDO AÇO CA-50 DE 20,0 MM - MONTAGEM. AF_06/2022","FUES - FUNDAÇÕES E ESTRUTURAS",null,"KG",{"v":8.46,"d":"8.4600000"},7.57,64.04]
["Composição Auxiliar"," 92766 ","SINAPI","ARMAÇÃO DE PILAR OU VIGA DE ESTRUTURA CONVENCIONAL DE CONCRETO ARMADO UTILIZANDO AÇO CA-50 DE 25,0 MM - MONTAGEM. AF_06/2022","FUES - FUNDAÇÕES E ESTRUTURAS",null,"KG",{"v":1.75,"d":"1.7500000"},{"v":7.5,"d":"7.50"},13.12]
["Composição Auxiliar"," 92768 ","SINAPI","ARMAÇÃO DE LAJE DE ESTRUTURA CONVENCIONAL DE CONCRETO ARMADO UTILIZANDO AÇO CA-60 DE 5,0 MM - MONTAGEM. AF_06/2022","FUES - FUNDAÇÕES E ESTRUTURAS",null,"KG",{"v":3.28,"d":"3.2800000"},9.93,32.57]
["Composição Auxiliar"," 92769 ","SINAPI","ARMAÇÃO DE LAJE DE ESTRUTURA CONVENCIONAL DE CONCRETO ARMADO UTILIZANDO AÇO CA-50 DE 6,3 MM - MONTAGEM. AF_06/2022","FUES - FUNDAÇÕES E ESTRUTURAS",null,"KG",{"v":14.57,"d":"14.5700000"},9.35,136.22]
["Composição Auxiliar"," 92770 ","SINAPI","ARMAÇÃO DE LAJE DE ESTRUTURA CONVENCIONAL DE CONCRETO ARMADO UTILIZANDO AÇO CA-50 DE 8,0 MM - MONTAGEM. AF_06/2022","FUES - FUNDAÇÕES E ESTRUTURAS",null,"KG",{"v":11.44,"d":"11.4400000"},{"v":8.8,"d":"8.80"},100.67]
["Composição Auxiliar"," 92771 ","SINAPI","ARMAÇÃO DE LAJE DE ESTRUTURA CONVENCIONAL DE CONCRETO ARMADO UTILIZANDO AÇO CA-50 DE 10,0 MM - MONTAGEM. AF_06/2022","FUES - FUNDAÇÕES E ESTRUTURAS",null,"KG",{"v":9.97,"d":"9.9700000"},7.85,78.26]
["Composição Auxiliar"," 92772 ","SINAPI","ARMAÇÃO DE LAJE DE ESTRUTURA CONVENCIONAL DE CONCRETO ARMADO UTILIZANDO AÇO CA-50 DE 12,5 MM - MONTAGEM. AF_06/2022","FUES - FUNDAÇÕES E ESTRUTURAS",null,"KG",{"v":5.09,"d":"5.0900000"},{"v":6.6,"d":"6.60"},33.59]
["Composição Auxiliar"," 96533 ","SINAPI","FABRICAÇÃO, MONTAGEM E DESMONTAGEM DE FÔRMA PARA VIGA BALDRAME, EM MADEIRA SERRADA, E=25 MM, 2 UTILIZAÇÕES. AF_01/2024","FUES - FUNDAÇÕES E ESTRUTURAS",null,"m²",{"v":2.85,"d":"2.8500000"},{"v":92.4,"d":"92.40"},263.34]
["Composição Auxiliar"," 96543 ","SINAPI","ARMAÇÃO DE BLOCO UTILIZANDO AÇO CA-60 DE 5 MM - MONTAGEM. AF_01/2024","FUES - FUNDAÇÕES E ESTRUTURAS",null,"KG",{"v":1.07,"d":"1.0700000"},14.32,15.32]
["Composição Auxiliar"," 96544 ","SINAPI","ARMAÇÃO DE BLOCO UTILIZANDO AÇO CA-50 DE 6,3 MM - MONTAGEM. AF_01/2024","FUES - FUNDAÇÕES E ESTRUTURAS",null,"KG",{"v":0.09,"d":"0.0900000"},12.92,1.16]
["Composição Auxiliar"," 96545 ","SINAPI","ARMAÇÃO DE BLOCO UTILIZANDO AÇO CA-50 DE 8 MM - MONTAGEM. AF_01/2024","FUES - FUNDAÇÕES E ESTRUTURAS",null,"KG",{"v":2.85,"d":"2.8500000"},{"v":11.7,"d":"11.70"},33.34]
["Composição Auxiliar"," 96546 ","SINAPI","ARMAÇÃO DE BLOCO UTILIZANDO AÇO CA-50 DE 10 MM - MONTAGEM. AF_01/2024","FUES - FUNDAÇÕES E ESTRUTURAS",null,"KG",{"v":6.6,"d":"6.6000000"},10.24,67.58]
["Composição Auxiliar"," 96547 ","SINAPI","ARMAÇÃO DE BLOCO, VIGA BALDRAME OU SAPATA UTILIZANDO AÇO CA-50 DE 12,5 MM - MONTAGEM. AF_06/2017","FUES - FUNDAÇÕES E ESTRUTURAS",null,"KG",{"v":1.32,"d":"1.3200000"},7.98,10.53]
["Insumo"," 00001527 ","SINAPI","CONCRETO USINADO BOMBEAVEL, CLASSE DE RESISTENCIA C25, BRITA 0 E 1, SLUMP = 100 +/- 20 MM, COM BOMBEAMENTO (DISPONIBILIZACAO DE BOMBA), SEM O LANCAMENTO (NBR 8953)","Material",null,"m³",{"v":1.103,"d":"1.1030000"},467.84,516.02]
[{"$nulls":4},"MO sem LS =>",419.98,"LS =>",{"v":0,"d":"0.00"},"MO com LS =>",419.98]
[{"$nulls":4},"Valor do BDI =>",474.07,null,"Valor com BDI =>",null,{"v":2862.38,"d":"2,862.38"}]
[{"$nulls":6},"Quant. =>",{"v":20.75,"d":"20.7500000"},"Preço Total =>",{"v":59394.38,"d":"59,394.38"}]
[]
[" 3.3 ",null,null,"ALVENARIA DE ADEQUAÇÃO ESTRUTURAL",{"$nulls":5},{"v":12739.55,"d":"12,739.55"}]
[" 3.3.1 ","Código","Banco","Descrição","Tipo",null,"Und","Quant.","Valor Unit","Total"]
["Composição"," 0801000104 ","AGESUL","ALVENARIA DE ELEVACAO COM TIJOLO CERAMICO FURADO (9X19X19)CM, 1 VEZ (ESPESSURA DE 19CM), ASSENTADA COM ARGAMASSA MISTA DE CIMENTO, CAL HIDRATADA E AREIA SEM PENEIRAR, NO TRACO 1:2:8","ALVENARIA",null,"m²",{"v":1,"d":"1.0000000"},84.67,84.67]
["Insumo"," 6418 ","AGESUL","ARGAMASSA TRACO 1:2:8 (EM VOLUME DE CIMENTO, CAL E AREIA MEDIA UMIDA) PARA EMBOCO/MASSA UNICA/ASSENTAMENTO DE ALVENARIA DE VEDACAO, PREPARO MECANICO COM MISTURADOR DE EIXO HORIZONTAL DE 300 KG. AF_08/2019 - SINAPI - 87335","Material",null,"m³",{"v":0.0291,"d":"0.0291000"},449.45,13.07]
["Insumo"," 6552 ","AGESUL","BLOCO CERAMICO / TIJOLO VAZADO PARA ALVENARIA DE VEDACAO, 8 FUROS NA HORIZONTAL, DE 9 X 19 X 19 CM (L XA X C) - SINAPI - 00007271","Material",null,"UN",{"v":52.5,"d":"52.5000000"},0.67,35.17]
["Insumo"," 4011 ","AGESUL","PEDREIRO COM ENCARGOS COMPLEMENTARES - SINAPI - 88309","Mão de Obra",null,"H",{"v":1.14,"d":"1.1400000"},19.69,22.44]
["Insumo"," 4014 ","AGESUL","SERVENTE COM ENCARGOS COMPLEMENTARES - SINAPI - 88316","Mão de Obra",null,"H",{"v":0.88,"d":"0.8800000"},{"v":15.9,"d":"15.90"},13.99]
[{"$nulls":4},"MO sem LS =>",36.43,"LS =>",{"v":0,"d":"0.00"},"MO com LS =>",36.43]
[{"$nulls":4},"Valor do BDI =>",{"v":16.8,"d":"16.80"},null,"Valor com BDI =>",null,101.47]
[{"$nulls":6},"Quant. =>",{"v":125.55,"d":"125.5500000"},"Preço Total =>",{"v":12739.55,"d":"12,739.55"}]
[]
[" 4 ",null,null,"SUPERESTRUTURA",{"$nulls":5},{"v":156628.15,"d":"156,628.15"}]
[" 4.1 ",null,null,"CONCRETO ARMADO PARA SUPERESTRUTURAS - PILARES",{"$nulls":5},{"v":26620.13,"d":"26,620.13"}]
[" 4.1.1 ","Código","Banco","Descrição","Tipo",null,"Und","Quant.","Valor Unit","Total"]
["Composição"," 95957 ","SINAPI","(COMPOSIÇÃO REPRESENTATIVA) EXECUÇÃO DE ESTRUTURAS DE CONCRETO ARMADO, PARA EDIFICAÇÃO INSTITUCIONAL TÉRREA, FCK = 25 MPA. AF_01/2017","FUES - FUNDAÇÕES E ESTRUTURAS",null,"m³",{"v":1,"d":"1.0000000"},{"v":2388.31,"d":"2,388.31"},{"v":2388.31,"d":"2,388.31"}]
["Composição Auxiliar"," 103673 ","SINAPI","LANÇAMENTO COM USO DE BOMBA, ADENSAMENTO E ACABAMENTO DE CONCRETO EM ESTRUTURAS. AF_02/2022","FUES - FUNDAÇÕES E ESTRUTURAS",null,"m³",{"v":1,"d":"1.0000000"},29.22,29.22]
["Composição Auxiliar"," 92415 ","SINAPI","MONTAGEM E DESMONTAGEM DE FÔRMA DE PILARES RETANGULARES E ESTRUTURAS SIMILARES, PÉ-DIREITO SIMPLES, EM CHAPA DE MADEIRA COMPENSADA RESINADA, 2 UTILIZAÇÕES. AF_09/2020","FUES - FUNDAÇÕES E ESTRUTURAS",null,"m²",{"v":1.93,"d":"1.9300000"},102.41,197.65]
["Composição Auxiliar"," 92451 ","SINAPI","MONTAGEM E DESMONTAGEM DE FÔRMA DE VIGA, ESCORAMENTO COM GARFO DE MADEIRA, PÉ-DIREITO SIMPLES, EM CHAPA DE MADEIRA RESINADA, 2 UTILIZAÇÕES. AF_09/2020","FUES - FUNDAÇÕES E ESTRUTURAS",null,"m²",{"v":2.24,"d":"2.2400000"},147.09,329.48]
["Composição Auxiliar"," 92510 ","SINAPI","MONTAGEM E DESMONTAGEM DE FÔRMA DE LAJE MACIÇA, PÉ-DIREITO SIMPLES, EM CHAPA DE MADEIRA COMPENSADA RESINADA, 2 UTILIZAÇÕES. AF_09/2020","FUES - FUNDAÇÕES E ESTRUTURAS",null,"m²",{"v":4.97,"d":"4.9700000"},37.67,187.21]
["Composição Auxiliar"," 92759 ","SINAPI","ARMAÇÃO DE PILAR OU VIGA DE ESTRUTURA CONVENCIONAL DE CONCRETO ARMADO UTILIZANDO AÇO CA-60 DE 5,0 MM - MONTAGEM. AF_06/2022","FUES - FUNDAÇÕES E ESTRUTURAS",null,"KG",{"v":4.05,"d":"4.0500000"},10.28,41.63]
["Composição Auxiliar"," 92760 ","SINAPI","ARMAÇÃO DE PILAR OU VIGA DE ESTRUTURA CONVENCIONAL DE CONCRETO ARMADO UTILIZANDO AÇO CA-50 DE 6,3 MM - MONTAGEM. AF_06/2022","FUES - FUNDAÇÕES E ESTRUTURAS",null,"KG",{"v":2.3,"d":"2.3000000"},9.71,22.33]
["Composição Auxiliar"," 92761 ","SINAPI","ARMAÇÃO DE PILAR OU VIGA DE ESTRUTURA CONVENCIONAL DE CONCRETO ARMADO UTILIZANDO AÇO CA-50 DE 8,0 MM - MONTAGEM. AF_06/2022","FUES - FUNDAÇÕES E ESTRUTURAS",null,"KG",{"v":1.6,"d":"1.6000000"},9.15,14.64]
["Composição Auxiliar"," 92762 ","SINAPI","ARMAÇÃO DE PILAR OU VIGA DE ESTRUTURA CONVENCIONAL DE CONCRETO ARMADO UTILIZANDO AÇO CA-50 DE 10,0 MM - MONTAGEM. AF_06/2022","FUES - FUNDAÇÕES E ESTRUTURAS",null,"KG",{"v":12.73,"d":"12.7300000"},8.18,104.13]
["Composição Auxiliar"," 92763 ","SINAPI","ARMAÇÃO DE PILAR OU VIGA DE ESTRUTURA CONVENCIONAL DE CONCRETO ARMADO UTILIZANDO AÇO CA-50 DE 12,5 MM - MONTAGEM. AF_06/2022","FUES - FUNDAÇÕES E ESTRUTURAS",null,"KG",{"v":5.86,"d":"5.8600000"},6.89,40.37]
["Composição Auxiliar"," 92764 ","SINAPI","ARMAÇÃO DE PILAR OU VIGA DE ESTRUTURA CONVENCIONAL DE CONCRETO ARMADO UTILIZANDO AÇO CA-50 DE 16,0 MM - MONTAGEM. AF_06/2022","FUES - FUNDAÇÕES E ESTRUTURAS",null,"KG",{"v":8.38,"d":"8.3800000"},6.67,55.89]
["Composição Auxiliar"," 92765 ","SINAPI","ARMAÇÃO DE PILAR OU VIGA DE ESTRUTURA CONVENCIONAL DE CONCRETO ARMADO UTILIZANDO AÇO CA-50 DE 20,0 MM - MONTAGEM. AF_06/2022","FUES - FUNDAÇÕES E ESTRUTURAS",null,"KG",{"v":8.46,"d":"8.4600000"},7.57,64.04]
["Composição Auxiliar"," 92766 ","SINAPI","ARMAÇÃO DE PILAR OU VIGA DE ESTRUTURA CONVENCIONAL DE CONCRETO ARMADO UTILIZANDO AÇO CA-50 DE 25,0 MM - MONTAGEM. AF_06/2022","FUES - FUNDAÇÕES E ESTRUTURAS",null,"KG",{"v":1.75,"d":"1.7500000"},{"v":7.5,"d":"7.50"},13.12]
["Composição Auxiliar"," 92768 ","SINAPI","ARMAÇÃO DE LAJE DE ESTRUTURA CONVENCIONAL DE CONCRETO ARMADO UTILIZANDO AÇO CA-60 DE 5,0 MM - MONTAGEM. AF_06/2022","FUES - FUNDAÇÕES E ESTRUTURAS",null,"KG",{"v":3.28,"d":"3.2800000"},9.93,32.57]
["Composição Auxiliar"," 92769 ","SINAPI","ARMAÇÃO DE LAJE DE ESTRUTURA CONVENCIONAL DE CONCRETO ARMADO UTILIZANDO AÇO CA-50 DE 6,3 MM - MONTAGEM. AF_06/2022","FUES - FUNDAÇÕES E ESTRUTURAS",null,"KG",{"v":14.57,"d":"14.5700000"},9.35,136.22]
["Composição Auxiliar"," 92770 ","SINAPI","ARMAÇÃO DE LAJE DE ESTRUTURA CONVENCIONAL DE CONCRETO ARMADO UTILIZANDO AÇO CA-50 DE 8,0 MM - MONTAGEM. AF_06/2022","FUES - FUNDAÇÕES E ESTRUTURAS",null,"KG",{"v":11.44,"d":"11.4400000"},{"v":8.8,"d":"8.80"},100.67]
["Composição Auxiliar"," 92771 ","SINAPI","ARMAÇÃO DE LAJE DE ESTRUTURA CONVENCIONAL DE CONCRETO ARMADO UTILIZANDO AÇO CA-50 DE 10,0 MM - MONTAGEM. AF_06/2022","FUES - FUNDAÇÕES E ESTRUTURAS",null,"KG",{"v":9.97,"d":"9.9700000"},7.85,78.26]
["Composição Auxiliar"," 92772 ","SINAPI","ARMAÇÃO DE LAJE DE ESTRUTURA CONVENCIONAL DE CONCRETO ARMADO UTILIZANDO AÇO CA-50 DE 12,5 MM - MONTAGEM. AF_06/2022","FUES - FUNDAÇÕES E ESTRUTURAS",null,"KG",{"v":5.09,"d":"5.0900000"},{"v":6.6,"d":"6.60"},33.59]
["Composição Auxiliar"," 96533 ","SINAPI","FABRICAÇÃO, MONTAGEM E DESMONTAGEM DE FÔRMA PARA VIGA BALDRAME, EM MADEIRA SERRADA, E=25 MM, 2 UTILIZAÇÕES. AF_01/2024","FUES - FUNDAÇÕES E ESTRUTURAS",null,"m²",{"v":2.85,"d":"2.8500000"},{"v":92.4,"d":"92.40"},263.34]
["Composição Auxiliar"," 96543 ","SINAPI","ARMAÇÃO DE BLOCO UTILIZANDO AÇO CA-60 DE 5 MM - MONTAGEM. AF_01/2024","FUES - FUNDAÇÕES E ESTRUTURAS",null,"KG",{"v":1.07,"d":"1.0700000"},14.32,15.32]
["Composição Auxiliar"," 96544 ","SINAPI","ARMAÇÃO DE BLOCO UTILIZANDO AÇO CA-50 DE 6,3 MM - MONTAGEM. AF_01/2024","FUES - FUNDAÇÕES E ESTRUTURAS",null,"KG",{"v":0.09,"d":"0.0900000"},12.92,1.16]
["Composição Auxiliar"," 96545 ","SINAPI","ARMAÇÃO DE BLOCO UTILIZANDO AÇO CA-50 DE 8 MM - MONTAGEM. AF_01/2024","FUES - FUNDAÇÕES E ESTRUTURAS",null,"KG",{"v":2.85,"d":"2.8500000"},{"v":11.7,"d":"11.70"},33.34]
["Composição Auxiliar"," 96546 ","SINAPI","ARMAÇÃO DE BLOCO UTILIZANDO AÇO CA-50 DE 10 MM - MONTAGEM. AF_01/2024","FUES - FUNDAÇÕES E ESTRUTURAS",null,"KG",{"v":6.6,"d":"6.6000000"},10.24,67.58]
["Composição Auxiliar"," 96547 ","SINAPI","ARMAÇÃO DE BLOCO, VIGA BALDRAME OU SAPATA UTILIZANDO AÇO CA-50 DE 12,5 MM - MONTAGEM. AF_06/2017","FUES - FUNDAÇÕES E ESTRUTURAS",null,"KG",{"v":1.32,"d":"1.3200000"},7.98,10.53]
["Insumo"," 00001527 ","SINAPI","CONCRETO USINADO BOMBEAVEL, CLASSE DE RESISTENCIA C25, BRITA 0 E 1, SLUMP = 100 +/- 20 MM, COM BOMBEAMENTO (DISPONIBILIZACAO DE BOMBA), SEM O LANCAMENTO (NBR 8953)","Material",null,"m³",{"v":1.103,"d":"1.1030000"},467.84,516.02]
[{"$nulls":4},"MO sem LS =>",419.98,"LS =>",{"v":0,"d":"0.00"},"MO com LS =>",419.98]
[{"$nulls":4},"Valor do BDI =>",474.07,null,"Valor com BDI =>",null,{"v":2862.38,"d":"2,862.38"}]
[{"$nulls":6},"Quant. =>",{"v":9.3,"d":"9.3000000"},"Preço Total =>",{"v":26620.13,"d":"26,620.13"}]
[]
[" 4.2 ",null,null,"CONCRETO ARMADO PARA SUPERESTRUTURAS - VIGAS DE RESPALDO",{"$nulls":5},{"v":59394.38,"d":"59,394.38"}]
[" 4.2.1 ","Código","Banco","Descrição","Tipo",null,"Und","Quant.","Valor Unit","Total"]
["Composição"," 95957 ","SINAPI","(COMPOSIÇÃO REPRESENTATIVA) EXECUÇÃO DE ESTRUTURAS DE CONCRETO ARMADO, PARA EDIFICAÇÃO INSTITUCIONAL TÉRREA, FCK = 25 MPA. AF_01/2017","FUES - FUNDAÇÕES E ESTRUTURAS",null,"m³",{"v":1,"d":"1.0000000"},{"v":2388.31,"d":"2,388.31"},{"v":2388.31,"d":"2,388.31"}]
["Composição Auxiliar"," 103673 ","SINAPI","LANÇAMENTO COM USO DE BOMBA, ADENSAMENTO E ACABAMENTO DE CONCRETO EM ESTRUTURAS. AF_02/2022","FUES - FUNDAÇÕES E ESTRUTURAS",null,"m³",{"v":1,"d":"1.0000000"},29.22,29.22]
["Composição Auxiliar"," 92415 ","SINAPI","MONTAGEM E DESMONTAGEM DE FÔRMA DE PILARES RETANGULARES E ESTRUTURAS SIMILARES, PÉ-DIREITO SIMPLES, EM CHAPA DE MADEIRA COMPENSADA RESINADA, 2 UTILIZAÇÕES. AF_09/2020","FUES - FUNDAÇÕES E ESTRUTURAS",null,"m²",{"v":1.93,"d":"1.9300000"},102.41,197.65]
["Composição Auxiliar"," 92451 ","SINAPI","MONTAGEM E DESMONTAGEM DE FÔRMA DE VIGA, ESCORAMENTO COM GARFO DE MADEIRA, PÉ-DIREITO SIMPLES, EM CHAPA DE MADEIRA RESINADA, 2 UTILIZAÇÕES. AF_09/2020","FUES - FUNDAÇÕES E ESTRUTURAS",null,"m²",{"v":2.24,"d":"2.2400000"},147.09,329.48]
["Composição Auxiliar"," 92510 ","SINAPI","MONTAGEM E DESMONTAGEM DE FÔRMA DE LAJE MACIÇA, PÉ-DIREITO SIMPLES, EM CHAPA DE MADEIRA COMPENSADA RESINADA, 2 UTILIZAÇÕES. AF_09/2020","FUES - FUNDAÇÕES E ESTRUTURAS",null,"m²",{"v":4.97,"d":"4.9700000"},37.67,187.21]
["Composição Auxiliar"," 92759 ","SINAPI","ARMAÇÃO DE PILAR OU VIGA DE ESTRUTURA CONVENCIONAL DE CONCRETO ARMADO UTILIZANDO AÇO CA-60 DE 5,0 MM - MONTAGEM. AF_06/2022","FUES - FUNDAÇÕES E ESTRUTURAS",null,"KG",{"v":4.05,"d":"4.0500000"},10.28,41.63]
["Composição Auxiliar"," 92760 ","SINAPI","ARMAÇÃO DE PILAR OU VIGA DE ESTRUTURA CONVENCIONAL DE CONCRETO ARMADO UTILIZANDO AÇO CA-50 DE 6,3 MM - MONTAGEM. AF_06/2022","FUES - FUNDAÇÕES E ESTRUTURAS",null,"KG",{"v":2.3,"d":"2.3000000"},9.71,22.33]
["Composição Auxiliar"," 92761 ","SINAPI","ARMAÇÃO DE PILAR OU VIGA DE ESTRUTURA CONVENCIONAL DE CONCRETO ARMADO UTILIZANDO AÇO CA-50 DE 8,0 MM - MONTAGEM. AF_06/2022","FUES - FUNDAÇÕES E ESTRUTURAS",null,"KG",{"v":1.6,"d":"1.6000000"},9.15,14.64]
["Composição Auxiliar"," 92762 ","SINAPI","ARMAÇÃO DE PILAR OU VIGA DE ESTRUTURA CONVENCIONAL DE CONCRETO ARMADO UTILIZANDO AÇO CA-50 DE 10,0 MM - MONTAGEM. AF_06/2022","FUES - FUNDAÇÕES E ESTRUTURAS",null,"KG",{"v":12.73,"d":"12.7300000"},8.18,104.13]
["Composição Auxiliar"," 92763 ","SINAPI","ARMAÇÃO DE PILAR OU VIGA DE ESTRUTURA CONVENCIONAL DE CONCRETO ARMADO UTILIZANDO AÇO CA-50 DE 12,5 MM - MONTAGEM. AF_06/2022","FUES - FUNDAÇÕES E ESTRUTURAS",null,"KG",{"v":5.86,"d":"5.8600000"},6.89,40.37]
["Composição Auxiliar"," 92764 ","SINAPI","ARMAÇÃO DE PILAR OU VIGA DE ESTRUTURA CONVENCIONAL DE CONCRETO ARMADO UTILIZANDO AÇO CA-50 DE 16,0 MM - MONTAGEM. AF_06/2022","FUES - FUNDAÇÕES E ESTRUTURAS",null,"KG",{"v":8.38,"d":"8.3800000"},6.67,55.89]
["Composição Auxiliar"," 92765 ","SINAPI","ARMAÇÃO DE PILAR OU VIGA DE ESTRUTURA CONVENCIONAL DE CONCRETO ARMADO UTILIZANDO AÇO CA-50 DE 20,0 MM - MONTAGEM. AF_06/2022","FUES - FUNDAÇÕES E ESTRUTURAS",null,"KG",{"v":8.46,"d":"8.4600000"},7.57,64.04]
["Composição Auxiliar"," 92766 ","SINAPI","ARMAÇÃO DE PILAR OU VIGA DE ESTRUTURA CONVENCIONAL DE CONCRETO ARMADO UTILIZANDO AÇO CA-50 DE 25,0 MM - MONTAGEM. AF_06/2022","FUES - FUNDAÇÕES E ESTRUTURAS",null,"KG",{"v":1.75,"d":"1.7500000"},{"v":7.5,"d":"7.50"},13.12]
["Composição Auxiliar"," 92768 ","SINAPI","ARMAÇÃO DE LAJE DE ESTRUTURA CONVENCIONAL DE CONCRETO ARMADO UTILIZANDO AÇO CA-60 DE 5,0 MM - MONTAGEM. AF_06/2022","FUES - FUNDAÇÕES E ESTRUTURAS",null,"KG",{"v":3.28,"d":"3.2800000"},9.93,32.57]
["Composição Auxiliar"," 92769 ","SINAPI","ARMAÇÃO DE LAJE DE ESTRUTURA CONVENCIONAL DE CONCRETO ARMADO UTILIZANDO AÇO CA-50 DE 6,3 MM - MONTAGEM. AF_06/2022","FUES - FUNDAÇÕES E ESTRUTURAS",null,"KG",{"v":14.57,"d":"14.5700000"},9.35,136.22]
["Composição Auxiliar"," 92770 ","SINAPI","ARMAÇÃO DE LAJE DE ESTRUTURA CONVENCIONAL DE CONCRETO ARMADO UTILIZANDO AÇO CA-50 DE 8,0 MM - MONTAGEM. AF_06/2022","FUES - FUNDAÇÕES E ESTRUTURAS",null,"KG",{"v":11.44,"d":"11.4400000"},{"v":8.8,"d":"8.80"},100.67]
["Composição Auxiliar"," 92771 ","SINAPI","ARMAÇÃO DE LAJE DE ESTRUTURA CONVENCIONAL DE CONCRETO ARMADO UTILIZANDO AÇO CA-50 DE 10,0 MM - MONTAGEM. AF_06/2022","FUES - FUNDAÇÕES E ESTRUTURAS",null,"KG",{"v":9.97,"d":"9.9700000"},7.85,78.26]
["Composição Auxiliar"," 92772 ","SINAPI","ARMAÇÃO DE LAJE DE ESTRUTURA CONVENCIONAL DE CONCRETO ARMADO UTILIZANDO AÇO CA-50 DE 12,5 MM - MONTAGEM. AF_06/2022","FUES - FUNDAÇÕES E ESTRUTURAS",null,"KG",{"v":5.09,"d":"5.0900000"},{"v":6.6,"d":"6.60"},33.59]
["Composição Auxiliar"," 96533 ","SINAPI","FABRICAÇÃO, MONTAGEM E DESMONTAGEM DE FÔRMA PARA VIGA BALDRAME, EM MADEIRA SERRADA, E=25 MM, 2 UTILIZAÇÕES. AF_01/2024","FUES - FUNDAÇÕES E ESTRUTURAS",null,"m²",{"v":2.85,"d":"2.8500000"},{"v":92.4,"d":"92.40"},263.34]
["Composição Auxiliar"," 96543 ","SINAPI","ARMAÇÃO DE BLOCO UTILIZANDO AÇO CA-60 DE 5 MM - MONTAGEM. AF_01/2024","FUES - FUNDAÇÕES E ESTRUTURAS",null,"KG",{"v":1.07,"d":"1.0700000"},14.32,15.32]
["Composição Auxiliar"," 96544 ","SINAPI","ARMAÇÃO DE BLOCO UTILIZANDO AÇO CA-50 DE 6,3 MM - MONTAGEM. AF_01/2024","FUES - FUNDAÇÕES E ESTRUTURAS",null,"KG",{"v":0.09,"d":"0.0900000"},12.92,1.16]
["Composição Auxiliar"," 96545 ","SINAPI","ARMAÇÃO DE BLOCO UTILIZANDO AÇO CA-50 DE 8 MM - MONTAGEM. AF_01/2024","FUES - FUNDAÇÕES E ESTRUTURAS",null,"KG",{"v":2.85,"d":"2.8500000"},{"v":11.7,"d":"11.70"},33.34]
["Composição Auxiliar"," 96546 ","SINAPI","ARMAÇÃO DE BLOCO UTILIZANDO AÇO CA-50 DE 10 MM - MONTAGEM. AF_01/2024","FUES - FUNDAÇÕES E ESTRUTURAS",null,"KG",{"v":6.6,"d":"6.6000000"},10.24,67.58]
["Composição Auxiliar"," 96547 ","SINAPI","ARMAÇÃO DE BLOCO, VIGA BALDRAME OU SAPATA UTILIZANDO AÇO CA-50 DE 12,5 MM - MONTAGEM. AF_06/2017","FUES - FUNDAÇÕES E ESTRUTURAS",null,"KG",{"v":1.32,"d":"1.3200000"},7.98,10.53]
["Insumo"," 00001527 ","SINAPI","CONCRETO USINADO BOMBEAVEL, CLASSE DE RESISTENCIA C25, BRITA 0 E 1, SLUMP = 100 +/- 20 MM, COM BOMBEAMENTO (DISPONIBILIZACAO DE BOMBA), SEM O LANCAMENTO (NBR 8953)","Material",null,"m³",{"v":1.103,"d":"1.1030000"},467.84,516.02]
[{"$nulls":4},"MO sem LS =>",419.98,"LS =>",{"v":0,"d":"0.00"},"MO com LS =>",419.98]
[{"$nulls":4},"Valor do BDI =>",474.07,null,"Valor com BDI =>",null,{"v":2862.38,"d":"2,862.38"}]
[{"$nulls":6},"Quant. =>",{"v":20.75,"d":"20.7500000"},"Preço Total =>",{"v":59394.38,"d":"59,394.38"}]
[]
[" 4.3 ",null,null,"CONCRETO ARMADO PARA SUPERESTRUTURAS - VERGAS",{"$nulls":5},{"v":5864.3,"d":"5,864.30"}]
[" 4.3.1 ","Código","Banco","Descrição","Tipo",null,"Und","Quant.","Valor Unit","Total"]
["Composição"," 93182 ","SINAPI","VERGA PRÉ-MOLDADA PARA JANELAS COM ATÉ 1,5 M DE VÃO. AF_03/2016","FUES - FUNDAÇÕES E ESTRUTURAS",null,"M",{"v":1,"d":"1.0000000"},34.81,34.81]
["Composição Auxiliar"," 87294 ","SINAPI","ARGAMASSA TRAÇO 1:2:9 (EM VOLUME DE CIMENTO, CAL E AREIA MÉDIA ÚMIDA) PARA EMBOÇO/MASSA ÚNICA/ASSENTAMENTO DE ALVENARIA DE VEDAÇÃO, PREPARO MECÂNICO COM BETONEIRA 600 L. AF_08/2019","SEDI - SERVIÇOS DIVERSOS",null,"m³",{"v":1.9E-3,"d":"0.0019000"},408.11,0.77]
["Composição Auxiliar"," 88309 ","SINAPI","PEDREIRO COM ENCARGOS COMPLEMENTARES","SEDI - SERVIÇOS DIVERSOS",null,"H",{"v":0.084,"d":"0.0840000"},19.45,1.63]
["Composição Auxiliar"," 88316 ","SINAPI","SERVENTE COM ENCARGOS COMPLEMENTARES","SEDI - SERVIÇOS DIVERSOS",null,"H",{"v":0.102,"d":"0.1020000"},15.22,1.55]
["Composição Auxiliar"," 92270 ","SINAPI","FABRICAÇÃO DE FÔRMA PARA VIGAS, COM MADEIRA SERRADA, E = 25 MM. AF_09/2020","FUES - FUNDAÇÕES E ESTRUTURAS",null,"m²",{"v":0.17,"d":"0.1700000"},117.67,{"v":20,"d":"20.00"}]
["Composição Auxiliar"," 92801 ","SINAPI","CORTE E DOBRA DE AÇO CA-50, DIÂMETRO DE 6,3 MM. AF_06/2022","FUES - FUNDAÇÕES E ESTRUTURAS",null,"KG",{"v":0.49,"d":"0.4900000"},7.34,3.59]
["Composição Auxiliar"," 94970 ","SINAPI","CONCRETO FCK = 20MPA, TRAÇO 1:2,7:3 (EM MASSA SECA DE CIMENTO/ AREIA MÉDIA/ BRITA 1) - PREPARO MECÂNICO COM BETONEIRA 600 L. AF_05/2021","FUES - FUNDAÇÕES E ESTRUTURAS",null,"m³",{"v":0.018,"d":"0.0180000"},{"v":345.4,"d":"345.40"},6.21]
["Insumo"," 00002692 ","SINAPI","DESMOLDANTE PROTETOR PARA FORMAS DE MADEIRA, DE BASE OLEOSA EMULSIONADA EM AGUA","Material",null,"L",{"v":0.006,"d":"0.0060000"},7.23,0.04]
["Insumo"," 00039017 ","SINAPI","ESPACADOR / DISTANCIADOR CIRCULAR COM ENTRADA LATERAL, EM PLASTICO, PARA VERGALHAO *4,2 A 12,5* MM, COBRIMENTO 20 MM","Material",null,"UN",{"v":6,"d":"6.0000000"},0.17,1.02]
[{"$nulls":4},"MO sem LS =>",6.44,"LS =>",{"v":0,"d":"0.00"},"MO com LS =>",6.44]
[{"$nulls":4},"Valor do BDI =>",{"v":6.9,"d":"6.90"},null,"Valor com BDI =>",null,41.71]
[{"$nulls":6},"Quant. =>",{"v":43.9,"d":"43.9000000"},"Preço Total =>",{"v":1831.06,"d":"1,831.06"}]
[]
[" 4.3.2 ","Código","Banco","Descrição","Tipo",null,"Und","Quant.","Valor Unit","Total"]
["Composição"," 93184 ","SINAPI","VERGA PRÉ-MOLDADA COM ATÉ 1,5 M DE VÃO, ESPESSURA DE *20* CM. AF_03/2024","FUES - FUNDAÇÕES E ESTRUTURAS",null,"M",{"v":1,"d":"1.0000000"},{"v":20.2,"d":"20.20"},{"v":20.2,"d":"20.20"}]
["Composição Auxiliar"," 87294 ","SINAPI","ARGAMASSA TRAÇO 1:2:9 (EM VOLUME DE CIMENTO, CAL E AREIA MÉDIA ÚMIDA) PARA EMBOÇO/MASSA ÚNICA/ASSENTAMENTO DE ALVENARIA DE VEDAÇÃO, PREPARO MECÂNICO COM BETONEIRA 600 L. AF_08/2019","SEDI - SERVIÇOS DIVERSOS",null,"m³",{"v":1.9E-3,"d":"0.0019000"},408.11,0.77]
["Composição Auxiliar"," 88309 ","SINAPI","PEDREIRO COM ENCARGOS COMPLEMENTARES","SEDI - SERVIÇOS DIVERSOS",null,"H",{"v":0.056,"d":"0.0560000"},19.45,1.08]
["Composição Auxiliar"," 88316 ","SINAPI","SERVENTE COM ENCARGOS COMPLEMENTARES","SEDI - SERVIÇOS DIVERSOS",null,"H",{"v":0.089,"d":"0.0890000"},15.22,1.35]
["Composição Auxiliar"," 92270 ","SINAPI","FABRICAÇÃO DE FÔRMA PARA VIGAS, COM MADEIRA SERRADA, E = 25 MM. AF_09/2020","FUES - FUNDAÇÕES E ESTRUTURAS",null,"m²",{"v":0.042,"d":"0.0420000"},117.67,4.94]
["Composição Auxiliar"," 92801 ","SINAPI","CORTE E DOBRA DE AÇO CA-50, DIÂMETRO DE 6,3 MM. AF_06/2022","FUES - FUNDAÇÕES E ESTRUTURAS",null,"KG",{"v":0.49,"d":"0.4900000"},7.34,3.59]
["Composição Auxiliar"," 94964 ","SINAPI","CONCRETO FCK = 20MPA, TRAÇO 1:2,7:3 (EM MASSA SECA DE CIMENTO/ AREIA MÉDIA/ BRITA 1) - PREPARO MECÂNICO COM BETONEIRA 400 L. AF_05/2021","FUES - FUNDAÇÕES E ESTRUTURAS",null,"m³",{"v":0.021,"d":"0.0210000"},353.31,7.41]
["Insumo"," 00002692 ","SINAPI","DESMOLDANTE PROTETOR PARA FORMAS DE MADEIRA, DE BASE OLEOSA EMULSIONADA EM AGUA","Material",null,"L",{"v":0.006,"d":"0.0060000"},7.23,0.04]
["Insumo"," 00039017 ","SINAPI","ESPACADOR / DISTANCIADOR CIRCULAR COM ENTRADA LATERAL, EM PLASTICO, PARA VERGALHAO *4,2 A 12,5* MM, COBRIMENTO 20 MM","Material",null,"UN",{"v":6,"d":"6.0000000"},0.17,1.02]
[{"$nulls":4},"MO sem LS =>",3.83,"LS =>",{"v":0,"d":"0.00"},"MO com LS =>",3.83]
[{"$nulls":4},"Valor do BDI =>",{"v":4,"d":"4.00"},null,"Valor com BDI =>",null,{"v":24.2,"d":"24.20"}]
[{"$nulls":6},"Quant. =>",{"v":84.36,"d":"84.3600000"},"Preço Total =>",{"v":2041.51,"d":"2,041.51"}]
[]
[" 4.3.3 ","Código","Banco","Descrição","Tipo",null,"Und","Quant.","Valor Unit","Total"]
["Composição"," 93194 ","SINAPI","CONTRAVERGA PRÉ-MOLDADA, ESPESSURA DE *20* CM. AF_03/2024","FUES - FUNDAÇÕES E ESTRUTURAS",null,"M",{"v":1,"d":"1.0000000"},{"v":19.7,"d":"19.70"},{"v":19.7,"d":"19.70"}]
["Composição Auxiliar"," 87294 ","SINAPI","ARGAMASSA TRAÇO 1:2:9 (EM VOLUME DE CIMENTO, CAL E AREIA MÉDIA ÚMIDA) PARA EMBOÇO/MASSA ÚNICA/ASSENTAMENTO DE ALVENARIA DE VEDAÇÃO, PREPARO MECÂNICO COM BETONEIRA 600 L. AF_08/2019","SEDI - SERVIÇOS DIVERSOS",null,"m³",{"v":1.9E-3,"d":"0.0019000"},408.11,0.77]
["Composição Auxiliar"," 88309 ","SINAPI","PEDREIRO COM ENCARGOS COMPLEMENTARES","SEDI - SERVIÇOS DIVERSOS",null,"H",{"v":0.051,"d":"0.0510000"},19.45,0.99]
["Composição Auxiliar"," 88316 ","SINAPI","SERVENTE COM ENCARGOS COMPLEMENTARES","SEDI - SERVIÇOS DIVERSOS",null,"H",{"v":0.086,"d":"0.0860000"},15.22,{"v":1.3,"d":"1.30"}]
["Composição Auxiliar"," 92270 ","SINAPI","FABRICAÇÃO DE FÔRMA PARA VIGAS, COM MADEIRA SERRADA, E = 25 MM. AF_09/2020","FUES - FUNDAÇÕES E ESTRUTURAS",null,"m²",{"v":0.039,"d":"0.0390000"},117.67,4.58]
["Composição Auxiliar"," 92801 ","SINAPI","CORTE E DOBRA DE AÇO CA-50, DIÂMETRO DE 6,3 MM. AF_06/2022","FUES - FUNDAÇÕES E ESTRUTURAS",null,"KG",{"v":0.49,"d":"0.4900000"},7.34,3.59]
["Composição Auxiliar"," 94964 ","SINAPI","CONCRETO FCK = 20MPA, TRAÇO 1:2,7:3 (EM MASSA SECA DE CIMENTO/ AREIA MÉDIA/ BRITA 1) - PREPARO MECÂNICO COM BETONEIRA 400 L. AF_05/2021","FUES - FUNDAÇÕES E ESTRUTURAS",null,"m³",{"v":0.021,"d":"0.0210000"},353.31,7.41]
["Insumo"," 00002692 ","SINAPI","DESMOLDANTE PROTETOR PARA FORMAS DE MADEIRA, DE BASE OLEOSA EMULSIONADA EM AGUA","Material",null,"L",{"v":0.006,"d":"0.0060000"},7.23,0.04]
["Insumo"," 00039017 ","SINAPI","ESPACADOR / DISTANCIADOR CIRCULAR COM ENTRADA LATERAL, EM PLASTICO, PARA VERGALHAO *4,2 A 12,5* MM, COBRIMENTO 20 MM","Material",null,"UN",{"v":6,"d":"6.0000000"},0.17,1.02]
[{"$nulls":4},"MO sem LS =>",3.67,"LS =>",{"v":0,"d":"0.00"},"MO com LS =>",3.67]
[{"$nulls":4},"Valor do BDI =>",3.91,null,"Valor com BDI =>",null,23.61]
[{"$nulls":6},"Quant. =>",{"v":84.36,"d":"84.3600000"},"Preço Total =>",{"v":1991.73,"d":"1,991.73"}]
[]
[" 4.4 ",null,null,"LAJE PRÉ-MOLDADA",{"$nulls":5},{"v":64749.34,"d":"64,749.34"}]
[" 4.4.1 ","Código","Banco","Descrição","Tipo",null,"Und","Quant.","Valor Unit","Total"]
["Composição"," 101964 ","SINAPI","LAJE PRÉ-MOLDADA UNIDIRECIONAL, BIAPOIADA, PARA FORRO, ENCHIMENTO EM CERÂMICA, VIGOTA CONVENCIONAL, ALTURA TOTAL DA LAJE (ENCHIMENTO+CAPA) = (8+3). AF_11/2020_PA","FUES - FUNDAÇÕES E ESTRUTURAS",null,"m²",{"v":1,"d":"1.0000000"},128.74,128.74]
["Composição Auxiliar"," 103674 ","SINAPI","CONCRETAGEM DE VIGAS E LAJES, FCK=25 MPA, PARA LAJES PREMOLDADAS COM USO DE BOMBA - LANÇAMENTO, ADENSAMENTO E ACABAMENTO. AF_02/2022_PS","FUES - FUNDAÇÕES E ESTRUTURAS",null,"m³",{"v":0.044,"d":"0.0440000"},559.71,24.62]
["Composição Auxiliar"," 88262 ","SINAPI","CARPINTEIRO DE FORMAS COM ENCARGOS COMPLEMENTARES","SEDI - SERVIÇOS DIVERSOS",null,"H",{"v":0.501,"d":"0.5010000"},19.05,9.54]
["Composição Auxiliar"," 88316 ","SINAPI","SERVENTE COM ENCARGOS COMPLEMENTARES","SEDI - SERVIÇOS DIVERSOS",null,"H",{"v":0.354,"d":"0.3540000"},15.22,5.38]
["Composição Auxiliar"," 92273 ","SINAPI","FABRICAÇÃO DE ESCORAS DO TIPO PONTALETE, EM MADEIRA, PARA PÉ-DIREITO SIMPLES. AF_09/2020","FUES - FUNDAÇÕES E ESTRUTURAS",null,"M",{"v":0.97,"d":"0.9700000"},17.74,{"v":17.2,"d":"17.20"}]
["Composição Auxiliar"," 92767 ","SINAPI","ARMAÇÃO DE LAJE DE ESTRUTURA CONVENCIONAL DE CONCRETO ARMADO UTILIZANDO AÇO CA-60 DE 4,2 MM - MONTAGEM. AF_06/2022","FUES - FUNDAÇÕES E ESTRUTURAS",null,"KG",{"v":0.991,"d":"0.9910000"},11.28,11.17]
["Insumo"," 00003736 ","SINAPI","LAJE PRE-MOLDADA CONVENCIONAL (LAJOTAS + VIGOTAS) PARA FORRO, UNIDIRECIONAL, SOBRECARGA DE 100 KG/M2, VAO ATE 4,00 M (SEM COLOCACAO)","Material",null,"m²",{"v":1,"d":"1.0000000"},38.13,38.13]
["Insumo"," 00006193 ","SINAPI","TABUA NAO APARELHADA *2,5 X 20* CM, EM MACARANDUBA/MASSARANDUBA, ANGELIM OU EQUIVALENTE DA REGIAO - BRUTA","Material",null,"M",{"v":1.87,"d":"1.8700000"},11.72,21.91]
["Insumo"," 00040304 ","SINAPI","PREGO DE ACO POLIDO COM CABECA DUPLA 17 X 27 (2 1/2 X 11)","Material",null,"KG",{"v":0.04,"d":"0.0400000"},19.84,0.79]
[{"$nulls":4},"MO sem LS =>",18.35,"LS =>",{"v":0,"d":"0.00"},"MO com LS =>",18.35]
[{"$nulls":4},"Valor do BDI =>",25.55,null,"Valor com BDI =>",null,154.29]
[{"$nulls":6},"Quant. =>",{"v":419.66,"d":"419.6600000"},"Preço Total =>",{"v":64749.34,"d":"64,749.34"}]
[]
[" 5 ",null,null,"PAREDES E PAINEIS",{"$nulls":5},{"v":91359.01,"d":"91,359.01"}]
[" 5.1 ",null,null,"ELEMENTOS VAZADOS",{"$nulls":5},{"v":7029.48,"d":"7,029.48"}]
[" 5.1.1 ","Código","Banco","Descrição","Tipo",null,"Und","Quant.","Valor Unit","Total"]
["Composição"," 050112 ","IOPES","Cobogó de concreto 40 x 40 x 10 cm, tipo reto, assentados com argamassa de cimento e areia no traço 1","ALVENARIA DE VEDAÇÃO",null,"m²",{"v":1,"d":"1.0000000"},{"v":133.4,"d":"133.40"},{"v":133.4,"d":"133.40"}]
["Insumo"," 010139 ","IOPES","PEDREIRO (OFICIAL - SINDUSCON)","Mão de Obra",null,"H",{"v":2.25,"d":"2.2500000"},17.96,40.41]
["Insumo"," 010146 ","IOPES","SERVENTE (AUXILIAR DE OBRAS - SINDUSCON)","Mão de Obra",null,"H",{"v":1.294,"d":"1.2940000"},13.34,17.26]
["Insumo"," 020503 ","IOPES","AREIA LAVADA MEDIA","Material",null,"m³",{"v":8.6E-3,"d":"0.0086000"},{"v":110.6,"d":"110.60"},0.95]
["Insumo"," 020508 ","IOPES","CIMENTO PORTLAND CP III - 40","Material",null,"KG",{"v":3.4449,"d":"3.4449000"},0.46,1.58]
["Insumo"," 023015 ","IOPES","COBOGO DE CONCRETO TIPO RETO 10 X 40 X 40CM - 9 FUROS","Material",null,"UN",{"v":5.81,"d":"5.8100000"},{"v":12.6,"d":"12.60"},{"v":73.2,"d":"73.20"}]
[{"$nulls":4},"MO sem LS =>",57.67,"LS =>",{"v":0,"d":"0.00"},"MO com LS =>",57.67]
[{"$nulls":4},"Valor do BDI =>",26.47,null,"Valor com BDI =>",null,159.87]
[{"$nulls":6},"Quant. =>",{"v":43.97,"d":"43.9700000"},"Preço Total =>",{"v":7029.48,"d":"7,029.48"}]
[]
[" 5.2 ",null,null,"ALVENARIA  DE VEDAÇÃO",{"$nulls":5},{"v":84329.53,"d":"84,329.53"}]
[" 5.2.1 ","Código","Banco","Descrição","Tipo",null,"Und","Quant.","Valor Unit","Total"]
["Composição"," 87504 ","SINAPI","ALVENARIA DE VEDAÇÃO DE BLOCOS CERÂMICOS FURADOS NA HORIZONTAL DE 9X19X19CM (ESPESSURA 9CM) DE PAREDES COM ÁREA LÍQUIDA MAIOR OU IGUAL A 6M² SEM VÃOS E ARGAMASSA DE ASSENTAMENTO COM PREPARO MANUAL. AF_06/2014","PARE - PAREDES/PAINEIS",null,"m²",{"v":1,"d":"1.0000000"},57.41,57.41]
["Composição Auxiliar"," 87369 ","SINAPI","ARGAMASSA TRAÇO 1:2:8 (EM VOLUME DE CIMENTO, CAL E AREIA MÉDIA ÚMIDA) PARA EMBOÇO/MASSA ÚNICA/ASSENTAMENTO DE ALVENARIA DE VEDAÇÃO, PREPARO MANUAL. AF_08/2019","SEDI - SERVIÇOS DIVERSOS",null,"m³",{"v":0.0098,"d":"0.0098000"},528.35,5.17]
["Composição Auxiliar"," 88309 ","SINAPI","PEDREIRO COM ENCARGOS COMPLEMENTARES","SEDI - SERVIÇOS DIVERSOS",null,"H",{"v":1.37,"d":"1.3700000"},19.45,26.64]
["Composição Auxiliar"," 88316 ","SINAPI","SERVENTE COM ENCARGOS COMPLEMENTARES","SEDI - SERVIÇOS DIVERSOS",null,"H",{"v":0.685,"d":"0.6850000"},15.22,10.42]
["Insumo"," 00034557 ","SINAPI","TELA DE ACO SOLDADA GALVANIZADA/ZINCADA PARA ALVENARIA, FIO D = *1,20 A 1,70* MM, MALHA 15 X 15 MM, (C X L) *50 X 7,5* CM","Material",null,"M",{"v":0.42,"d":"0.4200000"},{"v":1.6,"d":"1.60"},0.67]
["Insumo"," 00037395 ","SINAPI","PINO DE ACO COM FURO, HASTE = 27 MM (ACAO DIRETA)","Material",null,"CENTO",{"v":0.005,"d":"0.0050000"},34.25,0.17]
["Insumo"," 00007266 ","SINAPI","BLOCO CERAMICO VAZADO PARA ALVENARIA DE VEDACAO, DE 9 X 19 X 19 CM (L X A X C)","Material",null,"MIL",{"v":0.02793,"d":"0.0279300"},{"v":513.5,"d":"513.50"},14.34]
[{"$nulls":4},"MO sem LS =>",29.85,"LS =>",{"v":0,"d":"0.00"},"MO com LS =>",29.85]
[{"$nulls":4},"Valor do BDI =>",11.39,null,"Valor com BDI =>",null,{"v":68.8,"d":"68.80"}]
[{"$nulls":6},"Quant. =>",{"v":1225.72,"d":"1,225.7200000"},"Preço Total =>",{"v":84329.53,"d":"84,329.53"}]
[]
[" 6 ",null,null,"ESQUADRIAS",{"$nulls":5},{"v":75133.7,"d":"75,133.70"}]
[" 6.1 ",null,null,"PORTAS DE MADEIRA",{"$nulls":5},{"v":27659.62,"d":"27,659.62"}]
[" 6.1.1 ","Código","Banco","Descrição","Tipo",null,"Und","Quant.","Valor Unit","Total"]
["Composição"," 90844 ","SINAPI","KIT DE PORTA DE MADEIRA PARA PINTURA, SEMI-OCA (LEVE OU MÉDIA), PADRÃO MÉDIO, 90X210CM, ESPESSURA DE 3,5CM, ITENS INCLUSOS: DOBRADIÇAS, MONTAGEM E INSTALAÇÃO DO BATENTE, FECHADURA COM EXECUÇÃO DO FURO - FORNECIMENTO E INSTALAÇÃO. AF_12/2019","ESQV - ESQUADRIAS/FERRAGENS/VIDROS",null,"UN",{"v":1,"d":"1.0000000"},850.55,850.55]
["Composição Auxiliar"," 100659 ","SINAPI","ALIZAR DE 5X1,5CM PARA PORTA FIXADO COM PREGOS, PADRÃO MÉDIO - FORNECIMENTO E INSTALAÇÃO. AF_12/2019","ESQV - ESQUADRIAS/FERRAGENS/VIDROS",null,"M",{"v":10.2,"d":"10.2000000"},8.53,{"v":87,"d":"87.00"}]
["Composição Auxiliar"," 90806 ","SINAPI","BATENTE PARA PORTA DE MADEIRA, FIXAÇÃO COM ARGAMASSA, PADRÃO MÉDIO - FORNECIMENTO E INSTALAÇÃO. AF_12/2019","ESQV - ESQUADRIAS/FERRAGENS/VIDROS",null,"UN",{"v":1,"d":"1.0000000"},297.13,297.13]
["Composição Auxiliar"," 90823 ","SINAPI","PORTA DE MADEIRA PARA PINTURA, SEMI-OCA (LEVE OU MÉDIA), 90X210CM, ESPESSURA DE 3,5CM, INCLUSO DOBRADIÇAS - FORNECIMENTO E INSTALAÇÃO. AF_12/2019","ESQV - ESQUADRIAS/FERRAGENS/VIDROS",null,"UN",{"v":1,"d":"1.0000000"},347.38,347.38]
["Composição Auxiliar"," 90830 ","SINAPI","FECHADURA DE EMBUTIR COM CILINDRO, EXTERNA, COMPLETA, ACABAMENTO PADRÃO MÉDIO, INCLUSO EXECUÇÃO DE FURO - FORNECIMENTO E INSTALAÇÃO. AF_12/2019","ESQV - ESQUADRIAS/FERRAGENS/VIDROS",null,"UN",{"v":1,"d":"1.0000000"},119.04,119.04]
[{"$nulls":4},"MO sem LS =>",163.43,"LS =>",{"v":0,"d":"0.00"},"MO com LS =>",163.43]
[{"$nulls":4},"Valor do BDI =>",168.83,null,"Valor com BDI =>",null,{"v":1019.38,"d":"1,019.38"}]
[{"$nulls":6},"Quant. =>",{"v":14,"d":"14.0000000"},"Preço Total =>",{"v":14271.32,"d":"14,271.32"}]
[]
[" 6.1.2 ","Código","Banco","Descrição","Tipo",null,"Und","Quant.","Valor Unit","Total"]
["Composição"," 100689 ","SINAPI","KIT DE PORTA DE MADEIRA FRISADA, SEMI-OCA (LEVE OU MÉDIA), PADRÃO MÉDIO, 80X210CM, ESPESSURA DE 3,5CM, ITENS INCLUSOS: DOBRADIÇAS, MONTAGEM E INSTALAÇÃO DE BATENTE, FECHADURA COM EXECUÇÃO DO FURO - FORNECIMENTO E INSTALAÇÃO. AF_12/2019","ESQV - ESQUADRIAS/FERRAGENS/VIDROS",null,"UN",{"v":1,"d":"1.0000000"},826.95,826.95]
["Composição Auxiliar"," 100659 ","SINAPI","ALIZAR DE 5X1,5CM PARA PORTA FIXADO COM PREGOS, PADRÃO MÉDIO - FORNECIMENTO E INSTALAÇÃO. AF_12/2019","ESQV - ESQUADRIAS/FERRAGENS/VIDROS",null,"M",{"v":10,"d":"10.0000000"},8.53,{"v":85.3,"d":"85.30"}]
["Composição Auxiliar"," 90806 ","SINAPI","BATENTE PARA PORTA DE MADEIRA, FIXAÇÃO COM ARGAMASSA, PADRÃO MÉDIO - FORNECIMENTO E INSTALAÇÃO. AF_12/2019","ESQV - ESQUADRIAS/FERRAGENS/VIDROS",null,"UN",{"v":1,"d":"1.0000000"},297.13,297.13]
["Composição Auxiliar"," 90830 ","SINAPI","FECHADURA DE EMBUTIR COM CILINDRO, EXTERNA, COMPLETA, ACABAMENTO PADRÃO MÉDIO, INCLUSO EXECUÇÃO DE FURO - FORNECIMENTO E INSTALAÇÃO. AF_12/2019","ESQV - ESQUADRIAS/FERRAGENS/VIDROS",null,"UN",{"v":1,"d":"1.0000000"},119.04,119.04]
["Composição Auxiliar"," 91297 ","SINAPI","PORTA DE MADEIRA FRISADA, SEMI-OCA (LEVE OU MÉDIA), 80X210CM, ESPESSURA DE 3,5CM, INCLUSO DOBRADIÇAS - FORNECIMENTO E INSTALAÇÃO. AF_12/2019","ESQV - ESQUADRIAS/FERRAGENS/VIDROS",null,"UN",{"v":1,"d":"1.0000000"},325.48,325.48]
[{"$nulls":4},"MO sem LS =>",160.52,"LS =>",{"v":0,"d":"0.00"},"MO com LS =>",160.52]
[{"$nulls":4},"Valor do BDI =>",164.14,null,"Valor com BDI =>",null,991.09]
[{"$nulls":6},"Quant. =>",{"v":8,"d":"8.0000000"},"Preço Total =>",{"v":7928.72,"d":"7,928.72"}]
[]
[" 6.1.3 ","Código","Banco","Descrição","Tipo",null,"Und","Quant.","Valor Unit","Total"]
["Composição"," 100680 ","SINAPI","KIT DE PORTA DE MADEIRA PARA VERNIZ, SEMI-OCA (LEVE OU MÉDIA), PADRÃO MÉDIO, 70X210CM, ESPESSURA DE 3,5CM, ITENS INCLUSOS: DOBRADIÇAS, MONTAGEM E INSTALAÇÃO DE BATENTE, FECHADURA COM EXECUÇÃO DO FURO - FORNECIMENTO E INSTALAÇÃO. AF_12/2019","ESQV - ESQUADRIAS/FERRAGENS/VIDROS",null,"UN",{"v":1,"d":"1.0000000"},759.23,759.23]
["Composição Auxiliar"," 100659 ","SINAPI","ALIZAR DE 5X1,5CM PARA PORTA FIXADO COM PREGOS, PADRÃO MÉDIO - FORNECIMENTO E INSTALAÇÃO. AF_12/2019","ESQV - ESQUADRIAS/FERRAGENS/VIDROS",null,"M",{"v":9.8,"d":"9.8000000"},8.53,83.59]
["Composição Auxiliar"," 90806 ","SINAPI","BATENTE PARA PORTA DE MADEIRA, FIXAÇÃO COM ARGAMASSA, PADRÃO MÉDIO - FORNECIMENTO E INSTALAÇÃO. AF_12/2019","ESQV - ESQUADRIAS/FERRAGENS/VIDROS",null,"UN",{"v":1,"d":"1.0000000"},297.13,297.13]
["Composição Auxiliar"," 91010 ","SINAPI","PORTA DE MADEIRA PARA VERNIZ, SEMI-OCA (LEVE OU MÉDIA), 70X210CM, ESPESSURA DE 3,5CM, INCLUSO DOBRADIÇAS - FORNECIMENTO E INSTALAÇÃO. AF_12/2019","ESQV - ESQUADRIAS/FERRAGENS/VIDROS",null,"UN",{"v":1,"d":"1.0000000"},{"v":274.3,"d":"274.30"},{"v":274.3,"d":"274.30"}]
["Composição Auxiliar"," 91306 ","SINAPI","FECHADURA DE EMBUTIR PARA PORTAS INTERNAS, COMPLETA, ACABAMENTO PADRÃO MÉDIO, COM EXECUÇÃO DE FURO - FORNECIMENTO E INSTALAÇÃO. AF_12/2019","ESQV - ESQUADRIAS/FERRAGENS/VIDROS",null,"UN",{"v":1,"d":"1.0000000"},104.21,104.21]
[{"$nulls":4},"MO sem LS =>",152.94,"LS =>",{"v":0,"d":"0.00"},"MO com LS =>",152.94]
[{"$nulls":4},"Valor do BDI =>",{"v":150.7,"d":"150.70"},null,"Valor com BDI =>",null,909.93]
[{"$nulls":6},"Quant. =>",{"v":6,"d":"6.0000000"},"Preço Total =>",{"v":5459.58,"d":"5,459.58"}]
[]
[" 6.2 ",null,null,"PORTAS E GRADIS DE METAL E/OU VIDRO",{"$nulls":5},{"v":17419.63,"d":"17,419.63"}]
[" 6.2.1 ","Código","Banco","Descrição","Tipo",null,"Und","Quant.","Valor Unit","Total"]
["Composição"," 112410 ","SBC","PORTA DE BOX EM ALUMINIO ANODIZADO","ESQUADRIAS DE ALUMINIO",null,"m²",{"v":1,"d":"1.0000000"},879.89,879.89]
["Insumo"," 003462 ","SBC","CAIXILHO DE ALUMINIO ANODIZADO NATURAL","Material",null,"m²",{"v":1.05,"d":"1.0500000"},754.28,791.99]
["Insumo"," 099230 ","SBC","SERRALHEIRO","Mão de Obra",null,"H",{"v":3.643,"d":"3.6430000"},13.32,48.52]
["Insumo"," 099662 ","SBC","AJUDANTE DE SERRALHEIRO","Mão de Obra",null,"H",{"v":3.643,"d":"3.6430000"},10.81,39.38]
[{"$nulls":4},"MO sem LS =>",{"v":87.9,"d":"87.90"},"LS =>",{"v":0,"d":"0.00"},"MO com LS =>",{"v":87.9,"d":"87.90"}]
[{"$nulls":4},"Valor do BDI =>",174.65,null,"Valor com BDI =>",null,{"v":1054.54,"d":"1,054.54"}]
[{"$nulls":6},"Quant. =>",{"v":9.72,"d":"9.7200000"},"Preço Total =>",{"v":10250.12,"d":"10,250.12"}]
[]
[" 6.2.2 ","Código","Banco","Descrição","Tipo",null,"Und","Quant.","Valor Unit","Total"]
["Composição"," 150326 ","CAEMA","PORTÃO DE ENTRADA EM ALUMINIO, DE CORRER, INCLUINDO FERRAGENS, GUARNIÇÕES",1503,null,"m²",{"v":1,"d":"1.0000000"},179.81,179.81]
["Insumo"," B010000091 ","CAEMA","PEDREIRO","Mão de Obra",null,"H",{"v":0.6,"d":"0.6000000"},11.75,7.05]
["Insumo"," B010000097 ","CAEMA","SERVENTE","Mão de Obra",null,"H",{"v":0.6,"d":"0.6000000"},8.28,4.96]
["Insumo"," D190000057 ","CAEMA","PORTÃO ENTRADA ALUMINIO DE CORRER BUCIO INSTALADO","Material",null,"m²",{"v":1,"d":"1.0000000"},{"v":167.8,"d":"167.80"},{"v":167.8,"d":"167.80"}]
[{"$nulls":4},"MO sem LS =>",12.01,"LS =>",{"v":0,"d":"0.00"},"MO com LS =>",12.01]
[{"$nulls":4},"Valor do BDI =>",35.69,null,"Valor com BDI =>",null,{"v":215.5,"d":"215.50"}]
[{"$nulls":6},"Quant. =>",{"v":17.85,"d":"17.8500000"},"Preço Total =>",{"v":3846.67,"d":"3,846.67"}]
[]
[" 6.2.3 ","Código","Banco","Descrição","Tipo",null,"Und","Quant.","Valor Unit","Total"]
["Composição"," 150210 ","SBC","PORTA DUPLA EM VIDRO LAMINADO INCOLOR 8mm COM FERRAGENS","VIDROS",null,"m²",{"v":1,"d":"1.0000000"},943.03,943.03]
["Insumo"," 012736 ","SBC","FECHADURA PARA PORTA DE VIDRO COM2 FUROS 2 FLS PVF2I AGL","Material",null,"UN",{"v":1.2,"d":"1.2000000"},338.91,406.69]
["Insumo"," 017179 ","SBC","VIDRO LAMINADO INCOLOR 8mm (2 x 4mm)","Material",null,"m²",{"v":1.1,"d":"1.1000000"},461.98,508.17]
["Insumo"," 099537 ","SBC","VIDRACEIRO","Mão de Obra",null,"H",{"v":1.08,"d":"1.0800000"},13.32,14.38]
["Insumo"," 099661 ","SBC","AJUDANTE ESPECIALIZADO - VIDRACEIRO","Mão de Obra",null,"H",{"v":1.276,"d":"1.2760000"},10.81,13.79]
[{"$nulls":4},"MO sem LS =>",28.17,"LS =>",{"v":0,"d":"0.00"},"MO com LS =>",28.17]
[{"$nulls":4},"Valor do BDI =>",187.19,null,"Valor com BDI =>",null,{"v":1130.22,"d":"1,130.22"}]
[{"$nulls":6},"Quant. =>",{"v":2.94,"d":"2.9400000"},"Preço Total =>",{"v":3322.84,"d":"3,322.84"}]
[]
[" 6.3 ",null,null,"JANELAS",{"$nulls":5},{"v":30054.45,"d":"30,054.45"}]
[" 6.3.1 ","Código","Banco","Descrição","Tipo",null,"Und","Quant.","Valor Unit","Total"]
["Composição"," 110519 ","SBC","JANELA DE CORRER EM MADEIRA E VENEZIANA","ESQUADRIAS DE MADEIRA",null,"m²",{"v":1,"d":"1.0000000"},604.63,604.63]
["Insumo"," 000050 ","SBC","CIMENTO PORTLAND CP III 32RS NBR 11578 (quilo)","Material",null,"KG",{"v":1.2,"d":"1.2000000"},0.55,0.66]
["Insumo"," 000100 ","SBC","AREIA GROSSA LAVADA","Material",null,"m³",{"v":0.003,"d":"0.0030000"},96.03,0.28]
["Insumo"," 004176 ","SBC","JANELA DE CORRER EM MADEIRA E VENEZIANA","Material",null,"m²",{"v":1.1,"d":"1.1000000"},{"v":485.8,"d":"485.80"},534.38]
["Insumo"," 099050 ","SBC","PEDREIRO","Mão de Obra",null,"H",{"v":0.851,"d":"0.8510000"},13.32,11.33]
["Insumo"," 099360 ","SBC","CARPINTEIRO DE ESQUADRIA","Mão de Obra",null,"H",{"v":2.19,"d":"2.1900000"},13.32,29.17]
["Insumo"," 099449 ","SBC","AJUDANTE DE CARPINTEIRO","Mão de Obra",null,"H",{"v":2.19,"d":"2.1900000"},10.81,23.67]
["Insumo"," 099900 ","SBC","SERVENTE","Mão de Obra",null,"H",{"v":0.476,"d":"0.4760000"},10.81,5.14]
[{"$nulls":4},"MO sem LS =>",69.31,"LS =>",{"v":0,"d":"0.00"},"MO com LS =>",69.31]
[{"$nulls":4},"Valor do BDI =>",120.01,null,"Valor com BDI =>",null,724.64]
[{"$nulls":6},"Quant. =>",{"v":8.66,"d":"8.6600000"},"Preço Total =>",{"v":6275.38,"d":"6,275.38"}]
[]
[" 6.3.2 ","Código","Banco","Descrição","Tipo",null,"Und","Quant.","Valor Unit","Total"]
["Composição"," 110646 ","SBC","JANELA MADEIRA CORRER 1 FOLHA E VIDRO 3MM C/FERRAGENS","ESQUADRIAS DE MADEIRA",null,"m²",{"v":1,"d":"1.0000000"},{"v":1372.72,"d":"1,372.72"},{"v":1372.72,"d":"1,372.72"}]
["Insumo"," 000050 ","SBC","CIMENTO PORTLAND CP III 32RS NBR 11578 (quilo)","Material",null,"KG",{"v":1.2,"d":"1.2000000"},0.55,0.66]
["Insumo"," 000100 ","SBC","AREIA GROSSA LAVADA","Material",null,"m³",{"v":0.003,"d":"0.0030000"},96.03,0.28]
["Insumo"," 001316 ","SBC","JANELA DE MADEIRA DE ABRIR 2 FOLHAS VENEZIANA","Material",null,"m²",{"v":1,"d":"1.0000000"},{"v":1135.36,"d":"1,135.36"},{"v":1135.36,"d":"1,135.36"}]
["Insumo"," 001349 ","SBC","ALIZAR/MOLDURA MADEIRA DE LEI 1,5x4,5cm PARA PINTURA","Material",null,"M",{"v":0.37,"d":"0.3700000"},8.02,2.96]
["Insumo"," 001458 ","SBC","FERRAGEM - KIT 03 FERRAGENS PARA JANELA DE CORRER 4 FOLHAS","Material",null,"UN",{"v":0.6,"d":"0.6000000"},55.22,33.13]
["Insumo"," 002203 ","SBC","TACO DE MADEIRA PARA FIXACAO DE ESQUADRIAS/CAIXILHOS","Material",null,"UN",{"v":0.63,"d":"0.6300000"},1.15,0.72]
["Insumo"," 004776 ","SBC","PREGO FERRO GALVANIZADO 19x36 (109 un/kg)","Material",null,"KG",{"v":0.032,"d":"0.0320000"},25.27,{"v":0.8,"d":"0.80"}]
["Insumo"," 005533 ","SBC","PUXADOR PARA JANELA DE CORRER, CROMADO EM FERRO ZINCADO (PAR)","Material",null,"UN",{"v":0.63,"d":"0.6300000"},51.75,{"v":32.6,"d":"32.60"}]
["Insumo"," 008624 ","SBC","ADUELA/MARCO/BATENTE MADEIRA 3,5x14cm P/PINTURA","Material",null,"M",{"v":0.37,"d":"0.3700000"},35.94,13.29]
["Insumo"," 008770 ","SBC","VIDRO LISO INCOLOR 3mm","Material",null,"m²",{"v":1.05,"d":"1.0500000"},84.44,88.66]
["Insumo"," 014213 ","SBC","PREGO FERRO GALVANIZADO 15x15 (636 un/kg)","Material",null,"KG",{"v":0.01,"d":"0.0100000"},13.68,0.13]
["Insumo"," 099050 ","SBC","PEDREIRO","Mão de Obra",null,"H",{"v":0.851,"d":"0.8510000"},13.32,11.33]
["Insumo"," 099360 ","SBC","CARPINTEIRO DE ESQUADRIA","Mão de Obra",null,"H",{"v":1.142,"d":"1.1420000"},13.32,15.21]
["Insumo"," 099449 ","SBC","AJUDANTE DE CARPINTEIRO","Mão de Obra",null,"H",{"v":1.142,"d":"1.1420000"},10.81,12.34]
["Insumo"," 099537 ","SBC","VIDRACEIRO","Mão de Obra",null,"H",{"v":0.834,"d":"0.8340000"},13.32,{"v":11.1,"d":"11.10"}]
["Insumo"," 099661 ","SBC","AJUDANTE ESPECIALIZADO - VIDRACEIRO","Mão de Obra",null,"H",{"v":0.834,"d":"0.8340000"},10.81,9.01]
["Insumo"," 099900 ","SBC","SERVENTE","Mão de Obra",null,"H",{"v":0.476,"d":"0.4760000"},10.81,5.14]
[{"$nulls":4},"MO sem LS =>",64.13,"LS =>",{"v":0,"d":"0.00"},"MO com LS =>",64.13]
[{"$nulls":4},"Valor do BDI =>",272.48,null,"Valor com BDI =>",null,{"v":1645.2,"d":"1,645.20"}]
[{"$nulls":6},"Quant. =>",{"v":0.54,"d":"0.5400000"},"Preço Total =>",{"v":888.4,"d":"888.40"}]
[]
[" 6.3.3 ","Código","Banco","Descrição","Tipo",null,"Und","Quant.","Valor Unit","Total"]
["Composição"," 100668 ","SINAPI","JANELA DE MADEIRA (CEDRINHO/ANGELIM OU EQUIV.) TIPO MAXIM-AR, PARA VIDRO, COM BATENTE, ALIZAR E FERRAGENS. EXCLUSIVE VIDRO, ACABAMENTO E CONTRAMARCO. FORNECIMENTO E INSTALAÇÃO. AF_12/2019","ESQV - ESQUADRIAS/FERRAGENS/VIDROS",null,"m²",{"v":1,"d":"1.0000000"},778.63,778.63]
["Composição Auxiliar"," 88261 ","SINAPI","CARPINTEIRO DE ESQUADRIA COM ENCARGOS COMPLEMENTARES","SEDI - SERVIÇOS DIVERSOS",null,"H",{"v":3.8983,"d":"3.8983000"},18.39,71.68]
["Composição Auxiliar"," 88316 ","SINAPI","SERVENTE COM ENCARGOS COMPLEMENTARES","SEDI - SERVIÇOS DIVERSOS",null,"H",{"v":1.9491,"d":"1.9491000"},15.22,29.66]
["Insumo"," 00000142 ","SINAPI","SELANTE ELASTICO MONOCOMPONENTE A BASE DE POLIURETANO (PU) PARA JUNTAS DIVERSAS","Material",null,"310ML",{"v":3.3403,"d":"3.3403000"},36.07,120.48]
["Insumo"," 00003423 ","SINAPI","JANELA MAXIM AR EM MADEIRA CEDRINHO/ ANGELIM COMERCIAL/ CURUPIXA/ CUMARU OU EQUIVALENTE DA REGIAO, CAIXA DO BATENTE/MARCO *10* CM, 1 FOLHA PARA VIDRO, COM GUARNICAO/ALIZAR, COM FERRAGENS, (SEM VIDRO E SEM ACABAMENTO)","Material",null,"m²",{"v":1,"d":"1.0000000"},521.49,521.49]
["Insumo"," 00004430 ","SINAPI","CAIBRO NAO APARELHADO *5 X 6* CM, EM MACARANDUBA/MASSARANDUBA, ANGELIM OU EQUIVALENTE DA REGIAO - BRUTA","Material",null,"M",{"v":3.9034,"d":"3.9034000"},{"v":8.3,"d":"8.30"},32.39]
["Insumo"," 00005067 ","SINAPI","PREGO DE ACO POLIDO COM CABECA 16 X 24 (2 1/4 X 12)","Material",null,"KG",0.1714718,17.13,2.93]
[{"$nulls":4},"MO sem LS =>",77.82,"LS =>",{"v":0,"d":"0.00"},"MO com LS =>",77.82]
[{"$nulls":4},"Valor do BDI =>",154.55,null,"Valor com BDI =>",null,933.18]
[{"$nulls":6},"Quant. =>",{"v":17.82,"d":"17.8200000"},"Preço Total =>",{"v":16629.26,"d":"16,629.26"}]
[]
[" 6.3.4 ","Código","Banco","Descrição","Tipo",null,"Und","Quant.","Valor Unit","Total"]
["Composição"," 102158 ","SINAPI","INSTALAÇÃO DE VIDRO LISO INCOLOR, E = 8 MM, EM ESQUADRIA DE MADEIRA, FIXADO COM BAGUETE. AF_01/2021","ESQV - ESQUADRIAS/FERRAGENS/VIDROS",null,"m²",{"v":1,"d":"1.0000000"},293.18,293.18]
["Composição Auxiliar"," 88316 ","SINAPI","SERVENTE COM ENCARGOS COMPLEMENTARES","SEDI - SERVIÇOS DIVERSOS",null,"H",{"v":0.285,"d":"0.2850000"},15.22,4.33]
["Composição Auxiliar"," 88325 ","SINAPI","VIDRACEIRO COM ENCARGOS COMPLEMENTARES","SEDI - SERVIÇOS DIVERSOS",null,"H",{"v":0.293,"d":"0.2930000"},16.11,4.72]
["Insumo"," 00034385 ","SINAPI","VIDRO LISO INCOLOR 8MM  -  SEM COLOCACAO","Material",null,"m²",{"v":1,"d":"1.0000000"},277.55,277.55]
["Insumo"," 00039026 ","SINAPI","PREGO DE ACO POLIDO SEM CABECA 15 X 15 (1 1/4 X 13)","Material",null,"KG",{"v":0.015,"d":"0.0150000"},18.08,0.27]
["Insumo"," 00039961 ","SINAPI","SILICONE ACETICO USO GERAL INCOLOR 280 G","Material",null,"UN",{"v":0.265,"d":"0.2650000"},23.83,6.31]
[{"$nulls":4},"MO sem LS =>",6.69,"LS =>",{"v":0,"d":"0.00"},"MO com LS =>",6.69]
[{"$nulls":4},"Valor do BDI =>",58.19,null,"Valor com BDI =>",null,351.37]
[{"$nulls":6},"Quant. =>",{"v":17.82,"d":"17.8200000"},"Preço Total =>",{"v":6261.41,"d":"6,261.41"}]
[]
[" 7 ",null,null,"COBERTURA",{"$nulls":5},{"v":73170.81,"d":"73,170.81"}]
[" 7.1 ","Código","Banco","Descrição","Tipo",null,"Und","Quant.","Valor Unit","Total"]
["Composição"," 92543 ","SINAPI","TRAMA DE MADEIRA COMPOSTA POR TERÇAS PARA TELHADOS DE ATÉ 2 ÁGUAS PARA TELHA ONDULADA DE FIBROCIMENTO, METÁLICA, PLÁSTICA OU TERMOACÚSTICA, INCLUSO TRANSPORTE VERTICAL. AF_07/2019","COBE - COBERTURA",null,"m²",{"v":1,"d":"1.0000000"},15.03,15.03]
["Composição Auxiliar"," 88239 ","SINAPI","AJUDANTE DE CARPINTEIRO COM ENCARGOS COMPLEMENTARES","SEDI - SERVIÇOS DIVERSOS",null,"H",{"v":0.065,"d":"0.0650000"},15.75,1.02]
["Composição Auxiliar"," 88262 ","SINAPI","CARPINTEIRO DE FORMAS COM ENCARGOS COMPLEMENTARES","SEDI - SERVIÇOS DIVERSOS",null,"H",{"v":0.118,"d":"0.1180000"},19.05,2.24]
["Composição Auxiliar"," 93281 ","SINAPI","GUINCHO ELÉTRICO DE COLUNA, CAPACIDADE 400 KG, COM MOTO FREIO, MOTOR TRIFÁSICO DE 1,25 CV - CHP DIURNO. AF_03/2016","CHOR - CUSTOS HORÁRIOS DE MÁQUINAS E EQUIPAMENTOS",null,"CHP",{"v":0.0046,"d":"0.0046000"},16.55,0.07]
["Composição Auxiliar"," 93282 ","SINAPI","GUINCHO ELÉTRICO DE COLUNA, CAPACIDADE 400 KG, COM MOTO FREIO, MOTOR TRIFÁSICO DE 1,25 CV - CHI DIURNO. AF_03/2016","CHOR - CUSTOS HORÁRIOS DE MÁQUINAS E EQUIPAMENTOS",null,"CHI",{"v":0.0064,"d":"0.0064000"},{"v":15.9,"d":"15.90"},{"v":0.1,"d":"0.10"}]
["Insumo"," 00004425 ","SINAPI","VIGA NAO APARELHADA *6 X 12* CM, EM MACARANDUBA/MASSARANDUBA, ANGELIM OU EQUIVALENTE DA REGIAO - BRUTA","Material",null,"M",{"v":0.634,"d":"0.6340000"},17.55,11.12]
["Insumo"," 00040568 ","SINAPI","PREGO DE ACO POLIDO COM CABECA 22 X 48 (4 1/4 X 5)","Material",null,"KG",{"v":0.03,"d":"0.0300000"},{"v":16.2,"d":"16.20"},0.48]
[{"$nulls":4},"MO sem LS =>",2.65,"LS =>",{"v":0,"d":"0.00"},"MO com LS =>",2.65]
[{"$nulls":4},"Valor do BDI =>",2.98,null,"Valor com BDI =>",null,18.01]
[{"$nulls":6},"Quant. =>",{"v":867.88,"d":"867.8800000"},"Preço Total =>",{"v":15630.51,"d":"15,630.51"}]
[]
[" 7.2 ","Código","Banco","Descrição","Tipo",null,"Und","Quant.","Valor Unit","Total"]
["Composição"," 94207 ","SINAPI","TELHAMENTO COM TELHA ONDULADA DE FIBROCIMENTO E = 6 MM, COM RECOBRIMENTO LATERAL DE 1/4 DE ONDA PARA TELHADO COM INCLINAÇÃO MAIOR QUE 10°, COM ATÉ 2 ÁGUAS, INCLUSO IÇAMENTO. AF_07/2019","COBE - COBERTURA",null,"m²",{"v":1,"d":"1.0000000"},43.16,43.16]
["Composição Auxiliar"," 88316 ","SINAPI","SERVENTE COM ENCARGOS COMPLEMENTARES","SEDI - SERVIÇOS DIVERSOS",null,"H",{"v":0.15,"d":"0.1500000"},15.22,2.28]
["Composição Auxiliar"," 88323 ","SINAPI","TELHADISTA COM ENCARGOS COMPLEMENTARES","SEDI - SERVIÇOS DIVERSOS",null,"H",{"v":0.115,"d":"0.1150000"},18.87,2.17]
["Composição Auxiliar"," 93281 ","SINAPI","GUINCHO ELÉTRICO DE COLUNA, CAPACIDADE 400 KG, COM MOTO FREIO, MOTOR TRIFÁSICO DE 1,25 CV - CHP DIURNO. AF_03/2016","CHOR - CUSTOS HORÁRIOS DE MÁQUINAS E EQUIPAMENTOS",null,"CHP",{"v":0.005,"d":"0.0050000"},16.55,0.08]
["Composição Auxiliar"," 93282 ","SINAPI","GUINCHO ELÉTRICO DE COLUNA, CAPACIDADE 400 KG, COM MOTO FREIO, MOTOR TRIFÁSICO DE 1,25 CV - CHI DIURNO. AF_03/2016","CHOR - CUSTOS HORÁRIOS DE MÁQUINAS E EQUIPAMENTOS",null,"CHI",{"v":0.0069,"d":"0.0069000"},{"v":15.9,"d":"15.90"},{"v":0.1,"d":"0.10"}]
["Insumo"," 00001607 ","SINAPI","CONJUNTO ARRUELAS DE VEDACAO 5/16\" PARA TELHA FIBROCIMENTO (UMA ARRUELA METALICA E UMA ARRUELA PVC - CONICAS)","Material",null,"CJ",{"v":1.27,"d":"1.2700000"},0.24,{"v":0.3,"d":"0.30"}]
["Insumo"," 00004302 ","SINAPI","PARAFUSO ZINCADO ROSCA SOBERBA, CABECA SEXTAVADA, 5/16\" X 250 MM, PARA FIXACAO DE TELHA EM MADEIRA","Material",null,"UN",{"v":1.27,"d":"1.2700000"},3.56,4.52]
["Insumo"," 00007194 ","SINAPI","TELHA DE FIBROCIMENTO ONDULADA E = 6 MM, DE 2,44 X 1,10 M (SEM AMIANTO)","Material",null,"m²",{"v":1.275,"d":"1.2750000"},26.44,33.71]
[{"$nulls":4},"MO sem LS =>",3.51,"LS =>",{"v":0,"d":"0.00"},"MO com LS =>",3.51]
[{"$nulls":4},"Valor do BDI =>",8.56,null,"Valor com BDI =>",null,51.72]
[{"$nulls":6},"Quant. =>",{"v":867.88,"d":"867.8800000"},"Preço Total =>",{"v":44886.75,"d":"44,886.75"}]
[]
[" 7.3 ","Código","Banco","Descrição","Tipo",null,"Und","Quant.","Valor Unit","Total"]
["Composição"," 94219 ","SINAPI","CUMEEIRA E ESPIGÃO PARA TELHA CERÂMICA EMBOÇADA COM ARGAMASSA TRAÇO 1:2:9 (CIMENTO, CAL E AREIA), PARA TELHADOS COM MAIS DE 2 ÁGUAS, INCLUSO TRANSPORTE VERTICAL. AF_07/2019","COBE - COBERTURA",null,"M",{"v":1,"d":"1.0000000"},21.56,21.56]
["Composição Auxiliar"," 87337 ","SINAPI","ARGAMASSA TRAÇO 1:2:9 (EM VOLUME DE CIMENTO, CAL E AREIA MÉDIA ÚMIDA) PARA EMBOÇO/MASSA ÚNICA/ASSENTAMENTO DE ALVENARIA DE VEDAÇÃO, PREPARO MECÂNICO COM MISTURADOR DE EIXO HORIZONTAL DE 300 KG. AF_08/2019","SEDI - SERVIÇOS DIVERSOS",null,"m³",{"v":0.0117,"d":"0.0117000"},405.55,4.74]
["Composição Auxiliar"," 88316 ","SINAPI","SERVENTE COM ENCARGOS COMPLEMENTARES","SEDI - SERVIÇOS DIVERSOS",null,"H",{"v":0.35,"d":"0.3500000"},15.22,5.32]
["Composição Auxiliar"," 88323 ","SINAPI","TELHADISTA COM ENCARGOS COMPLEMENTARES","SEDI - SERVIÇOS DIVERSOS",null,"H",{"v":0.305,"d":"0.3050000"},18.87,5.75]
["Composição Auxiliar"," 93281 ","SINAPI","GUINCHO ELÉTRICO DE COLUNA, CAPACIDADE 400 KG, COM MOTO FREIO, MOTOR TRIFÁSICO DE 1,25 CV - CHP DIURNO. AF_03/2016","CHOR - CUSTOS HORÁRIOS DE MÁQUINAS E EQUIPAMENTOS",null,"CHP",{"v":6.3E-3,"d":"0.0063000"},16.55,{"v":0.1,"d":"0.10"}]
["Composição Auxiliar"," 93282 ","SINAPI","GUINCHO ELÉTRICO DE COLUNA, CAPACIDADE 400 KG, COM MOTO FREIO, MOTOR TRIFÁSICO DE 1,25 CV - CHI DIURNO. AF_03/2016","CHOR - CUSTOS HORÁRIOS DE MÁQUINAS E EQUIPAMENTOS",null,"CHI",{"v":0.0087,"d":"0.0087000"},{"v":15.9,"d":"15.90"},0.13]
["Insumo"," 00007181 ","SINAPI","CUMEEIRA PARA TELHA CERAMICA, COMPRIMENTO DE *41* CM, RENDIMENTO DE *3* TELHAS/M","Material",null,"UN",{"v":3,"d":"3.0000000"},1.84,5.52]
[{"$nulls":4},"MO sem LS =>",9.14,"LS =>",{"v":0,"d":"0.00"},"MO com LS =>",9.14]
[{"$nulls":4},"Valor do BDI =>",4.27,null,"Valor com BDI =>",null,25.83]
[{"$nulls":6},"Quant. =>",{"v":19.15,"d":"19.1500000"},"Preço Total =>",494.64]
[]
[" 7.4 ","Código","Banco","Descrição","Tipo",null,"Und","Quant.","Valor Unit","Total"]
["Composição"," 94228 ","SINAPI","CALHA EM CHAPA DE AÇO GALVANIZADO NÚMERO 24, DESENVOLVIMENTO DE 50 CM, INCLUSO TRANSPORTE VERTICAL. AF_07/2019","COBE - COBERTURA",null,"M",{"v":1,"d":"1.0000000"},58.46,58.46]
["Composição Auxiliar"," 88316 ","SINAPI","SERVENTE COM ENCARGOS COMPLEMENTARES","SEDI - SERVIÇOS DIVERSOS",null,"H",{"v":0.371,"d":"0.3710000"},15.22,5.64]
["Composição Auxiliar"," 88323 ","SINAPI","TELHADISTA COM ENCARGOS COMPLEMENTARES","SEDI - SERVIÇOS DIVERSOS",null,"H",{"v":0.277,"d":"0.2770000"},18.87,5.22]
["Composição Auxiliar"," 93281 ","SINAPI","GUINCHO ELÉTRICO DE COLUNA, CAPACIDADE 400 KG, COM MOTO FREIO, MOTOR TRIFÁSICO DE 1,25 CV - CHP DIURNO. AF_03/2016","CHOR - CUSTOS HORÁRIOS DE MÁQUINAS E EQUIPAMENTOS",null,"CHP",{"v":0.0132,"d":"0.0132000"},16.55,0.21]
["Composição Auxiliar"," 93282 ","SINAPI","GUINCHO ELÉTRICO DE COLUNA, CAPACIDADE 400 KG, COM MOTO FREIO, MOTOR TRIFÁSICO DE 1,25 CV - CHI DIURNO. AF_03/2016","CHOR - CUSTOS HORÁRIOS DE MÁQUINAS E EQUIPAMENTOS",null,"CHI",{"v":0.0183,"d":"0.0183000"},{"v":15.9,"d":"15.90"},0.29]
["Insumo"," 00000142 ","SINAPI","SELANTE ELASTICO MONOCOMPONENTE A BASE DE POLIURETANO (PU) PARA JUNTAS DIVERSAS","Material",null,"310ML",{"v":0.081,"d":"0.0810000"},36.07,2.92]
["Insumo"," 00005061 ","SINAPI","PREGO DE ACO POLIDO COM CABECA 18 X 27 (2 1/2 X 10)","Material",null,"KG",{"v":0.013,"d":"0.0130000"},{"v":15.8,"d":"15.80"},{"v":0.2,"d":"0.20"}]
["Insumo"," 00005104 ","SINAPI","REBITE DE REPUXO EM ALUMINIO VAZADO, DIAMETRO 3,2 X 8 MM DE COMPRIMENTO (1KG = 1025 UNIDADES)","Material",null,"KG",{"v":0.0024,"d":"0.0024000"},54.38,0.13]
["Insumo"," 00013388 ","SINAPI","SOLDA EM BARRA DE ESTANHO-CHUMBO 50/50","Material",null,"KG",{"v":0.09,"d":"0.0900000"},114.95,10.34]
["Insumo"," 00040783 ","SINAPI","CALHA QUADRADA DE CHAPA DE ACO GALVANIZADA NUM 24, CORTE 50 CM","Material",null,"M",{"v":1.05,"d":"1.0500000"},31.92,33.51]
[{"$nulls":4},"MO sem LS =>",8.64,"LS =>",{"v":0,"d":"0.00"},"MO com LS =>",8.64]
[{"$nulls":4},"Valor do BDI =>",{"v":11.6,"d":"11.60"},null,"Valor com BDI =>",null,70.06]
[{"$nulls":6},"Quant. =>",{"v":173.55,"d":"173.5500000"},"Preço Total =>",{"v":12158.91,"d":"12,158.91"}]
[]
[" 8 ",null,null,"IMPERMEABILIZAÇÃO",{"$nulls":5},{"v":25081.15,"d":"25,081.15"}]
[" 8.1 ","Código","Banco","Descrição","Tipo",null,"Und","Quant.","Valor Unit","Total"]
["Composição"," 98546 ","SINAPI","IMPERMEABILIZAÇÃO DE SUPERFÍCIE COM MANTA ASFÁLTICA, UMA CAMADA, INCLUSIVE APLICAÇÃO DE PRIMER ASFÁLTICO, E=4MM. AF_09/2023","IMPE - IMPERMEABILIZAÇÕES E PROTEÇÕES DIVERSAS",null,"m²",{"v":1,"d":"1.0000000"},110.17,110.17]
["Composição Auxiliar"," 88243 ","SINAPI","AJUDANTE ESPECIALIZADO COM ENCARGOS COMPLEMENTARES","SEDI - SERVIÇOS DIVERSOS",null,"H",{"v":0.2102,"d":"0.2102000"},15.87,3.33]
["Composição Auxiliar"," 88270 ","SINAPI","IMPERMEABILIZADOR COM ENCARGOS COMPLEMENTARES","SEDI - SERVIÇOS DIVERSOS",null,"H",{"v":0.9324,"d":"0.9324000"},19.45,18.13]
["Insumo"," 00000511 ","SINAPI","PRIMER PARA MANTA ASFALTICA A BASE DE ASFALTO MODIFICADO DILUIDO EM SOLVENTE, APLICACAO A FRIO","Material",null,"L",{"v":0.5872,"d":"0.5872000"},17.38,{"v":10.2,"d":"10.20"}]
["Insumo"," 00004015 ","SINAPI","MANTA ASFALTICA ELASTOMERICA EM POLIESTER 4 MM, TIPO III, CLASSE B, ACABAMENTO PP (NBR 9952)","Material",null,"m²",{"v":1.1319,"d":"1.1319000"},67.95,76.91]
["Insumo"," 00004226 ","SINAPI","GAS DE COZINHA - GLP","Material",null,"KG",{"v":0.26,"d":"0.2600000"},6.18,{"v":1.6,"d":"1.60"}]
[{"$nulls":4},"MO sem LS =>",16.76,"LS =>",{"v":0,"d":"0.00"},"MO com LS =>",16.76]
[{"$nulls":4},"Valor do BDI =>",21.86,null,"Valor com BDI =>",null,132.03]
[{"$nulls":6},"Quant. =>",{"v":103.98,"d":"103.9800000"},"Preço Total =>",{"v":13728.47,"d":"13,728.47"}]
[]
[" 8.2 ","Código","Banco","Descrição","Tipo",null,"Und","Quant.","Valor Unit","Total"]
["Composição"," 98557 ","SINAPI","IMPERMEABILIZAÇÃO DE SUPERFÍCIE COM EMULSÃO ASFÁLTICA, 2 DEMÃOS. AF_09/2023","IMPE - IMPERMEABILIZAÇÕES E PROTEÇÕES DIVERSAS",null,"m²",{"v":1,"d":"1.0000000"},37.73,37.73]
["Composição Auxiliar"," 88243 ","SINAPI","AJUDANTE ESPECIALIZADO COM ENCARGOS COMPLEMENTARES","SEDI - SERVIÇOS DIVERSOS",null,"H",{"v":0.0969,"d":"0.0969000"},15.87,1.53]
["Composição Auxiliar"," 88270 ","SINAPI","IMPERMEABILIZADOR COM ENCARGOS COMPLEMENTARES","SEDI - SERVIÇOS DIVERSOS",null,"H",{"v":0.4299,"d":"0.4299000"},19.45,8.36]
["Insumo"," 00000626 ","SINAPI","MANTA LIQUIDA DE BASE ASFALTICA MODIFICADA COM A ADICAO DE ELASTOMEROS DILUIDOS EM SOLVENTE ORGANICO, APLICACAO A FRIO (MEMBRANA IMPERMEABILIZANTE ASFALTICA)","Material",null,"KG",{"v":1.5,"d":"1.5000000"},18.56,27.84]
[{"$nulls":4},"MO sem LS =>",7.72,"LS =>",{"v":0,"d":"0.00"},"MO com LS =>",7.72]
[{"$nulls":4},"Valor do BDI =>",7.48,null,"Valor com BDI =>",null,45.21]
[{"$nulls":6},"Quant. =>",{"v":251.11,"d":"251.1100000"},"Preço Total =>",{"v":11352.68,"d":"11,352.68"}]
[]
[" 9 ",null,null,"REVESTIMENTO DE PAREDES",{"$nulls":5},{"v":149596.69,"d":"149,596.69"}]
[" 9.1 ","Código","Banco","Descrição","Tipo",null,"Und","Quant.","Valor Unit","Total"]
["Composição"," 87879 ","SINAPI","CHAPISCO APLICADO EM ALVENARIAS E ESTRUTURAS DE CONCRETO INTERNAS, COM COLHER DE PEDREIRO.  ARGAMASSA TRAÇO 1:3 COM PREPARO EM BETONEIRA 400L. AF_10/2022","REVE - REVESTIMENTO E TRATAMENTO DE SUPERFÍCIES",null,"m²",{"v":1,"d":"1.0000000"},3.11,3.11]
["Composição Auxiliar"," 87313 ","SINAPI","ARGAMASSA TRAÇO 1:3 (EM VOLUME DE CIMENTO E AREIA GROSSA ÚMIDA) PARA CHAPISCO CONVENCIONAL, PREPARO MECÂNICO COM BETONEIRA 400 L. AF_08/2019","SEDI - SERVIÇOS DIVERSOS",null,"m³",{"v":0.0037,"d":"0.0037000"},382.89,1.41]
["Composição Auxiliar"," 88309 ","SINAPI","PEDREIRO COM ENCARGOS COMPLEMENTARES","SEDI - SERVIÇOS DIVERSOS",null,"H",{"v":0.0681,"d":"0.0681000"},19.45,1.32]
["Composição Auxiliar"," 88316 ","SINAPI","SERVENTE COM ENCARGOS COMPLEMENTARES","SEDI - SERVIÇOS DIVERSOS",null,"H",{"v":0.0255,"d":"0.0255000"},15.22,0.38]
[{"$nulls":4},"MO sem LS =>",1.47,"LS =>",{"v":0,"d":"0.00"},"MO com LS =>",1.47]
[{"$nulls":4},"Valor do BDI =>",0.61,null,"Valor com BDI =>",null,3.72]
[{"$nulls":6},"Quant. =>",{"v":1063.17,"d":"1,063.1700000"},"Preço Total =>",{"v":3954.99,"d":"3,954.99"}]
[]
[" 9.2 ","Código","Banco","Descrição","Tipo",null,"Und","Quant.","Valor Unit","Total"]
["Composição"," 87894 ","SINAPI","CHAPISCO APLICADO EM ALVENARIA (SEM PRESENÇA DE VÃOS) E ESTRUTURAS DE CONCRETO DE FACHADA, COM COLHER DE PEDREIRO.  ARGAMASSA TRAÇO 1:3 COM PREPARO EM BETONEIRA 400L. AF_10/2022","REVE - REVESTIMENTO E TRATAMENTO DE SUPERFÍCIES",null,"m²",{"v":1,"d":"1.0000000"},4.82,4.82]
["Composição Auxiliar"," 87313 ","SINAPI","ARGAMASSA TRAÇO 1:3 (EM VOLUME DE CIMENTO E AREIA GROSSA ÚMIDA) PARA CHAPISCO CONVENCIONAL, PREPARO MECÂNICO COM BETONEIRA 400 L. AF_08/2019","SEDI - SERVIÇOS DIVERSOS",null,"m³",{"v":0.0037,"d":"0.0037000"},382.89,1.41]
["Composição Auxiliar"," 88309 ","SINAPI","PEDREIRO COM ENCARGOS COMPLEMENTARES","SEDI - SERVIÇOS DIVERSOS",null,"H",{"v":0.1394,"d":"0.1394000"},19.45,2.71]
["Composição Auxiliar"," 88316 ","SINAPI","SERVENTE COM ENCARGOS COMPLEMENTARES","SEDI - SERVIÇOS DIVERSOS",null,"H",{"v":0.0465,"d":"0.0465000"},15.22,{"v":0.7,"d":"0.70"}]
[{"$nulls":4},"MO sem LS =>",{"v":2.8,"d":"2.80"},"LS =>",{"v":0,"d":"0.00"},"MO com LS =>",{"v":2.8,"d":"2.80"}]
[{"$nulls":4},"Valor do BDI =>",0.95,null,"Valor com BDI =>",null,5.77]
[{"$nulls":6},"Quant. =>",{"v":1225.72,"d":"1,225.7200000"},"Preço Total =>",{"v":7072.4,"d":"7,072.40"}]
[]
[" 9.3 ","Código","Banco","Descrição","Tipo",null,"Und","Quant.","Valor Unit","Total"]
["Composição"," 87535 ","SINAPI","EMBOÇO, EM ARGAMASSA TRAÇO 1:2:8, PREPARO MECÂNICO, APLICADO MANUALMENTE EM PAREDES INTERNAS DE AMBIENTES COM ÁREA MAIOR QUE 10M², E = 17,5MM, COM TALISCAS. AF_03/2024","REVE - REVESTIMENTO E TRATAMENTO DE SUPERFÍCIES",null,"m²",{"v":1,"d":"1.0000000"},23.03,23.03]
["Composição Auxiliar"," 87292 ","SINAPI","ARGAMASSA TRAÇO 1:2:8 (EM VOLUME DE CIMENTO, CAL E AREIA MÉDIA ÚMIDA) PARA EMBOÇO/MASSA ÚNICA/ASSENTAMENTO DE ALVENARIA DE VEDAÇÃO, PREPARO MECÂNICO COM BETONEIRA 400 L. AF_08/2019","SEDI - SERVIÇOS DIVERSOS",null,"m³",{"v":0.0304,"d":"0.0304000"},425.16,12.92]
["Composição Auxiliar"," 88309 ","SINAPI","PEDREIRO COM ENCARGOS COMPLEMENTARES","SEDI - SERVIÇOS DIVERSOS",null,"H",{"v":0.374,"d":"0.3740000"},19.45,7.27]
["Composição Auxiliar"," 88316 ","SINAPI","SERVENTE COM ENCARGOS COMPLEMENTARES","SEDI - SERVIÇOS DIVERSOS",null,"H",{"v":0.187,"d":"0.1870000"},15.22,2.84]
[{"$nulls":4},"MO sem LS =>",9.11,"LS =>",{"v":0,"d":"0.00"},"MO com LS =>",9.11]
[{"$nulls":4},"Valor do BDI =>",4.57,null,"Valor com BDI =>",null,{"v":27.6,"d":"27.60"}]
[{"$nulls":6},"Quant. =>",{"v":450.06,"d":"450.0600000"},"Preço Total =>",{"v":12421.65,"d":"12,421.65"}]
[]
[" 9.4 ","Código","Banco","Descrição","Tipo",null,"Und","Quant.","Valor Unit","Total"]
["Composição"," 87529 ","SINAPI","MASSA ÚNICA, EM ARGAMASSA TRAÇO 1:2:8, PREPARO MECÂNICO, APLICADA MANUALMENTE EM PAREDES INTERNAS DE AMBIENTES COM ÁREA ENTRE 5M² E 10M², E = 17,5MM, COM TALISCAS. AF_03/2024","REVE - REVESTIMENTO E TRATAMENTO DE SUPERFÍCIES",null,"m²",{"v":1,"d":"1.0000000"},25.69,25.69]
["Composição Auxiliar"," 87292 ","SINAPI","ARGAMASSA TRAÇO 1:2:8 (EM VOLUME DE CIMENTO, CAL E AREIA MÉDIA ÚMIDA) PARA EMBOÇO/MASSA ÚNICA/ASSENTAMENTO DE ALVENARIA DE VEDAÇÃO, PREPARO MECÂNICO COM BETONEIRA 400 L. AF_08/2019","SEDI - SERVIÇOS DIVERSOS",null,"m³",{"v":0.0304,"d":"0.0304000"},425.16,12.92]
["Composição Auxiliar"," 88309 ","SINAPI","PEDREIRO COM ENCARGOS COMPLEMENTARES","SEDI - SERVIÇOS DIVERSOS",null,"H",{"v":0.4724,"d":"0.4724000"},19.45,9.18]
["Composição Auxiliar"," 88316 ","SINAPI","SERVENTE COM ENCARGOS COMPLEMENTARES","SEDI - SERVIÇOS DIVERSOS",null,"H",{"v":0.2362,"d":"0.2362000"},15.22,3.59]
[{"$nulls":4},"MO sem LS =>",11.17,"LS =>",{"v":0,"d":"0.00"},"MO com LS =>",11.17]
[{"$nulls":4},"Valor do BDI =>",5.09,null,"Valor com BDI =>",null,30.78]
[{"$nulls":6},"Quant. =>",{"v":448.17,"d":"448.1700000"},"Preço Total =>",{"v":13794.67,"d":"13,794.67"}]
[]
[" 9.5 ","Código","Banco","Descrição","Tipo",null,"Und","Quant.","Valor Unit","Total"]
["Composição"," 87775 ","SINAPI","EMBOÇO OU MASSA ÚNICA EM ARGAMASSA TRAÇO 1:2:8, PREPARO MECÂNICO COM BETONEIRA 400 L, APLICADA MANUALMENTE EM PANOS DE FACHADA COM PRESENÇA DE VÃOS, ESPESSURA DE 25 MM. AF_08/2022","REVE - REVESTIMENTO E TRATAMENTO DE SUPERFÍCIES",null,"m²",{"v":1,"d":"1.0000000"},38.51,38.51]
["Composição Auxiliar"," 87292 ","SINAPI","ARGAMASSA TRAÇO 1:2:8 (EM VOLUME DE CIMENTO, CAL E AREIA MÉDIA ÚMIDA) PARA EMBOÇO/MASSA ÚNICA/ASSENTAMENTO DE ALVENARIA DE VEDAÇÃO, PREPARO MECÂNICO COM BETONEIRA 400 L. AF_08/2019","SEDI - SERVIÇOS DIVERSOS",null,"m³",{"v":0.0314,"d":"0.0314000"},425.16,13.35]
["Composição Auxiliar"," 88309 ","SINAPI","PEDREIRO COM ENCARGOS COMPLEMENTARES","SEDI - SERVIÇOS DIVERSOS",null,"H",{"v":0.679,"d":"0.6790000"},19.45,{"v":13.2,"d":"13.20"}]
["Composição Auxiliar"," 88316 ","SINAPI","SERVENTE COM ENCARGOS COMPLEMENTARES","SEDI - SERVIÇOS DIVERSOS",null,"H",{"v":0.679,"d":"0.6790000"},15.22,10.33]
["Insumo"," 00037411 ","SINAPI","TELA DE ACO SOLDADA GALVANIZADA/ZINCADA PARA ALVENARIA, FIO D = *1,24 MM, MALHA 25 X 25 MM","Material",null,"m²",{"v":0.1388,"d":"0.1388000"},11.76,1.63]
[{"$nulls":4},"MO sem LS =>",19.33,"LS =>",{"v":0,"d":"0.00"},"MO com LS =>",19.33]
[{"$nulls":4},"Valor do BDI =>",7.64,null,"Valor com BDI =>",null,46.15]
[{"$nulls":6},"Quant. =>",{"v":1225.72,"d":"1,225.7200000"},"Preço Total =>",{"v":56566.97,"d":"56,566.97"}]
[]
[" 9.6 ","Código","Banco","Descrição","Tipo",null,"Und","Quant.","Valor Unit","Total"]
["Composição"," 87275 ","SINAPI","REVESTIMENTO CERÂMICO PARA PAREDES INTERNAS COM PLACAS TIPO ESMALTADA EXTRA DE DIMENSÕES 33X45 CM APLICADAS A MEIA ALTURA DAS PAREDES. AF_02/2023_PE","REVE - REVESTIMENTO E TRATAMENTO DE SUPERFÍCIES",null,"m²",{"v":1,"d":"1.0000000"},61.74,61.74]
["Composição Auxiliar"," 88256 ","SINAPI","AZULEJISTA OU LADRILHISTA COM ENCARGOS COMPLEMENTARES","SEDI - SERVIÇOS DIVERSOS",null,"H",{"v":0.8882,"d":"0.8882000"},19.34,17.17]
["Composição Auxiliar"," 88316 ","SINAPI","SERVENTE COM ENCARGOS COMPLEMENTARES","SEDI - SERVIÇOS DIVERSOS",null,"H",{"v":0.3669,"d":"0.3669000"},15.22,5.58]
["Insumo"," 00000536 ","SINAPI","REVESTIMENTO EM CERAMICA ESMALTADA EXTRA, PEI MENOR OU IGUAL A 3, FORMATO MENOR OU IGUAL A 2025 CM2","Material",null,"m²",{"v":1.0932,"d":"1.0932000"},30.75,33.61]
["Insumo"," 00001381 ","SINAPI","ARGAMASSA COLANTE AC I PARA CERAMICAS","Material",null,"KG",{"v":6.85,"d":"6.8500000"},0.66,4.52]
["Insumo"," 00034357 ","SINAPI","REJUNTE CIMENTICIO, QUALQUER COR","Material",null,"KG",{"v":0.222,"d":"0.2220000"},3.89,0.86]
[{"$nulls":4},"MO sem LS =>",{"v":17.6,"d":"17.60"},"LS =>",{"v":0,"d":"0.00"},"MO com LS =>",{"v":17.6,"d":"17.60"}]
[{"$nulls":4},"Valor do BDI =>",12.25,null,"Valor com BDI =>",null,73.99]
[{"$nulls":6},"Quant. =>",{"v":233.22,"d":"233.2200000"},"Preço Total =>",{"v":17255.94,"d":"17,255.94"}]
[]
[" 9.7 ","Código","Banco","Descrição","Tipo",null,"Und","Quant.","Valor Unit","Total"]
["Composição"," 96113 ","SINAPI","FORRO EM PLACAS DE GESSO, PARA AMBIENTES COMERCIAIS. AF_08/2023_PS","REVE - REVESTIMENTO E TRATAMENTO DE SUPERFÍCIES",null,"m²",{"v":1,"d":"1.0000000"},33.68,33.68]
["Composição Auxiliar"," 88269 ","SINAPI","GESSEIRO COM ENCARGOS COMPLEMENTARES","SEDI - SERVIÇOS DIVERSOS",null,"H",{"v":0.7867,"d":"0.7867000"},19.28,15.16]
["Composição Auxiliar"," 88316 ","SINAPI","SERVENTE COM ENCARGOS COMPLEMENTARES","SEDI - SERVIÇOS DIVERSOS",null,"H",{"v":0.4522,"d":"0.4522000"},15.22,6.88]
["Insumo"," 00000345 ","SINAPI","ARAME GALVANIZADO 18 BWG, D = 1,24MM (0,009 KG/M)","Material",null,"KG",{"v":0.0217,"d":"0.0217000"},28.17,0.61]
["Insumo"," 00003315 ","SINAPI","GESSO EM PO PARA REVESTIMENTOS/MOLDURAS/SANCAS E USO GERAL","Material",null,"KG",{"v":1.8127,"d":"1.8127000"},0.62,1.12]
["Insumo"," 00004812 ","SINAPI","PLACA DE GESSO PARA FORRO, *60 X 60* CM, ESPESSURA DE 12 MM (SEM COLOCACAO)","Material",null,"m²",{"v":1.0414,"d":"1.0414000"},8.71,9.07]
["Insumo"," 00020250 ","SINAPI","SISAL EM FIBRA / ESTOPA SISAL PARA GESSO","Material",null,"KG",{"v":0.0078,"d":"0.0078000"},20.01,0.15]
["Insumo"," 00040547 ","SINAPI","PARAFUSO ZINCADO, AUTOBROCANTE, FLANGEADO, 4,2 MM X 19 MM","Material",null,"CENTO",{"v":0.0293,"d":"0.0293000"},23.83,0.69]
[{"$nulls":4},"MO sem LS =>",16.97,"LS =>",{"v":0,"d":"0.00"},"MO com LS =>",16.97]
[{"$nulls":4},"Valor do BDI =>",6.68,null,"Valor com BDI =>",null,40.36]
[{"$nulls":6},"Quant. =>",{"v":954.66,"d":"954.6600000"},"Preço Total =>",{"v":38530.07,"d":"38,530.07"}]
[]
[" 10 ",null,null,"PAVIMENTAÇÃO E VEGETAÇÃO",{"$nulls":5},{"v":138402.06,"d":"138,402.06"}]
[" 10.1 ","Código","Banco","Descrição","Tipo",null,"Und","Quant.","Valor Unit","Total"]
["Composição"," 98560 ","SINAPI","IMPERMEABILIZAÇÃO DE PISO COM ARGAMASSA DE CIMENTO E AREIA, COM ADITIVO IMPERMEABILIZANTE, E = 2CM. AF_06/2018","IMPE - IMPERMEABILIZAÇÕES E PROTEÇÕES DIVERSAS",null,"m²",{"v":1,"d":"1.0000000"},{"v":36.4,"d":"36.40"},{"v":36.4,"d":"36.40"}]
["Composição Auxiliar"," 87298 ","SINAPI","ARGAMASSA TRAÇO 1:3 (EM VOLUME DE CIMENTO E AREIA MÉDIA ÚMIDA) PARA CONTRAPISO, PREPARO MECÂNICO COM BETONEIRA 400 L. AF_08/2019","SEDI - SERVIÇOS DIVERSOS",null,"m³",{"v":0.025,"d":"0.0250000"},{"v":494.3,"d":"494.30"},12.35]
["Composição Auxiliar"," 88309 ","SINAPI","PEDREIRO COM ENCARGOS COMPLEMENTARES","SEDI - SERVIÇOS DIVERSOS",null,"H",{"v":0.975,"d":"0.9750000"},19.45,18.96]
["Composição Auxiliar"," 88316 ","SINAPI","SERVENTE COM ENCARGOS COMPLEMENTARES","SEDI - SERVIÇOS DIVERSOS",null,"H",{"v":0.197,"d":"0.1970000"},15.22,2.99]
["Insumo"," 00000123 ","SINAPI","ADITIVO IMPERMEABILIZANTE DE PEGA NORMAL PARA ARGAMASSAS E CONCRETOS SEM ARMACAO, LIQUIDO E ISENTO DE CLORETOS","Material",null,"L",{"v":0.28,"d":"0.2800000"},7.52,{"v":2.1,"d":"2.10"}]
[{"$nulls":4},"MO sem LS =>",18.18,"LS =>",{"v":0,"d":"0.00"},"MO com LS =>",18.18]
[{"$nulls":4},"Valor do BDI =>",7.22,null,"Valor com BDI =>",null,43.62]
[{"$nulls":6},"Quant. =>",{"v":27.63,"d":"27.6300000"},"Preço Total =>",{"v":1205.22,"d":"1,205.22"}]
[]
[" 10.2 ","Código","Banco","Descrição","Tipo",null,"Und","Quant.","Valor Unit","Total"]
["Composição"," 104162 ","SINAPI","PISO EM GRANILITE, MARMORITE OU GRANITINA EM AMBIENTES INTERNOS, COM ESPESSURA DE 8 MM, INCLUSO MISTURA EM BETONEIRA, COLOCAÇÃO DAS JUNTAS, APLICAÇÃO DO PISO, 4 POLIMENTOS COM POLITRIZ, ESTUCAMENTO, SELADOR E CERA. AF_06/2022","PISO - PISOS",null,"m²",{"v":1,"d":"1.0000000"},70.95,70.95]
["Composição Auxiliar"," 88274 ","SINAPI","MARMORISTA/GRANITEIRO COM ENCARGOS COMPLEMENTARES","SEDI - SERVIÇOS DIVERSOS",null,"H",{"v":1.0956,"d":"1.0956000"},19.34,21.18]
["Composição Auxiliar"," 88316 ","SINAPI","SERVENTE COM ENCARGOS COMPLEMENTARES","SEDI - SERVIÇOS DIVERSOS",null,"H",{"v":0.4972,"d":"0.4972000"},15.22,7.56]
["Composição Auxiliar"," 89225 ","SINAPI","BETONEIRA CAPACIDADE NOMINAL DE 600 L, CAPACIDADE DE MISTURA 360 L, MOTOR ELÉTRICO TRIFÁSICO POTÊNCIA DE 4 CV, SEM CARREGADOR - CHP DIURNO. AF_05/2023","CHOR - CUSTOS HORÁRIOS DE MÁQUINAS E EQUIPAMENTOS",null,"CHP",{"v":0.0254,"d":"0.0254000"},3.82,0.09]
["Composição Auxiliar"," 89226 ","SINAPI","BETONEIRA CAPACIDADE NOMINAL DE 600 L, CAPACIDADE DE MISTURA 360 L, MOTOR ELÉTRICO TRIFÁSICO POTÊNCIA DE 4 CV, SEM CARREGADOR - CHI DIURNO. AF_05/2023","CHOR - CUSTOS HORÁRIOS DE MÁQUINAS E EQUIPAMENTOS",null,"CHI",{"v":0.0759,"d":"0.0759000"},1.22,0.09]
["Composição Auxiliar"," 95276 ","SINAPI","POLIDORA DE PISO (POLITRIZ), PESO DE 100KG, DIÂMETRO 450 MM, MOTOR ELÉTRICO, POTÊNCIA 4 HP - CHP DIURNO. AF_05/2023","CHOR - CUSTOS HORÁRIOS DE MÁQUINAS E EQUIPAMENTOS",null,"CHP",{"v":0.0903,"d":"0.0903000"},2.12,0.19]
["Composição Auxiliar"," 95277 ","SINAPI","POLIDORA DE PISO (POLITRIZ), PESO DE 100KG, DIÂMETRO 450 MM, MOTOR ELÉTRICO, POTÊNCIA 4 HP - CHI DIURNO. AF_05/2023","CHOR - CUSTOS HORÁRIOS DE MÁQUINAS E EQUIPAMENTOS",null,"CHI",{"v":0.2164,"d":"0.2164000"},0.39,0.08]
["Insumo"," 00003671 ","SINAPI","JUNTA PLASTICA DE DILATACAO PARA PISOS, COR CINZA, 17 X 3 MM (ALTURA X ESPESSURA)","Material",null,"M",{"v":1.67,"d":"1.6700000"},1.05,1.75]
["Insumo"," 00004824 ","SINAPI","GRANILHA/ GRANA/ PEDRISCO OU AGREGADO EM MARMORE/ GRANITO/ QUARTZO E CALCARIO, PRETO, CINZA, PALHA OU BRANCO","Material",null,"KG",{"v":20,"d":"20.0000000"},{"v":0.5,"d":"0.50"},{"v":10,"d":"10.00"}]
["Insumo"," 00006085 ","SINAPI","SELADOR ACRILICO OPACO PREMIUM INTERIOR/EXTERIOR","Material",null,"L",{"v":0.04,"d":"0.0400000"},7.76,0.31]
["Insumo"," 00041967 ","SINAPI","CERA LIQUIDA INCOLOR MULTIPISO","Material",null,"L",{"v":0.0125,"d":"0.0125000"},16.52,{"v":0.2,"d":"0.20"}]
["Insumo"," 00044528 ","SINAPI","CIMENTO PORTLAND ESTRUTURAL BRANCO CPB - 32 OU CPB - 40","Material",null,"KG",{"v":10,"d":"10.0000000"},2.95,{"v":29.5,"d":"29.50"}]
[{"$nulls":4},"MO sem LS =>",22.22,"LS =>",{"v":0,"d":"0.00"},"MO com LS =>",22.22]
[{"$nulls":4},"Valor do BDI =>",14.08,null,"Valor com BDI =>",null,85.03]
[{"$nulls":6},"Quant. =>",{"v":897.51,"d":"897.5100000"},"Preço Total =>",{"v":76315.27,"d":"76,315.27"}]
[]
[" 10.3 ","Código","Banco","Descrição","Tipo",null,"Und","Quant.","Valor Unit","Total"]
["Composição"," 95241 ","SINAPI","LASTRO DE CONCRETO MAGRO, APLICADO EM PISOS, LAJES SOBRE SOLO OU RADIERS, ESPESSURA DE 5 CM. AF_01/2024","FUES - FUNDAÇÕES E ESTRUTURAS",null,"m²",{"v":1,"d":"1.0000000"},26.48,26.48]
["Composição Auxiliar"," 88309 ","SINAPI","PEDREIRO COM ENCARGOS COMPLEMENTARES","SEDI - SERVIÇOS DIVERSOS",null,"H",{"v":0.25415,"d":"0.2541500"},19.45,4.94]
["Composição Auxiliar"," 88316 ","SINAPI","SERVENTE COM ENCARGOS COMPLEMENTARES","SEDI - SERVIÇOS DIVERSOS",null,"H",{"v":0.0919,"d":"0.0919000"},15.22,1.39]
["Composição Auxiliar"," 94968 ","SINAPI","CONCRETO MAGRO PARA LASTRO, TRAÇO 1:4,5:4,5 (EM MASSA SECA DE CIMENTO/ AREIA MÉDIA/ BRITA 1) - PREPARO MECÂNICO COM BETONEIRA 600 L. AF_05/2021","FUES - FUNDAÇÕES E ESTRUTURAS",null,"m³",{"v":0.069,"d":"0.0690000"},292.11,20.15]
[{"$nulls":4},"MO sem LS =>",{"v":7.4,"d":"7.40"},"LS =>",{"v":0,"d":"0.00"},"MO com LS =>",{"v":7.4,"d":"7.40"}]
[{"$nulls":4},"Valor do BDI =>",5.25,null,"Valor com BDI =>",null,31.73]
[{"$nulls":6},"Quant. =>",{"v":897.51,"d":"897.5100000"},"Preço Total =>",{"v":28477.99,"d":"28,477.99"}]
[]
[" 10.4 ","Código","Banco","Descrição","Tipo",null,"Und","Quant.","Valor Unit","Total"]
["Composição"," 92396 ","SINAPI","EXECUÇÃO DE PASSEIO EM PISO INTERTRAVADO, COM BLOCO RETANGULAR COR NATURAL DE 20 X 10 CM, ESPESSURA 6 CM. AF_10/2022","PAVI - PAVIMENTAÇÃO",null,"m²",{"v":1,"d":"1.0000000"},54.58,54.58]
["Composição Auxiliar"," 88260 ","SINAPI","CALCETEIRO COM ENCARGOS COMPLEMENTARES","SEDI - SERVIÇOS DIVERSOS",null,"H",{"v":0.3725,"d":"0.3725000"},19.28,7.18]
["Composição Auxiliar"," 88316 ","SINAPI","SERVENTE COM ENCARGOS COMPLEMENTARES","SEDI - SERVIÇOS DIVERSOS",null,"H",{"v":0.3725,"d":"0.3725000"},15.22,5.66]
["Composição Auxiliar"," 91277 ","SINAPI","PLACA VIBRATÓRIA REVERSÍVEL COM MOTOR 4 TEMPOS A GASOLINA, FORÇA CENTRÍFUGA DE 25 KN (2500 KGF), POTÊNCIA 5,5 CV - CHP DIURNO. AF_08/2015","CHOR - CUSTOS HORÁRIOS DE MÁQUINAS E EQUIPAMENTOS",null,"CHP",{"v":0.0041,"d":"0.0041000"},7.64,0.03]
["Composição Auxiliar"," 91278 ","SINAPI","PLACA VIBRATÓRIA REVERSÍVEL COM MOTOR 4 TEMPOS A GASOLINA, FORÇA CENTRÍFUGA DE 25 KN (2500 KGF), POTÊNCIA 5,5 CV - CHI DIURNO. AF_08/2015","CHOR - CUSTOS HORÁRIOS DE MÁQUINAS E EQUIPAMENTOS",null,"CHI",{"v":0.1821,"d":"0.1821000"},0.53,0.09]
["Composição Auxiliar"," 91283 ","SINAPI","CORTADORA DE PISO COM MOTOR 4 TEMPOS A GASOLINA, POTÊNCIA DE 13 HP, COM DISCO DE CORTE DIAMANTADO SEGMENTADO PARA CONCRETO, DIÂMETRO DE 350 MM, FURO DE 1\" (14 X 1\") - CHP DIURNO. AF_08/2015","CHOR - CUSTOS HORÁRIOS DE MÁQUINAS E EQUIPAMENTOS",null,"CHP",{"v":0.0491,"d":"0.0491000"},8.18,{"v":0.4,"d":"0.40"}]
["Composição Auxiliar"," 91285 ","SINAPI","CORTADORA DE PISO COM MOTOR 4 TEMPOS A GASOLINA, POTÊNCIA DE 13 HP, COM DISCO DE CORTE DIAMANTADO SEGMENTADO PARA CONCRETO, DIÂMETRO DE 350 MM, FURO DE 1\" (14 X 1\") - CHI DIURNO. AF_08/2015","CHOR - CUSTOS HORÁRIOS DE MÁQUINAS E EQUIPAMENTOS",null,"CHI",{"v":0.1371,"d":"0.1371000"},0.77,{"v":0.1,"d":"0.10"}]
["Insumo"," 00000370 ","SINAPI","AREIA MEDIA - POSTO JAZIDA/FORNECEDOR (RETIRADO NA JAZIDA, SEM TRANSPORTE)","Material",null,"m³",{"v":0.0568,"d":"0.0568000"},{"v":94.8,"d":"94.80"},5.38]
["Insumo"," 00004741 ","SINAPI","PO DE PEDRA (POSTO PEDREIRA/FORNECEDOR, SEM FRETE)","Material",null,"m³",{"v":0.0098,"d":"0.0098000"},70.52,0.69]
["Insumo"," 00036155 ","SINAPI","BLOQUETE/PISO INTERTRAVADO DE CONCRETO - MODELO ONDA/16 FACES/RETANGULAR/TIJOLINHO/PAVER/HOLANDES/PARALELEPIPEDO, *20 X 10* CM, E = 6 CM, RESISTENCIA DE 35 MPA, COR NATURAL","Material",null,"m²",{"v":1.03,"d":"1.0300000"},34.03,35.05]
[{"$nulls":4},"MO sem LS =>",{"v":9.8,"d":"9.80"},"LS =>",{"v":0,"d":"0.00"},"MO com LS =>",{"v":9.8,"d":"9.80"}]
[{"$nulls":4},"Valor do BDI =>",10.83,null,"Valor com BDI =>",null,65.41]
[{"$nulls":6},"Quant. =>",{"v":183.7,"d":"183.7000000"},"Preço Total =>",{"v":12015.81,"d":"12,015.81"}]
[]
[" 10.5 ","Código","Banco","Descrição","Tipo",null,"Und","Quant.","Valor Unit","Total"]
["Composição"," 87257 ","SINAPI","REVESTIMENTO CERÂMICO PARA PISO COM PLACAS TIPO ESMALTADA EXTRA DE DIMENSÕES 60X60 CM APLICADA EM AMBIENTES DE ÁREA MAIOR QUE 10 M2. AF_02/2023_PE","PISO - PISOS",null,"m²",{"v":1,"d":"1.0000000"},79.54,79.54]
["Composição Auxiliar"," 88256 ","SINAPI","AZULEJISTA OU LADRILHISTA COM ENCARGOS COMPLEMENTARES","SEDI - SERVIÇOS DIVERSOS",null,"H",{"v":0.2892,"d":"0.2892000"},19.34,5.59]
["Composição Auxiliar"," 88316 ","SINAPI","SERVENTE COM ENCARGOS COMPLEMENTARES","SEDI - SERVIÇOS DIVERSOS",null,"H",{"v":0.1356,"d":"0.1356000"},15.22,2.06]
["Insumo"," 00001292 ","SINAPI","PISO EM CERAMICA ESMALTADA EXTRA, COR LISA, PEI MAIOR OU IGUAL A 4, FORMATO MAIOR QUE 2025 CM2","Material",null,"m²",{"v":1.0691,"d":"1.0691000"},61.11,65.33]
["Insumo"," 00001381 ","SINAPI","ARGAMASSA COLANTE AC I PARA CERAMICAS","Material",null,"KG",{"v":9.13,"d":"9.1300000"},0.66,6.02]
["Insumo"," 00034357 ","SINAPI","REJUNTE CIMENTICIO, QUALQUER COR","Material",null,"KG",{"v":0.141,"d":"0.1410000"},3.89,0.54]
[{"$nulls":4},"MO sem LS =>",{"v":5.9,"d":"5.90"},"LS =>",{"v":0,"d":"0.00"},"MO com LS =>",{"v":5.9,"d":"5.90"}]
[{"$nulls":4},"Valor do BDI =>",15.78,null,"Valor com BDI =>",null,95.32]
[{"$nulls":6},"Quant. =>",{"v":74.73,"d":"74.7300000"},"Preço Total =>",{"v":7123.26,"d":"7,123.26"}]
[]
[" 10.6 ","Código","Banco","Descrição","Tipo",null,"Und","Quant.","Valor Unit","Total"]
["Composição"," 98504 ","SINAPI","PLANTIO DE GRAMA BATATAIS EM PLACAS. AF_05/2018","URBA - URBANIZAÇÃO",null,"m²",{"v":1,"d":"1.0000000"},12.59,12.59]
["Composição Auxiliar"," 88316 ","SINAPI","SERVENTE COM ENCARGOS COMPLEMENTARES","SEDI - SERVIÇOS DIVERSOS",null,"H",{"v":0.1564,"d":"0.1564000"},15.22,2.38]
["Composição Auxiliar"," 88441 ","SINAPI","JARDINEIRO COM ENCARGOS COMPLEMENTARES","SEDI - SERVIÇOS DIVERSOS",null,"H",{"v":0.0391,"d":"0.0391000"},{"v":15.9,"d":"15.90"},0.62]
["Insumo"," 00003324 ","SINAPI","GRAMA BATATAIS EM PLACAS, SEM PLANTIO","Material",null,"m²",{"v":1,"d":"1.0000000"},9.59,9.59]
[{"$nulls":4},"MO sem LS =>",2.21,"LS =>",{"v":0,"d":"0.00"},"MO com LS =>",2.21]
[{"$nulls":4},"Valor do BDI =>",2.49,null,"Valor com BDI =>",null,15.08]
[{"$nulls":6},"Quant. =>",{"v":879.61,"d":"879.6100000"},"Preço Total =>",{"v":13264.51,"d":"13,264.51"}]
[]
[" 11 ",null,null,"PINTURA",{"$nulls":5},{"v":73378.22,"d":"73,378.22"}]
[" 11.1 ","Código","Banco","Descrição","Tipo",null,"Und","Quant.","Valor Unit","Total"]
["Composição"," 96135 ","SINAPI","APLICAÇÃO MANUAL DE MASSA ACRÍLICA EM PAREDES EXTERNAS DE CASAS, DUAS DEMÃOS. AF_03/2024","PINT - PINTURAS",null,"m²",{"v":1,"d":"1.0000000"},20.78,20.78]
["Composição Auxiliar"," 88310 ","SINAPI","PINTOR COM ENCARGOS COMPLEMENTARES","SEDI - SERVIÇOS DIVERSOS",null,"H",{"v":0.6344,"d":"0.6344000"},{"v":20.9,"d":"20.90"},13.25]
["Composição Auxiliar"," 88316 ","SINAPI","SERVENTE COM ENCARGOS COMPLEMENTARES","SEDI - SERVIÇOS DIVERSOS",null,"H",{"v":0.1036,"d":"0.1036000"},15.22,1.57]
["Insumo"," 00003767 ","SINAPI","LIXA EM FOLHA PARA PAREDE OU MADEIRA, NUMERO 120, COR VERMELHA","Material",null,"UN",{"v":0.08287,"d":"0.0828700"},{"v":0.8,"d":"0.80"},0.06]
["Insumo"," 00043651 ","SINAPI","MASSA ACRILICA PARA SUPERFICIES INTERNAS E EXTERNAS","Material",null,"KG",{"v":1.38709,"d":"1.3870900"},4.26,{"v":5.9,"d":"5.90"}]
[{"$nulls":4},"MO sem LS =>",10.96,"LS =>",{"v":0,"d":"0.00"},"MO com LS =>",10.96]
[{"$nulls":4},"Valor do BDI =>",4.12,null,"Valor com BDI =>",null,{"v":24.9,"d":"24.90"}]
[{"$nulls":6},"Quant. =>",{"v":1673.89,"d":"1,673.8900000"},"Preço Total =>",{"v":41679.86,"d":"41,679.86"}]
[]
[" 11.2 ","Código","Banco","Descrição","Tipo",null,"Und","Quant.","Valor Unit","Total"]
["Composição"," 88488 ","SINAPI","PINTURA LÁTEX ACRÍLICA PREMIUM, APLICAÇÃO MANUAL EM TETO, DUAS DEMÃOS. AF_04/2023","PINT - PINTURAS",null,"m²",{"v":1,"d":"1.0000000"},10.68,10.68]
["Composição Auxiliar"," 88310 ","SINAPI","PINTOR COM ENCARGOS COMPLEMENTARES","SEDI - SERVIÇOS DIVERSOS",null,"H",{"v":0.227,"d":"0.2270000"},{"v":20.9,"d":"20.90"},4.74]
["Composição Auxiliar"," 88316 ","SINAPI","SERVENTE COM ENCARGOS COMPLEMENTARES","SEDI - SERVIÇOS DIVERSOS",null,"H",{"v":0.0757,"d":"0.0757000"},15.22,1.15]
["Insumo"," 00007356 ","SINAPI","TINTA LATEX ACRILICA PREMIUM, COR BRANCO FOSCO","Material",null,"L",{"v":0.2285,"d":"0.2285000"},20.99,4.79]
[{"$nulls":4},"MO sem LS =>",4.35,"LS =>",{"v":0,"d":"0.00"},"MO com LS =>",4.35]
[{"$nulls":4},"Valor do BDI =>",2.11,null,"Valor com BDI =>",null,12.79]
[{"$nulls":6},"Quant. =>",{"v":954.66,"d":"954.6600000"},"Preço Total =>",{"v":12210.1,"d":"12,210.10"}]
[]
[" 11.3 ","Código","Banco","Descrição","Tipo",null,"Und","Quant.","Valor Unit","Total"]
["Composição"," 88489 ","SINAPI","PINTURA LÁTEX ACRÍLICA PREMIUM, APLICAÇÃO MANUAL EM PAREDES, DUAS DEMÃOS. AF_04/2023","PINT - PINTURAS",null,"m²",{"v":1,"d":"1.0000000"},9.01,9.01]
["Composição Auxiliar"," 88310 ","SINAPI","PINTOR COM ENCARGOS COMPLEMENTARES","SEDI - SERVIÇOS DIVERSOS",null,"H",{"v":0.1631,"d":"0.1631000"},{"v":20.9,"d":"20.90"},{"v":3.4,"d":"3.40"}]
["Composição Auxiliar"," 88316 ","SINAPI","SERVENTE COM ENCARGOS COMPLEMENTARES","SEDI - SERVIÇOS DIVERSOS",null,"H",{"v":0.0544,"d":"0.0544000"},15.22,0.82]
["Insumo"," 00007356 ","SINAPI","TINTA LATEX ACRILICA PREMIUM, COR BRANCO FOSCO","Material",null,"L",{"v":0.2285,"d":"0.2285000"},20.99,4.79]
[{"$nulls":4},"MO sem LS =>",3.12,"LS =>",{"v":0,"d":"0.00"},"MO com LS =>",3.12]
[{"$nulls":4},"Valor do BDI =>",1.78,null,"Valor com BDI =>",null,10.79]
[{"$nulls":6},"Quant. =>",{"v":1673.86,"d":"1,673.8600000"},"Preço Total =>",{"v":18060.94,"d":"18,060.94"}]
[]
[" 11.4 ","Código","Banco","Descrição","Tipo",null,"Und","Quant.","Valor Unit","Total"]
["Composição"," 102217 ","SINAPI","PINTURA TINTA DE ACABAMENTO (PIGMENTADA) A ÓLEO EM MADEIRA, 2 DEMÃOS. AF_01/2021","PINT - PINTURAS",null,"m²",{"v":1,"d":"1.0000000"},11.82,11.82]
["Composição Auxiliar"," 88310 ","SINAPI","PINTOR COM ENCARGOS COMPLEMENTARES","SEDI - SERVIÇOS DIVERSOS",null,"H",{"v":0.3805,"d":"0.3805000"},{"v":20.9,"d":"20.90"},7.95]
["Insumo"," 00005318 ","SINAPI","DILUENTE AGUARRAS","Material",null,"L",{"v":0.0213,"d":"0.0213000"},15.83,0.33]
["Insumo"," 00043776 ","SINAPI","TINTA A OLEO BRILHANTE, PARA MADEIRAS E METAIS","Material",null,"L",{"v":0.213,"d":"0.2130000"},16.64,3.54]
[{"$nulls":4},"MO sem LS =>",5.88,"LS =>",{"v":0,"d":"0.00"},"MO com LS =>",5.88]
[{"$nulls":4},"Valor do BDI =>",2.34,null,"Valor com BDI =>",null,14.16]
[{"$nulls":6},"Quant. =>",{"v":100.8,"d":"100.8000000"},"Preço Total =>",{"v":1427.32,"d":"1,427.32"}]
[]
[" 12 ",null,null,"INSTALAÇÕES ELÉTRICAS",{"$nulls":5},{"v":33083.58,"d":"33,083.58"}]
[" 12.1 ","Código","Banco","Descrição","Tipo",null,"Und","Quant.","Valor Unit","Total"]
["Composição"," 101509 ","SINAPI","ENTRADA DE ENERGIA ELÉTRICA, AÉREA, TRIFÁSICA, COM CAIXA DE EMBUTIR, CABO DE 10 MM2 E DISJUNTOR DIN 50A (NÃO INCLUSO O POSTE DE CONCRETO). AF_07/2020_PS","INEL - INSTALAÇÃO ELÉTRICA/ELETRIFICAÇÃO E ILUMINAÇÃO EXTERNA",null,"UN",{"v":1,"d":"1.0000000"},{"v":1400.11,"d":"1,400.11"},{"v":1400.11,"d":"1,400.11"}]
["Composição Auxiliar"," 100578 ","SINAPI","ASSENTAMENTO DE POSTE DE CONCRETO COM COMPRIMENTO NOMINAL DE 9 M, CARGA NOMINAL MENOR OU IGUAL A 1000 DAN, ENGASTAMENTO SIMPLES COM 1,5 M DE SOLO (NÃO INCLUI FORNECIMENTO). AF_11/2019","INEL - INSTALAÇÃO ELÉTRICA/ELETRIFICAÇÃO E ILUMINAÇÃO EXTERNA",null,"UN",{"v":1,"d":"1.0000000"},381.13,381.13]
["Composição Auxiliar"," 87367 ","SINAPI","ARGAMASSA TRAÇO 1:1:6 (EM VOLUME DE CIMENTO, CAL E AREIA MÉDIA ÚMIDA) PARA EMBOÇO/MASSA ÚNICA/ASSENTAMENTO DE ALVENARIA DE VEDAÇÃO, PREPARO MANUAL. AF_08/2019","SEDI - SERVIÇOS DIVERSOS",null,"m³",{"v":0.0194,"d":"0.0194000"},523.85,10.16]
["Composição Auxiliar"," 88247 ","SINAPI","AUXILIAR DE ELETRICISTA COM ENCARGOS COMPLEMENTARES","SEDI - SERVIÇOS DIVERSOS",null,"H",{"v":0.3233,"d":"0.3233000"},16.15,5.22]
["Composição Auxiliar"," 88264 ","SINAPI","ELETRICISTA COM ENCARGOS COMPLEMENTARES","SEDI - SERVIÇOS DIVERSOS",null,"H",{"v":2.9102,"d":"2.9102000"},19.72,57.38]
["Composição Auxiliar"," 91872 ","SINAPI","ELETRODUTO RÍGIDO ROSCÁVEL, PVC, DN 32 MM (1\"), PARA CIRCUITOS TERMINAIS, INSTALADO EM PAREDE - FORNECIMENTO E INSTALAÇÃO. AF_03/2023","INEL - INSTALAÇÃO ELÉTRICA/ELETRIFICAÇÃO E ILUMINAÇÃO EXTERNA",null,"M",{"v":6.05,"d":"6.0500000"},13.42,81.19]
["Composição Auxiliar"," 91885 ","SINAPI","LUVA PARA ELETRODUTO, PVC, ROSCÁVEL, DN 32 MM (1\"), PARA CIRCUITOS TERMINAIS, INSTALADA EM PAREDE - FORNECIMENTO E INSTALAÇÃO. AF_03/2023","INEL - INSTALAÇÃO ELÉTRICA/ELETRIFICAÇÃO E ILUMINAÇÃO EXTERNA",null,"UN",{"v":1,"d":"1.0000000"},8.52,8.52]
["Composição Auxiliar"," 91917 ","SINAPI","CURVA 90 GRAUS PARA ELETRODUTO, PVC, ROSCÁVEL, DN 32 MM (1\"), PARA CIRCUITOS TERMINAIS, INSTALADA EM PAREDE - FORNECIMENTO E INSTALAÇÃO. AF_03/2023","INEL - INSTALAÇÃO ELÉTRICA/ELETRIFICAÇÃO E ILUMINAÇÃO EXTERNA",null,"UN",{"v":1,"d":"1.0000000"},13.45,13.45]
["Composição Auxiliar"," 91919 ","SINAPI","CURVA 180 GRAUS PARA ELETRODUTO, PVC, ROSCÁVEL, DN 32 MM (1\"), PARA CIRCUITOS TERMINAIS, INSTALADA EM PAREDE - FORNECIMENTO E INSTALAÇÃO. AF_03/2023","INEL - INSTALAÇÃO ELÉTRICA/ELETRIFICAÇÃO E ILUMINAÇÃO EXTERNA",null,"UN",{"v":1,"d":"1.0000000"},14.26,14.26]
["Composição Auxiliar"," 91933 ","SINAPI","CABO DE COBRE FLEXÍVEL ISOLADO, 10 MM², ANTI-CHAMA 0,6/1,0 KV, PARA CIRCUITOS TERMINAIS - FORNECIMENTO E INSTALAÇÃO. AF_03/2023","INEL - INSTALAÇÃO ELÉTRICA/ELETRIFICAÇÃO E ILUMINAÇÃO EXTERNA",null,"M",{"v":22.2,"d":"22.2000000"},12.37,274.61]
["Composição Auxiliar"," 93673 ","SINAPI","DISJUNTOR TRIPOLAR TIPO DIN, CORRENTE NOMINAL DE 50A - FORNECIMENTO E INSTALAÇÃO. AF_10/2020","INEL - INSTALAÇÃO ELÉTRICA/ELETRIFICAÇÃO E ILUMINAÇÃO EXTERNA",null,"UN",{"v":1,"d":"1.0000000"},70.21,70.21]
["Composição Auxiliar"," 96977 ","SINAPI","CORDOALHA DE COBRE NU 50 MM², ENTERRADA - FORNECIMENTO E INSTALAÇÃO. AF_08/2023","INEL - INSTALAÇÃO ELÉTRICA/ELETRIFICAÇÃO E ILUMINAÇÃO EXTERNA",null,"M",{"v":1.95,"d":"1.9500000"},45.38,88.49]
["Composição Auxiliar"," 96986 ","SINAPI","HASTE DE ATERRAMENTO, DIÂMETRO 3/4\", COM 3 METROS - FORNECIMENTO E INSTALAÇÃO. AF_08/2023","INEL - INSTALAÇÃO ELÉTRICA/ELETRIFICAÇÃO E ILUMINAÇÃO EXTERNA",null,"UN",{"v":1,"d":"1.0000000"},101.37,101.37]
["Insumo"," 00001062 ","SINAPI","CAIXA INTERNA/EXTERNA DE MEDICAO PARA 1 MEDIDOR TRIFASICO, COM VISOR, EM CHAPA DE ACO 18 USG (PADRAO DA CONCESSIONARIA LOCAL)","Material",null,"UN",{"v":1,"d":"1.0000000"},176.72,176.72]
["Insumo"," 00001094 ","SINAPI","ARMACAO VERTICAL COM HASTE E CONTRA-PINO, EM CHAPA DE ACO GALVANIZADO 3/16\", COM 1 ESTRIBO, SEM ISOLADOR","Material",null,"UN",{"v":1,"d":"1.0000000"},19.01,19.01]
["Insumo"," 00003398 ","SINAPI","ISOLADOR DE PORCELANA, TIPO ROLDANA, DIMENSOES DE *72* X *72* MM, PARA USO EM BAIXA TENSAO","Material",null,"UN",{"v":1,"d":"1.0000000"},3.48,3.48]
["Insumo"," 00004346 ","SINAPI","PARAFUSO DE FERRO POLIDO, SEXTAVADO, COM ROSCA PARCIAL, DIAMETRO 5/8\", COMPRIMENTO 6\", COM PORCA E ARRUELA DE PRESSAO MEDIA","Material",null,"UN",{"v":3,"d":"3.0000000"},8.85,26.55]
["Insumo"," 00011267 ","SINAPI","ARRUELA LISA, REDONDA, DE LATAO POLIDO, DIAMETRO NOMINAL 5/8\", DIAMETRO EXTERNO = 34 MM, DIAMETRO DO FURO = 17 MM, ESPESSURA = *2,5* MM","Material",null,"UN",{"v":2,"d":"2.0000000"},1.22,2.44]
["Insumo"," 00011864 ","SINAPI","CONECTOR METALICO TIPO PARAFUSO FENDIDO (SPLIT BOLT), PARA CABOS ATE 95 MM2","Material",null,"UN",{"v":1,"d":"1.0000000"},26.35,26.35]
["Insumo"," 00014153 ","SINAPI","FITA METALICA PERFURADA, L = *18* MM, ROLO DE 30 M, CARGA RECOMENDADA = *30* KGF","Material",null,"UN",{"v":0.06,"d":"0.0600000"},47.12,2.82]
["Insumo"," 00034643 ","SINAPI","CAIXA DE INSPECAO PARA ATERRAMENTO E PARA RAIOS, EM POLIPROPILENO, DIAMETRO = 300 MM X ALTURA = 400 MM","Material",null,"UN",{"v":1,"d":"1.0000000"},35.87,35.87]
["Insumo"," 00039996 ","SINAPI","VERGALHAO ZINCADO ROSCA TOTAL, 1/4\" (6,3 MM)","Material",null,"M",{"v":0.1664,"d":"0.1664000"},{"v":2.2,"d":"2.20"},0.36]
["Insumo"," 00039997 ","SINAPI","PORCA ZINCADA, SEXTAVADA, DIAMETRO 1/4\"","Material",null,"UN",{"v":2,"d":"2.0000000"},0.26,0.52]
[{"$nulls":4},"MO sem LS =>",262.02,"LS =>",{"v":0,"d":"0.00"},"MO com LS =>",262.02]
[{"$nulls":4},"Valor do BDI =>",277.92,null,"Valor com BDI =>",null,{"v":1678.03,"d":"1,678.03"}]
[{"$nulls":6},"Quant. =>",{"v":1,"d":"1.0000000"},"Preço Total =>",{"v":1678.03,"d":"1,678.03"}]
[]
[" 12.2 ","Código","Banco","Descrição","Tipo",null,"Und","Quant.","Valor Unit","Total"]
["Composição"," 101883 ","SINAPI","QUADRO DE DISTRIBUIÇÃO DE ENERGIA EM CHAPA DE AÇO GALVANIZADO, DE EMBUTIR, COM BARRAMENTO TRIFÁSICO, PARA 18 DISJUNTORES DIN 100A - FORNECIMENTO E INSTALAÇÃO. AF_10/2020","INEL - INSTALAÇÃO ELÉTRICA/ELETRIFICAÇÃO E ILUMINAÇÃO EXTERNA",null,"UN",{"v":1,"d":"1.0000000"},{"v":357.1,"d":"357.10"},{"v":357.1,"d":"357.10"}]
["Composição Auxiliar"," 87367 ","SINAPI","ARGAMASSA TRAÇO 1:1:6 (EM VOLUME DE CIMENTO, CAL E AREIA MÉDIA ÚMIDA) PARA EMBOÇO/MASSA ÚNICA/ASSENTAMENTO DE ALVENARIA DE VEDAÇÃO, PREPARO MANUAL. AF_08/2019","SEDI - SERVIÇOS DIVERSOS",null,"m³",{"v":0.0134,"d":"0.0134000"},523.85,7.01]
["Composição Auxiliar"," 88247 ","SINAPI","AUXILIAR DE ELETRICISTA COM ENCARGOS COMPLEMENTARES","SEDI - SERVIÇOS DIVERSOS",null,"H",{"v":0.5335,"d":"0.5335000"},16.15,8.61]
["Composição Auxiliar"," 88264 ","SINAPI","ELETRICISTA COM ENCARGOS COMPLEMENTARES","SEDI - SERVIÇOS DIVERSOS",null,"H",{"v":0.5335,"d":"0.5335000"},19.72,10.52]
["Insumo"," 00013395 ","SINAPI","QUADRO DE DISTRIBUICAO COM BARRAMENTO TRIFASICO, DE EMBUTIR, EM CHAPA DE ACO GALVANIZADO, PARA 18 DISJUNTORES DIN, 100 A, INCLUINDO BARRAMENTO","Material",null,"UN",{"v":1,"d":"1.0000000"},330.96,330.96]
[{"$nulls":4},"MO sem LS =>",16.41,"LS =>",{"v":0,"d":"0.00"},"MO com LS =>",16.41]
[{"$nulls":4},"Valor do BDI =>",70.88,null,"Valor com BDI =>",null,427.98]
[{"$nulls":6},"Quant. =>",{"v":1,"d":"1.0000000"},"Preço Total =>",427.98]
[]
[" 12.3 ","Código","Banco","Descrição","Tipo",null,"Und","Quant.","Valor Unit","Total"]
["Composição"," 93656 ","SINAPI","DISJUNTOR MONOPOLAR TIPO DIN, CORRENTE NOMINAL DE 25A - FORNECIMENTO E INSTALAÇÃO. AF_10/2020","INEL - INSTALAÇÃO ELÉTRICA/ELETRIFICAÇÃO E ILUMINAÇÃO EXTERNA",null,"UN",{"v":1,"d":"1.0000000"},9.83,9.83]
["Composição Auxiliar"," 88247 ","SINAPI","AUXILIAR DE ELETRICISTA COM ENCARGOS COMPLEMENTARES","SEDI - SERVIÇOS DIVERSOS",null,"H",{"v":0.0663,"d":"0.0663000"},16.15,1.07]
["Composição Auxiliar"," 88264 ","SINAPI","ELETRICISTA COM ENCARGOS COMPLEMENTARES","SEDI - SERVIÇOS DIVERSOS",null,"H",{"v":0.0663,"d":"0.0663000"},19.72,{"v":1.3,"d":"1.30"}]
["Insumo"," 00001571 ","SINAPI","TERMINAL A COMPRESSAO EM COBRE ESTANHADO PARA CABO 4 MM2, 1 FURO E 1 COMPRESSAO, PARA PARAFUSO DE FIXACAO M5","Material",null,"UN",{"v":1,"d":"1.0000000"},1.06,1.06]
["Insumo"," 00034653 ","SINAPI","DISJUNTOR TERMOMAGNETICO PARA TRILHO DIN (IEC), MONOPOLAR, 6 - 32 A","Material",null,"UN",{"v":1,"d":"1.0000000"},{"v":6.4,"d":"6.40"},{"v":6.4,"d":"6.40"}]
[{"$nulls":4},"MO sem LS =>",1.82,"LS =>",{"v":0,"d":"0.00"},"MO com LS =>",1.82]
[{"$nulls":4},"Valor do BDI =>",1.95,null,"Valor com BDI =>",null,11.78]
[{"$nulls":6},"Quant. =>",{"v":12,"d":"12.0000000"},"Preço Total =>",141.36]
[]
[" 12.4 ","Código","Banco","Descrição","Tipo",null,"Und","Quant.","Valor Unit","Total"]
["Composição"," 104475 ","SINAPI","COMPOSIÇÃO PARAMÉTRICA DE PONTO ELÉTRICO DE TOMADA DE USO GERAL 2P+T (10A/250V) EM EDIFÍCIO RESIDENCIAL COM ELETRODUTO EMBUTIDO EM RASGOS NAS PAREDES, INCLUSO TOMADA, ELETRODUTO, CABO, RASGO, QUEBRA E CHUMBAMENTO. AF_11/2022","INEL - INSTALAÇÃO ELÉTRICA/ELETRIFICAÇÃO E ILUMINAÇÃO EXTERNA",null,"UN",{"v":1,"d":"1.0000000"},103.07,103.07]
["Composição Auxiliar"," 90447 ","SINAPI","RASGO LINEAR MANUAL EM ALVENARIA, PARA ELETRODUTOS, DIÂMETROS MENORES OU IGUAIS A 40 MM. AF_09/2023","INHI - INSTALAÇÕES HIDROS SANITÁRIAS",null,"M",{"v":0.885,"d":"0.8850000"},5.69,5.03]
["Composição Auxiliar"," 90456 ","SINAPI","QUEBRA EM ALVENARIA PARA INSTALAÇÃO DE CAIXA DE TOMADA (4X4 OU 4X2). AF_09/2023","INHI - INSTALAÇÕES HIDROS SANITÁRIAS",null,"UN",{"v":1,"d":"1.0000000"},3.76,3.76]
["Composição Auxiliar"," 90466 ","SINAPI","CHUMBAMENTO LINEAR EM ALVENARIA PARA RAMAIS/DISTRIBUIÇÃO DE INSTALAÇÕES HIDRÁULICAS COM DIÂMETROS MENORES OU IGUAIS A 40 MM. AF_09/2023","INHI - INSTALAÇÕES HIDROS SANITÁRIAS",null,"M",{"v":0.885,"d":"0.8850000"},10.63,{"v":9.4,"d":"9.40"}]
["Composição Auxiliar"," 91845 ","SINAPI","ELETRODUTO FLEXÍVEL CORRUGADO REFORÇADO, PVC, DN 25 MM (3/4\"), PARA CIRCUITOS TERMINAIS, INSTALADO EM LAJE - FORNECIMENTO E INSTALAÇÃO. AF_03/2023","INEL - INSTALAÇÃO ELÉTRICA/ELETRIFICAÇÃO E ILUMINAÇÃO EXTERNA",null,"M",{"v":1.614,"d":"1.6140000"},{"v":6.1,"d":"6.10"},9.84]
["Composição Auxiliar"," 91855 ","SINAPI","ELETRODUTO FLEXÍVEL CORRUGADO REFORÇADO, PVC, DN 25 MM (3/4\"), PARA CIRCUITOS TERMINAIS, INSTALADO EM PAREDE - FORNECIMENTO E INSTALAÇÃO. AF_03/2023","INEL - INSTALAÇÃO ELÉTRICA/ELETRIFICAÇÃO E ILUMINAÇÃO EXTERNA",null,"M",{"v":0.885,"d":"0.8850000"},8.06,7.13]
["Composição Auxiliar"," 91926 ","SINAPI","CABO DE COBRE FLEXÍVEL ISOLADO, 2,5 MM², ANTI-CHAMA 450/750 V, PARA CIRCUITOS TERMINAIS - FORNECIMENTO E INSTALAÇÃO. AF_03/2023","INEL - INSTALAÇÃO ELÉTRICA/ELETRIFICAÇÃO E ILUMINAÇÃO EXTERNA",null,"M",{"v":10.531,"d":"10.5310000"},3.27,34.43]
["Composição Auxiliar"," 91940 ","SINAPI","CAIXA RETANGULAR 4\" X 2\" MÉDIA (1,30 M DO PISO), PVC, INSTALADA EM PAREDE - FORNECIMENTO E INSTALAÇÃO. AF_03/2023","INEL - INSTALAÇÃO ELÉTRICA/ELETRIFICAÇÃO E ILUMINAÇÃO EXTERNA",null,"UN",{"v":1,"d":"1.0000000"},11.82,11.82]
["Composição Auxiliar"," 92000 ","SINAPI","TOMADA BAIXA DE EMBUTIR (1 MÓDULO), 2P+T 10 A, INCLUINDO SUPORTE E PLACA - FORNECIMENTO E INSTALAÇÃO. AF_03/2023","INEL - INSTALAÇÃO ELÉTRICA/ELETRIFICAÇÃO E ILUMINAÇÃO EXTERNA",null,"UN",{"v":1,"d":"1.0000000"},21.66,21.66]
[{"$nulls":4},"MO sem LS =>",46.06,"LS =>",{"v":0,"d":"0.00"},"MO com LS =>",46.06]
[{"$nulls":4},"Valor do BDI =>",20.45,null,"Valor com BDI =>",null,123.52]
[{"$nulls":6},"Quant. =>",{"v":40,"d":"40.0000000"},"Preço Total =>",{"v":4940.8,"d":"4,940.80"}]
[]
[" 12.5 ","Código","Banco","Descrição","Tipo",null,"Und","Quant.","Valor Unit","Total"]
["Composição"," 104476 ","SINAPI","COMPOSIÇÃO PARAMÉTRICA DE PONTO ELÉTRICO DE TOMADA DE USO ESPECÍFICO 2P+T (20A/250V) EM EDIFÍCIO RESIDENCIAL COM ELETRODUTO EMBUTIDO EM RASGOS NAS PAREDES, INCLUSO TOMADA, ELETRODUTO, CABO, RASGO, QUEBRA E CHUMBAMENTO (EXCETO CHUVEIRO). AF_11/2022","INEL - INSTALAÇÃO ELÉTRICA/ELETRIFICAÇÃO E ILUMINAÇÃO EXTERNA",null,"UN",{"v":1,"d":"1.0000000"},131.79,131.79]
["Composição Auxiliar"," 90447 ","SINAPI","RASGO LINEAR MANUAL EM ALVENARIA, PARA ELETRODUTOS, DIÂMETROS MENORES OU IGUAIS A 40 MM. AF_09/2023","INHI - INSTALAÇÕES HIDROS SANITÁRIAS",null,"M",{"v":1.9357,"d":"1.9357000"},5.69,11.01]
["Composição Auxiliar"," 90456 ","SINAPI","QUEBRA EM ALVENARIA PARA INSTALAÇÃO DE CAIXA DE TOMADA (4X4 OU 4X2). AF_09/2023","INHI - INSTALAÇÕES HIDROS SANITÁRIAS",null,"UN",{"v":1,"d":"1.0000000"},3.76,3.76]
["Composição Auxiliar"," 90466 ","SINAPI","CHUMBAMENTO LINEAR EM ALVENARIA PARA RAMAIS/DISTRIBUIÇÃO DE INSTALAÇÕES HIDRÁULICAS COM DIÂMETROS MENORES OU IGUAIS A 40 MM. AF_09/2023","INHI - INSTALAÇÕES HIDROS SANITÁRIAS",null,"M",{"v":1.9357,"d":"1.9357000"},10.63,20.57]
["Composição Auxiliar"," 91845 ","SINAPI","ELETRODUTO FLEXÍVEL CORRUGADO REFORÇADO, PVC, DN 25 MM (3/4\"), PARA CIRCUITOS TERMINAIS, INSTALADO EM LAJE - FORNECIMENTO E INSTALAÇÃO. AF_03/2023","INEL - INSTALAÇÃO ELÉTRICA/ELETRIFICAÇÃO E ILUMINAÇÃO EXTERNA",null,"M",{"v":1.38,"d":"1.3800000"},{"v":6.1,"d":"6.10"},8.41]
["Composição Auxiliar"," 91855 ","SINAPI","ELETRODUTO FLEXÍVEL CORRUGADO REFORÇADO, PVC, DN 25 MM (3/4\"), PARA CIRCUITOS TERMINAIS, INSTALADO EM PAREDE - FORNECIMENTO E INSTALAÇÃO. AF_03/2023","INEL - INSTALAÇÃO ELÉTRICA/ELETRIFICAÇÃO E ILUMINAÇÃO EXTERNA",null,"M",{"v":1.9357,"d":"1.9357000"},8.06,{"v":15.6,"d":"15.60"}]
["Composição Auxiliar"," 91926 ","SINAPI","CABO DE COBRE FLEXÍVEL ISOLADO, 2,5 MM², ANTI-CHAMA 450/750 V, PARA CIRCUITOS TERMINAIS - FORNECIMENTO E INSTALAÇÃO. AF_03/2023","INEL - INSTALAÇÃO ELÉTRICA/ELETRIFICAÇÃO E ILUMINAÇÃO EXTERNA",null,"M",{"v":10.6357,"d":"10.6357000"},3.27,34.77]
["Composição Auxiliar"," 91940 ","SINAPI","CAIXA RETANGULAR 4\" X 2\" MÉDIA (1,30 M DO PISO), PVC, INSTALADA EM PAREDE - FORNECIMENTO E INSTALAÇÃO. AF_03/2023","INEL - INSTALAÇÃO ELÉTRICA/ELETRIFICAÇÃO E ILUMINAÇÃO EXTERNA",null,"UN",{"v":1,"d":"1.0000000"},11.82,11.82]
["Composição Auxiliar"," 91997 ","SINAPI","TOMADA MÉDIA DE EMBUTIR (1 MÓDULO), 2P+T 20 A, INCLUINDO SUPORTE E PLACA - FORNECIMENTO E INSTALAÇÃO. AF_03/2023","INEL - INSTALAÇÃO ELÉTRICA/ELETRIFICAÇÃO E ILUMINAÇÃO EXTERNA",null,"UN",{"v":1,"d":"1.0000000"},25.85,25.85]
[{"$nulls":4},"MO sem LS =>",63.67,"LS =>",{"v":0,"d":"0.00"},"MO com LS =>",63.67]
[{"$nulls":4},"Valor do BDI =>",26.16,null,"Valor com BDI =>",null,157.95]
[{"$nulls":6},"Quant. =>",{"v":20,"d":"20.0000000"},"Preço Total =>",{"v":3159,"d":"3,159.00"}]
[]
[" 12.6 ","Código","Banco","Descrição","Tipo",null,"Und","Quant.","Valor Unit","Total"]
["Composição"," 104473 ","SINAPI","COMPOSIÇÃO PARAMÉTRICA DE PONTO ELÉTRICO DE ILUMINAÇÃO, COM INTERRUPTOR SIMPLES, EM EDIFÍCIO RESIDENCIAL COM ELETRODUTO EMBUTIDO EM RASGOS NAS PAREDES, INCLUSO TOMADA, ELETRODUTO, CABO, RASGO E CHUMBAMENTO (SEM LUMINÁRIA E LÂMPADA). AF_11/2022","INEL - INSTALAÇÃO ELÉTRICA/ELETRIFICAÇÃO E ILUMINAÇÃO EXTERNA",null,"UN",{"v":1,"d":"1.0000000"},118.53,118.53]
["Composição Auxiliar"," 90447 ","SINAPI","RASGO LINEAR MANUAL EM ALVENARIA, PARA ELETRODUTOS, DIÂMETROS MENORES OU IGUAIS A 40 MM. AF_09/2023","INHI - INSTALAÇÕES HIDROS SANITÁRIAS",null,"M",{"v":1.2429,"d":"1.2429000"},5.69,7.07]
["Composição Auxiliar"," 90456 ","SINAPI","QUEBRA EM ALVENARIA PARA INSTALAÇÃO DE CAIXA DE TOMADA (4X4 OU 4X2). AF_09/2023","INHI - INSTALAÇÕES HIDROS SANITÁRIAS",null,"UN",{"v":1,"d":"1.0000000"},3.76,3.76]
["Composição Auxiliar"," 90466 ","SINAPI","CHUMBAMENTO LINEAR EM ALVENARIA PARA RAMAIS/DISTRIBUIÇÃO DE INSTALAÇÕES HIDRÁULICAS COM DIÂMETROS MENORES OU IGUAIS A 40 MM. AF_09/2023","INHI - INSTALAÇÕES HIDROS SANITÁRIAS",null,"M",{"v":1.2429,"d":"1.2429000"},10.63,13.21]
["Composição Auxiliar"," 91845 ","SINAPI","ELETRODUTO FLEXÍVEL CORRUGADO REFORÇADO, PVC, DN 25 MM (3/4\"), PARA CIRCUITOS TERMINAIS, INSTALADO EM LAJE - FORNECIMENTO E INSTALAÇÃO. AF_03/2023","INEL - INSTALAÇÃO ELÉTRICA/ELETRIFICAÇÃO E ILUMINAÇÃO EXTERNA",null,"M",{"v":2.2171,"d":"2.2171000"},{"v":6.1,"d":"6.10"},13.52]
["Composição Auxiliar"," 91855 ","SINAPI","ELETRODUTO FLEXÍVEL CORRUGADO REFORÇADO, PVC, DN 25 MM (3/4\"), PARA CIRCUITOS TERMINAIS, INSTALADO EM PAREDE - FORNECIMENTO E INSTALAÇÃO. AF_03/2023","INEL - INSTALAÇÃO ELÉTRICA/ELETRIFICAÇÃO E ILUMINAÇÃO EXTERNA",null,"M",{"v":1.2429,"d":"1.2429000"},8.06,10.01]
["Composição Auxiliar"," 91924 ","SINAPI","CABO DE COBRE FLEXÍVEL ISOLADO, 1,5 MM², ANTI-CHAMA 450/750 V, PARA CIRCUITOS TERMINAIS - FORNECIMENTO E INSTALAÇÃO. AF_03/2023","INEL - INSTALAÇÃO ELÉTRICA/ELETRIFICAÇÃO E ILUMINAÇÃO EXTERNA",null,"M",{"v":10.7114,"d":"10.7114000"},2.24,23.99]
["Composição Auxiliar"," 91926 ","SINAPI","CABO DE COBRE FLEXÍVEL ISOLADO, 2,5 MM², ANTI-CHAMA 450/750 V, PARA CIRCUITOS TERMINAIS - FORNECIMENTO E INSTALAÇÃO. AF_03/2023","INEL - INSTALAÇÃO ELÉTRICA/ELETRIFICAÇÃO E ILUMINAÇÃO EXTERNA",null,"M",{"v":1.4786,"d":"1.4786000"},3.27,4.83]
["Composição Auxiliar"," 91937 ","SINAPI","CAIXA OCTOGONAL 3\" X 3\", PVC, INSTALADA EM LAJE - FORNECIMENTO E INSTALAÇÃO. AF_03/2023","INEL - INSTALAÇÃO ELÉTRICA/ELETRIFICAÇÃO E ILUMINAÇÃO EXTERNA",null,"UN",{"v":1,"d":"1.0000000"},9.68,9.68]
["Composição Auxiliar"," 91940 ","SINAPI","CAIXA RETANGULAR 4\" X 2\" MÉDIA (1,30 M DO PISO), PVC, INSTALADA EM PAREDE - FORNECIMENTO E INSTALAÇÃO. AF_03/2023","INEL - INSTALAÇÃO ELÉTRICA/ELETRIFICAÇÃO E ILUMINAÇÃO EXTERNA",null,"UN",{"v":1,"d":"1.0000000"},11.82,11.82]
["Composição Auxiliar"," 91953 ","SINAPI","INTERRUPTOR SIMPLES (1 MÓDULO), 10A/250V, INCLUINDO SUPORTE E PLACA - FORNECIMENTO E INSTALAÇÃO. AF_03/2023","INEL - INSTALAÇÃO ELÉTRICA/ELETRIFICAÇÃO E ILUMINAÇÃO EXTERNA",null,"UN",{"v":1,"d":"1.0000000"},20.64,20.64]
[{"$nulls":4},"MO sem LS =>",{"v":58,"d":"58.00"},"LS =>",{"v":0,"d":"0.00"},"MO com LS =>",{"v":58,"d":"58.00"}]
[{"$nulls":4},"Valor do BDI =>",23.52,null,"Valor com BDI =>",null,142.05]
[{"$nulls":6},"Quant. =>",{"v":36,"d":"36.0000000"},"Preço Total =>",{"v":5113.8,"d":"5,113.80"}]
[]
[" 12.7 ","Código","Banco","Descrição","Tipo",null,"Und","Quant.","Valor Unit","Total"]
["Composição"," 92023 ","SINAPI","INTERRUPTOR SIMPLES (1 MÓDULO) COM 1 TOMADA DE EMBUTIR 2P+T 10 A, INCLUINDO SUPORTE E PLACA - FORNECIMENTO E INSTALAÇÃO. AF_03/2023","INEL - INSTALAÇÃO ELÉTRICA/ELETRIFICAÇÃO E ILUMINAÇÃO EXTERNA",null,"UN",{"v":1,"d":"1.0000000"},35.13,35.13]
["Composição Auxiliar"," 91946 ","SINAPI","SUPORTE PARAFUSADO COM PLACA DE ENCAIXE 4\" X 2\" MÉDIO (1,30 M DO PISO) PARA PONTO ELÉTRICO - FORNECIMENTO E INSTALAÇÃO. AF_03/2023","INEL - INSTALAÇÃO ELÉTRICA/ELETRIFICAÇÃO E ILUMINAÇÃO EXTERNA",null,"UN",{"v":1,"d":"1.0000000"},7.61,7.61]
["Composição Auxiliar"," 92022 ","SINAPI","INTERRUPTOR SIMPLES (1 MÓDULO) COM 1 TOMADA DE EMBUTIR 2P+T 10 A, SEM SUPORTE E SEM PLACA - FORNECIMENTO E INSTALAÇÃO. AF_03/2023","INEL - INSTALAÇÃO ELÉTRICA/ELETRIFICAÇÃO E ILUMINAÇÃO EXTERNA",null,"UN",{"v":1,"d":"1.0000000"},27.52,27.52]
[{"$nulls":4},"MO sem LS =>",16.94,"LS =>",{"v":0,"d":"0.00"},"MO com LS =>",16.94]
[{"$nulls":4},"Valor do BDI =>",6.97,null,"Valor com BDI =>",null,{"v":42.1,"d":"42.10"}]
[{"$nulls":6},"Quant. =>",{"v":30,"d":"30.0000000"},"Preço Total =>",{"v":1263,"d":"1,263.00"}]
[]
[" 12.8 ","Código","Banco","Descrição","Tipo",null,"Und","Quant.","Valor Unit","Total"]
["Composição"," 92865 ","SINAPI","CAIXA OCTOGONAL 4\" X 4\", METÁLICA, INSTALADA EM LAJE - FORNECIMENTO E INSTALAÇÃO. AF_03/2023","INEL - INSTALAÇÃO ELÉTRICA/ELETRIFICAÇÃO E ILUMINAÇÃO EXTERNA",null,"UN",{"v":1,"d":"1.0000000"},10.15,10.15]
["Composição Auxiliar"," 88247 ","SINAPI","AUXILIAR DE ELETRICISTA COM ENCARGOS COMPLEMENTARES","SEDI - SERVIÇOS DIVERSOS",null,"H",{"v":0.222,"d":"0.2220000"},16.15,3.58]
["Composição Auxiliar"," 88264 ","SINAPI","ELETRICISTA COM ENCARGOS COMPLEMENTARES","SEDI - SERVIÇOS DIVERSOS",null,"H",{"v":0.222,"d":"0.2220000"},19.72,4.37]
["Insumo"," 00010569 ","SINAPI","CAIXA DE PASSAGEM / DERIVACAO / LUZ, OCTOGONAL 4 X4, EM ACO ESMALTADA, COM FUNDO MOVEL SIMPLES (FMS)","Material",null,"UN",{"v":1,"d":"1.0000000"},{"v":2.2,"d":"2.20"},{"v":2.2,"d":"2.20"}]
[{"$nulls":4},"MO sem LS =>",6.13,"LS =>",{"v":0,"d":"0.00"},"MO com LS =>",6.13]
[{"$nulls":4},"Valor do BDI =>",2.01,null,"Valor com BDI =>",null,12.16]
[{"$nulls":6},"Quant. =>",{"v":107,"d":"107.0000000"},"Preço Total =>",{"v":1301.12,"d":"1,301.12"}]
[]
[" 12.9 ","Código","Banco","Descrição","Tipo",null,"Und","Quant.","Valor Unit","Total"]
["Composição"," 100903 ","SINAPI","LÂMPADA TUBULAR LED DE 18/20 W, BASE G13 - FORNECIMENTO E INSTALAÇÃO. AF_02/2020_PS","INEL - INSTALAÇÃO ELÉTRICA/ELETRIFICAÇÃO E ILUMINAÇÃO EXTERNA",null,"UN",{"v":1,"d":"1.0000000"},18.14,18.14]
["Composição Auxiliar"," 88247 ","SINAPI","AUXILIAR DE ELETRICISTA COM ENCARGOS COMPLEMENTARES","SEDI - SERVIÇOS DIVERSOS",null,"H",{"v":0.1033,"d":"0.1033000"},16.15,1.66]
["Composição Auxiliar"," 88264 ","SINAPI","ELETRICISTA COM ENCARGOS COMPLEMENTARES","SEDI - SERVIÇOS DIVERSOS",null,"H",{"v":0.2478,"d":"0.2478000"},19.72,4.88]
["Insumo"," 00012295 ","SINAPI","SOQUETE DE BAQUELITE BASE E27, PARA LAMPADAS","Material",null,"UN",{"v":2,"d":"2.0000000"},2.09,4.18]
["Insumo"," 00039387 ","SINAPI","LAMPADA LED TUBULAR BIVOLT 18/20 W, BASE G13","Material",null,"UN",{"v":1,"d":"1.0000000"},7.42,7.42]
[{"$nulls":4},"MO sem LS =>",{"v":5.1,"d":"5.10"},"LS =>",{"v":0,"d":"0.00"},"MO com LS =>",{"v":5.1,"d":"5.10"}]
[{"$nulls":4},"Valor do BDI =>",{"v":3.6,"d":"3.60"},null,"Valor com BDI =>",null,21.74]
[{"$nulls":6},"Quant. =>",{"v":19,"d":"19.0000000"},"Preço Total =>",413.06]
[]
[" 12.10 ","Código","Banco","Descrição","Tipo",null,"Und","Quant.","Valor Unit","Total"]
["Composição"," 071649 ","AGETOP CIVIL","LUMINÁRIA PLAFON LED QUADRADA DE EMBUTIR, 30W, 40X40 CM (MEDIDAS APROXIMADAS) - INCLUSO CORTE NO FORRO",716,null,"un",{"v":1,"d":"1.0000000"},108.66,108.66]
["Insumo"," 4072 ","AGETOP CIVIL","LUMINÁRIA PLAFON LED QUADRADO DE EMBUTIR, CORPO METÁLICO, POTÊNCIA MÍNIMA DE 30W, FLUXO LUMINOSO IGUAL OU SUPERIOR A 2000 LUMENS, TCC DE 4000K, IP20, VIDA ÚTIL MÍN.: 25.000 H, MEDIDAS APROXIMADAS DE 40X40 CM","Material",null,"un",{"v":1,"d":"1.0000000"},98.05,98.05]
["Insumo"," 0008 ","AGETOP CIVIL","AJUDANTE","Mão de Obra",null,"H",{"v":0.4036,"d":"0.4036000"},12.28,4.95]
["Insumo"," 0012 ","AGETOP CIVIL","ELETRICISTA","Mão de Obra",null,"H",{"v":0.3226,"d":"0.3226000"},17.56,5.66]
[{"$nulls":4},"MO sem LS =>",10.61,"LS =>",{"v":0,"d":"0.00"},"MO com LS =>",10.61]
[{"$nulls":4},"Valor do BDI =>",21.56,null,"Valor com BDI =>",null,130.22]
[{"$nulls":6},"Quant. =>",{"v":7,"d":"7.0000000"},"Preço Total =>",911.54]
[]
[" 12.11 ","Código","Banco","Descrição","Tipo",null,"Und","Quant.","Valor Unit","Total"]
["Composição"," 071645 ","AGETOP CIVIL","LUMINÁRIA TIPO PLAFON DE SOBREPOR REDONDA PARA 02 LÂMPADAS",716,null,"un",{"v":1,"d":"1.0000000"},{"v":126.2,"d":"126.20"},{"v":126.2,"d":"126.20"}]
["Insumo"," 3986 ","AGETOP CIVIL","LUMINÁRIA TIPO PLAFON DE SOBREPOR REDONDA PARA 02 LÂMPADAS","Material",null,"un",{"v":1,"d":"1.0000000"},116.58,116.58]
["Insumo"," 0008 ","AGETOP CIVIL","AJUDANTE","Mão de Obra",null,"H",{"v":0.3226,"d":"0.3226000"},12.28,3.96]
["Insumo"," 0012 ","AGETOP CIVIL","ELETRICISTA","Mão de Obra",null,"H",{"v":0.3226,"d":"0.3226000"},17.56,5.66]
[{"$nulls":4},"MO sem LS =>",9.62,"LS =>",{"v":0,"d":"0.00"},"MO com LS =>",9.62]
[{"$nulls":4},"Valor do BDI =>",25.05,null,"Valor com BDI =>",null,151.25]
[{"$nulls":6},"Quant. =>",{"v":51,"d":"51.0000000"},"Preço Total =>",{"v":7713.75,"d":"7,713.75"}]
[]
[" 12.12 ","Código","Banco","Descrição","Tipo",null,"Und","Quant.","Valor Unit","Total"]
["Composição"," 071647 ","AGETOP CIVIL","LUMINÁRIA PLAFON LED QUADRADA DE EMBUTIR, 18W, 20X20 CM (MEDIDAS APROXIMADAS) - INCLUSO CORTE NO FORRO",716,null,"un",{"v":1,"d":"1.0000000"},34.92,34.92]
["Insumo"," 4073 ","AGETOP CIVIL","LUMINÁRIA PLAFON LED QUADRADO DE EMBUTIR, CORPO METÁLICO, POTÊNCIA MÍNIMA DE 18W, FLUXO LUMINOSO IGUAL OU SUPERIOR A 1200 LUMENS, TCC DE 4000K, IP20, VIDA ÚTIL MÍN.: 25.000 H, MEDIDAS APROXIMADAS DE 20X20 CM","Material",null,"un",{"v":1,"d":"1.0000000"},25.04,25.04]
["Insumo"," 0008 ","AGETOP CIVIL","AJUDANTE","Mão de Obra",null,"H",{"v":0.3442,"d":"0.3442000"},12.28,4.22]
["Insumo"," 0012 ","AGETOP CIVIL","ELETRICISTA","Mão de Obra",null,"H",{"v":0.3226,"d":"0.3226000"},17.56,5.66]
[{"$nulls":4},"MO sem LS =>",9.88,"LS =>",{"v":0,"d":"0.00"},"MO com LS =>",9.88]
[{"$nulls":4},"Valor do BDI =>",6.93,null,"Valor com BDI =>",null,41.85]
[{"$nulls":6},"Quant. =>",{"v":30,"d":"30.0000000"},"Preço Total =>",{"v":1255.5,"d":"1,255.50"}]
[]
[" 12.13 ","Código","Banco","Descrição","Tipo",null,"Und","Quant.","Valor Unit","Total"]
["Composição"," 12808 ","ORSE","Refletor Slim LED 200W de potência, branco Frio, 6500k, Autovolt, marca G-light ou similar","Luminárias Externas",null,"un",{"v":1,"d":"1.0000000"},{"v":210.4,"d":"210.40"},{"v":210.4,"d":"210.40"}]
["Composição Auxiliar"," 10549 ","ORSE","Encargos Complementares - Servente","Provisórios",null,"h",{"v":0.3,"d":"0.3000000"},2.93,0.87]
["Composição Auxiliar"," 10552 ","ORSE","Encargos Complementares - Eletricista","Provisórios",null,"h",{"v":0.5,"d":"0.5000000"},2.82,1.41]
["Insumo"," 00002436/SINAPI ","ORSE","Eletricista (horista)","Mão de Obra",null,"h",{"v":0.5,"d":"0.5000000"},14.39,7.19]
["Insumo"," 00006111/SINAPI ","ORSE","Servente de obras (horista)","Mão de Obra",null,"h",{"v":0.3,"d":"0.3000000"},10.78,3.23]
["Insumo"," 13524 ","ORSE","Refletor Slim  LED 200W de potência, branco Frio, 6500k, Autovolt, marca G-light ou similar","Material",null,"un",{"v":1,"d":"1.0000000"},{"v":196.3,"d":"196.30"},{"v":196.3,"d":"196.30"}]
["Insumo"," 1691 ","ORSE","Parafuso metal 2 1/2\" x 12 p/ bucha s-10","Material",null,"un",{"v":2,"d":"2.0000000"},{"v":0.7,"d":"0.70"},{"v":1.4,"d":"1.40"}]
[{"$nulls":4},"MO sem LS =>",10.42,"LS =>",{"v":0,"d":"0.00"},"MO com LS =>",10.42]
[{"$nulls":4},"Valor do BDI =>",41.76,null,"Valor com BDI =>",null,252.16]
[{"$nulls":6},"Quant. =>",{"v":11,"d":"11.0000000"},"Preço Total =>",{"v":2773.76,"d":"2,773.76"}]
[]
[" 12.14 ","Código","Banco","Descrição","Tipo",null,"Und","Quant.","Valor Unit","Total"]
["Composição"," 060633 ","SBC","ARANDELA EFEITO 10 FACHOS ALUMINIO INTERNA / EXTERNA MARROM","INSTALACOES ELETRICAS - LUMINARIAS",null,"UN",{"v":1,"d":"1.0000000"},61.62,61.62]
["Insumo"," 004638 ","SBC","ARANDELA 10 FACHOS ALUMINIO INTERNA / EXTERNA MARROM","Material",null,"UN",{"v":1,"d":"1.0000000"},31.44,31.44]
["Insumo"," 004655 ","SBC","LAMPADA ELETRONICA 28W","Material",null,"UN",{"v":1,"d":"1.0000000"},7.21,7.21]
["Insumo"," 099250 ","SBC","ELETRICISTA","Mão de Obra",null,"H",{"v":0.952,"d":"0.9520000"},13.32,12.68]
["Insumo"," 099806 ","SBC","AJUDANTE DE ELETRICISTA","Mão de Obra",null,"H",{"v":0.952,"d":"0.9520000"},10.81,10.29]
[{"$nulls":4},"MO sem LS =>",22.97,"LS =>",{"v":0,"d":"0.00"},"MO com LS =>",22.97]
[{"$nulls":4},"Valor do BDI =>",12.23,null,"Valor com BDI =>",null,73.85]
[{"$nulls":6},"Quant. =>",{"v":16,"d":"16.0000000"},"Preço Total =>",{"v":1181.6,"d":"1,181.60"}]
[]
[" 12.15 ","Código","Banco","Descrição","Tipo",null,"Und","Quant.","Valor Unit","Total"]
["Composição"," 060641 ","SBC","BALIZADOR SPOT LED 3W BRANCO MORNO PARA PISO","INSTALACOES ELETRICAS - LUMINARIAS",null,"UN",{"v":1,"d":"1.0000000"},75.03,75.03]
["Insumo"," 004614 ","SBC","BALIZADOR SPOT LED 3W BRANCO MORNO PARA PISO ILUMINIM","Material",null,"UN",{"v":1,"d":"1.0000000"},52.06,52.06]
["Insumo"," 099250 ","SBC","ELETRICISTA","Mão de Obra",null,"H",{"v":0.952,"d":"0.9520000"},13.32,12.68]
["Insumo"," 099806 ","SBC","AJUDANTE DE ELETRICISTA","Mão de Obra",null,"H",{"v":0.952,"d":"0.9520000"},10.81,10.29]
[{"$nulls":4},"MO sem LS =>",22.97,"LS =>",{"v":0,"d":"0.00"},"MO com LS =>",22.97]
[{"$nulls":4},"Valor do BDI =>",14.89,null,"Valor com BDI =>",null,89.92]
[{"$nulls":6},"Quant. =>",{"v":9,"d":"9.0000000"},"Preço Total =>",809.28]
[]
[" 13 ",null,null,"INSTALAÇÕES HIDRÁULICAS",{"$nulls":5},{"v":16164.29,"d":"16,164.29"}]
[" 13.1 ",null,null,"CASTELO D'ÁGUA INSTALAÇÃO",{"$nulls":5},{"v":6199.13,"d":"6,199.13"}]
[" 13.1.1 ","Código","Banco","Descrição","Tipo",null,"Und","Quant.","Valor Unit","Total"]
["Composição"," 94793 ","SINAPI","REGISTRO DE GAVETA BRUTO, LATÃO, ROSCÁVEL, 1 1/4\", COM ACABAMENTO E CANOPLA CROMADOS - FORNECIMENTO E INSTALAÇÃO. AF_08/2021","INHI - INSTALAÇÕES HIDROS SANITÁRIAS",null,"UN",{"v":1,"d":"1.0000000"},138.41,138.41]
["Composição Auxiliar"," 88248 ","SINAPI","AUXILIAR DE ENCANADOR OU BOMBEIRO HIDRÁULICO COM ENCARGOS COMPLEMENTARES","SEDI - SERVIÇOS DIVERSOS",null,"H",{"v":0.3131,"d":"0.3131000"},15.35,{"v":4.8,"d":"4.80"}]
["Composição Auxiliar"," 88267 ","SINAPI","ENCANADOR OU BOMBEIRO HIDRÁULICO COM ENCARGOS COMPLEMENTARES","SEDI - SERVIÇOS DIVERSOS",null,"H",{"v":0.3131,"d":"0.3131000"},18.72,5.86]
["Insumo"," 00003148 ","SINAPI","FITA VEDA ROSCA EM ROLOS DE 18 MM X 50 M (L X C)","Material",null,"UN",{"v":0.0168,"d":"0.0168000"},5.82,0.09]
["Insumo"," 00006014 ","SINAPI","REGISTRO GAVETA COM ACABAMENTO E CANOPLA CROMADOS, SIMPLES, BITOLA 1 1/4\" (REF 1509)","Material",null,"UN",{"v":1,"d":"1.0000000"},127.66,127.66]
[{"$nulls":4},"MO sem LS =>",8.42,"LS =>",{"v":0,"d":"0.00"},"MO com LS =>",8.42]
[{"$nulls":4},"Valor do BDI =>",27.47,null,"Valor com BDI =>",null,165.88]
[{"$nulls":6},"Quant. =>",{"v":4,"d":"4.0000000"},"Preço Total =>",663.52]
[]
[" 13.1.2 ","Código","Banco","Descrição","Tipo",null,"Und","Quant.","Valor Unit","Total"]
["Composição"," 94495 ","SINAPI","REGISTRO DE GAVETA BRUTO, LATÃO, ROSCÁVEL, 1\" - FORNECIMENTO E INSTALAÇÃO. AF_08/2021","INHI - INSTALAÇÕES HIDROS SANITÁRIAS",null,"UN",{"v":1,"d":"1.0000000"},53.64,53.64]
["Composição Auxiliar"," 88248 ","SINAPI","AUXILIAR DE ENCANADOR OU BOMBEIRO HIDRÁULICO COM ENCARGOS COMPLEMENTARES","SEDI - SERVIÇOS DIVERSOS",null,"H",{"v":0.1485,"d":"0.1485000"},15.35,2.27]
["Composição Auxiliar"," 88267 ","SINAPI","ENCANADOR OU BOMBEIRO HIDRÁULICO COM ENCARGOS COMPLEMENTARES","SEDI - SERVIÇOS DIVERSOS",null,"H",{"v":0.1485,"d":"0.1485000"},18.72,2.77]
["Insumo"," 00003148 ","SINAPI","FITA VEDA ROSCA EM ROLOS DE 18 MM X 50 M (L X C)","Material",null,"UN",{"v":0.0132,"d":"0.0132000"},5.82,0.07]
["Insumo"," 00006019 ","SINAPI","REGISTRO GAVETA BRUTO EM LATAO FORJADO, BITOLA 1\" (REF 1509)","Material",null,"UN",{"v":1,"d":"1.0000000"},48.53,48.53]
[{"$nulls":4},"MO sem LS =>",3.98,"LS =>",{"v":0,"d":"0.00"},"MO com LS =>",3.98]
[{"$nulls":4},"Valor do BDI =>",10.64,null,"Valor com BDI =>",null,64.28]
[{"$nulls":6},"Quant. =>",{"v":2,"d":"2.0000000"},"Preço Total =>",128.56]
[]
[" 13.1.3 ","Código","Banco","Descrição","Tipo",null,"Und","Quant.","Valor Unit","Total"]
["Composição"," 94785 ","SINAPI","ADAPTADOR COM FLANGES LIVRES, PVC, SOLDÁVEL LONGO, DN 32 MM X 1 , INSTALADO EM RESERVAÇÃO DE ÁGUA DE EDIFICAÇÃO QUE POSSUA RESERVATÓRIO DE FIBRA/FIBROCIMENTO   FORNECIMENTO E INSTALAÇÃO. AF_06/2016","INHI - INSTALAÇÕES HIDROS SANITÁRIAS",null,"UN",{"v":1,"d":"1.0000000"},17.74,17.74]
["Composição Auxiliar"," 88248 ","SINAPI","AUXILIAR DE ENCANADOR OU BOMBEIRO HIDRÁULICO COM ENCARGOS COMPLEMENTARES","SEDI - SERVIÇOS DIVERSOS",null,"H",{"v":0.231,"d":"0.2310000"},15.35,3.54]
["Composição Auxiliar"," 88267 ","SINAPI","ENCANADOR OU BOMBEIRO HIDRÁULICO COM ENCARGOS COMPLEMENTARES","SEDI - SERVIÇOS DIVERSOS",null,"H",{"v":0.231,"d":"0.2310000"},18.72,4.32]
["Insumo"," 00000088 ","SINAPI","ADAPTADOR PVC, SOLDAVEL, LONGO, COM FLANGE LIVRE, 32 MM X 1\", PARA CAIXA D'AGUA","Material",null,"UN",{"v":1,"d":"1.0000000"},8.73,8.73]
["Insumo"," 00020080 ","SINAPI","ADESIVO PLASTICO PARA PVC, FRASCO COM 175 GR","Material",null,"UN",{"v":0.046,"d":"0.0460000"},13.39,0.61]
["Insumo"," 00020083 ","SINAPI","SOLUCAO PREPARADORA / LIMPADORA PARA PVC, FRASCO COM 1000 CM3","Material",null,"UN",{"v":0.011,"d":"0.0110000"},46.48,0.51]
["Insumo"," 00038383 ","SINAPI","LIXA D'AGUA EM FOLHA, GRAO 100","Material",null,"UN",{"v":0.023,"d":"0.0230000"},1.52,0.03]
[{"$nulls":4},"MO sem LS =>",{"v":6.2,"d":"6.20"},"LS =>",{"v":0,"d":"0.00"},"MO com LS =>",{"v":6.2,"d":"6.20"}]
[{"$nulls":4},"Valor do BDI =>",3.52,null,"Valor com BDI =>",null,21.26]
[{"$nulls":6},"Quant. =>",{"v":2,"d":"2.0000000"},"Preço Total =>",42.52]
[]
[" 13.1.4 ","Código","Banco","Descrição","Tipo",null,"Und","Quant.","Valor Unit","Total"]
["Composição"," 102617 ","SINAPI","CAIXA D´ÁGUA EM POLIÉSTER REFORÇADO COM FIBRA DE VIDRO, 5000 LITROS - FORNECIMENTO E INSTALAÇÃO. AF_06/2021","INHI - INSTALAÇÕES HIDROS SANITÁRIAS",null,"UN",{"v":1,"d":"1.0000000"},{"v":2852.96,"d":"2,852.96"},{"v":2852.96,"d":"2,852.96"}]
["Composição Auxiliar"," 88248 ","SINAPI","AUXILIAR DE ENCANADOR OU BOMBEIRO HIDRÁULICO COM ENCARGOS COMPLEMENTARES","SEDI - SERVIÇOS DIVERSOS",null,"H",{"v":1.4821,"d":"1.4821000"},15.35,22.75]
["Composição Auxiliar"," 88267 ","SINAPI","ENCANADOR OU BOMBEIRO HIDRÁULICO COM ENCARGOS COMPLEMENTARES","SEDI - SERVIÇOS DIVERSOS",null,"H",{"v":1.4821,"d":"1.4821000"},18.72,27.74]
["Composição Auxiliar"," 93287 ","SINAPI","GUINDASTE HIDRÁULICO AUTOPROPELIDO, COM LANÇA TELESCÓPICA 40 M, CAPACIDADE MÁXIMA 60 T, POTÊNCIA 260 KW - CHP DIURNO. AF_03/2016","CHOR - CUSTOS HORÁRIOS DE MÁQUINAS E EQUIPAMENTOS",null,"CHP",{"v":0.2634,"d":"0.2634000"},267.15,70.36]
["Composição Auxiliar"," 93288 ","SINAPI","GUINDASTE HIDRÁULICO AUTOPROPELIDO, COM LANÇA TELESCÓPICA 40 M, CAPACIDADE MÁXIMA 60 T, POTÊNCIA 260 KW - CHI DIURNO. AF_03/2016","CHOR - CUSTOS HORÁRIOS DE MÁQUINAS E EQUIPAMENTOS",null,"CHI",{"v":2.3611,"d":"2.3611000"},136.71,322.78]
["Insumo"," 00037105 ","SINAPI","CAIXA D'AGUA / RESERVATORIO EM POLIESTER REFORCADO COM FIBRA DE VIDRO, 5000 LITROS, COM TAMPA","Material",null,"UN",{"v":1,"d":"1.0000000"},{"v":2409.33,"d":"2,409.33"},{"v":2409.33,"d":"2,409.33"}]
[{"$nulls":4},"MO sem LS =>",90.33,"LS =>",{"v":0,"d":"0.00"},"MO com LS =>",90.33]
[{"$nulls":4},"Valor do BDI =>",566.31,null,"Valor com BDI =>",null,{"v":3419.27,"d":"3,419.27"}]
[{"$nulls":6},"Quant. =>",{"v":1,"d":"1.0000000"},"Preço Total =>",{"v":3419.27,"d":"3,419.27"}]
[]
[" 13.1.5 ","Código","Banco","Descrição","Tipo",null,"Und","Quant.","Valor Unit","Total"]
["Composição"," RES.AG.3000L ","Próprio","[ADAPTAÇÃO SINAPI 102615] CAIXA D´ÁGUA EM POLIÉSTER REFORÇADO COM FIBRA DE VIDRO, 3000 LITROS - FORNECIMENTO E INSTALAÇÃO. AF_06/2021","Caixas de Água para Edificações",null,"UN",{"v":1,"d":"1.0000000"},{"v":1623.08,"d":"1,623.08"},{"v":1623.08,"d":"1,623.08"}]
["Composição Auxiliar"," 88267 ","SINAPI","ENCANADOR OU BOMBEIRO HIDRÁULICO COM ENCARGOS COMPLEMENTARES","SEDI - SERVIÇOS DIVERSOS",null,"H",{"v":0.2473,"d":"0.2473000"},18.72,4.62]
["Composição Auxiliar"," 88248 ","SINAPI","AUXILIAR DE ENCANADOR OU BOMBEIRO HIDRÁULICO COM ENCARGOS COMPLEMENTARES","SEDI - SERVIÇOS DIVERSOS",null,"H",{"v":0.2473,"d":"0.2473000"},15.35,3.79]
["Insumo"," 00043978 ","SINAPI","CAIXA D'AGUA / RESERVATORIO EM POLIESTER REFORCADO COM FIBRA DE VIDRO, 3000 LITROS, COM TAMPA","Material",null,"UN",{"v":1,"d":"1.0000000"},{"v":1614.67,"d":"1,614.67"},{"v":1614.67,"d":"1,614.67"}]
[{"$nulls":4},"MO sem LS =>",6.65,"LS =>",{"v":0,"d":"0.00"},"MO com LS =>",6.65]
[{"$nulls":4},"Valor do BDI =>",322.18,null,"Valor com BDI =>",null,{"v":1945.26,"d":"1,945.26"}]
[{"$nulls":6},"Quant. =>",{"v":1,"d":"1.0000000"},"Preço Total =>",{"v":1945.26,"d":"1,945.26"}]
[]
[" 13.2 ",null,null,"REDE DE DISTRIBUIÇÃO",{"$nulls":5},{"v":9965.16,"d":"9,965.16"}]
[" 13.2.1 ","Código","Banco","Descrição","Tipo",null,"Und","Quant.","Valor Unit","Total"]
["Composição"," 94497 ","SINAPI","REGISTRO DE GAVETA BRUTO, LATÃO, ROSCÁVEL, 1 1/2\" - FORNECIMENTO E INSTALAÇÃO. AF_08/2021","INHI - INSTALAÇÕES HIDROS SANITÁRIAS",null,"UN",{"v":1,"d":"1.0000000"},92.57,92.57]
["Composição Auxiliar"," 88248 ","SINAPI","AUXILIAR DE ENCANADOR OU BOMBEIRO HIDRÁULICO COM ENCARGOS COMPLEMENTARES","SEDI - SERVIÇOS DIVERSOS",null,"H",{"v":0.2633,"d":"0.2633000"},15.35,4.04]
["Composição Auxiliar"," 88267 ","SINAPI","ENCANADOR OU BOMBEIRO HIDRÁULICO COM ENCARGOS COMPLEMENTARES","SEDI - SERVIÇOS DIVERSOS",null,"H",{"v":0.2633,"d":"0.2633000"},18.72,4.92]
["Insumo"," 00003148 ","SINAPI","FITA VEDA ROSCA EM ROLOS DE 18 MM X 50 M (L X C)","Material",null,"UN",{"v":0.0192,"d":"0.0192000"},5.82,0.11]
["Insumo"," 00006010 ","SINAPI","REGISTRO GAVETA BRUTO EM LATAO FORJADO, BITOLA 1 1/2\" (REF 1509)","Material",null,"UN",{"v":1,"d":"1.0000000"},{"v":83.5,"d":"83.50"},{"v":83.5,"d":"83.50"}]
[{"$nulls":4},"MO sem LS =>",7.07,"LS =>",{"v":0,"d":"0.00"},"MO com LS =>",7.07]
[{"$nulls":4},"Valor do BDI =>",18.37,null,"Valor com BDI =>",null,110.94]
[{"$nulls":6},"Quant. =>",{"v":4,"d":"4.0000000"},"Preço Total =>",443.76]
[]
[" 13.2.2 ","Código","Banco","Descrição","Tipo",null,"Und","Quant.","Valor Unit","Total"]
["Composição"," 104660 ","SINAPI","CONJUNTO DE PONTOS HIDRÁULICOS DE ÁGUA FRIA PARA BANHEIRO (RAMAL/SUB-RAMAL E DISTRIBUIÇÃO) EM PVC, COM TUBOS, CONEXÕES, REGISTROS, CORTES E FIXAÇÕES EM PRÉDIO COM TUBULAÇÕES EMBUTIDAS COM RASGO. AF_05/2023","INHI - INSTALAÇÕES HIDROS SANITÁRIAS",null,"UN",{"v":1,"d":"1.0000000"},979.19,979.19]
["Composição Auxiliar"," 103978 ","SINAPI","TUBO, PVC, SOLDÁVEL, DN 40MM, INSTALADO EM RAMAL DE DISTRIBUIÇÃO DE ÁGUA - FORNECIMENTO E INSTALAÇÃO. AF_06/2022","INHI - INSTALAÇÕES HIDROS SANITÁRIAS",null,"M",{"v":12.0538,"d":"12.0538000"},19.52,235.29]
["Composição Auxiliar"," 103980 ","SINAPI","JOELHO 90 GRAUS, PVC, SOLDÁVEL, DN 40MM, INSTALADO EM RAMAL DE DISTRIBUIÇÃO DE ÁGUA - FORNECIMENTO E INSTALAÇÃO. AF_06/2022","INHI - INSTALAÇÕES HIDROS SANITÁRIAS",null,"UN",{"v":9.25,"d":"9.2500000"},12.47,115.34]
["Composição Auxiliar"," 103981 ","SINAPI","JOELHO 45 GRAUS, PVC, SOLDÁVEL, DN 40MM, INSTALADO EM RAMAL DE DISTRIBUIÇÃO DE ÁGUA - FORNECIMENTO E INSTALAÇÃO. AF_06/2022","INHI - INSTALAÇÕES HIDROS SANITÁRIAS",null,"UN",{"v":1.5,"d":"1.5000000"},12.52,18.78]
["Composição Auxiliar"," 103988 ","SINAPI","LUVA, PVC, SOLDÁVEL, DN 40MM, INSTALADO EM RAMAL DE DISTRIBUIÇÃO DE ÁGUA - FORNECIMENTO E INSTALAÇÃO. AF_06/2022","INHI - INSTALAÇÕES HIDROS SANITÁRIAS",null,"UN",{"v":0.25,"d":"0.2500000"},8.96,2.24]
["Composição Auxiliar"," 103992 ","SINAPI","ADAPTADOR CURTO COM BOLSA E ROSCA PARA REGISTRO, PVC, SOLDÁVEL, DN 40MM X 1.1/4\", INSTALADO EM RAMAL DE DISTRIBUIÇÃO DE ÁGUA - FORNECIMENTO E INSTALAÇÃO. AF_06/2022","INHI - INSTALAÇÕES HIDROS SANITÁRIAS",null,"UN",{"v":0.25,"d":"0.2500000"},8.06,2.01]
["Composição Auxiliar"," 103994 ","SINAPI","ADAPTADOR CURTO COM BOLSA E ROSCA PARA REGISTRO, PVC, SOLDÁVEL, DN 40MM X 1.1/2\", INSTALADO EM RAMAL DE DISTRIBUIÇÃO DE ÁGUA - FORNECIMENTO E INSTALAÇÃO. AF_06/2022","INHI - INSTALAÇÕES HIDROS SANITÁRIAS",null,"UN",{"v":0.25,"d":"0.2500000"},10.13,2.53]
["Composição Auxiliar"," 104011 ","SINAPI","TE, PVC, SOLDÁVEL, DN 40MM, INSTALADO EM RAMAL DE DISTRIBUIÇÃO DE ÁGUA - FORNECIMENTO E INSTALAÇÃO. AF_06/2022","INHI - INSTALAÇÕES HIDROS SANITÁRIAS",null,"UN",{"v":1.5,"d":"1.5000000"},17.91,26.86]
["Composição Auxiliar"," 89355 ","SINAPI","TUBO, PVC, SOLDÁVEL, DN 20MM, INSTALADO EM RAMAL OU SUB-RAMAL DE ÁGUA - FORNECIMENTO E INSTALAÇÃO. AF_06/2022","INHI - INSTALAÇÕES HIDROS SANITÁRIAS",null,"M",{"v":2.985,"d":"2.9850000"},14.37,42.89]
["Composição Auxiliar"," 89356 ","SINAPI","TUBO, PVC, SOLDÁVEL, DN 25MM, INSTALADO EM RAMAL OU SUB-RAMAL DE ÁGUA - FORNECIMENTO E INSTALAÇÃO. AF_06/2022","INHI - INSTALAÇÕES HIDROS SANITÁRIAS",null,"M",{"v":2.485,"d":"2.4850000"},16.57,41.17]
["Composição Auxiliar"," 89358 ","SINAPI","JOELHO 90 GRAUS, PVC, SOLDÁVEL, DN 20MM, INSTALADO EM RAMAL OU SUB-RAMAL DE ÁGUA - FORNECIMENTO E INSTALAÇÃO. AF_06/2022","INHI - INSTALAÇÕES HIDROS SANITÁRIAS",null,"UN",{"v":5,"d":"5.0000000"},5.43,27.15]
["Composição Auxiliar"," 89359 ","SINAPI","JOELHO 45 GRAUS, PVC, SOLDÁVEL, DN 20MM, INSTALADO EM RAMAL OU SUB-RAMAL DE ÁGUA - FORNECIMENTO E INSTALAÇÃO. AF_06/2022","INHI - INSTALAÇÕES HIDROS SANITÁRIAS",null,"UN",{"v":1,"d":"1.0000000"},5.87,5.87]
["Composição Auxiliar"," 89362 ","SINAPI","JOELHO 90 GRAUS, PVC, SOLDÁVEL, DN 25MM, INSTALADO EM RAMAL OU SUB-RAMAL DE ÁGUA - FORNECIMENTO E INSTALAÇÃO. AF_06/2022","INHI - INSTALAÇÕES HIDROS SANITÁRIAS",null,"UN",{"v":2,"d":"2.0000000"},6.46,12.92]
["Composição Auxiliar"," 89383 ","SINAPI","ADAPTADOR CURTO COM BOLSA E ROSCA PARA REGISTRO, PVC, SOLDÁVEL, DN 25MM X 3/4 , INSTALADO EM RAMAL OU SUB-RAMAL DE ÁGUA - FORNECIMENTO E INSTALAÇÃO. AF_06/2022","INHI - INSTALAÇÕES HIDROS SANITÁRIAS",null,"UN",{"v":2,"d":"2.0000000"},4.52,9.04]
["Composição Auxiliar"," 89393 ","SINAPI","TE, PVC, SOLDÁVEL, DN 20MM, INSTALADO EM RAMAL OU SUB-RAMAL DE ÁGUA - FORNECIMENTO E INSTALAÇÃO. AF_06/2022","INHI - INSTALAÇÕES HIDROS SANITÁRIAS",null,"UN",{"v":1,"d":"1.0000000"},7.56,7.56]
["Composição Auxiliar"," 89395 ","SINAPI","TE, PVC, SOLDÁVEL, DN 25MM, INSTALADO EM RAMAL OU SUB-RAMAL DE ÁGUA - FORNECIMENTO E INSTALAÇÃO. AF_06/2022","INHI - INSTALAÇÕES HIDROS SANITÁRIAS",null,"UN",{"v":1,"d":"1.0000000"},{"v":8.9,"d":"8.90"},{"v":8.9,"d":"8.90"}]
["Composição Auxiliar"," 89987 ","SINAPI","REGISTRO DE GAVETA BRUTO, LATÃO, ROSCÁVEL, 3/4\", COM ACABAMENTO E CANOPLA CROMADOS - FORNECIMENTO E INSTALAÇÃO. AF_08/2021","INHI - INSTALAÇÕES HIDROS SANITÁRIAS",null,"UN",{"v":1,"d":"1.0000000"},{"v":82.6,"d":"82.60"},{"v":82.6,"d":"82.60"}]
["Composição Auxiliar"," 90439 ","SINAPI","FURO MECANIZADO EM CONCRETO, COM MARTELO DEMOLIDOR, PARA INSTALAÇÕES HIDRÁULICAS, DIÂMETROS MENORES OU IGUAIS A 40 MM. AF_09/2023","INHI - INSTALAÇÕES HIDROS SANITÁRIAS",null,"UN",{"v":0.5,"d":"0.5000000"},5.28,2.64]
["Composição Auxiliar"," 90443 ","SINAPI","RASGO LINEAR MANUAL EM ALVENARIA, PARA RAMAIS/ DISTRIBUIÇÃO DE INSTALAÇÕES HIDRÁULICAS, DIÂMETROS MENORES OU IGUAIS A 40 MM. AF_09/2023","INHI - INSTALAÇÕES HIDROS SANITÁRIAS",null,"M",{"v":2.8913,"d":"2.8913000"},{"v":5.4,"d":"5.40"},15.61]
["Composição Auxiliar"," 90453 ","SINAPI","PASSANTE TIPO TUBO COM DIÂMETRO DE 40 MM, FIXADO EM LAJE, PARA PASSAGEM DE TUBULAÇÕES COM NO MÁXIMO 32 MM DE DIÂMETRO. AF_09/2023","INHI - INSTALAÇÕES HIDROS SANITÁRIAS",null,"UN",{"v":2.5,"d":"2.5000000"},2.85,7.12]
["Composição Auxiliar"," 90466 ","SINAPI","CHUMBAMENTO LINEAR EM ALVENARIA PARA RAMAIS/DISTRIBUIÇÃO DE INSTALAÇÕES HIDRÁULICAS COM DIÂMETROS MENORES OU IGUAIS A 40 MM. AF_09/2023","INHI - INSTALAÇÕES HIDROS SANITÁRIAS",null,"M",{"v":2.8913,"d":"2.8913000"},10.63,30.73]
["Composição Auxiliar"," 91185 ","SINAPI","FIXAÇÃO DE TUBOS HORIZONTAIS DE PVC ÁGUA, PVC ESGOTO, PVC ÁGUA PLUVIAL, CPVC, PPR, COBRE OU AÇO, DIÂMETROS MENORES OU IGUAIS A 40 MM, COM ABRAÇADEIRA METÁLICA FLEXÍVEL 18 MM, FIXADA DIRETAMENTE NA LAJE. AF_09/2023","INHI - INSTALAÇÕES HIDROS SANITÁRIAS",null,"M",{"v":13.9925,"d":"13.9925000"},17.27,241.65]
["Composição Auxiliar"," 91190 ","SINAPI","CHUMBAMENTO PONTUAL EM PASSAGEM DE TUBO COM DIÂMETRO MENOR OU IGUAL A 40 MM. AF_09/2023","INHI - INSTALAÇÕES HIDROS SANITÁRIAS",null,"UN",{"v":0.5,"d":"0.5000000"},7.41,{"v":3.7,"d":"3.70"}]
["Composição Auxiliar"," 94794 ","SINAPI","REGISTRO DE GAVETA BRUTO, LATÃO, ROSCÁVEL, 1 1/2\", COM ACABAMENTO E CANOPLA CROMADOS - FORNECIMENTO E INSTALAÇÃO. AF_08/2021","INHI - INSTALAÇÕES HIDROS SANITÁRIAS",null,"UN",{"v":0.25,"d":"0.2500000"},146.38,36.59]
[{"$nulls":4},"MO sem LS =>",447.64,"LS =>",{"v":0,"d":"0.00"},"MO com LS =>",447.64]
[{"$nulls":4},"Valor do BDI =>",194.36,null,"Valor com BDI =>",null,{"v":1173.55,"d":"1,173.55"}]
[{"$nulls":6},"Quant. =>",{"v":6,"d":"6.0000000"},"Preço Total =>",{"v":7041.3,"d":"7,041.30"}]
[]
[" 13.2.3 ","Código","Banco","Descrição","Tipo",null,"Und","Quant.","Valor Unit","Total"]
["Composição"," 104661 ","SINAPI","CONJUNTO DE PONTOS HIDRÁULICOS DE ÁGUA FRIA PARA COZINHA (RAMAL/SUB-RAMAL E DISTRIBUIÇÃO) EM PVC, COM TUBOS, CONEXÕES, REGISTROS, CORTES E FIXAÇÕES EM PRÉDIO COM TUBULAÇÕES EMBUTIDAS COM RASGO. AF_05/2023","INHI - INSTALAÇÕES HIDROS SANITÁRIAS",null,"UN",{"v":1,"d":"1.0000000"},428.98,428.98]
["Composição Auxiliar"," 103978 ","SINAPI","TUBO, PVC, SOLDÁVEL, DN 40MM, INSTALADO EM RAMAL DE DISTRIBUIÇÃO DE ÁGUA - FORNECIMENTO E INSTALAÇÃO. AF_06/2022","INHI - INSTALAÇÕES HIDROS SANITÁRIAS",null,"M",{"v":3.3088,"d":"3.3088000"},19.52,64.58]
["Composição Auxiliar"," 103980 ","SINAPI","JOELHO 90 GRAUS, PVC, SOLDÁVEL, DN 40MM, INSTALADO EM RAMAL DE DISTRIBUIÇÃO DE ÁGUA - FORNECIMENTO E INSTALAÇÃO. AF_06/2022","INHI - INSTALAÇÕES HIDROS SANITÁRIAS",null,"UN",{"v":1.25,"d":"1.2500000"},12.47,15.58]
["Composição Auxiliar"," 103981 ","SINAPI","JOELHO 45 GRAUS, PVC, SOLDÁVEL, DN 40MM, INSTALADO EM RAMAL DE DISTRIBUIÇÃO DE ÁGUA - FORNECIMENTO E INSTALAÇÃO. AF_06/2022","INHI - INSTALAÇÕES HIDROS SANITÁRIAS",null,"UN",{"v":0.5,"d":"0.5000000"},12.52,6.26]
["Composição Auxiliar"," 103988 ","SINAPI","LUVA, PVC, SOLDÁVEL, DN 40MM, INSTALADO EM RAMAL DE DISTRIBUIÇÃO DE ÁGUA - FORNECIMENTO E INSTALAÇÃO. AF_06/2022","INHI - INSTALAÇÕES HIDROS SANITÁRIAS",null,"UN",{"v":0.25,"d":"0.2500000"},8.96,2.24]
["Composição Auxiliar"," 103992 ","SINAPI","ADAPTADOR CURTO COM BOLSA E ROSCA PARA REGISTRO, PVC, SOLDÁVEL, DN 40MM X 1.1/4\", INSTALADO EM RAMAL DE DISTRIBUIÇÃO DE ÁGUA - FORNECIMENTO E INSTALAÇÃO. AF_06/2022","INHI - INSTALAÇÕES HIDROS SANITÁRIAS",null,"UN",{"v":0.25,"d":"0.2500000"},8.06,2.01]
["Composição Auxiliar"," 103994 ","SINAPI","ADAPTADOR CURTO COM BOLSA E ROSCA PARA REGISTRO, PVC, SOLDÁVEL, DN 40MM X 1.1/2\", INSTALADO EM RAMAL DE DISTRIBUIÇÃO DE ÁGUA - FORNECIMENTO E INSTALAÇÃO. AF_06/2022","INHI - INSTALAÇÕES HIDROS SANITÁRIAS",null,"UN",{"v":0.25,"d":"0.2500000"},10.13,2.53]
["Composição Auxiliar"," 104011 ","SINAPI","TE, PVC, SOLDÁVEL, DN 40MM, INSTALADO EM RAMAL DE DISTRIBUIÇÃO DE ÁGUA - FORNECIMENTO E INSTALAÇÃO. AF_06/2022","INHI - INSTALAÇÕES HIDROS SANITÁRIAS",null,"UN",{"v":0.5,"d":"0.5000000"},17.91,8.95]
["Composição Auxiliar"," 89355 ","SINAPI","TUBO, PVC, SOLDÁVEL, DN 20MM, INSTALADO EM RAMAL OU SUB-RAMAL DE ÁGUA - FORNECIMENTO E INSTALAÇÃO. AF_06/2022","INHI - INSTALAÇÕES HIDROS SANITÁRIAS",null,"M",{"v":0.925,"d":"0.9250000"},14.37,13.29]
["Composição Auxiliar"," 89356 ","SINAPI","TUBO, PVC, SOLDÁVEL, DN 25MM, INSTALADO EM RAMAL OU SUB-RAMAL DE ÁGUA - FORNECIMENTO E INSTALAÇÃO. AF_06/2022","INHI - INSTALAÇÕES HIDROS SANITÁRIAS",null,"M",{"v":5.24,"d":"5.2400000"},16.57,86.82]
["Composição Auxiliar"," 89358 ","SINAPI","JOELHO 90 GRAUS, PVC, SOLDÁVEL, DN 20MM, INSTALADO EM RAMAL OU SUB-RAMAL DE ÁGUA - FORNECIMENTO E INSTALAÇÃO. AF_06/2022","INHI - INSTALAÇÕES HIDROS SANITÁRIAS",null,"UN",{"v":2,"d":"2.0000000"},5.43,10.86]
["Composição Auxiliar"," 89362 ","SINAPI","JOELHO 90 GRAUS, PVC, SOLDÁVEL, DN 25MM, INSTALADO EM RAMAL OU SUB-RAMAL DE ÁGUA - FORNECIMENTO E INSTALAÇÃO. AF_06/2022","INHI - INSTALAÇÕES HIDROS SANITÁRIAS",null,"UN",{"v":3,"d":"3.0000000"},6.46,19.38]
["Composição Auxiliar"," 89395 ","SINAPI","TE, PVC, SOLDÁVEL, DN 25MM, INSTALADO EM RAMAL OU SUB-RAMAL DE ÁGUA - FORNECIMENTO E INSTALAÇÃO. AF_06/2022","INHI - INSTALAÇÕES HIDROS SANITÁRIAS",null,"UN",{"v":2.5,"d":"2.5000000"},{"v":8.9,"d":"8.90"},22.25]
["Composição Auxiliar"," 90443 ","SINAPI","RASGO LINEAR MANUAL EM ALVENARIA, PARA RAMAIS/ DISTRIBUIÇÃO DE INSTALAÇÕES HIDRÁULICAS, DIÂMETROS MENORES OU IGUAIS A 40 MM. AF_09/2023","INHI - INSTALAÇÕES HIDROS SANITÁRIAS",null,"M",{"v":2.8613,"d":"2.8613000"},{"v":5.4,"d":"5.40"},15.45]
["Composição Auxiliar"," 90453 ","SINAPI","PASSANTE TIPO TUBO COM DIÂMETRO DE 40 MM, FIXADO EM LAJE, PARA PASSAGEM DE TUBULAÇÕES COM NO MÁXIMO 32 MM DE DIÂMETRO. AF_09/2023","INHI - INSTALAÇÕES HIDROS SANITÁRIAS",null,"UN",{"v":2.5,"d":"2.5000000"},2.85,7.12]
["Composição Auxiliar"," 90466 ","SINAPI","CHUMBAMENTO LINEAR EM ALVENARIA PARA RAMAIS/DISTRIBUIÇÃO DE INSTALAÇÕES HIDRÁULICAS COM DIÂMETROS MENORES OU IGUAIS A 40 MM. AF_09/2023","INHI - INSTALAÇÕES HIDROS SANITÁRIAS",null,"M",{"v":2.8613,"d":"2.8613000"},10.63,30.41]
["Composição Auxiliar"," 91185 ","SINAPI","FIXAÇÃO DE TUBOS HORIZONTAIS DE PVC ÁGUA, PVC ESGOTO, PVC ÁGUA PLUVIAL, CPVC, PPR, COBRE OU AÇO, DIÂMETROS MENORES OU IGUAIS A 40 MM, COM ABRAÇADEIRA METÁLICA FLEXÍVEL 18 MM, FIXADA DIRETAMENTE NA LAJE. AF_09/2023","INHI - INSTALAÇÕES HIDROS SANITÁRIAS",null,"M",{"v":4.9025,"d":"4.9025000"},17.27,84.66]
["Composição Auxiliar"," 94794 ","SINAPI","REGISTRO DE GAVETA BRUTO, LATÃO, ROSCÁVEL, 1 1/2\", COM ACABAMENTO E CANOPLA CROMADOS - FORNECIMENTO E INSTALAÇÃO. AF_08/2021","INHI - INSTALAÇÕES HIDROS SANITÁRIAS",null,"UN",{"v":0.25,"d":"0.2500000"},146.38,36.59]
[{"$nulls":4},"MO sem LS =>",{"v":224.3,"d":"224.30"},"LS =>",{"v":0,"d":"0.00"},"MO com LS =>",{"v":224.3,"d":"224.30"}]
[{"$nulls":4},"Valor do BDI =>",85.15,null,"Valor com BDI =>",null,514.13]
[{"$nulls":6},"Quant. =>",{"v":2,"d":"2.0000000"},"Preço Total =>",{"v":1028.26,"d":"1,028.26"}]
[]
[" 13.2.4 ","Código","Banco","Descrição","Tipo",null,"Und","Quant.","Valor Unit","Total"]
["Composição"," 104662 ","SINAPI","CONJUNTO DE PONTOS HIDRÁULICOS DE ÁGUA FRIA PARA ÁREA DE SERVIÇO (RAMAL/SUB-RAMAL E DISTRIBUIÇÃO) EM PVC, COM TUBOS, CONEXÕES, REGISTROS, CORTES E FIXAÇÕES EM PRÉDIO COM TUBULAÇÕES EMBUTIDAS COM RASGO. AF_05/2023","INHI - INSTALAÇÕES HIDROS SANITÁRIAS",null,"UN",{"v":1,"d":"1.0000000"},302.85,302.85]
["Composição Auxiliar"," 103978 ","SINAPI","TUBO, PVC, SOLDÁVEL, DN 40MM, INSTALADO EM RAMAL DE DISTRIBUIÇÃO DE ÁGUA - FORNECIMENTO E INSTALAÇÃO. AF_06/2022","INHI - INSTALAÇÕES HIDROS SANITÁRIAS",null,"M",{"v":3.6588,"d":"3.6588000"},19.52,71.41]
["Composição Auxiliar"," 103980 ","SINAPI","JOELHO 90 GRAUS, PVC, SOLDÁVEL, DN 40MM, INSTALADO EM RAMAL DE DISTRIBUIÇÃO DE ÁGUA - FORNECIMENTO E INSTALAÇÃO. AF_06/2022","INHI - INSTALAÇÕES HIDROS SANITÁRIAS",null,"UN",{"v":2.25,"d":"2.2500000"},12.47,28.05]
["Composição Auxiliar"," 103981 ","SINAPI","JOELHO 45 GRAUS, PVC, SOLDÁVEL, DN 40MM, INSTALADO EM RAMAL DE DISTRIBUIÇÃO DE ÁGUA - FORNECIMENTO E INSTALAÇÃO. AF_06/2022","INHI - INSTALAÇÕES HIDROS SANITÁRIAS",null,"UN",{"v":0.5,"d":"0.5000000"},12.52,6.26]
["Composição Auxiliar"," 103988 ","SINAPI","LUVA, PVC, SOLDÁVEL, DN 40MM, INSTALADO EM RAMAL DE DISTRIBUIÇÃO DE ÁGUA - FORNECIMENTO E INSTALAÇÃO. AF_06/2022","INHI - INSTALAÇÕES HIDROS SANITÁRIAS",null,"UN",{"v":0.25,"d":"0.2500000"},8.96,2.24]
["Composição Auxiliar"," 103992 ","SINAPI","ADAPTADOR CURTO COM BOLSA E ROSCA PARA REGISTRO, PVC, SOLDÁVEL, DN 40MM X 1.1/4\", INSTALADO EM RAMAL DE DISTRIBUIÇÃO DE ÁGUA - FORNECIMENTO E INSTALAÇÃO. AF_06/2022","INHI - INSTALAÇÕES HIDROS SANITÁRIAS",null,"UN",{"v":0.25,"d":"0.2500000"},8.06,2.01]
["Composição Auxiliar"," 103994 ","SINAPI","ADAPTADOR CURTO COM BOLSA E ROSCA PARA REGISTRO, PVC, SOLDÁVEL, DN 40MM X 1.1/2\", INSTALADO EM RAMAL DE DISTRIBUIÇÃO DE ÁGUA - FORNECIMENTO E INSTALAÇÃO. AF_06/2022","INHI - INSTALAÇÕES HIDROS SANITÁRIAS",null,"UN",{"v":0.25,"d":"0.2500000"},10.13,2.53]
["Composição Auxiliar"," 104011 ","SINAPI","TE, PVC, SOLDÁVEL, DN 40MM, INSTALADO EM RAMAL DE DISTRIBUIÇÃO DE ÁGUA - FORNECIMENTO E INSTALAÇÃO. AF_06/2022","INHI - INSTALAÇÕES HIDROS SANITÁRIAS",null,"UN",{"v":0.5,"d":"0.5000000"},17.91,8.95]
["Composição Auxiliar"," 89356 ","SINAPI","TUBO, PVC, SOLDÁVEL, DN 25MM, INSTALADO EM RAMAL OU SUB-RAMAL DE ÁGUA - FORNECIMENTO E INSTALAÇÃO. AF_06/2022","INHI - INSTALAÇÕES HIDROS SANITÁRIAS",null,"M",{"v":2.19,"d":"2.1900000"},16.57,36.28]
["Composição Auxiliar"," 89362 ","SINAPI","JOELHO 90 GRAUS, PVC, SOLDÁVEL, DN 25MM, INSTALADO EM RAMAL OU SUB-RAMAL DE ÁGUA - FORNECIMENTO E INSTALAÇÃO. AF_06/2022","INHI - INSTALAÇÕES HIDROS SANITÁRIAS",null,"UN",{"v":1,"d":"1.0000000"},6.46,6.46]
["Composição Auxiliar"," 89395 ","SINAPI","TE, PVC, SOLDÁVEL, DN 25MM, INSTALADO EM RAMAL OU SUB-RAMAL DE ÁGUA - FORNECIMENTO E INSTALAÇÃO. AF_06/2022","INHI - INSTALAÇÕES HIDROS SANITÁRIAS",null,"UN",{"v":0.5,"d":"0.5000000"},{"v":8.9,"d":"8.90"},4.45]
["Composição Auxiliar"," 90443 ","SINAPI","RASGO LINEAR MANUAL EM ALVENARIA, PARA RAMAIS/ DISTRIBUIÇÃO DE INSTALAÇÕES HIDRÁULICAS, DIÂMETROS MENORES OU IGUAIS A 40 MM. AF_09/2023","INHI - INSTALAÇÕES HIDROS SANITÁRIAS",null,"M",{"v":2.7213,"d":"2.7213000"},{"v":5.4,"d":"5.40"},14.69]
["Composição Auxiliar"," 90466 ","SINAPI","CHUMBAMENTO LINEAR EM ALVENARIA PARA RAMAIS/DISTRIBUIÇÃO DE INSTALAÇÕES HIDRÁULICAS COM DIÂMETROS MENORES OU IGUAIS A 40 MM. AF_09/2023","INHI - INSTALAÇÕES HIDROS SANITÁRIAS",null,"M",{"v":2.7213,"d":"2.7213000"},10.63,28.92]
["Composição Auxiliar"," 91185 ","SINAPI","FIXAÇÃO DE TUBOS HORIZONTAIS DE PVC ÁGUA, PVC ESGOTO, PVC ÁGUA PLUVIAL, CPVC, PPR, COBRE OU AÇO, DIÂMETROS MENORES OU IGUAIS A 40 MM, COM ABRAÇADEIRA METÁLICA FLEXÍVEL 18 MM, FIXADA DIRETAMENTE NA LAJE. AF_09/2023","INHI - INSTALAÇÕES HIDROS SANITÁRIAS",null,"M",{"v":3.1275,"d":"3.1275000"},17.27,54.01]
["Composição Auxiliar"," 94794 ","SINAPI","REGISTRO DE GAVETA BRUTO, LATÃO, ROSCÁVEL, 1 1/2\", COM ACABAMENTO E CANOPLA CROMADOS - FORNECIMENTO E INSTALAÇÃO. AF_08/2021","INHI - INSTALAÇÕES HIDROS SANITÁRIAS",null,"UN",{"v":0.25,"d":"0.2500000"},146.38,36.59]
[{"$nulls":4},"MO sem LS =>",140.79,"LS =>",{"v":0,"d":"0.00"},"MO com LS =>",140.79]
[{"$nulls":4},"Valor do BDI =>",60.11,null,"Valor com BDI =>",null,362.96]
[{"$nulls":6},"Quant. =>",{"v":4,"d":"4.0000000"},"Preço Total =>",{"v":1451.84,"d":"1,451.84"}]
[]
[" 14 ",null,null,"INSTALAÇÕES SANITÁRIAS",{"$nulls":5},{"v":22479.66,"d":"22,479.66"}]
[" 14.1 ",null,null,"TUBOS E CONEXÔES",{"$nulls":5},{"v":22479.66,"d":"22,479.66"}]
[" 14.1.1 ","Código","Banco","Descrição","Tipo",null,"Und","Quant.","Valor Unit","Total"]
["Composição"," 104676 ","SINAPI","CONJUNTO DE PONTOS DE COLETA DE ESGOTO PARA BANHEIRO (RAMAL DE ESGOTO SANITÁRIO), EM PVC SÉRIE NORMAL, COM  TUBOS, CONEXÕES, RALOS, CAIXAS SIFONADAS, CORTES E FIXAÇÕES EM PRÉDIO COM PRUMADA DE DESCIDA DE ESGOTO DENTRO DO BANHEIRO. AF_05/2023_PA","INHI - INSTALAÇÕES HIDROS SANITÁRIAS",null,"UN",{"v":1,"d":"1.0000000"},287.57,287.57]
["Composição Auxiliar"," 104329 ","SINAPI","CAIXA SIFONADA, COM GRELHA REDONDA, PVC, DN 150 X 150 X 50 MM, JUNTA SOLDÁVEL, FORNECIDA E INSTALADA EM RAMAL DE DESCARGA OU EM RAMAL DE ESGOTO SANITÁRIO. AF_08/2022","INHI - INSTALAÇÕES HIDROS SANITÁRIAS",null,"UN",{"v":1,"d":"1.0000000"},62.13,62.13]
["Composição Auxiliar"," 89710 ","SINAPI","RALO SECO, PVC, DN 100 X 40 MM, JUNTA SOLDÁVEL, FORNECIDO E INSTALADO EM RAMAL DE DESCARGA OU EM RAMAL DE ESGOTO SANITÁRIO. AF_08/2022","INHI - INSTALAÇÕES HIDROS SANITÁRIAS",null,"UN",{"v":1,"d":"1.0000000"},13.98,13.98]
["Composição Auxiliar"," 89711 ","SINAPI","TUBO PVC, SERIE NORMAL, ESGOTO PREDIAL, DN 40 MM, FORNECIDO E INSTALADO EM RAMAL DE DESCARGA OU RAMAL DE ESGOTO SANITÁRIO. AF_08/2022","INHI - INSTALAÇÕES HIDROS SANITÁRIAS",null,"M",{"v":2.7746,"d":"2.7746000"},14.77,40.98]
["Composição Auxiliar"," 89712 ","SINAPI","TUBO PVC, SERIE NORMAL, ESGOTO PREDIAL, DN 50 MM, FORNECIDO E INSTALADO EM RAMAL DE DESCARGA OU RAMAL DE ESGOTO SANITÁRIO. AF_08/2022","INHI - INSTALAÇÕES HIDROS SANITÁRIAS",null,"M",{"v":0.8262,"d":"0.8262000"},18.77,{"v":15.5,"d":"15.50"}]
["Composição Auxiliar"," 89714 ","SINAPI","TUBO PVC, SERIE NORMAL, ESGOTO PREDIAL, DN 100 MM, FORNECIDO E INSTALADO EM RAMAL DE DESCARGA OU RAMAL DE ESGOTO SANITÁRIO. AF_08/2022","INHI - INSTALAÇÕES HIDROS SANITÁRIAS",null,"M",{"v":0.7151,"d":"0.7151000"},26.13,18.68]
["Composição Auxiliar"," 89724 ","SINAPI","JOELHO 90 GRAUS, PVC, SERIE NORMAL, ESGOTO PREDIAL, DN 40 MM, JUNTA SOLDÁVEL, FORNECIDO E INSTALADO EM RAMAL DE DESCARGA OU RAMAL DE ESGOTO SANITÁRIO. AF_08/2022","INHI - INSTALAÇÕES HIDROS SANITÁRIAS",null,"UN",{"v":2,"d":"2.0000000"},6.88,13.76]
["Composição Auxiliar"," 89726 ","SINAPI","JOELHO 45 GRAUS, PVC, SERIE NORMAL, ESGOTO PREDIAL, DN 40 MM, JUNTA SOLDÁVEL, FORNECIDO E INSTALADO EM RAMAL DE DESCARGA OU RAMAL DE ESGOTO SANITÁRIO. AF_08/2022","INHI - INSTALAÇÕES HIDROS SANITÁRIAS",null,"UN",{"v":1,"d":"1.0000000"},7.05,7.05]
["Composição Auxiliar"," 89748 ","SINAPI","CURVA CURTA 90 GRAUS, PVC, SERIE NORMAL, ESGOTO PREDIAL, DN 100 MM, JUNTA ELÁSTICA, FORNECIDO E INSTALADO EM RAMAL DE DESCARGA OU RAMAL DE ESGOTO SANITÁRIO. AF_08/2022","INHI - INSTALAÇÕES HIDROS SANITÁRIAS",null,"UN",{"v":1,"d":"1.0000000"},{"v":30.3,"d":"30.30"},{"v":30.3,"d":"30.30"}]
["Composição Auxiliar"," 89783 ","SINAPI","JUNÇÃO SIMPLES, PVC, SERIE NORMAL, ESGOTO PREDIAL, DN 40 MM, JUNTA SOLDÁVEL, FORNECIDO E INSTALADO EM RAMAL DE DESCARGA OU RAMAL DE ESGOTO SANITÁRIO. AF_08/2022","INHI - INSTALAÇÕES HIDROS SANITÁRIAS",null,"UN",{"v":1,"d":"1.0000000"},10.04,10.04]
["Composição Auxiliar"," 90453 ","SINAPI","PASSANTE TIPO TUBO COM DIÂMETRO DE 40 MM, FIXADO EM LAJE, PARA PASSAGEM DE TUBULAÇÕES COM NO MÁXIMO 32 MM DE DIÂMETRO. AF_09/2023","INHI - INSTALAÇÕES HIDROS SANITÁRIAS",null,"UN",{"v":1,"d":"1.0000000"},2.85,2.85]
["Composição Auxiliar"," 90455 ","SINAPI","PASSANTE TIPO TUBO COM DIÂMETRO DE 100 MM, FIXADO EM LAJE, PARA PASSAGEM DE TUBULAÇÕES COM NO MÁXIMO 75 MM DE DIÂMETRO. AF_09/2023","INHI - INSTALAÇÕES HIDROS SANITÁRIAS",null,"UN",{"v":1,"d":"1.0000000"},5.67,5.67]
["Composição Auxiliar"," 91173 ","SINAPI","FIXAÇÃO DE TUBOS VERTICAIS DE PVC ÁGUA, PVC ESGOTO, PVC ÁGUA PLUVIAL, CPVC, PPR, COBRE OU AÇO, DIÂMETROS MENORES OU IGUAIS A 40 MM, COM ABRAÇADEIRA METÁLICA RÍGIDA TIPO U PERFIL 1 1/4\", FIXADA EM PERFILADO EM PAREDE. AF_09/2023_PS","INHI - INSTALAÇÕES HIDROS SANITÁRIAS",null,"M",{"v":0.5,"d":"0.5000000"},{"v":2.8,"d":"2.80"},{"v":1.4,"d":"1.40"}]
["Composição Auxiliar"," 91175 ","SINAPI","FIXAÇÃO DE TUBOS VERTICAIS DE PVC ÁGUA, PVC ESGOTO, PVC ÁGUA PLUVIAL, CPVC, PPR, COBRE OU AÇO, DIÂMETROS MAIORES QUE 75 MM E MENORES OU IGUAIS A 100 MM, COM ABRAÇADEIRA METÁLICA RÍGIDA TIPO U PERFIL 4\", FIXADA EM PERFILADO EM PAREDE. AF_09/2023_PS","INHI - INSTALAÇÕES HIDROS SANITÁRIAS",null,"M",{"v":0.2,"d":"0.2000000"},7.73,1.54]
["Composição Auxiliar"," 91185 ","SINAPI","FIXAÇÃO DE TUBOS HORIZONTAIS DE PVC ÁGUA, PVC ESGOTO, PVC ÁGUA PLUVIAL, CPVC, PPR, COBRE OU AÇO, DIÂMETROS MENORES OU IGUAIS A 40 MM, COM ABRAÇADEIRA METÁLICA FLEXÍVEL 18 MM, FIXADA DIRETAMENTE NA LAJE. AF_09/2023","INHI - INSTALAÇÕES HIDROS SANITÁRIAS",null,"M",{"v":2.2746,"d":"2.2746000"},17.27,39.28]
["Composição Auxiliar"," 91186 ","SINAPI","FIXAÇÃO DE TUBOS HORIZONTAIS DE PVC ÁGUA, PVC ESGOTO, PVC ÁGUA PLUVIAL, CPVC, PPR, COBRE OU AÇO, DIÂMETROS MAIORES QUE 40 MM E MENORES OU IGUAIS A 75 MM, COM ABRAÇADEIRA METÁLICA FLEXÍVEL 18 MM, FIXADA DIRETAMENTE NA LAJE. AF_09/2023","INHI - INSTALAÇÕES HIDROS SANITÁRIAS",null,"M",{"v":0.8262,"d":"0.8262000"},18.96,15.66]
["Composição Auxiliar"," 91187 ","SINAPI","FIXAÇÃO DE TUBOS HORIZONTAIS DE PVC ÁGUA, PVC ESGOTO, PVC ÁGUA PLUVIAL, CPVC, PPR, COBRE OU AÇO, DIÂMETROS MAIORES QUE 75 MM E MENORES OU IGUAIS A 100 MM, COM ABRAÇADEIRA METÁLICA FLEXÍVEL 18 MM, FIXADA DIRETAMENTE NA LAJE. AF_09/2023","INHI - INSTALAÇÕES HIDROS SANITÁRIAS",null,"M",{"v":0.5151,"d":"0.5151000"},16.99,8.75]
[{"$nulls":4},"MO sem LS =>",121.84,"LS =>",{"v":0,"d":"0.00"},"MO com LS =>",121.84]
[{"$nulls":4},"Valor do BDI =>",57.08,null,"Valor com BDI =>",null,344.65]
[{"$nulls":6},"Quant. =>",{"v":6,"d":"6.0000000"},"Preço Total =>",{"v":2067.9,"d":"2,067.90"}]
[]
[" 14.1.2 ","Código","Banco","Descrição","Tipo",null,"Und","Quant.","Valor Unit","Total"]
["Composição"," 104678 ","SINAPI","CONJUNTO DE PONTOS DE COLETA DE ESGOTO PARA COZINHA (RAMAL DE ESGOTO SANITÁRIO), EM PVC SÉRIE NORMAL, COM  TUBOS, CONEXÕES, CORTES E FIXAÇÕES EM PRÉDIO. AF_05/2023_PA","INHI - INSTALAÇÕES HIDROS SANITÁRIAS",null,"UN",{"v":1,"d":"1.0000000"},108.33,108.33]
["Composição Auxiliar"," 89712 ","SINAPI","TUBO PVC, SERIE NORMAL, ESGOTO PREDIAL, DN 50 MM, FORNECIDO E INSTALADO EM RAMAL DE DESCARGA OU RAMAL DE ESGOTO SANITÁRIO. AF_08/2022","INHI - INSTALAÇÕES HIDROS SANITÁRIAS",null,"M",{"v":2.386,"d":"2.3860000"},18.77,44.78]
["Composição Auxiliar"," 89731 ","SINAPI","JOELHO 90 GRAUS, PVC, SERIE NORMAL, ESGOTO PREDIAL, DN 50 MM, JUNTA ELÁSTICA, FORNECIDO E INSTALADO EM RAMAL DE DESCARGA OU RAMAL DE ESGOTO SANITÁRIO. AF_08/2022","INHI - INSTALAÇÕES HIDROS SANITÁRIAS",null,"UN",{"v":2,"d":"2.0000000"},10.78,21.56]
["Composição Auxiliar"," 90454 ","SINAPI","PASSANTE TIPO TUBO COM DIÂMETRO DE 75 MM, FIXADO EM LAJE, PARA PASSAGEM DE TUBULAÇÕES COM NO MÁXIMO 50 MM DE DIÂMETRO. AF_09/2023","INHI - INSTALAÇÕES HIDROS SANITÁRIAS",null,"UN",{"v":1,"d":"1.0000000"},4.46,4.46]
["Composição Auxiliar"," 91174 ","SINAPI","FIXAÇÃO DE TUBOS VERTICAIS DE PVC ÁGUA, PVC ESGOTO, PVC ÁGUA PLUVIAL, CPVC, PPR, COBRE OU AÇO, DIÂMETROS MAIORES QUE 40 MM E MENORES OU IGUAIS A 75 MM, COM ABRAÇADEIRA METÁLICA RÍGIDA TIPO U PERFIL 2 1/2\", FIXADA EM PERFILADO EM PAREDE. AF_09/2023_PS","INHI - INSTALAÇÕES HIDROS SANITÁRIAS",null,"M",{"v":0.55,"d":"0.5500000"},4.95,2.72]
["Composição Auxiliar"," 91186 ","SINAPI","FIXAÇÃO DE TUBOS HORIZONTAIS DE PVC ÁGUA, PVC ESGOTO, PVC ÁGUA PLUVIAL, CPVC, PPR, COBRE OU AÇO, DIÂMETROS MAIORES QUE 40 MM E MENORES OU IGUAIS A 75 MM, COM ABRAÇADEIRA METÁLICA FLEXÍVEL 18 MM, FIXADA DIRETAMENTE NA LAJE. AF_09/2023","INHI - INSTALAÇÕES HIDROS SANITÁRIAS",null,"M",{"v":1.836,"d":"1.8360000"},18.96,34.81]
[{"$nulls":4},"MO sem LS =>",54.69,"LS =>",{"v":0,"d":"0.00"},"MO com LS =>",54.69]
[{"$nulls":4},"Valor do BDI =>",{"v":21.5,"d":"21.50"},null,"Valor com BDI =>",null,129.83]
[{"$nulls":6},"Quant. =>",{"v":2,"d":"2.0000000"},"Preço Total =>",259.66]
[]
[" 14.1.3 ","Código","Banco","Descrição","Tipo",null,"Und","Quant.","Valor Unit","Total"]
["Composição"," 104679 ","SINAPI","CONJUNTO DE PONTOS DE COLETA DE ESGOTO PARA ÁREA DE SERVIÇO (RAMAL DE ESGOTO SANITÁRIO), EM PVC SÉRIE NORMAL, COM  TUBOS, CONEXÕES, RALOS, CAIXAS SIFONADAS, CORTES E FIXAÇÕES EM PRÉDIO. AF_05/2023_PA","INHI - INSTALAÇÕES HIDROS SANITÁRIAS",null,"UN",{"v":1,"d":"1.0000000"},116.67,116.67]
["Composição Auxiliar"," 104341 ","SINAPI","BUCHA DE REDUÇÃO LONGA, PVC, SÉRIE NORMAL, ESGOTO PREDIAL, DN 50 X 40 MM, JUNTA SOLDÁVEL E ELÁSTICA, FORNECIDO E INSTALADO EM RAMAL DE DESCARGA OU RAMAL DE ESGOTO SANITÁRIO. AF_08/2022","INHI - INSTALAÇÕES HIDROS SANITÁRIAS",null,"UN",{"v":1,"d":"1.0000000"},7.69,7.69]
["Composição Auxiliar"," 89710 ","SINAPI","RALO SECO, PVC, DN 100 X 40 MM, JUNTA SOLDÁVEL, FORNECIDO E INSTALADO EM RAMAL DE DESCARGA OU EM RAMAL DE ESGOTO SANITÁRIO. AF_08/2022","INHI - INSTALAÇÕES HIDROS SANITÁRIAS",null,"UN",{"v":1,"d":"1.0000000"},13.98,13.98]
["Composição Auxiliar"," 89712 ","SINAPI","TUBO PVC, SERIE NORMAL, ESGOTO PREDIAL, DN 50 MM, FORNECIDO E INSTALADO EM RAMAL DE DESCARGA OU RAMAL DE ESGOTO SANITÁRIO. AF_08/2022","INHI - INSTALAÇÕES HIDROS SANITÁRIAS",null,"M",{"v":1.7332,"d":"1.7332000"},18.77,32.53]
["Composição Auxiliar"," 89731 ","SINAPI","JOELHO 90 GRAUS, PVC, SERIE NORMAL, ESGOTO PREDIAL, DN 50 MM, JUNTA ELÁSTICA, FORNECIDO E INSTALADO EM RAMAL DE DESCARGA OU RAMAL DE ESGOTO SANITÁRIO. AF_08/2022","INHI - INSTALAÇÕES HIDROS SANITÁRIAS",null,"UN",{"v":2,"d":"2.0000000"},10.78,21.56]
["Composição Auxiliar"," 89732 ","SINAPI","JOELHO 45 GRAUS, PVC, SERIE NORMAL, ESGOTO PREDIAL, DN 50 MM, JUNTA ELÁSTICA, FORNECIDO E INSTALADO EM RAMAL DE DESCARGA OU RAMAL DE ESGOTO SANITÁRIO. AF_08/2022","INHI - INSTALAÇÕES HIDROS SANITÁRIAS",null,"UN",{"v":1,"d":"1.0000000"},{"v":11.3,"d":"11.30"},{"v":11.3,"d":"11.30"}]
["Composição Auxiliar"," 90454 ","SINAPI","PASSANTE TIPO TUBO COM DIÂMETRO DE 75 MM, FIXADO EM LAJE, PARA PASSAGEM DE TUBULAÇÕES COM NO MÁXIMO 50 MM DE DIÂMETRO. AF_09/2023","INHI - INSTALAÇÕES HIDROS SANITÁRIAS",null,"UN",{"v":1,"d":"1.0000000"},4.46,4.46]
["Composição Auxiliar"," 91174 ","SINAPI","FIXAÇÃO DE TUBOS VERTICAIS DE PVC ÁGUA, PVC ESGOTO, PVC ÁGUA PLUVIAL, CPVC, PPR, COBRE OU AÇO, DIÂMETROS MAIORES QUE 40 MM E MENORES OU IGUAIS A 75 MM, COM ABRAÇADEIRA METÁLICA RÍGIDA TIPO U PERFIL 2 1/2\", FIXADA EM PERFILADO EM PAREDE. AF_09/2023_PS","INHI - INSTALAÇÕES HIDROS SANITÁRIAS",null,"M",{"v":0.55,"d":"0.5500000"},4.95,2.72]
["Composição Auxiliar"," 91186 ","SINAPI","FIXAÇÃO DE TUBOS HORIZONTAIS DE PVC ÁGUA, PVC ESGOTO, PVC ÁGUA PLUVIAL, CPVC, PPR, COBRE OU AÇO, DIÂMETROS MAIORES QUE 40 MM E MENORES OU IGUAIS A 75 MM, COM ABRAÇADEIRA METÁLICA FLEXÍVEL 18 MM, FIXADA DIRETAMENTE NA LAJE. AF_09/2023","INHI - INSTALAÇÕES HIDROS SANITÁRIAS",null,"M",{"v":1.1832,"d":"1.1832000"},18.96,22.43]
[{"$nulls":4},"MO sem LS =>",51.16,"LS =>",{"v":0,"d":"0.00"},"MO com LS =>",51.16]
[{"$nulls":4},"Valor do BDI =>",23.15,null,"Valor com BDI =>",null,139.82]
[{"$nulls":6},"Quant. =>",{"v":4,"d":"4.0000000"},"Preço Total =>",559.28]
[]
[" 14.1.4 ","Código","Banco","Descrição","Tipo",null,"Und","Quant.","Valor Unit","Total"]
["Composição"," 98102 ","SINAPI","CAIXA DE GORDURA SIMPLES, CIRCULAR, EM CONCRETO PRÉ-MOLDADO, DIÂMETRO INTERNO = 0,4 M, ALTURA INTERNA = 0,4 M. AF_12/2020","INHI - INSTALAÇÕES HIDROS SANITÁRIAS",null,"UN",{"v":1,"d":"1.0000000"},146.05,146.05]
["Composição Auxiliar"," 101618 ","SINAPI","PREPARO DE FUNDO DE VALA COM LARGURA MENOR QUE 1,5 M, COM CAMADA DE AREIA, LANÇAMENTO MANUAL. AF_08/2020","MOVT - MOVIMENTO DE TERRA",null,"m³",{"v":0.0192,"d":"0.0192000"},192.77,{"v":3.7,"d":"3.70"}]
["Composição Auxiliar"," 5678 ","SINAPI","RETROESCAVADEIRA SOBRE RODAS COM CARREGADEIRA, TRAÇÃO 4X4, POTÊNCIA LÍQ. 88 HP, CAÇAMBA CARREG. CAP. MÍN. 1 M3, CAÇAMBA RETRO CAP. 0,26 M3, PESO OPERACIONAL MÍN. 6.674 KG, PROFUNDIDADE ESCAVAÇÃO MÁX. 4,37 M - CHP DIURNO. AF_06/2014","CHOR - CUSTOS HORÁRIOS DE MÁQUINAS E EQUIPAMENTOS",null,"CHP",{"v":0.0155,"d":"0.0155000"},106.21,1.64]
["Composição Auxiliar"," 5679 ","SINAPI","RETROESCAVADEIRA SOBRE RODAS COM CARREGADEIRA, TRAÇÃO 4X4, POTÊNCIA LÍQ. 88 HP, CAÇAMBA CARREG. CAP. MÍN. 1 M3, CAÇAMBA RETRO CAP. 0,26 M3, PESO OPERACIONAL MÍN. 6.674 KG, PROFUNDIDADE ESCAVAÇÃO MÁX. 4,37 M - CHI DIURNO. AF_06/2014","CHOR - CUSTOS HORÁRIOS DE MÁQUINAS E EQUIPAMENTOS",null,"CHI",{"v":0.0315,"d":"0.0315000"},43.47,1.36]
["Composição Auxiliar"," 88309 ","SINAPI","PEDREIRO COM ENCARGOS COMPLEMENTARES","SEDI - SERVIÇOS DIVERSOS",null,"H",{"v":0.0415,"d":"0.0415000"},19.45,{"v":0.8,"d":"0.80"}]
["Composição Auxiliar"," 88316 ","SINAPI","SERVENTE COM ENCARGOS COMPLEMENTARES","SEDI - SERVIÇOS DIVERSOS",null,"H",{"v":0.0326,"d":"0.0326000"},15.22,0.49]
["Insumo"," 00011881 ","SINAPI","CAIXA DE GORDURA CILINDRICA EM CONCRETO SIMPLES, PRE-MOLDADA, COM DIAMETRO DE 40 CM E ALTURA DE 45 CM, COM TAMPA","Material",null,"UN",{"v":1,"d":"1.0000000"},138.06,138.06]
[{"$nulls":4},"MO sem LS =>",3.01,"LS =>",{"v":0,"d":"0.00"},"MO com LS =>",3.01]
[{"$nulls":4},"Valor do BDI =>",28.99,null,"Valor com BDI =>",null,175.04]
[{"$nulls":6},"Quant. =>",{"v":8,"d":"8.0000000"},"Preço Total =>",{"v":1400.32,"d":"1,400.32"}]
[]
[" 14.1.5 ","Código","Banco","Descrição","Tipo",null,"Und","Quant.","Valor Unit","Total"]
["Composição"," 98084 ","SINAPI","TANQUE SÉPTICO RETANGULAR, EM ALVENARIA COM BLOCOS DE CONCRETO, DIMENSÕES INTERNAS: 1,4 X 3,2 X H=1,8 M, VOLUME ÚTIL: 6272 L (PARA 32 CONTRIBUINTES). AF_12/2020","INHI - INSTALAÇÕES HIDROS SANITÁRIAS",null,"UN",{"v":1,"d":"1.0000000"},{"v":4835.49,"d":"4,835.49"},{"v":4835.49,"d":"4,835.49"}]
["Composição Auxiliar"," 101624 ","SINAPI","PREPARO DE FUNDO DE VALA COM LARGURA MAIOR OU IGUAL A 1,5 M E MENOR QUE 2,5 M, COM CAMADA DE BRITA, LANÇAMENTO MECANIZADO. AF_08/2020","MOVT - MOVIMENTO DE TERRA",null,"m³",{"v":0.595,"d":"0.5950000"},146.02,86.88]
["Composição Auxiliar"," 5678 ","SINAPI","RETROESCAVADEIRA SOBRE RODAS COM CARREGADEIRA, TRAÇÃO 4X4, POTÊNCIA LÍQ. 88 HP, CAÇAMBA CARREG. CAP. MÍN. 1 M3, CAÇAMBA RETRO CAP. 0,26 M3, PESO OPERACIONAL MÍN. 6.674 KG, PROFUNDIDADE ESCAVAÇÃO MÁX. 4,37 M - CHP DIURNO. AF_06/2014","CHOR - CUSTOS HORÁRIOS DE MÁQUINAS E EQUIPAMENTOS",null,"CHP",{"v":0.1293,"d":"0.1293000"},106.21,13.73]
["Composição Auxiliar"," 5679 ","SINAPI","RETROESCAVADEIRA SOBRE RODAS COM CARREGADEIRA, TRAÇÃO 4X4, POTÊNCIA LÍQ. 88 HP, CAÇAMBA CARREG. CAP. MÍN. 1 M3, CAÇAMBA RETRO CAP. 0,26 M3, PESO OPERACIONAL MÍN. 6.674 KG, PROFUNDIDADE ESCAVAÇÃO MÁX. 4,37 M - CHI DIURNO. AF_06/2014","CHOR - CUSTOS HORÁRIOS DE MÁQUINAS E EQUIPAMENTOS",null,"CHI",{"v":0.2634,"d":"0.2634000"},43.47,11.44]
["Composição Auxiliar"," 87316 ","SINAPI","ARGAMASSA TRAÇO 1:4 (EM VOLUME DE CIMENTO E AREIA GROSSA ÚMIDA) PARA CHAPISCO CONVENCIONAL, PREPARO MECÂNICO COM BETONEIRA 400 L. AF_08/2019","SEDI - SERVIÇOS DIVERSOS",null,"m³",{"v":0.1699,"d":"0.1699000"},348.22,59.16]
["Composição Auxiliar"," 88309 ","SINAPI","PEDREIRO COM ENCARGOS COMPLEMENTARES","SEDI - SERVIÇOS DIVERSOS",null,"H",{"v":42.4845,"d":"42.4845000"},19.45,826.32]
["Composição Auxiliar"," 88316 ","SINAPI","SERVENTE COM ENCARGOS COMPLEMENTARES","SEDI - SERVIÇOS DIVERSOS",null,"H",{"v":33.3807,"d":"33.3807000"},15.22,508.05]
["Composição Auxiliar"," 88628 ","SINAPI","ARGAMASSA TRAÇO 1:3 (EM VOLUME DE CIMENTO E AREIA MÉDIA ÚMIDA), PREPARO MECÂNICO COM BETONEIRA 400 L. AF_08/2019","SEDI - SERVIÇOS DIVERSOS",null,"m³",{"v":0.936,"d":"0.9360000"},412.67,386.25]
["Composição Auxiliar"," 89993 ","SINAPI","GRAUTEAMENTO VERTICAL EM ALVENARIA ESTRUTURAL. AF_09/2021","FUES - FUNDAÇÕES E ESTRUTURAS",null,"m³",{"v":0.1345,"d":"0.1345000"},745.87,100.31]
["Composição Auxiliar"," 89995 ","SINAPI","GRAUTEAMENTO DE CINTA SUPERIOR OU DE VERGA EM ALVENARIA ESTRUTURAL. AF_09/2021","FUES - FUNDAÇÕES E ESTRUTURAS",null,"m³",{"v":0.1538,"d":"0.1538000"},719.75,110.69]
["Composição Auxiliar"," 89996 ","SINAPI","ARMAÇÃO VERTICAL DE ALVENARIA ESTRUTURAL; DIÂMETRO DE 10,0 MM. AF_09/2021","FUES - FUNDAÇÕES E ESTRUTURAS",null,"KG",{"v":4.4424,"d":"4.4424000"},7.74,34.38]
["Composição Auxiliar"," 89998 ","SINAPI","ARMAÇÃO DE CINTA DE ALVENARIA ESTRUTURAL; DIÂMETRO DE 10,0 MM. AF_09/2021","FUES - FUNDAÇÕES E ESTRUTURAS",null,"KG",{"v":6.17,"d":"6.1700000"},7.37,45.47]
["Composição Auxiliar"," 92767 ","SINAPI","ARMAÇÃO DE LAJE DE ESTRUTURA CONVENCIONAL DE CONCRETO ARMADO UTILIZANDO AÇO CA-60 DE 4,2 MM - MONTAGEM. AF_06/2022","FUES - FUNDAÇÕES E ESTRUTURAS",null,"KG",{"v":35.7084,"d":"35.7084000"},11.28,402.79]
["Composição Auxiliar"," 94970 ","SINAPI","CONCRETO FCK = 20MPA, TRAÇO 1:2,7:3 (EM MASSA SECA DE CIMENTO/ AREIA MÉDIA/ BRITA 1) - PREPARO MECÂNICO COM BETONEIRA 600 L. AF_05/2021","FUES - FUNDAÇÕES E ESTRUTURAS",null,"m³",{"v":1.3452,"d":"1.3452000"},{"v":345.4,"d":"345.40"},464.63]
["Composição Auxiliar"," 97735 ","SINAPI","PEÇA RETANGULAR PRÉ-MOLDADA, VOLUME DE CONCRETO DE 30 A 100 LITROS, TAXA DE AÇO APROXIMADA DE 30KG/M³. AF_03/2024","FUES - FUNDAÇÕES E ESTRUTURAS",null,"m³",{"v":0.4536,"d":"0.4536000"},{"v":1710.7,"d":"1,710.70"},775.97]
["Insumo"," 00000660 ","SINAPI","CANALETA DE CONCRETO 19 X 19 X 19 CM (CLASSE C - NBR 6136)","Material",null,"UN",{"v":52.5,"d":"52.5000000"},{"v":2.5,"d":"2.50"},131.25]
["Insumo"," 00002692 ","SINAPI","DESMOLDANTE PROTETOR PARA FORMAS DE MADEIRA, DE BASE OLEOSA EMULSIONADA EM AGUA","Material",null,"L",{"v":0.0275,"d":"0.0275000"},7.23,0.19]
["Insumo"," 00004491 ","SINAPI","PONTALETE *7,5 X 7,5* CM EM PINUS, MISTA OU EQUIVALENTE DA REGIAO - BRUTA","Material",null,"M",{"v":0.5994,"d":"0.5994000"},11.19,{"v":6.7,"d":"6.70"}]
["Insumo"," 00004517 ","SINAPI","SARRAFO *2,5 X 7,5* CM EM PINUS, MISTA OU EQUIVALENTE DA REGIAO - BRUTA","Material",null,"M",{"v":0.7128,"d":"0.7128000"},3.91,2.78]
["Insumo"," 00005069 ","SINAPI","PREGO DE ACO POLIDO COM CABECA 17 X 27 (2 1/2 X 11)","Material",null,"KG",{"v":0.0632,"d":"0.0632000"},16.38,1.03]
["Insumo"," 00006193 ","SINAPI","TABUA NAO APARELHADA *2,5 X 20* CM, EM MACARANDUBA/MASSARANDUBA, ANGELIM OU EQUIVALENTE DA REGIAO - BRUTA","Material",null,"M",{"v":2.2356,"d":"2.2356000"},11.72,{"v":26.2,"d":"26.20"}]
["Insumo"," 00025067 ","SINAPI","BLOCO DE CONCRETO ESTRUTURAL 19 X 19 X 39 CM, FBK 4,5 MPA (NBR 6136)","Material",null,"UN",{"v":209.7938,"d":"209.7938000"},4.01,841.27]
[{"$nulls":4},"MO sem LS =>",{"v":1697.36,"d":"1,697.36"},"LS =>",{"v":0,"d":"0.00"},"MO com LS =>",{"v":1697.36,"d":"1,697.36"}]
[{"$nulls":4},"Valor do BDI =>",959.84,null,"Valor com BDI =>",null,{"v":5795.33,"d":"5,795.33"}]
[{"$nulls":6},"Quant. =>",{"v":1,"d":"1.0000000"},"Preço Total =>",{"v":5795.33,"d":"5,795.33"}]
[]
[" 14.1.6 ","Código","Banco","Descrição","Tipo",null,"Und","Quant.","Valor Unit","Total"]
["Composição"," 98081 ","SINAPI","SUMIDOURO RETANGULAR, EM ALVENARIA COM TIJOLOS CERÂMICOS MACIÇOS, DIMENSÕES INTERNAS: 1,6 X 5,8 X H=3,0 M, ÁREA DE INFILTRAÇÃO: 50 M² (PARA 20 CONTRIBUINTES). AF_12/2020","INHI - INSTALAÇÕES HIDROS SANITÁRIAS",null,"UN",{"v":1,"d":"1.0000000"},{"v":10343.91,"d":"10,343.91"},{"v":10343.91,"d":"10,343.91"}]
["Composição Auxiliar"," 100475 ","SINAPI","ARGAMASSA TRAÇO 1:3 (EM VOLUME DE CIMENTO E AREIA MÉDIA ÚMIDA) COM ADIÇÃO DE IMPERMEABILIZANTE, PREPARO MECÂNICO COM BETONEIRA 400 L. AF_08/2019","SEDI - SERVIÇOS DIVERSOS",null,"m³",{"v":3.0613,"d":"3.0613000"},565.43,{"v":1730.95,"d":"1,730.95"}]
["Composição Auxiliar"," 101625 ","SINAPI","PREPARO DE FUNDO DE VALA COM LARGURA MAIOR OU IGUAL A 1,5 M E MENOR QUE 2,5 M, COM CAMADA DE AREIA, LANÇAMENTO MECANIZADO. AF_08/2020","MOVT - MOVIMENTO DE TERRA",null,"m³",{"v":1.159,"d":"1.1590000"},144.35,{"v":167.3,"d":"167.30"}]
["Composição Auxiliar"," 5678 ","SINAPI","RETROESCAVADEIRA SOBRE RODAS COM CARREGADEIRA, TRAÇÃO 4X4, POTÊNCIA LÍQ. 88 HP, CAÇAMBA CARREG. CAP. MÍN. 1 M3, CAÇAMBA RETRO CAP. 0,26 M3, PESO OPERACIONAL MÍN. 6.674 KG, PROFUNDIDADE ESCAVAÇÃO MÁX. 4,37 M - CHP DIURNO. AF_06/2014","CHOR - CUSTOS HORÁRIOS DE MÁQUINAS E EQUIPAMENTOS",null,"CHP",{"v":0.8404,"d":"0.8404000"},106.21,89.25]
["Composição Auxiliar"," 5679 ","SINAPI","RETROESCAVADEIRA SOBRE RODAS COM CARREGADEIRA, TRAÇÃO 4X4, POTÊNCIA LÍQ. 88 HP, CAÇAMBA CARREG. CAP. MÍN. 1 M3, CAÇAMBA RETRO CAP. 0,26 M3, PESO OPERACIONAL MÍN. 6.674 KG, PROFUNDIDADE ESCAVAÇÃO MÁX. 4,37 M - CHI DIURNO. AF_06/2014","CHOR - CUSTOS HORÁRIOS DE MÁQUINAS E EQUIPAMENTOS",null,"CHI",{"v":1.7126,"d":"1.7126000"},43.47,74.44]
["Composição Auxiliar"," 88309 ","SINAPI","PEDREIRO COM ENCARGOS COMPLEMENTARES","SEDI - SERVIÇOS DIVERSOS",null,"H",{"v":93.8362,"d":"93.8362000"},19.45,{"v":1825.11,"d":"1,825.11"}]
["Composição Auxiliar"," 88316 ","SINAPI","SERVENTE COM ENCARGOS COMPLEMENTARES","SEDI - SERVIÇOS DIVERSOS",null,"H",{"v":73.7285,"d":"73.7285000"},15.22,{"v":1122.14,"d":"1,122.14"}]
["Composição Auxiliar"," 89995 ","SINAPI","GRAUTEAMENTO DE CINTA SUPERIOR OU DE VERGA EM ALVENARIA ESTRUTURAL. AF_09/2021","FUES - FUNDAÇÕES E ESTRUTURAS",null,"m³",{"v":0.312,"d":"0.3120000"},719.75,224.56]
["Composição Auxiliar"," 89998 ","SINAPI","ARMAÇÃO DE CINTA DE ALVENARIA ESTRUTURAL; DIÂMETRO DE 10,0 MM. AF_09/2021","FUES - FUNDAÇÕES E ESTRUTURAS",null,"KG",{"v":9.6252,"d":"9.6252000"},7.37,70.93]
["Composição Auxiliar"," 96536 ","SINAPI","FABRICAÇÃO, MONTAGEM E DESMONTAGEM DE FÔRMA PARA VIGA BALDRAME, EM MADEIRA SERRADA, E=25 MM, 4 UTILIZAÇÕES. AF_01/2024","FUES - FUNDAÇÕES E ESTRUTURAS",null,"m²",{"v":3.12,"d":"3.1200000"},60.94,190.13]
["Composição Auxiliar"," 97735 ","SINAPI","PEÇA RETANGULAR PRÉ-MOLDADA, VOLUME DE CONCRETO DE 30 A 100 LITROS, TAXA DE AÇO APROXIMADA DE 30KG/M³. AF_03/2024","FUES - FUNDAÇÕES E ESTRUTURAS",null,"m³",{"v":0.868,"d":"0.8680000"},{"v":1710.7,"d":"1,710.70"},{"v":1484.88,"d":"1,484.88"}]
["Insumo"," 00004720 ","SINAPI","PEDRA BRITADA N. 0, OU PEDRISCO (4,8 A 9,5 MM) POSTO PEDREIRA/FORNECEDOR, SEM FRETE","Material",null,"m³",{"v":3.0624,"d":"3.0624000"},86.19,263.94]
["Insumo"," 00007258 ","SINAPI","TIJOLO CERAMICO MACICO COMUM DE *5 X 10 X 20* CM (L X A X C)","Material",null,"UN",{"v":6596.3546,"d":"6,596.3546000"},0.47,{"v":3100.28,"d":"3,100.28"}]
[{"$nulls":4},"MO sem LS =>",{"v":3288.89,"d":"3,288.89"},"LS =>",{"v":0,"d":"0.00"},"MO com LS =>",{"v":3288.89,"d":"3,288.89"}]
[{"$nulls":4},"Valor do BDI =>",{"v":2053.26,"d":"2,053.26"},null,"Valor com BDI =>",null,{"v":12397.17,"d":"12,397.17"}]
[{"$nulls":6},"Quant. =>",{"v":1,"d":"1.0000000"},"Preço Total =>",{"v":12397.17,"d":"12,397.17"}]
[]
[" 15 ",null,null,"LOUÇAS E METAIS",{"$nulls":5},{"v":21719.87,"d":"21,719.87"}]
[" 15.1 ","Código","Banco","Descrição","Tipo",null,"Und","Quant.","Valor Unit","Total"]
["Composição"," 95472 ","SINAPI","VASO SANITARIO SIFONADO CONVENCIONAL PARA PCD SEM FURO FRONTAL COM LOUÇA BRANCA SEM ASSENTO, INCLUSO CONJUNTO DE LIGAÇÃO PARA BACIA SANITÁRIA AJUSTÁVEL - FORNECIMENTO E INSTALAÇÃO. AF_01/2020","INHI - INSTALAÇÕES HIDROS SANITÁRIAS",null,"UN",{"v":1,"d":"1.0000000"},609.78,609.78]
["Composição Auxiliar"," 95471 ","SINAPI","VASO SANITARIO SIFONADO CONVENCIONAL PARA PCD SEM FURO FRONTAL COM  LOUÇA BRANCA SEM ASSENTO -  FORNECIMENTO E INSTALAÇÃO. AF_01/2020","INHI - INSTALAÇÕES HIDROS SANITÁRIAS",null,"UN",{"v":1,"d":"1.0000000"},601.68,601.68]
["Insumo"," 00006142 ","SINAPI","CONJUNTO DE LIGACAO AJUSTAVEL, PARA VASO / BACIA SANITARIA, EM PLASTICO BRANCO, COM TUBO, CANOPLA E ESPUDE","Material",null,"UN",{"v":1,"d":"1.0000000"},{"v":8.1,"d":"8.10"},{"v":8.1,"d":"8.10"}]
[{"$nulls":4},"MO sem LS =>",23.69,"LS =>",{"v":0,"d":"0.00"},"MO com LS =>",23.69]
[{"$nulls":4},"Valor do BDI =>",121.04,null,"Valor com BDI =>",null,730.82]
[{"$nulls":6},"Quant. =>",{"v":2,"d":"2.0000000"},"Preço Total =>",{"v":1461.64,"d":"1,461.64"}]
[]
[" 15.2 ","Código","Banco","Descrição","Tipo",null,"Und","Quant.","Valor Unit","Total"]
["Composição"," 95470 ","SINAPI","VASO SANITARIO SIFONADO CONVENCIONAL COM LOUÇA BRANCA, INCLUSO CONJUNTO DE LIGAÇÃO PARA BACIA SANITÁRIA AJUSTÁVEL - FORNECIMENTO E INSTALAÇÃO. AF_01/2020","INHI - INSTALAÇÕES HIDROS SANITÁRIAS",null,"UN",{"v":1,"d":"1.0000000"},242.58,242.58]
["Composição Auxiliar"," 95469 ","SINAPI","VASO SANITARIO SIFONADO CONVENCIONAL COM  LOUÇA BRANCA - FORNECIMENTO E INSTALAÇÃO. AF_01/2020","INHI - INSTALAÇÕES HIDROS SANITÁRIAS",null,"UN",{"v":1,"d":"1.0000000"},234.48,234.48]
["Insumo"," 00006142 ","SINAPI","CONJUNTO DE LIGACAO AJUSTAVEL, PARA VASO / BACIA SANITARIA, EM PLASTICO BRANCO, COM TUBO, CANOPLA E ESPUDE","Material",null,"UN",{"v":1,"d":"1.0000000"},{"v":8.1,"d":"8.10"},{"v":8.1,"d":"8.10"}]
[{"$nulls":4},"MO sem LS =>",11.43,"LS =>",{"v":0,"d":"0.00"},"MO com LS =>",11.43]
[{"$nulls":4},"Valor do BDI =>",48.15,null,"Valor com BDI =>",null,290.73]
[{"$nulls":6},"Quant. =>",{"v":8,"d":"8.0000000"},"Preço Total =>",{"v":2325.84,"d":"2,325.84"}]
[]
[" 15.3 ","Código","Banco","Descrição","Tipo",null,"Und","Quant.","Valor Unit","Total"]
["Composição"," 100858 ","SINAPI","MICTÓRIO SIFONADO LOUÇA BRANCA - PADRÃO MÉDIO - FORNECIMENTO E INSTALAÇÃO. AF_01/2020","INHI - INSTALAÇÕES HIDROS SANITÁRIAS",null,"UN",{"v":1,"d":"1.0000000"},587.02,587.02]
["Composição Auxiliar"," 88267 ","SINAPI","ENCANADOR OU BOMBEIRO HIDRÁULICO COM ENCARGOS COMPLEMENTARES","SEDI - SERVIÇOS DIVERSOS",null,"H",{"v":1.009,"d":"1.0090000"},18.72,18.88]
["Composição Auxiliar"," 88316 ","SINAPI","SERVENTE COM ENCARGOS COMPLEMENTARES","SEDI - SERVIÇOS DIVERSOS",null,"H",{"v":0.3179,"d":"0.3179000"},15.22,4.83]
["Insumo"," 00003146 ","SINAPI","FITA VEDA ROSCA EM ROLOS DE 18 MM X 10 M (L X C)","Material",null,"UN",{"v":0.0365,"d":"0.0365000"},1.58,0.05]
["Insumo"," 00004351 ","SINAPI","PARAFUSO NIQUELADO 3 1/2\" COM ACABAMENTO CROMADO PARA FIXAR PECA SANITARIA, INCLUI PORCA CEGA, ARRUELA E BUCHA DE NYLON TAMANHO S-8","Material",null,"UN",{"v":2,"d":"2.0000000"},14.54,29.08]
["Insumo"," 00006142 ","SINAPI","CONJUNTO DE LIGACAO AJUSTAVEL, PARA VASO / BACIA SANITARIA, EM PLASTICO BRANCO, COM TUBO, CANOPLA E ESPUDE","Material",null,"UN",{"v":1,"d":"1.0000000"},{"v":8.1,"d":"8.10"},{"v":8.1,"d":"8.10"}]
["Insumo"," 00010432 ","SINAPI","MICTORIO INDIVIDUAL, SIFONADO, DE LOUCA BRANCA, SEM COMPLEMENTOS","Material",null,"UN",{"v":1,"d":"1.0000000"},285.38,285.38]
["Insumo"," 00021112 ","SINAPI","VALVULA DE DESCARGA EM METAL CROMADO PARA MICTORIO COM ACIONAMENTO POR PRESSAO E FECHAMENTO AUTOMATICO","Material",null,"UN",{"v":1,"d":"1.0000000"},{"v":240.7,"d":"240.70"},{"v":240.7,"d":"240.70"}]
[{"$nulls":4},"MO sem LS =>",18.82,"LS =>",{"v":0,"d":"0.00"},"MO com LS =>",18.82]
[{"$nulls":4},"Valor do BDI =>",116.52,null,"Valor com BDI =>",null,703.54]
[{"$nulls":6},"Quant. =>",{"v":2,"d":"2.0000000"},"Preço Total =>",{"v":1407.08,"d":"1,407.08"}]
[]
[" 15.4 ","Código","Banco","Descrição","Tipo",null,"Und","Quant.","Valor Unit","Total"]
["Composição"," 103018 ","SINAPI","VÁLVULA DE DESCARGA METÁLICA, BASE 1 1/4\", ACABAMENTO METALICO CROMADO - FORNECIMENTO E INSTALAÇÃO. AF_08/2021","INHI - INSTALAÇÕES HIDROS SANITÁRIAS",null,"UN",{"v":1,"d":"1.0000000"},253.94,253.94]
["Composição Auxiliar"," 88248 ","SINAPI","AUXILIAR DE ENCANADOR OU BOMBEIRO HIDRÁULICO COM ENCARGOS COMPLEMENTARES","SEDI - SERVIÇOS DIVERSOS",null,"H",{"v":0.8024,"d":"0.8024000"},15.35,12.31]
["Composição Auxiliar"," 88267 ","SINAPI","ENCANADOR OU BOMBEIRO HIDRÁULICO COM ENCARGOS COMPLEMENTARES","SEDI - SERVIÇOS DIVERSOS",null,"H",{"v":0.8024,"d":"0.8024000"},18.72,15.02]
["Insumo"," 00003148 ","SINAPI","FITA VEDA ROSCA EM ROLOS DE 18 MM X 50 M (L X C)","Material",null,"UN",{"v":0.0168,"d":"0.0168000"},5.82,0.09]
["Insumo"," 00011781 ","SINAPI","VALVULA DE DESCARGA METALICA, BASE 1 1/4\" E ACABAMENTO METALICO CROMADO","Material",null,"UN",{"v":1,"d":"1.0000000"},226.52,226.52]
[{"$nulls":4},"MO sem LS =>",21.58,"LS =>",{"v":0,"d":"0.00"},"MO com LS =>",21.58]
[{"$nulls":4},"Valor do BDI =>",{"v":50.4,"d":"50.40"},null,"Valor com BDI =>",null,304.34]
[{"$nulls":6},"Quant. =>",{"v":8,"d":"8.0000000"},"Preço Total =>",{"v":2434.72,"d":"2,434.72"}]
[]
[" 15.5 ","Código","Banco","Descrição","Tipo",null,"Und","Quant.","Valor Unit","Total"]
["Composição"," 86941 ","SINAPI","LAVATÓRIO LOUÇA BRANCA COM COLUNA, 45 X 55CM OU EQUIVALENTE, PADRÃO MÉDIO, INCLUSO SIFÃO TIPO GARRAFA, VÁLVULA E ENGATE FLEXÍVEL DE 40CM EM METAL CROMADO, COM TORNEIRA CROMADA DE MESA, PADRÃO MÉDIO - FORNECIMENTO E INSTALAÇÃO. AF_01/2020","INHI - INSTALAÇÕES HIDROS SANITÁRIAS",null,"UN",{"v":1,"d":"1.0000000"},627.01,627.01]
["Composição Auxiliar"," 86877 ","SINAPI","VÁLVULA EM METAL CROMADO 1.1/2\" X 1.1/2\" PARA TANQUE OU LAVATÓRIO, COM OU SEM LADRÃO - FORNECIMENTO E INSTALAÇÃO. AF_01/2020","INHI - INSTALAÇÕES HIDROS SANITÁRIAS",null,"UN",{"v":1,"d":"1.0000000"},49.24,49.24]
["Composição Auxiliar"," 86881 ","SINAPI","SIFÃO DO TIPO GARRAFA EM METAL CROMADO 1 X 1.1/2\" - FORNECIMENTO E INSTALAÇÃO. AF_01/2020","INHI - INSTALAÇÕES HIDROS SANITÁRIAS",null,"UN",{"v":1,"d":"1.0000000"},149.82,149.82]
["Composição Auxiliar"," 86887 ","SINAPI","ENGATE FLEXÍVEL EM INOX, 1/2  X 40CM - FORNECIMENTO E INSTALAÇÃO. AF_01/2020","INHI - INSTALAÇÕES HIDROS SANITÁRIAS",null,"UN",{"v":1,"d":"1.0000000"},39.59,39.59]
["Composição Auxiliar"," 86903 ","SINAPI","LAVATÓRIO LOUÇA BRANCA COM COLUNA, 45 X 55CM OU EQUIVALENTE, PADRÃO MÉDIO - FORNECIMENTO E INSTALAÇÃO. AF_01/2020","INHI - INSTALAÇÕES HIDROS SANITÁRIAS",null,"UN",{"v":1,"d":"1.0000000"},277.98,277.98]
["Composição Auxiliar"," 86915 ","SINAPI","TORNEIRA CROMADA DE MESA, 1/2\" OU 3/4\", PARA LAVATÓRIO, PADRÃO MÉDIO - FORNECIMENTO E INSTALAÇÃO. AF_01/2020","INHI - INSTALAÇÕES HIDROS SANITÁRIAS",null,"UN",{"v":1,"d":"1.0000000"},110.38,110.38]
[{"$nulls":4},"MO sem LS =>",42.43,"LS =>",{"v":0,"d":"0.00"},"MO com LS =>",42.43]
[{"$nulls":4},"Valor do BDI =>",124.46,null,"Valor com BDI =>",null,751.47]
[{"$nulls":6},"Quant. =>",{"v":10,"d":"10.0000000"},"Preço Total =>",{"v":7514.7,"d":"7,514.70"}]
[]
[" 15.6 ","Código","Banco","Descrição","Tipo",null,"Und","Quant.","Valor Unit","Total"]
["Composição"," 86936 ","SINAPI","CUBA DE EMBUTIR DE AÇO INOXIDÁVEL MÉDIA, INCLUSO VÁLVULA TIPO AMERICANA E SIFÃO TIPO GARRAFA EM METAL CROMADO - FORNECIMENTO E INSTALAÇÃO. AF_01/2020","INHI - INSTALAÇÕES HIDROS SANITÁRIAS",null,"UN",{"v":1,"d":"1.0000000"},383.89,383.89]
["Composição Auxiliar"," 86878 ","SINAPI","VÁLVULA EM METAL CROMADO TIPO AMERICANA 3.1/2\" X 1.1/2\" PARA PIA - FORNECIMENTO E INSTALAÇÃO. AF_01/2020","INHI - INSTALAÇÕES HIDROS SANITÁRIAS",null,"UN",{"v":1,"d":"1.0000000"},53.11,53.11]
["Composição Auxiliar"," 86881 ","SINAPI","SIFÃO DO TIPO GARRAFA EM METAL CROMADO 1 X 1.1/2\" - FORNECIMENTO E INSTALAÇÃO. AF_01/2020","INHI - INSTALAÇÕES HIDROS SANITÁRIAS",null,"UN",{"v":1,"d":"1.0000000"},149.82,149.82]
["Composição Auxiliar"," 86900 ","SINAPI","CUBA DE EMBUTIR RETANGULAR DE AÇO INOXIDÁVEL, 46 X 30 X 12 CM - FORNECIMENTO E INSTALAÇÃO. AF_01/2020","INHI - INSTALAÇÕES HIDROS SANITÁRIAS",null,"UN",{"v":1,"d":"1.0000000"},180.96,180.96]
[{"$nulls":4},"MO sem LS =>",17.27,"LS =>",{"v":0,"d":"0.00"},"MO com LS =>",17.27]
[{"$nulls":4},"Valor do BDI =>",{"v":76.2,"d":"76.20"},null,"Valor com BDI =>",null,460.09]
[{"$nulls":6},"Quant. =>",{"v":7,"d":"7.0000000"},"Preço Total =>",{"v":3220.63,"d":"3,220.63"}]
[]
[" 15.7 ","Código","Banco","Descrição","Tipo",null,"Und","Quant.","Valor Unit","Total"]
["Composição"," 3696 ","ORSE","Torneira cromada para pia de cozinha, de mesa, com articulador, 1/2\", ref. 1167, da Deca ou similar","Louças e Metais Sanitários",null,"un",{"v":1,"d":"1.0000000"},109.57,109.57]
["Composição Auxiliar"," 10549 ","ORSE","Encargos Complementares - Servente","Provisórios",null,"h",{"v":0.5,"d":"0.5000000"},2.93,1.46]
["Composição Auxiliar"," 10554 ","ORSE","Encargos Complementares - Encanador","Provisórios",null,"h",{"v":0.5,"d":"0.5000000"},2.88,1.44]
["Insumo"," 00002696/SINAPI ","ORSE","Encanador ou bombeiro hidraulico (horista)","Mão de Obra",null,"h",{"v":0.5,"d":"0.5000000"},14.39,7.19]
["Insumo"," 00006111/SINAPI ","ORSE","Servente de obras (horista)","Mão de Obra",null,"h",{"v":0.5,"d":"0.5000000"},10.78,5.39]
["Insumo"," 00011772/SINAPI ","ORSE","Torneira metalica cromada, de mesa/bancada, para cozinha, bica movel, com arejador, 1/2 \" ou 3/4 \" (ref 1167 / 1168)","Material",null,"un",{"v":1,"d":"1.0000000"},94.01,94.01]
["Insumo"," 981 ","ORSE","Fita veda rosca 18mm","Material",null,"m",{"v":0.5,"d":"0.5000000"},0.17,0.08]
[{"$nulls":4},"MO sem LS =>",12.58,"LS =>",{"v":0,"d":"0.00"},"MO com LS =>",12.58]
[{"$nulls":4},"Valor do BDI =>",21.74,null,"Valor com BDI =>",null,131.31]
[{"$nulls":6},"Quant. =>",{"v":10,"d":"10.0000000"},"Preço Total =>",{"v":1313.1,"d":"1,313.10"}]
[]
[" 15.8 ","Código","Banco","Descrição","Tipo",null,"Und","Quant.","Valor Unit","Total"]
["Composição"," 3695 ","ORSE","Torneira cromada para pia de cozinha, ESTEVES, de parede, com articulador, linha Mônaco VTP038 (1168), 1/2\" ou similar","Louças e Metais Sanitários",null,"un",{"v":1,"d":"1.0000000"},109.28,109.28]
["Composição Auxiliar"," 10549 ","ORSE","Encargos Complementares - Servente","Provisórios",null,"h",{"v":0.5,"d":"0.5000000"},2.93,1.46]
["Composição Auxiliar"," 10554 ","ORSE","Encargos Complementares - Encanador","Provisórios",null,"h",{"v":0.5,"d":"0.5000000"},2.88,1.44]
["Insumo"," 00002696/SINAPI ","ORSE","Encanador ou bombeiro hidraulico (horista)","Mão de Obra",null,"h",{"v":0.5,"d":"0.5000000"},14.39,7.19]
["Insumo"," 00006111/SINAPI ","ORSE","Servente de obras (horista)","Mão de Obra",null,"h",{"v":0.5,"d":"0.5000000"},10.78,5.39]
["Insumo"," 00011773/SINAPI ","ORSE","Torneira metalica cromada de parede, para cozinha, bica movel, com arejador, 1/2 \" ou 3/4 \" (ref 1167 / 1168)","Material",null,"un",{"v":1,"d":"1.0000000"},93.72,93.72]
["Insumo"," 981 ","ORSE","Fita veda rosca 18mm","Material",null,"m",{"v":0.5,"d":"0.5000000"},0.17,0.08]
[{"$nulls":4},"MO sem LS =>",12.58,"LS =>",{"v":0,"d":"0.00"},"MO com LS =>",12.58]
[{"$nulls":4},"Valor do BDI =>",21.69,null,"Valor com BDI =>",null,130.97]
[{"$nulls":6},"Quant. =>",{"v":7,"d":"7.0000000"},"Preço Total =>",916.79]
[]
[" 15.9 ","Código","Banco","Descrição","Tipo",null,"Und","Quant.","Valor Unit","Total"]
["Composição"," 95544 ","SINAPI","PAPELEIRA DE PAREDE EM METAL CROMADO SEM TAMPA, INCLUSO FIXAÇÃO. AF_01/2020","INHI - INSTALAÇÕES HIDROS SANITÁRIAS",null,"UN",{"v":1,"d":"1.0000000"},27.68,27.68]
["Composição Auxiliar"," 88267 ","SINAPI","ENCANADOR OU BOMBEIRO HIDRÁULICO COM ENCARGOS COMPLEMENTARES","SEDI - SERVIÇOS DIVERSOS",null,"H",{"v":0.3162,"d":"0.3162000"},18.72,5.91]
["Composição Auxiliar"," 88316 ","SINAPI","SERVENTE COM ENCARGOS COMPLEMENTARES","SEDI - SERVIÇOS DIVERSOS",null,"H",{"v":0.0996,"d":"0.0996000"},15.22,1.51]
["Insumo"," 00011703 ","SINAPI","PAPELEIRA DE PAREDE EM METAL CROMADO SEM TAMPA","Material",null,"UN",{"v":1,"d":"1.0000000"},20.26,20.26]
[{"$nulls":4},"MO sem LS =>",5.89,"LS =>",{"v":0,"d":"0.00"},"MO com LS =>",5.89]
[{"$nulls":4},"Valor do BDI =>",5.49,null,"Valor com BDI =>",null,33.17]
[{"$nulls":6},"Quant. =>",{"v":10,"d":"10.0000000"},"Preço Total =>",{"v":331.7,"d":"331.70"}]
[]
[" 15.10 ","Código","Banco","Descrição","Tipo",null,"Und","Quant.","Valor Unit","Total"]
["Composição"," 100873 ","SINAPI","BARRA DE APOIO RETA, EM ALUMINIO, COMPRIMENTO 90 CM,  FIXADA NA PAREDE - FORNECIMENTO E INSTALAÇÃO. AF_01/2020","INHI - INSTALAÇÕES HIDROS SANITÁRIAS",null,"UN",{"v":1,"d":"1.0000000"},269.18,269.18]
["Composição Auxiliar"," 88267 ","SINAPI","ENCANADOR OU BOMBEIRO HIDRÁULICO COM ENCARGOS COMPLEMENTARES","SEDI - SERVIÇOS DIVERSOS",null,"H",{"v":0.9485,"d":"0.9485000"},18.72,17.75]
["Composição Auxiliar"," 88316 ","SINAPI","SERVENTE COM ENCARGOS COMPLEMENTARES","SEDI - SERVIÇOS DIVERSOS",null,"H",{"v":0.2988,"d":"0.2988000"},15.22,4.54]
["Insumo"," 00004351 ","SINAPI","PARAFUSO NIQUELADO 3 1/2\" COM ACABAMENTO CROMADO PARA FIXAR PECA SANITARIA, INCLUI PORCA CEGA, ARRUELA E BUCHA DE NYLON TAMANHO S-8","Material",null,"UN",{"v":6,"d":"6.0000000"},14.54,87.24]
["Insumo"," 00036223 ","SINAPI","BARRA DE APOIO RETA, EM ALUMINIO, COMPRIMENTO 90 CM, DIAMETRO MINIMO 3 CM","Material",null,"UN",{"v":1,"d":"1.0000000"},159.65,159.65]
[{"$nulls":4},"MO sem LS =>",{"v":17.7,"d":"17.70"},"LS =>",{"v":0,"d":"0.00"},"MO com LS =>",{"v":17.7,"d":"17.70"}]
[{"$nulls":4},"Valor do BDI =>",53.43,null,"Valor com BDI =>",null,322.61]
[{"$nulls":6},"Quant. =>",{"v":2,"d":"2.0000000"},"Preço Total =>",645.22]
[]
[" 15.11 ","Código","Banco","Descrição","Tipo",null,"Und","Quant.","Valor Unit","Total"]
["Composição"," 2050 ","ORSE","Chuveiro plástico sem registro","Louças e Metais Sanitários",null,"un",{"v":1,"d":"1.0000000"},24.78,24.78]
["Composição Auxiliar"," 10554 ","ORSE","Encargos Complementares - Encanador","Provisórios",null,"h",{"v":0.4,"d":"0.4000000"},2.88,1.15]
["Insumo"," 00002696/SINAPI ","ORSE","Encanador ou bombeiro hidraulico (horista)","Mão de Obra",null,"h",{"v":0.4,"d":"0.4000000"},14.39,5.75]
["Insumo"," 00007608/SINAPI ","ORSE","Ducha / chuveiro plastico simples, 5 '', branco, para acoplar em haste 1/2 \",agua fria","Material",null,"un",{"v":1,"d":"1.0000000"},7.33,7.33]
["Insumo"," 00011680/SINAPI ","ORSE","Braco ou haste com canopla plastica, 1/2 \", para chuveiro simples","Material",null,"un",{"v":1,"d":"1.0000000"},10.55,10.55]
[{"$nulls":4},"MO sem LS =>",5.75,"LS =>",{"v":0,"d":"0.00"},"MO com LS =>",5.75]
[{"$nulls":4},"Valor do BDI =>",4.91,null,"Valor com BDI =>",null,29.69]
[{"$nulls":6},"Quant. =>",{"v":5,"d":"5.0000000"},"Preço Total =>",148.45]
[]
[" 16 ",null,null,"DIVISÓRIAS E BANCADAS",{"$nulls":5},{"v":30160.02,"d":"30,160.02"}]
[" 16.1 ","Código","Banco","Descrição","Tipo",null,"Und","Quant.","Valor Unit","Total"]
["Composição"," 11150 ","ORSE","Bancada em granito verde ubatuba, e = 2cm","Conversão InfoWOrca",null,"m²",{"v":1,"d":"1.0000000"},647.02,647.02]
["Composição Auxiliar"," 10549 ","ORSE","Encargos Complementares - Servente","Provisórios",null,"h",{"v":1,"d":"1.0000000"},2.93,2.93]
["Composição Auxiliar"," 10550 ","ORSE","Encargos Complementares - Pedreiro","Provisórios",null,"h",{"v":1,"d":"1.0000000"},2.83,2.83]
["Insumo"," 00004750/SINAPI ","ORSE","Pedreiro (horista)","Mão de Obra",null,"h",{"v":1,"d":"1.0000000"},14.39,14.39]
["Insumo"," 00006111/SINAPI ","ORSE","Servente de obras (horista)","Mão de Obra",null,"h",{"v":1,"d":"1.0000000"},10.78,10.78]
["Insumo"," 11608 ","ORSE","Bancada em granito verde ubatuba, e=2cm, inclusive filete 3cm","Material",null,"m²",{"v":1,"d":"1.0000000"},609.97,609.97]
["Insumo"," 3116 ","ORSE","Cantoneira alumínio anodizado natural, 1\" x  1/8\" - vara com 6m - 0,408 kg/m","Material",null,"m",{"v":0.6,"d":"0.6000000"},{"v":10.2,"d":"10.20"},6.12]
[{"$nulls":4},"MO sem LS =>",25.17,"LS =>",{"v":0,"d":"0.00"},"MO com LS =>",25.17]
[{"$nulls":4},"Valor do BDI =>",128.43,null,"Valor com BDI =>",null,775.45]
[{"$nulls":6},"Quant. =>",{"v":11.38,"d":"11.3800000"},"Preço Total =>",{"v":8824.62,"d":"8,824.62"}]
[]
[" 16.2 ","Código","Banco","Descrição","Tipo",null,"Und","Quant.","Valor Unit","Total"]
["Composição"," 11365 ","ORSE","Divisória em granito verde ubatuba, polido dos dois lados, acabamento boleado, e= 2cm, assentado com argamassa traco 1:4, arremate em cimento branco, exclusive ferragens",343,null,"m²",{"v":1,"d":"1.0000000"},{"v":593.4,"d":"593.40"},{"v":593.4,"d":"593.40"}]
["Composição Auxiliar"," 10549 ","ORSE","Encargos Complementares - Servente","Provisórios",null,"h",{"v":0.7,"d":"0.7000000"},2.93,2.05]
["Composição Auxiliar"," 10550 ","ORSE","Encargos Complementares - Pedreiro","Provisórios",null,"h",{"v":0.7,"d":"0.7000000"},2.83,1.98]
["Composição Auxiliar"," 88631 ","SINAPI","ARGAMASSA TRAÇO 1:4 (EM VOLUME DE CIMENTO E AREIA MÉDIA ÚMIDA), PREPARO MANUAL. AF_08/2019","SEDI - SERVIÇOS DIVERSOS",null,"m³",{"v":3.3E-3,"d":"0.0033000"},449.43,1.48]
["Insumo"," 00001380/SINAPI ","ORSE","Cimento branco nao estrutural (cpb - nao estrutural)","Material",null,"kg",{"v":0.7,"d":"0.7000000"},4.12,2.88]
["Insumo"," 00004750/SINAPI ","ORSE","Pedreiro (horista)","Mão de Obra",null,"h",{"v":0.7,"d":"0.7000000"},14.39,10.07]
["Insumo"," 00006111/SINAPI ","ORSE","Servente de obras (horista)","Mão de Obra",null,"h",{"v":0.7,"d":"0.7000000"},10.78,7.54]
["Insumo"," 12225 ","ORSE","Divisória em granito verde ubatuba, polido dos dois lados, acabamento boleado, e= 2cm","Material",null,"m²",{"v":1,"d":"1.0000000"},{"v":567.4,"d":"567.40"},{"v":567.4,"d":"567.40"}]
[{"$nulls":4},"MO sem LS =>",17.91,"LS =>",{"v":0,"d":"0.00"},"MO com LS =>",17.91]
[{"$nulls":4},"Valor do BDI =>",117.78,null,"Valor com BDI =>",null,711.18]
[{"$nulls":6},"Quant. =>",{"v":30,"d":"30.0000000"},"Preço Total =>",{"v":21335.4,"d":"21,335.40"}]
[]
[]
[{"$nulls":5},"Total sem BDI",null,{"v":908930.58,"d":"908,930.58"}]
[{"$nulls":5},"Total do BDI",null,{"v":180309.04,"d":"180,309.04"}]
[{"$nulls":5},"Total Geral",null,{"v":1089239.62,"d":"1,089,239.62"}]

{"sheet":"CR","index":2,"n_rows":43,"n_cols":11,"rows_kept":43,"merged":[[0,0,0,3],[0,5,0,7],[0,8,0,10],[1,0,1,3],[1,5,1,7],[1,8,1,10],[3,0,3,10],[4,0,4,10],[6,0,7,0],[6,1,7,1],[6,2,7,2],[6,10,7,10],[8,0,9,0],[8,1,9,1],[8,2,9,2],[8,10,9,10],[10,0,11,0],[10,1,11,1],[10,2,11,2],[10,10,11,10],[12,0,13,0],[12,1,13,1],[12,2,13,2],[12,10,13,10],[14,0,15,0],[14,1,15,1],[14,2,15,2],[14,10,15,10],[16,0,17,0],[16,1,17,1],[16,2,17,2],[16,10,17,10],[18,0,19,0],[18,1,19,1],[18,2,19,2],[18,10,19,10],[20,0,21,0],[20,1,21,1],[20,2,21,2],[20,10,21,10],[22,0,23,0],[22,1,23,1],[22,2,23,2],[22,10,23,10],[24,0,25,0],[24,1,25,1],[24,2,25,2],[24,10,25,10],[26,0,27,0],[26,1,27,1],[26,2,27,2],[26,10,27,10],[28,0,29,0],[28,1,29,1],[28,2,29,2],[28,10,29,10],[30,0,31,0],[30,1,31,1],[30,2,31,2],[30,10,31,10],[32,0,33,0],[32,1,33,1],[32,2,33,2],[32,10,33,10],[34,0,35,0],[34,1,35,1],[34,2,35,2],[34,10,35,10],[36,0,37,0],[36,1,37,1],[36,2,37,2],[36,10,37,10],[39,0,40,1],[39,2,40,2],[39,10,42,10],[41,0,42,1],[41,2,42,2]]}
["OBRA:",{"$nulls":3},"BDI:","BANCOS E DATAS:",null,null,"ENCARGOS SOCIAIS:"]
["CONSTRUÇÃO DE ESCOLA 8 SALAS",{"$nulls":3},{"v":0.1985,"d":"19.85%"},"SINAPI - 05/2024; SBC - 06/2024; ORSE - 04/2024; IOPES - 03/2024; AGESUL - 01/2024; AGETOP CIVIL - 02/2024; CAEMA - 12/2023",null,null,"Não Desonerado: embutido nos preços unitário dos insumos de mão de obra, de acordo com as bases."]
[]
["CRONOGRAMA FÍSICO-FINANCEIRO"]
["OBRA: CONSTRUÇÃO DE ESCOLA DE 8 SALAS"]
["ITEM","DESCRIÇÃO","PERCENT. OBRA","% / R$","1 MÊS","2 MESES","3 MESES","4 MESES","5 MESES","6 MESES","TOTAL"]
[1,"SERVIÇOS PRELIMINARES",{"$f":"K7/$K$40","v":{"v":0.02916771426290938,"d":"2.92%"}},"%",{"$f":"C7","v":{"v":0.02916771426290938,"d":"2.92%"}},{"$nulls":5},{"$f":"[51]ORÇ!I18","v":{"v":31770.63,"d":"R$ 31,770.63"}}]
[{"$nulls":3},"R$",{"$f":"K7","v":{"v":31770.63,"d":"R$ 31,770.63"}}]
[2,"MOVIMENTO DE TERRA",{"$f":"K9/$K$40","v":{"v":0.023351500930529862,"d":"2.34%"}},"%",{"$f":"C9","v":{"v":0.023351500930529862,"d":"2.34%"}},{"$nulls":5},{"$f":"[51]ORÇ!I22","v":{"v":25435.38,"d":"R$ 25,435.38"}}]
[{"$nulls":3},"R$",{"$f":"K9","v":{"v":25435.38,"d":"R$ 25,435.38"}}]
[3,"ESTRUTURA - FUNDAÇÕES E\nEMBASAMENTO",{"$f":"K11/$K$40","v":{"v":0.11537993816273406,"d":"11.54%"}},"%",{"$f":"C11/2","v":{"v":0.05768996908136703,"d":"5.77%"}},{"$f":"E11","v":{"v":0.05768996908136703,"d":"5.77%"}},{"$nulls":4},{"$f":"[51]ORÇ!I26","v":{"v":125676.4,"d":"R$ 125,676.40"}}]
[{"$nulls":3},"R$",{"$f":"K11/2","v":{"v":62838.2,"d":"R$ 62,838.20"}},{"$f":"E12","v":{"v":62838.2,"d":"R$ 62,838.20"}}]
[4,"SUPERESTRUTURA",{"$f":"K13/$K$40","v":{"v":0.14379586192430271,"d":"14.38%"}},"%",null,{"$f":"C13/2","v":{"v":0.07189793096215136,"d":"7.19%"}},{"$f":"F13","v":{"v":0.07189793096215136,"d":"7.19%"}},{"$nulls":3},{"$f":"[51]ORÇ!I34","v":{"v":156628.15,"d":"R$ 156,628.15"}}]
[{"$nulls":3},"R$",null,{"$f":"K13/2","v":{"v":78314.075,"d":"R$ 78,314.08"}},{"$f":"F14","v":{"v":78314.075,"d":"R$ 78,314.08"}}]
[5,"PAREDES E PAINEIS",{"$f":"K15/$K$40","v":{"v":0.0838741157799603,"d":"8.39%"}},"%",null,null,{"$f":"C15/2","v":{"v":0.04193705788998015,"d":"4.19%"}},{"$f":"G15","v":{"v":0.04193705788998015,"d":"4.19%"}},null,null,{"$f":"[51]ORÇ!I45","v":{"v":91359.01,"d":"R$ 91,359.01"}}]
[{"$nulls":3},"R$",null,null,{"$f":"K15/2","v":{"v":45679.505,"d":"R$ 45,679.51"}},{"$f":"G16","v":{"v":45679.505,"d":"R$ 45,679.51"}}]
[6,"ESQUADRIAS",{"$f":"K17/$K$40","v":{"v":0.06897811888260176,"d":"6.90%"}},"%",{"$nulls":5},{"$f":"C17","v":{"v":0.06897811888260176,"d":"6.90%"}},{"$f":"[51]ORÇ!I50","v":{"v":75133.7,"d":"R$ 75,133.70"}}]
[{"$nulls":3},"R$",{"$nulls":5},{"$f":"K17","v":{"v":75133.7,"d":"R$ 75,133.70"}}]
[7,"COBERTURA",{"$f":"K19/$K$40","v":{"v":0.06717604524888654,"d":"6.72%"}},"%",{"$nulls":4},{"$f":"C19","v":{"v":0.06717604524888654,"d":"6.72%"}},null,{"$f":"[51]ORÇ!I64","v":{"v":73170.81,"d":"R$ 73,170.81"}}]
[{"$nulls":3},"R$",{"$nulls":4},{"$f":"K19","v":{"v":73170.81,"d":"R$ 73,170.81"}}]
[8,"IMPERMEABILIZAÇÃO",{"$f":"K21/$K$40","v":{"v":0.02302629241488663,"d":"2.30%"}},"%",{"$f":"E22/K40","v":{"v":0.010651962871126554,"d":"1.07%"}},{"$f":"F22/K40","v":{"v":0.012374329543760075,"d":"1.24%"}},{"$nulls":4},{"$f":"[51]ORÇ!I69","v":{"v":25081.15,"d":"R$ 25,081.15"}}]
[{"$nulls":3},"R$",{"$f":"K21*46.26%","v":{"v":11602.53999,"d":"R$ 11,602.54"}},{"$f":"K21-E22","v":{"v":13478.610010000002,"d":"R$ 13,478.61"}}]
[9,"REVESTIMENTO DE PAREDES",{"$f":"K23/$K$40","v":{"v":0.13734047793817852,"d":"13.73%"}},"%",{"$nulls":3},{"$f":"C23/2","v":{"v":0.06867023896908926,"d":"6.87%"}},{"$f":"H23","v":{"v":0.06867023896908926,"d":"6.87%"}},null,{"$f":"[51]ORÇ!I72","v":{"v":149596.69,"d":"R$ 149,596.69"}}]
[{"$nulls":3},"R$",{"$nulls":3},{"$f":"K23/2","v":{"v":74798.345,"d":"R$ 74,798.35"}},{"$f":"H24","v":{"v":74798.345,"d":"R$ 74,798.35"}}]
[10,"PAVIMENTAÇÃO E VEGETAÇÃO",{"$f":"K25/$K$40","v":{"v":0.12706300565893844,"d":"12.71%"}},"%",null,null,{"$f":"C25/2","v":{"v":0.06353150282946922,"d":"6.35%"}},{"$f":"G25","v":{"v":0.06353150282946922,"d":"6.35%"}},null,null,{"$f":"[51]ORÇ!I80","v":{"v":138402.06,"d":"R$ 138,402.06"}}]
[{"$nulls":3},"R$",null,null,{"$f":"K25/2","v":{"v":69201.03,"d":"R$ 69,201.03"}},{"$f":"G26","v":{"v":69201.03,"d":"R$ 69,201.03"}}]
[11,"PINTURA",{"$f":"K27/$K$40","v":{"v":0.06736646248692274,"d":"6.74%"}},"%",{"$nulls":5},{"$f":"C27","v":{"v":0.06736646248692274,"d":"6.74%"}},{"$f":"[51]ORÇ!I87","v":{"v":73378.22,"d":"R$ 73,378.22"}}]
[{"$nulls":3},"R$",{"$nulls":5},{"$f":"K27","v":{"v":73378.22,"d":"R$ 73,378.22"}}]
[12,"INSTALAÇÕES ELÉTRICAS",{"$f":"K29/$K$40","v":{"v":0.030373096417480656,"d":"3.04%"}},"%",null,null,{"$f":"C29/2","v":{"v":0.015186548208740328,"d":"1.52%"}},{"$f":"G29","v":{"v":0.015186548208740328,"d":"1.52%"}},null,null,{"$f":"[51]ORÇ!I92","v":{"v":33083.58,"d":"R$ 33,083.58"}}]
[{"$nulls":3},"R$",null,null,{"$f":"K29/2","v":{"v":16541.79,"d":"R$ 16,541.79"}},{"$f":"G30","v":{"v":16541.79,"d":"R$ 16,541.79"}}]
[13,"INSTALAÇÕES HIDRÁULICAS",{"$f":"K31/$K$40","v":{"v":0.014839976166125866,"d":"1.48%"}},"%",null,null,{"$f":"C31/2","v":{"v":7.419988083062933E-3,"d":"0.74%"}},{"$f":"G31","v":{"v":7.419988083062933E-3,"d":"0.74%"}},null,null,{"$f":"[51]ORÇ!I108","v":{"v":16164.29,"d":"R$ 16,164.29"}}]
[{"$nulls":3},"R$",null,null,{"$f":"K31/2","v":{"v":8082.145,"d":"R$ 8,082.15"}},{"$f":"G32","v":{"v":8082.145,"d":"R$ 8,082.15"}}]
[14,"INSTALAÇÕES SANITÁRIAS",{"$f":"K33/$K$40","v":{"v":0.020637938234380412,"d":"2.06%"}},"%",null,null,{"$f":"C33/2","v":{"v":0.010318969117190206,"d":"1.03%"}},{"$f":"G33","v":{"v":0.010318969117190206,"d":"1.03%"}},null,null,{"$f":"[51]ORÇ!I120","v":{"v":22479.66,"d":"R$ 22,479.66"}}]
[{"$nulls":3},"R$",null,null,{"$f":"K33/2","v":{"v":11239.83,"d":"R$ 11,239.83"}},{"$f":"G34","v":{"v":11239.83,"d":"R$ 11,239.83"}}]
[15,"LOUÇAS E METAIS",{"$f":"K35/$K$40","v":{"v":0.01994039658601474,"d":"1.99%"}},"%",null,null,{"$f":"C35/2","v":{"v":0.00997019829300737,"d":"1.00%"}},{"$f":"G35","v":{"v":0.00997019829300737,"d":"1.00%"}},null,null,{"$f":"[51]ORÇ!I128","v":{"v":21719.87,"d":"R$ 21,719.87"}}]
[{"$nulls":3},"R$",null,null,{"$f":"K35/2","v":{"v":10859.935,"d":"R$ 10,859.94"}},{"$f":"G36","v":{"v":10859.935,"d":"R$ 10,859.94"}}]
[16,"DIVISÓRIAS E BANCADAS",{"$f":"K37/$K$40","v":{"v":0.027689058905147054,"d":"2.77%"}},"%",{"$nulls":3},{"$f":"C37/2","v":{"v":0.013844529452573527,"d":"1.38%"}},{"$f":"H37","v":{"v":0.013844529452573527,"d":"1.38%"}},null,{"$f":"[51]ORÇ!I140","v":{"v":30160.02,"d":"R$ 30,160.02"}}]
[{"$nulls":3},"R$",{"$nulls":3},{"$f":"K37/2","v":{"v":15080.01,"d":"R$ 15,080.01"}},{"$f":"H38","v":{"v":15080.01,"d":"R$ 15,080.01"}}]
[]
["TOTAL PERÍODO",null,null,"%",{"$f":"E41/$K$40","v":{"v":0.12086114714593284,"d":"12.09%"}},{"$f":"F41/$K$40","v":{"v":0.14196222958727847,"d":"14.20%"}},{"v":0.22026219538360156,"d":"22.03%"},{"v":0.23087903284311298,"d":"23.09%"},{"v":0.1496908136705493,"d":"14.97%"},{"v":0.1363445813695245,"d":"13.63%"},{"$f":"SUM(K7:K38)","v":{"v":1089239.6200000003,"d":"R$ 1,089,239.62"}}]
[{"$nulls":3},"R$",{"$f":"E38+E36+E34+E32+E30+E28+E26+E24+E22+E20+E18+E16+E14+E12+E10+E8","v":{"v":131646.74999,"d":"R$ 131,646.75"}},{"$f":"F38+F36+F34+F32+F30+F28+F26+F24+F22+F20+F18+F16+F14+F12+F10+F8","v":{"v":154630.88501,"d":"R$ 154,630.89"}},{"v":239918.31,"d":"R$ 239,918.31"},{"v":251482.59,"d":"R$ 251,482.59"},{"v":163049.16499999998,"d":"R$ 163,049.17"},{"v":148511.91999999998,"d":"R$ 148,511.92"}]
["TOTAL ACUMULADO",null,{"v":1,"d":"100.00%"},"%",{"$f":"E43/$K$40","v":{"v":0.12086114714593284,"d":"12.09%"}},{"$f":"F43/$K$40","v":{"v":0.2628233767332113,"d":"26.28%"}},{"v":0.4830855721168129,"d":"48.31%"},{"v":0.7139646049599259,"d":"71.40%"},{"v":0.8636554186304751,"d":"86.37%"},{"v":0.9999999999999996,"d":"100.00%"}]
[{"$nulls":3},"R$",{"$f":"E41","v":{"v":131646.74999,"d":"R$ 131,646.75"}},{"$f":"E43+F41","v":{"v":286277.635,"d":"R$ 286,277.64"}},{"$f":"F43+G41","v":{"v":526195.9450000001,"d":"R$ 526,195.95"}},{"v":777678.535,"d":"R$ 777,678.54"},{"v":940727.7,"d":"R$ 940,727.70"},{"v":1089239.6199999999,"d":"R$ 1,089,239.62"}]

{"sheet":"BDI","index":3,"n_rows":25,"n_cols":21,"rows_kept":25,"merged":[[1,0,1,9],[1,10,1,13],[1,14,1,16],[1,17,1,20],[2,0,2,9],[2,10,2,13],[2,14,2,16],[2,17,2,20],[4,0,4,2],[4,3,4,5],[4,6,4,8],[4,9,4,11],[4,12,4,14],[4,15,4,17],[4,18,4,20],[5,0,5,1],[6,0,6,1],[7,0,7,1],[8,0,8,1],[9,0,9,1],[10,0,10,1],[11,0,11,1],[11,3,11,20],[12,0,12,20],[13,1,13,2],[13,5,16,5],[13,6,13,14],[13,15,16,20],[14,0,14,4],[14,6,14,11],[15,0,15,4],[15,6,15,11],[16,0,16,4],[16,6,16,11],[17,6,17,11],[17,15,17,20],[18,0,18,4],[18,5,20,5],[18,6,18,11],[18,15,20,20],[19,0,21,4],[19,6,19,11],[20,6,20,11],[21,5,21,20],[22,0,22,20],[23,0,23,4],[23,5,23,20],[24,0,24,20],[25,0,25,20]]}
[]
["Obra",{"$nulls":9},"Bancos",{"$nulls":3},"B.D.I.",null,null,"Encargos Sociais"]
[{"$f":"CR!A2","v":"CONSTRUÇÃO DE ESCOLA 8 SALAS"},{"$nulls":9},{"$f":"CR!F2","v":"SINAPI - 05/2024; SBC - 06/2024; ORSE - 04/2024; IOPES - 03/2024; AGESUL - 01/2024; AGETOP CIVIL - 02/2024; CAEMA - 12/2023"},{"$nulls":3},{"$f":"CR!E2","v":{"v":0.1985,"d":"19.85%"}},null,null,{"$f":"CR!I2","v":"Não Desonerado: embutido nos preços unitário dos insumos de mão de obra, de acordo com as bases."}]
[]
["CÁLCULO DE BDI",null,null,"Construção e Reforma de quaisquer Edificações inclusive Unidades Habitacionais, Escolas, Hospitais, de uso Agropecuário, Estações p/Trens/Metrôs, Estádios e Quadras Esportivas",null,null,"Rodovias e Ferrovias - Infra Urbana, praças, calçadas, etc.",null,null,"Abastecimento de Água, Coleta de Esgoto",null,null,"Fornecimento de materiais e equipamentos",null,null,"Construção e Manutenção de Estações e Redes de Distribuição de Energia Elétrica",null,null,"Portuárias, Marítimas e Fluviais"]
["Item componente do BDI",null,"% Informado","1ºQ","Médio","3º Q","1ºQ","Médio","3º Q","1ºQ","Médio","3º Q","1ºQ","Médio","3º Q","1ºQ","Médio","3º Q","1ºQ","Médio","3º Q"]
["Administração Central ( AC )",null,{"v":3,"d":"3.00"},{"v":3,"d":"3.00"},{"v":4,"d":"4.00"},{"v":5.5,"d":"5.50"},{"v":3.8,"d":"3.80"},4.01,4.67,3.43,4.93,6.71,{"v":1.5,"d":"1.50"},3.45,4.49,5.29,5.92,7.93,{"v":4,"d":"4.00"},5.52,"7.85"]
["Seguro (S) e Garantia (G)",null,{"v":0.8,"d":"0.80"},{"v":0.8,"d":"0.80"},{"v":0.8,"d":"0.80"},{"v":1,"d":"1.00"},0.32,{"v":0.4,"d":"0.40"},0.74,0.28,0.49,0.75,{"v":0.3,"d":"0.30"},0.48,0.82,0.25,0.51,0.56,0.81,1.22,1.99]
["Risco (R)",null,0.97,0.97,1.27,1.27,{"v":0.5,"d":"0.50"},0.56,0.97,{"v":1,"d":"1.00"},1.39,1.74,0.56,0.85,0.89,{"v":1,"d":"1.00"},1.48,1.97,1.46,2.32,3.16]
["Despesas Financeiras (DF)",null,0.59,0.59,1.23,1.39,1.02,1.11,1.21,0.94,0.99,1.17,0.85,0.85,1.11,1.01,1.07,1.11,0.94,1.02,1.33]
["Lucro (L)",null,6.16,6.16,{"v":7.4,"d":"7.40"},8.96,6.64,{"v":7.3,"d":"7.30"},8.69,6.74,8.04,{"v":9.4,"d":"9.40"},{"v":3.5,"d":"3.50"},5.11,6.22,{"v":8,"d":"8.00"},8.31,9.51,7.14,{"v":8.4,"d":"8.40"},10.43]
["Impostos (I) - PIS, COFINS, ISSQN",null,6.65,"Conforme Legislação Específica"]
[]
[null,"Observações",{"$nulls":4},"VALORES DE BDI POR TIPO DE OBRA"]
["1) Preencher apenas a coluna % Informado (Coluna B)",{"$nulls":5},"Tipo de Obra",{"$nulls":5},"1ºQ","Médio","3º Q"]
["2) Os Tributos normalmente aplicáveis são: PIS (O,65%), COFINS (3,00%) e ISS",{"$nulls":5},"Construção de Edifícios",{"$nulls":5},20.34,22.12,{"v":25,"d":"25.00"}]
["3) O cálculo do BDI se baseia na fórmula abaixo utilizada pelo Acórdão 2622/13 do TCU, conforme CE GEPAD 354/2013 de 17/10/2013.",{"$nulls":5},"Construção de Rodovias e Ferrovias - Infra Urbana, praças, etc.",{"$nulls":5},{"v":19.6,"d":"19.60"},20.97,24.23]
[null,"B.D.I  =",{"v":0.1985,"d":"19.85%"},{"$nulls":3},"Rede de Abastecimento de Água, Coleta de Esgotos",{"$nulls":5},20.76,24.18,26.44]
["Fórmula Utilizada:",{"$nulls":5},"Estações e Redes de Distribuição de Energia Elétrica",{"$nulls":5},{"v":24,"d":"24.00"},25.84,27.86]
[{"$nulls":6},"Obras Portuárias, Marítimas e Fluviais",{"$nulls":5},{"v":22.8,"d":"22.80"},27.48,30.95]
[{"$nulls":6},"Fornecimento de Materiais e Equipamentos",{"$nulls":5},{"v":11.1,"d":"11.10"},14.02,{"v":16.8,"d":"16.80"}]
[]
[]
["Observações sobre os % informados no cálculo do BDI, neste caso:"]
["OBRAS DE REDES DE ÁGUA E ESGOTO\nOS VALORES % INFORMADO ENQUADRAM-SE NOS LIMITES DO ACÓRDÃO 2622/2013-TCU-PLENÁRIO\nOS VALORES % INFORMADO DE AC,DF E L ESTÃO NOS VALORES MÁXIMOS DOS LIMITES DO ACÓRDÃO 2622/2013-TCU-PLENÁRIO\nOS VALORES % INFORMADO DE S+G E R FORAM CONSIDERADOS ZERADOS OU SEJA, ABAIXO DO MÍNIMO DOS LIMITES DO ACÓRDÃO 2622/2013-TCU-PLENÁRIO\nBDI ={{[(1+AC+G+R) x (1+DF) x (1+L)} / (1-I)} - 1 } x 100"]

{"sheet":"ES","index":4,"n_rows":42,"n_cols":6,"rows_kept":42,"merged":[[0,0,0,1],[0,4,0,5],[1,0,1,1],[1,4,1,5],[3,0,3,5],[5,0,6,0],[5,1,6,1],[5,2,5,3],[5,4,5,5],[7,0,7,5],[18,0,18,5],[30,0,30,5],[37,0,37,5],[41,0,41,1]]}
["Obra",null,"Bancos","B.D.I.","Encargos Sociais"]
[{"$f":"BDI!A3","v":"CONSTRUÇÃO DE ESCOLA 8 SALAS"},null,{"$f":"BDI!K3","v":"SINAPI - 05/2024; SBC - 06/2024; ORSE - 04/2024; IOPES - 03/2024; AGESUL - 01/2024; AGETOP CIVIL - 02/2024; CAEMA - 12/2023"},{"$f":"BDI!O3","v":{"v":0.1985,"d":"19.85%"}},{"$f":"BDI!R3","v":"Não Desonerado: embutido nos preços unitário dos insumos de mão de obra, de acordo com as bases."}]
[]
["ENCARGOS SOCIAIS"]
[]
["CÓDIGO","DESCRIÇÃO","COM DESONERAÇÃO",null,"SEM DESONERAÇÃO"]
[null,null,"HORISTA\n%","MENSALISTA\n%","HORISTA\n%","MENSALISTA\n%"]
["GRUPO A"]
["A1","INSS",{"v":0,"d":"0.00%"},{"v":0,"d":"0.00%"},{"v":0.2,"d":"20.00%"},{"v":0.2,"d":"20.00%"}]
["A2","SESI",{"v":0.015,"d":"1.50%"},{"v":0.015,"d":"1.50%"},{"v":0.015,"d":"1.50%"},{"v":0.015,"d":"1.50%"}]
["A3","SENAI",{"v":0.01,"d":"1.00%"},{"v":0.01,"d":"1.00%"},{"v":0.01,"d":"1.00%"},{"v":0.01,"d":"1.00%"}]
["A4","INCRA",{"v":2E-3,"d":"0.20%"},{"v":2E-3,"d":"0.20%"},{"v":2E-3,"d":"0.20%"},{"v":2E-3,"d":"0.20%"}]
["A5","SEBRAE",{"v":0.006,"d":"0.60%"},{"v":0.006,"d":"0.60%"},{"v":0.006,"d":"0.60%"},{"v":0.006,"d":"0.60%"}]
["A6","Salário Educação",{"v":0.025,"d":"2.50%"},{"v":0.025,"d":"2.50%"},{"v":0.025,"d":"2.50%"},{"v":0.025,"d":"2.50%"}]
["A7","Seguro Contra Acidentes de Trabalho",{"v":0.03,"d":"3.00%"},{"v":0.03,"d":"3.00%"},{"v":0.03,"d":"3.00%"},{"v":0.03,"d":"3.00%"}]
["A8","FGTS",{"v":0.08,"d":"8.00%"},{"v":0.08,"d":"8.00%"},{"v":0.08,"d":"8.00%"},{"v":0.08,"d":"8.00%"}]
["A9","SECONCI",{"v":0,"d":"0.00%"},{"v":0,"d":"0.00%"},{"v":0,"d":"0.00%"},{"v":0,"d":"0.00%"}]
["A","Total",{"v":0.168,"d":"16.80%"},{"v":0.168,"d":"16.80%"},{"v":0.368,"d":"36.80%"},{"v":0.368,"d":"36.80%"}]
["GRUPO B"]
["B1","Repouso Semanal Remunerado",{"v":0.1803,"d":"18.03%"},"Não incide",{"v":0.1803,"d":"18.03%"},"Não incide"]
["B2","Feriados",{"v":0.0431,"d":"4.31%"},"Não incide",{"v":0.0431,"d":"4.31%"},"Não incide"]
["B3","Auxílio - Enfermidade",{"v":0.0085,"d":"0.85%"},{"v":0.0064,"d":"0.64%"},{"v":0.0085,"d":"0.85%"},{"v":0.0064,"d":"0.64%"}]
["B4","13º Salário",{"v":0.1106,"d":"11.06%"},{"v":0.0833,"d":"8.33%"},{"v":0.1106,"d":"11.06%"},{"v":0.0833,"d":"8.33%"}]
["B5","Licença Paternidade",{"v":0.0006,"d":"0.06%"},{"v":0.0004,"d":"0.04%"},{"v":0.0006,"d":"0.06%"},{"v":0.0004,"d":"0.04%"}]
["B6","Faltas Justificadas",{"v":0.0074,"d":"0.74%"},{"v":0.0056,"d":"0.56%"},{"v":0.0074,"d":"0.74%"},{"v":0.0056,"d":"0.56%"}]
["B7","Dias de Chuvas",{"v":0.0206,"d":"2.06%"},"Não incide",{"v":0.0206,"d":"2.06%"},"Não incide"]
["B8","Auxílio Acidente de Trabalho",{"v":1E-3,"d":"0.10%"},{"v":0.0008,"d":"0.08%"},{"v":1E-3,"d":"0.10%"},{"v":0.0008,"d":"0.08%"}]
["B9","Férias Gozadas",{"v":0.1129,"d":"11.29%"},{"v":0.0851,"d":"8.51%"},{"v":0.1129,"d":"11.29%"},{"v":0.0851,"d":"8.51%"}]
["B10","Salário Maternidade",{"v":0.0004,"d":"0.04%"},{"v":0.0003,"d":"0.03%"},{"v":0.0004,"d":"0.04%"},{"v":0.0003,"d":"0.03%"}]
["B","Total",{"v":0.4854,"d":"48.54%"},{"v":0.1819,"d":"18.19%"},{"v":0.4854,"d":"48.54%"},{"v":0.1819,"d":"18.19%"}]
["GRUPO C"]
["C1","Aviso Prévio Indenizado",{"v":0.0457,"d":"4.57%"},{"v":0.0345,"d":"3.45%"},{"v":0.0457,"d":"4.57%"},{"v":0.0345,"d":"3.45%"}]
["C2","Aviso Prévio Trabalhado",{"v":0.0011,"d":"0.11%"},{"v":0.0008,"d":"0.08%"},{"v":0.0011,"d":"0.11%"},{"v":0.0008,"d":"0.08%"}]
["C3","Férias Indenizadas",{"v":0.0331,"d":"3.31%"},{"v":0.025,"d":"2.50%"},{"v":0.0331,"d":"3.31%"},{"v":0.025,"d":"2.50%"}]
["C4","Depósito Rescisão Sem Justa Causa",{"v":0.0261,"d":"2.61%"},{"v":0.0196,"d":"1.96%"},{"v":0.0261,"d":"2.61%"},{"v":0.0196,"d":"1.96%"}]
["C5","Indenização Adicional",{"v":3.8E-3,"d":"0.38%"},{"v":0.0029,"d":"0.29%"},{"v":3.8E-3,"d":"0.38%"},{"v":0.0029,"d":"0.29%"}]
["C","Total",{"v":0.1098,"d":"10.98%"},{"v":0.0828,"d":"8.28%"},{"v":0.1098,"d":"10.98%"},{"v":0.0828,"d":"8.28%"}]
["GRUPO D"]
["D1","Reincidência de Grupo A sobre Grupo B",{"v":0.0815,"d":"8.15%"},{"v":0.0306,"d":"3.06%"},{"v":0.1786,"d":"17.86%"},{"v":0.0669,"d":"6.69%"}]
["D2","Reincidência de Grupo A sobre Aviso Prévio Trabalhado e Reincidência do FGTS sobre Aviso Prévio Indenizado",{"v":3.8E-3,"d":"0.38%"},{"v":0.0029,"d":"0.29%"},{"v":0.0041,"d":"0.41%"},{"v":0.0031,"d":"0.31%"}]
["D","Total",{"v":0.0853,"d":"8.53%"},{"v":0.0335,"d":"3.35%"},{"v":0.1827,"d":"18.27%"},{"v":0.07,"d":"7.00%"}]
["TOTAL(A+B+C+D)",null,{"v":0.8485,"d":"84.85%"},{"v":0.4662,"d":"46.62%"},{"v":1.1459,"d":"114.59%"},{"v":0.7027,"d":"70.27%"}]